{"text_format":"2","workbook":"xlsx","n_sheets":5,"sheets":["Rekapitulace stavby","1-muži -  sociální z...","1-ženy - sociální za...","2-ženy - sociální zař...","2-muži -  sociální za..."],"not_rendered":{"charts":0,"images":1,"macros":0,"external_links":0,"defined_names":14,"comments":0,"pivot_tables":0},"unopened":[],"bounds":{"document_bytes":16777216,"sheet_cells":100000,"run_cost":"one","rows_first":2000,"rows_last":500,"rows_between":2000,"halvings":0,"cell_chars":16384,"cell_head_chars":4096},"cells_cut":0,"cells_raw":0,"read":"whole","date_system":"1900"}

{"sheet":"Rekapitulace stavby","index":0,"n_rows":98,"n_cols":91,"rows_kept":98,"cut":false,"hidden":false,"merged":[[1,43,1,56],[4,10,4,40],[4,56,33,56],[5,10,5,40],[13,4,13,35],[22,4,22,39],[25,36,25,40],[27,11,27,15],[27,22,27,30],[27,36,27,40],[28,11,28,15],[28,22,28,30],[28,36,28,40],[29,11,29,15],[29,22,29,30],[29,36,29,40],[30,11,30,15],[30,22,30,30],[30,36,30,40],[31,11,31,15],[31,22,31,30],[31,36,31,40],[32,11,32,15],[32,22,32,30],[32,36,32,40],[34,23,34,27],[34,36,34,40],[84,11,84,40],[86,38,86,39],[88,38,88,41],[88,44,90,45],[89,38,89,41],[91,2,91,6],[91,8,91,31],[91,32,91,38],[91,39,91,41],[93,32,93,38],[93,39,93,41],[94,3,94,7],[94,9,94,31],[94,32,94,38],[94,39,94,41],[95,3,95,7],[95,9,95,31],[95,32,95,38],[95,39,95,41],[96,3,96,7],[96,9,96,31],[96,32,96,38],[96,39,96,41],[97,3,97,7],[97,9,97,31],[97,32,97,38],[97,39,97,41]]}
["Export Komplet",{"$nulls":51},"2.0",{"$nulls":18},"False","False","{c59fb6eb-7170-4492-a4eb-a8f24587cfa8}"]
[{"$nulls":43},">>  skryté sloupce  <<",{"$nulls":26},"0,1","21"]
[{"$nulls":70},"0,1","15"]
[null,null,null,"REKAPITULACE STAVBY",{"$nulls":40},"v ---  níže se nacházejí doplnkové a pomocné údaje k sestavám  --- v",{"$nulls":11},"Návod na vyplnění",{"$nulls":13},"0,001"]
[null,null,null,"Kód:",{"$nulls":52},"Měnit lze pouze buňky se žlutým podbarvením!\n\n1) na prvním listu Rekapitulace stavby vyplňte v sestavě\n\n    a) Souhrnný list\n       - údaje o Uchazeči\n         (přenesou se do ostatních sestav i v jiných listech)\n\n    b) Rekapitulace objektů\n       - potřebné Ostatní náklady\n\n2) na vybraných listech vyplňte v sestavě\n\n    a) Krycí list\n       - údaje o Uchazeči, pokud se liší od údajů o Uchazeči na Souhrnném listu\n         (údaje se přenesou do ostatních sestav v daném listu)\n\n    b) Rekapitulace rozpočtu\n       - potřebné Ostatní náklady\n\n    c) Celkové náklady za stavbu\n       - ceny u položek\n       - množství, pokud má žluté podbarvení\n       - a v případě potřeby poznámku (ta je ve skrytém sloupci)",{"$nulls":13},"0,1"]
[null,null,null,"Stavba:",{"$nulls":6},"zimní stadion Pardubice-Veřejnost",{"$nulls":59},"0,1"]
[null,null,null,"KSO:",{"$nulls":32},"CC-CZ:",{"$nulls":33},"0,1"]
[null,null,null,"Místo:",{"$nulls":6}," ",{"$nulls":25},"Datum:",null,null,"6. 6. 2023",{"$nulls":30},"0,1"]
[{"$nulls":70},"0,1"]
[null,null,null,"Zadavatel:",{"$nulls":32},"IČ:",{"$nulls":33},"0,1"]
[{"$nulls":4}," ",{"$nulls":31},"DIČ:",{"$nulls":33},"0,1"]
[{"$nulls":70},"0,1"]
[null,null,null,"Uchazeč:",{"$nulls":32},"IČ:",null,null,"Vyplň údaj",{"$nulls":30},"0,1"]
[{"$nulls":4},"Vyplň údaj",{"$nulls":31},"DIČ:",null,null,"Vyplň údaj",{"$nulls":30},"0,1"]
[{"$nulls":70},"True"]
[null,null,null,"Projektant:",{"$nulls":32},"IČ:",{"$nulls":33},"False"]
[{"$nulls":4}," ",{"$nulls":31},"DIČ:",{"$nulls":33},"True"]
[{"$nulls":70},"0,01"]
[null,null,null,"Zpracovatel:",{"$nulls":32},"IČ:",{"$nulls":33},"0,01"]
[{"$nulls":4}," ",{"$nulls":31},"DIČ:",{"$nulls":33},"True"]
[]
[null,null,null,"Poznámka:"]
[]
[]
[]
[null,null,null,"Cena bez DPH",{"$nulls":32},{"$f":"ROUND(AG94,2)","v":0}]
[]
[{"$nulls":11},"Sazba daně",{"$nulls":10},"Základ daně",{"$nulls":13},"Výše daně"]
[null,null,null,"DPH",null,"základní",{"$nulls":5},0.21,{"$nulls":10},{"$f":"ROUND(AZ94, 2)","v":0},{"$nulls":13},{"$f":"ROUND(AV94, 2)","v":0}]
[{"$nulls":5},"snížená",{"$nulls":5},0.15,{"$nulls":10},{"$f":"ROUND(BA94, 2)","v":0},{"$nulls":13},{"$f":"ROUND(AW94, 2)","v":0}]
[{"$nulls":5},"zákl. přenesená",{"$nulls":5},0.21,{"$nulls":10},{"$f":"ROUND(BB94, 2)","v":0},{"$nulls":13},0]
[{"$nulls":5},"sníž. přenesená",{"$nulls":5},0.15,{"$nulls":10},{"$f":"ROUND(BC94, 2)","v":0},{"$nulls":13},0]
[{"$nulls":5},"nulová",{"$nulls":5},0,{"$nulls":10},{"$f":"ROUND(BD94, 2)","v":0},{"$nulls":13},0]
[]
[null,null,null,"Cena s DPH",{"$nulls":15},"v",null,null,null,"CZK",{"$nulls":12},{"$f":"SUM(AK26:AK33)","v":0}]
{"$rows_empty":13}
[null,null,null,"Projektant",{"$nulls":29},"Zpracovatel"]
{"$rows_empty":10}
[null,null,null,"Datum a podpis:",{"$nulls":17},"Razítko",{"$nulls":11},"Datum a podpis:",{"$nulls":4},"Razítko"]
[]
[]
[]
[null,null,null,"Objednavatel",{"$nulls":29},"Uchazeč"]
{"$rows_empty":10}
[null,null,null,"Datum a podpis:",{"$nulls":17},"Razítko",{"$nulls":11},"Datum a podpis:",{"$nulls":4},"Razítko"]
[]
[]
[]
[]
[]
[]
[null,null,"REKAPITULACE OBJEKTŮ STAVBY A SOUPISŮ PRACÍ"]
[]
[null,null,"Kód:",{"$nulls":8},{"$f":"K5","v":0}]
[null,null,"Stavba:",{"$nulls":8},{"$f":"K6","v":"zimní stadion Pardubice-Veřejnost"}]
[]
[null,null,"Místo:",{"$nulls":8},{"$f":"IF(K8=\"\",\"\",K8)","v":" "},{"$nulls":22},"Datum:",null,null,null,{"$f":"IF(AN8= \"\",\"\",AN8)","v":"6. 6. 2023"}]
[]
[null,null,"Zadavatel:",{"$nulls":8},{"$f":"IF(E11= \"\",\"\",E11)","v":" "},{"$nulls":22},"Projektant:",null,null,null,{"$f":"IF(E17=\"\",\"\",E17)","v":" "},{"$nulls":5},"Informatívní údaje z listů zakázek"]
[null,null,"Uchazeč:",{"$nulls":8},{"$f":"IF(E14= \"Vyplň údaj\",\"\",E14)","v":""},{"$nulls":22},"Zpracovatel:",null,null,null,{"$f":"IF(E20=\"\",\"\",E20)","v":" "}]
[]
[null,null,"Kód",{"$nulls":5},"Popis",{"$nulls":23},"Cena bez DPH [CZK]",{"$nulls":6},"Cena s DPH [CZK]",null,null,"Typ",null,"z toho Ostat.\nnáklady [CZK]","DPH [CZK]","Normohodiny [h]","DPH základní [CZK]","DPH snížená [CZK]","DPH základní přenesená\n[CZK]","DPH snížená přenesená\n[CZK]","Základna\nDPH základní","Základna\nDPH snížená","Základna\nDPH zákl. přenesená","Základna\nDPH sníž. přenesená","Základna\nDPH nulová"]
[]
[null,null,"Náklady z rozpočtů",{"$nulls":29},{"$f":"ROUND(SUM(AG95:AG98),2)","v":0},{"$nulls":6},{"$f":"SUM(AG94,AT94)","v":0},{"$nulls":4},{"$f":"ROUND(SUM(AS95:AS98),2)","v":0},{"$f":"ROUND(SUM(AV94:AW94),2)","v":0},{"$f":"ROUND(SUM(AU95:AU98),5)","v":0},{"$f":"ROUND(AZ94*L29,2)","v":0},{"$f":"ROUND(BA94*L30,2)","v":0},{"$f":"ROUND(BB94*L29,2)","v":0},{"$f":"ROUND(BC94*L30,2)","v":0},{"$f":"ROUND(SUM(AZ95:AZ98),2)","v":0},{"$f":"ROUND(SUM(BA95:BA98),2)","v":0},{"$f":"ROUND(SUM(BB95:BB98),2)","v":0},{"$f":"ROUND(SUM(BC95:BC98),2)","v":0},{"$f":"ROUND(SUM(BD95:BD98),2)","v":0},{"$nulls":14},"D","0","###NOIMPORT###","IMPORT","{c59fb6eb-7170-4492-a4eb-a8f24587cfa8}","{00000000-0000-0000-0000-000000000000}"]
["/",null,null,"1-muži",{"$nulls":5}," sociální zařízení muži B139(1.16)",{"$nulls":22},{"$f":"'1-muži -  sociální z...'!J30","v":0},{"$nulls":6},{"$f":"SUM(AG95,AT95)","v":0},null,null,"STA",null,0,{"$f":"ROUND(SUM(AV95:AW95),2)","v":0},{"$f":"'1-muži -  sociální z...'!P128","v":0},{"$f":"'1-muži -  sociální z...'!J33","v":0},{"$f":"'1-muži -  sociální z...'!J34","v":0},{"$f":"'1-muži -  sociální z...'!J35","v":0},{"$f":"'1-muži -  sociální z...'!J36","v":0},{"$f":"'1-muži -  sociální z...'!F33","v":0},{"$f":"'1-muži -  sociální z...'!F34","v":0},{"$f":"'1-muži -  sociální z...'!F35","v":0},{"$f":"'1-muži -  sociální z...'!F36","v":0},{"$f":"'1-muži -  sociální z...'!F37","v":0},{"$nulls":15},"1",null,"IMPORT","{bb53a698-454d-4fcc-9e84-2a8edb8ac5cf}","{c59fb6eb-7170-4492-a4eb-a8f24587cfa8}",{"$nulls":13}," ","2"]
["/",null,null,"1-ženy",{"$nulls":5},"sociální zařízení ženy B114(1.08)",{"$nulls":22},{"$f":"'1-ženy - sociální za...'!J30","v":0},{"$nulls":6},{"$f":"SUM(AG96,AT96)","v":0},null,null,"STA",null,0,{"$f":"ROUND(SUM(AV96:AW96),2)","v":0},{"$f":"'1-ženy - sociální za...'!P130","v":0},{"$f":"'1-ženy - sociální za...'!J33","v":0},{"$f":"'1-ženy - sociální za...'!J34","v":0},{"$f":"'1-ženy - sociální za...'!J35","v":0},{"$f":"'1-ženy - sociální za...'!J36","v":0},{"$f":"'1-ženy - sociální za...'!F33","v":0},{"$f":"'1-ženy - sociální za...'!F34","v":0},{"$f":"'1-ženy - sociální za...'!F35","v":0},{"$f":"'1-ženy - sociální za...'!F36","v":0},{"$f":"'1-ženy - sociální za...'!F37","v":0},{"$nulls":15},"1",null,"IMPORT","{5ac54aa5-64d8-4c4a-9ad7-ab8cd1fb5dea}","{c59fb6eb-7170-4492-a4eb-a8f24587cfa8}",{"$nulls":13}," ","2"]
["/",null,null,"2-ženy",{"$nulls":5},"sociální zařízení ženy B134(1.18)",{"$nulls":22},{"$f":"'2-ženy - sociální zař...'!J30","v":0},{"$nulls":6},{"$f":"SUM(AG97,AT97)","v":0},null,null,"STA",null,0,{"$f":"ROUND(SUM(AV97:AW97),2)","v":0},{"$f":"'2-ženy - sociální zař...'!P128","v":0},{"$f":"'2-ženy - sociální zař...'!J33","v":0},{"$f":"'2-ženy - sociální zař...'!J34","v":0},{"$f":"'2-ženy - sociální zař...'!J35","v":0},{"$f":"'2-ženy - sociální zař...'!J36","v":0},{"$f":"'2-ženy - sociální zař...'!F33","v":0},{"$f":"'2-ženy - sociální zař...'!F34","v":0},{"$f":"'2-ženy - sociální zař...'!F35","v":0},{"$f":"'2-ženy - sociální zař...'!F36","v":0},{"$f":"'2-ženy - sociální zař...'!F37","v":0},{"$nulls":15},"1",null,"IMPORT","{c9a28d5c-0d95-46c5-a331-40abc4e944a4}","{c59fb6eb-7170-4492-a4eb-a8f24587cfa8}",{"$nulls":13}," ","2"]
["/",null,null,"2-muži",{"$nulls":5}," sociální zařízení muži B117(1.11)",{"$nulls":22},{"$f":"'2-muži -  sociální za...'!J30","v":0},{"$nulls":6},{"$f":"SUM(AG98,AT98)","v":0},null,null,"STA",null,0,{"$f":"ROUND(SUM(AV98:AW98),2)","v":0},{"$f":"'2-muži -  sociální za...'!P128","v":0},{"$f":"'2-muži -  sociální za...'!J33","v":0},{"$f":"'2-muži -  sociální za...'!J34","v":0},{"$f":"'2-muži -  sociální za...'!J35","v":0},{"$f":"'2-muži -  sociální za...'!J36","v":0},{"$f":"'2-muži -  sociální za...'!F33","v":0},{"$f":"'2-muži -  sociální za...'!F34","v":0},{"$f":"'2-muži -  sociální za...'!F35","v":0},{"$f":"'2-muži -  sociální za...'!F36","v":0},{"$f":"'2-muži -  sociální za...'!F37","v":0},{"$nulls":15},"1",null,"IMPORT","{85fa4f40-8734-4a01-9364-61c6ab8b5bb4}","{c59fb6eb-7170-4492-a4eb-a8f24587cfa8}",{"$nulls":13}," ","2"]

{"sheet":"1-muži -  sociální z...","index":1,"n_rows":258,"n_cols":65,"rows_kept":258,"cut":false,"hidden":false,"merged":[[1,11,1,21],[6,4,6,7],[8,4,8,7],[17,4,17,7],[26,4,26,7],[84,4,84,7],[86,4,86,7],[117,4,117,7],[119,4,119,7]]}
[]
[{"$nulls":11},">>  skryté sloupce  <<",{"$nulls":33},"{bb53a698-454d-4fcc-9e84-2a8edb8ac5cf}"]
[{"$nulls":45},"2"]
[null,null,null,"KRYCÍ LIST SOUPISU PRACÍ",{"$nulls":8},"v ---  níže se nacházejí doplnkové a pomocné údaje k sestavám  --- v",{"$nulls":32},"False"]
[]
[null,null,null,"Stavba:"]
[{"$nulls":4},{"$f":"'Rekapitulace stavby'!K6","v":"zimní stadion Pardubice-Veřejnost"}]
[null,null,null,"Objekt:"]
[{"$nulls":4},"1-muži -  sociální zařízení muži B139(1.16)"]
[]
[null,null,null,"KSO:",null," ",null,null,"CC-CZ:"]
[null,null,null,"Místo:",null," ",null,null,"Datum:",{"$f":"'Rekapitulace stavby'!AN8","v":"6. 6. 2023"}]
[]
[null,null,null,"Zadavatel:",{"$nulls":4},"IČ:"]
[{"$nulls":4}," ",null,null,null,"DIČ:"]
[]
[null,null,null,"Uchazeč:",{"$nulls":4},"IČ:",{"$f":"'Rekapitulace stavby'!AN13","v":"Vyplň údaj"}]
[{"$nulls":4},{"$f":"'Rekapitulace stavby'!E14","v":"Vyplň údaj"},null,null,null,"DIČ:",{"$f":"'Rekapitulace stavby'!AN14","v":"Vyplň údaj"}]
[]
[null,null,null,"Projektant:",{"$nulls":4},"IČ:",{"$f":"IF('Rekapitulace stavby'!AN16=\"\",\"\",'Rekapitulace stavby'!AN16)","v":""}]
[{"$nulls":4},{"$f":"IF('Rekapitulace stavby'!E17=\"\",\"\",'Rekapitulace stavby'!E17)","v":" "},null,null,null,"DIČ:",{"$f":"IF('Rekapitulace stavby'!AN17=\"\",\"\",'Rekapitulace stavby'!AN17)","v":""}]
[]
[null,null,null,"Zpracovatel:",{"$nulls":4},"IČ:",{"$f":"IF('Rekapitulace stavby'!AN19=\"\",\"\",'Rekapitulace stavby'!AN19)","v":""}]
[{"$nulls":4},{"$f":"IF('Rekapitulace stavby'!E20=\"\",\"\",'Rekapitulace stavby'!E20)","v":" "},null,null,null,"DIČ:",{"$f":"IF('Rekapitulace stavby'!AN20=\"\",\"\",'Rekapitulace stavby'!AN20)","v":""}]
[]
[null,null,null,"Poznámka:"]
[]
[]
[]
[null,null,null,"Cena bez DPH",{"$nulls":5},{"$f":"ROUND(J128, 2)","v":0}]
[]
[{"$nulls":5},"Základ daně",null,null,"Sazba daně","Výše daně"]
[null,null,null,"DPH","základní",{"$f":"ROUND((SUM(BE128:BE258)),  2)","v":0},null,null,0.21,{"$f":"ROUND(((SUM(BE128:BE258))*I33),  2)","v":0}]
[{"$nulls":4},"snížená",{"$f":"ROUND((SUM(BF128:BF258)),  2)","v":0},null,null,0.15,{"$f":"ROUND(((SUM(BF128:BF258))*I34),  2)","v":0}]
[{"$nulls":4},"zákl. přenesená",{"$f":"ROUND((SUM(BG128:BG258)),  2)","v":0},null,null,0.21,{"$f":"0","v":0}]
[{"$nulls":4},"sníž. přenesená",{"$f":"ROUND((SUM(BH128:BH258)),  2)","v":0},null,null,0.15,{"$f":"0","v":0}]
[{"$nulls":4},"nulová",{"$f":"ROUND((SUM(BI128:BI258)),  2)","v":0},null,null,0,{"$f":"0","v":0}]
[]
[null,null,null,"Cena s DPH",null,null,"v","CZK",null,{"$f":"SUM(J30:J37)","v":0}]
{"$rows_empty":10}
[null,null,null,"Projektant",null,null,"Zpracovatel"]
{"$rows_empty":10}
[null,null,null,"Datum a podpis:",null,"Razítko","Datum a podpis:",null,null,"Razítko"]
[]
[]
[]
[null,null,null,"Objednavatel",null,null,"Uchazeč"]
{"$rows_empty":10}
[null,null,null,"Datum a podpis:",null,"Razítko","Datum a podpis:",null,null,"Razítko"]
[]
[]
[]
[]
[]
[null,null,"REKAPITULACE ČLENĚNÍ SOUPISU PRACÍ"]
[]
[null,null,"Stavba:"]
[{"$nulls":4},{"$f":"E7","v":"zimní stadion Pardubice-Veřejnost"}]
[null,null,"Objekt:"]
[{"$nulls":4},{"$f":"E9","v":"1-muži -  sociální zařízení muži B139(1.16)"}]
[]
[null,null,"Místo:",null,null,{"$f":"F12","v":" "},null,null,"Datum:",{"$f":"IF(J12=\"\",\"\",J12)","v":"6. 6. 2023"}]
[]
[null,null,"Zadavatel:",null,null,{"$f":"E15","v":" "},null,null,"Projektant:",{"$f":"E21","v":" "}]
[null,null,"Uchazeč:",null,null,{"$f":"IF(E18=\"\",\"\",E18)","v":"Vyplň údaj"},null,null,"Zpracovatel:",{"$f":"E24","v":" "}]
[]
[null,null,"Kód dílu - Popis",{"$nulls":6},"Cena celkem [CZK]"]
[]
[null,null,"Náklady ze soupisu prací",{"$nulls":6},{"$f":"J128","v":0},{"$nulls":36},"-1"]
[null,null,null,"PSV - Práce a dodávky PSV",{"$nulls":5},{"$f":"J129","v":0}]
[null,null,null,"    721 - Zdravotechnika - vnitřní kanalizace",{"$nulls":5},{"$f":"J130","v":0}]
[null,null,null,"    722 - Zdravotechnika - vnitřní vodovod",{"$nulls":5},{"$f":"J146","v":0}]
[null,null,null,"    725 - Zdravotechnika - zařiz. předměty",{"$nulls":5},{"$f":"J164","v":0}]
[null,null,null,"    726 - Zdravotechnika - předstěnové instalace",{"$nulls":5},{"$f":"J194","v":0}]
[null,null,null,"    734 - Ústřední vytápění - armatury",{"$nulls":5},{"$f":"J201","v":0}]
[null,null,null,"    735 - Ústřední vytápění - otopná tělesa",{"$nulls":5},{"$f":"J207","v":0}]
[null,null,null,"    771 - Podlahy z dlaždic",{"$nulls":5},{"$f":"J213","v":0}]
[null,null,null,"    781 - Dokončovací práce - obklady",{"$nulls":5},{"$f":"J225","v":0}]
[null,null,null,"    783 - Dokončovací práce - nátěry",{"$nulls":5},{"$f":"J238","v":0}]
[null,null,null,"    784 - Dokončovací práce - malby a tapety",{"$nulls":5},{"$f":"J241","v":0}]
[null,null,null,"    795 - Ostatní náklady",{"$nulls":5},{"$f":"J243","v":0}]
[]
[]
[]
[]
[]
[]
[null,null,"SOUPIS PRACÍ"]
[]
[null,null,"Stavba:"]
[{"$nulls":4},{"$f":"E7","v":"zimní stadion Pardubice-Veřejnost"}]
[null,null,"Objekt:"]
[{"$nulls":4},{"$f":"E9","v":"1-muži -  sociální zařízení muži B139(1.16)"}]
[]
[null,null,"Místo:",null,null,{"$f":"F12","v":" "},null,null,"Datum:",{"$f":"IF(J12=\"\",\"\",J12)","v":"6. 6. 2023"}]
[]
[null,null,"Zadavatel:",null,null,{"$f":"E15","v":" "},null,null,"Projektant:",{"$f":"E21","v":" "}]
[null,null,"Uchazeč:",null,null,{"$f":"IF(E18=\"\",\"\",E18)","v":"Vyplň údaj"},null,null,"Zpracovatel:",{"$f":"E24","v":" "}]
[]
[null,null,"PČ","Typ","Kód","Popis","MJ","Množství","J.cena [CZK]","Cena celkem [CZK]","Cenová soustava",null,null,"DPH","J. Nh [h]","Nh celkem [h]","J. hmotnost [t]","Hmotnost celkem [t]","J. suť [t]","Suť Celkem [t]"]
[null,null,"Náklady soupisu celkem",{"$nulls":6},{"$f":"BK128","v":0},{"$nulls":5},{"$f":"P129","v":0},null,{"$f":"R129","v":1.714584456},null,{"$f":"T129","v":6.6186},{"$nulls":25},"D","-1",{"$nulls":15},{"$f":"BK129","v":0}]
[null,null,null,"D","PSV","Práce a dodávky PSV",null,null,null,{"$f":"BK129","v":0},{"$nulls":5},{"$f":"P130+P146+P164+P194+P201+P207+P213+P225+P238+P241+P243","v":0},null,{"$f":"R130+R146+R164+R194+R201+R207+R213+R225+R238+R241+R243","v":1.714584456},null,{"$f":"T130+T146+T164+T194+T201+T207+T213+T225+T238+T241+T243","v":6.6186},{"$nulls":23},"2",null,"D","0",null,null,null,"ROZPOCET",{"$nulls":11},{"$f":"BK130+BK146+BK164+BK194+BK201+BK207+BK213+BK225+BK238+BK241+BK243","v":0}]
[null,null,null,"D","721","Zdravotechnika - vnitřní kanalizace",null,null,null,{"$f":"BK130","v":0},{"$nulls":5},{"$f":"SUM(P131:P145)","v":0},null,{"$f":"SUM(R131:R145)","v":0.0380051},null,{"$f":"SUM(T131:T145)","v":0.1187},{"$nulls":23},"2",null,"D","1",null,null,null,"ROZPOCET",{"$nulls":11},{"$f":"SUM(BK131:BK145)","v":0}]
[null,null,"1","K","721140802","Demontáž potrubí kanal do DN 100","m",5,null,{"$f":"ROUND(I131*H131,1)","v":0},null,null,null,"základní",null,{"$f":"O131*H131","v":0},0,{"$f":"Q131*H131","v":0},0.01492,{"$f":"S131*H131","v":0.0746},{"$nulls":23},"4",null,"K","2",null,null,null,"ROZPOCET",{"$nulls":5},{"$f":"IF(N131=\"základní\",J131,0)","v":0},{"$f":"IF(N131=\"snížená\",J131,0)","v":0},{"$f":"IF(N131=\"zákl. přenesená\",J131,0)","v":0},{"$f":"IF(N131=\"sníž. přenesená\",J131,0)","v":0},{"$f":"IF(N131=\"nulová\",J131,0)","v":0},"1",{"$f":"ROUND(I131*H131,1)","v":0},"4","1"]
[null,null,"2","K","721171803","Demontáž potrubí z PVC do D 75","m",21,null,{"$f":"ROUND(I132*H132,1)","v":0},null,null,null,"základní",null,{"$f":"O132*H132","v":0},0,{"$f":"Q132*H132","v":0},0.0021,{"$f":"S132*H132","v":0.0441},{"$nulls":23},"4",null,"K","2",null,null,null,"ROZPOCET",{"$nulls":5},{"$f":"IF(N132=\"základní\",J132,0)","v":0},{"$f":"IF(N132=\"snížená\",J132,0)","v":0},{"$f":"IF(N132=\"zákl. přenesená\",J132,0)","v":0},{"$f":"IF(N132=\"sníž. přenesená\",J132,0)","v":0},{"$f":"IF(N132=\"nulová\",J132,0)","v":0},"1",{"$f":"ROUND(I132*H132,1)","v":0},"4","2"]
[null,null,"3","K","721171903","Potrubí z PP vsazení odbočky do hrdla DN 50","kus",15,null,{"$f":"ROUND(I133*H133,1)","v":0},null,null,null,"základní",null,{"$f":"O133*H133","v":0},0.0005006,{"$f":"Q133*H133","v":0.007509},0,{"$f":"S133*H133","v":0},{"$nulls":23},"4",null,"K","2",null,null,null,"ROZPOCET",{"$nulls":5},{"$f":"IF(N133=\"základní\",J133,0)","v":0},{"$f":"IF(N133=\"snížená\",J133,0)","v":0},{"$f":"IF(N133=\"zákl. přenesená\",J133,0)","v":0},{"$f":"IF(N133=\"sníž. přenesená\",J133,0)","v":0},{"$f":"IF(N133=\"nulová\",J133,0)","v":0},"1",{"$f":"ROUND(I133*H133,1)","v":0},"4","3"]
[null,null,"4","K","721171905","Potrubí z PP vsazení odbočky do hrdla DN 110","kus",4,null,{"$f":"ROUND(I134*H134,1)","v":0},null,null,null,"základní",null,{"$f":"O134*H134","v":0},0.0017906,{"$f":"Q134*H134","v":0.0071624},0,{"$f":"S134*H134","v":0},{"$nulls":23},"4",null,"K","2",null,null,null,"ROZPOCET",{"$nulls":5},{"$f":"IF(N134=\"základní\",J134,0)","v":0},{"$f":"IF(N134=\"snížená\",J134,0)","v":0},{"$f":"IF(N134=\"zákl. přenesená\",J134,0)","v":0},{"$f":"IF(N134=\"sníž. přenesená\",J134,0)","v":0},{"$f":"IF(N134=\"nulová\",J134,0)","v":0},"1",{"$f":"ROUND(I134*H134,1)","v":0},"4","5"]
[null,null,"5","K","721174042","Potrubí kanalizační z PP připojovací systém HT DN 40","m",6,null,{"$f":"ROUND(I135*H135,1)","v":0},null,null,null,"základní",null,{"$f":"O135*H135","v":0},0.0004119,{"$f":"Q135*H135","v":0.0024714},0,{"$f":"S135*H135","v":0},{"$nulls":23},"4",null,"K","2",null,null,null,"ROZPOCET",{"$nulls":5},{"$f":"IF(N135=\"základní\",J135,0)","v":0},{"$f":"IF(N135=\"snížená\",J135,0)","v":0},{"$f":"IF(N135=\"zákl. přenesená\",J135,0)","v":0},{"$f":"IF(N135=\"sníž. přenesená\",J135,0)","v":0},{"$f":"IF(N135=\"nulová\",J135,0)","v":0},"1",{"$f":"ROUND(I135*H135,1)","v":0},"4","6"]
[null,null,"6","K","721174043","Potrubí kanalizační z PP připojovací systém HT DN 50","m",15,null,{"$f":"ROUND(I136*H136,1)","v":0},null,null,null,"základní",null,{"$f":"O136*H136","v":0},0.0004765,{"$f":"Q136*H136","v":0.0071475},0,{"$f":"S136*H136","v":0},{"$nulls":23},"4",null,"K","2",null,null,null,"ROZPOCET",{"$nulls":5},{"$f":"IF(N136=\"základní\",J136,0)","v":0},{"$f":"IF(N136=\"snížená\",J136,0)","v":0},{"$f":"IF(N136=\"zákl. přenesená\",J136,0)","v":0},{"$f":"IF(N136=\"sníž. přenesená\",J136,0)","v":0},{"$f":"IF(N136=\"nulová\",J136,0)","v":0},"1",{"$f":"ROUND(I136*H136,1)","v":0},"4","7"]
[null,null,"7","K","721174045","Potrubí kanalizační z PP připojovací systém HT DN 100","m",4,null,{"$f":"ROUND(I137*H137,1)","v":0},null,null,null,"základní",null,{"$f":"O137*H137","v":0},0.0022362,{"$f":"Q137*H137","v":0.0089448},0,{"$f":"S137*H137","v":0},{"$nulls":23},"4",null,"K","2",null,null,null,"ROZPOCET",{"$nulls":5},{"$f":"IF(N137=\"základní\",J137,0)","v":0},{"$f":"IF(N137=\"snížená\",J137,0)","v":0},{"$f":"IF(N137=\"zákl. přenesená\",J137,0)","v":0},{"$f":"IF(N137=\"sníž. přenesená\",J137,0)","v":0},{"$f":"IF(N137=\"nulová\",J137,0)","v":0},"1",{"$f":"ROUND(I137*H137,1)","v":0},"4","8"]
[null,null,"8","K","721194104","Vyvedení a upevnění odpadních výpustek DN 40","kus",4,null,{"$f":"ROUND(I138*H138,1)","v":0},null,null,null,"základní",null,{"$f":"O138*H138","v":0},0,{"$f":"Q138*H138","v":0},0,{"$f":"S138*H138","v":0},{"$nulls":23},"4",null,"K","2",null,null,null,"ROZPOCET",{"$nulls":5},{"$f":"IF(N138=\"základní\",J138,0)","v":0},{"$f":"IF(N138=\"snížená\",J138,0)","v":0},{"$f":"IF(N138=\"zákl. přenesená\",J138,0)","v":0},{"$f":"IF(N138=\"sníž. přenesená\",J138,0)","v":0},{"$f":"IF(N138=\"nulová\",J138,0)","v":0},"1",{"$f":"ROUND(I138*H138,1)","v":0},"4","9"]
[null,null,"9","K","721194105","Vyvedení a upevnění odpadních výpustek DN 50","kus",11,null,{"$f":"ROUND(I139*H139,1)","v":0},null,null,null,"základní",null,{"$f":"O139*H139","v":0},0,{"$f":"Q139*H139","v":0},0,{"$f":"S139*H139","v":0},{"$nulls":23},"4",null,"K","2",null,null,null,"ROZPOCET",{"$nulls":5},{"$f":"IF(N139=\"základní\",J139,0)","v":0},{"$f":"IF(N139=\"snížená\",J139,0)","v":0},{"$f":"IF(N139=\"zákl. přenesená\",J139,0)","v":0},{"$f":"IF(N139=\"sníž. přenesená\",J139,0)","v":0},{"$f":"IF(N139=\"nulová\",J139,0)","v":0},"1",{"$f":"ROUND(I139*H139,1)","v":0},"4","10"]
[null,null,"10","K","721194109","Vyvedení a upevnění odpadních výpustek DN 100","kus",4,null,{"$f":"ROUND(I140*H140,1)","v":0},null,null,null,"základní",null,{"$f":"O140*H140","v":0},0,{"$f":"Q140*H140","v":0},0,{"$f":"S140*H140","v":0},{"$nulls":23},"4",null,"K","2",null,null,null,"ROZPOCET",{"$nulls":5},{"$f":"IF(N140=\"základní\",J140,0)","v":0},{"$f":"IF(N140=\"snížená\",J140,0)","v":0},{"$f":"IF(N140=\"zákl. přenesená\",J140,0)","v":0},{"$f":"IF(N140=\"sníž. přenesená\",J140,0)","v":0},{"$f":"IF(N140=\"nulová\",J140,0)","v":0},"1",{"$f":"ROUND(I140*H140,1)","v":0},"4","11"]
[null,null,"11","K","721211404.HLE","Vpusť podlahová HL s vodorovným odtokem DN 50/75","kus",5,null,{"$f":"ROUND(I141*H141,1)","v":0},null,null,null,"základní",null,{"$f":"O141*H141","v":0},0.00092,{"$f":"Q141*H141","v":0.0046},0,{"$f":"S141*H141","v":0},{"$nulls":23},"16",null,"K","2",null,null,null,"ROZPOCET",{"$nulls":5},{"$f":"IF(N141=\"základní\",J141,0)","v":0},{"$f":"IF(N141=\"snížená\",J141,0)","v":0},{"$f":"IF(N141=\"zákl. přenesená\",J141,0)","v":0},{"$f":"IF(N141=\"sníž. přenesená\",J141,0)","v":0},{"$f":"IF(N141=\"nulová\",J141,0)","v":0},"1",{"$f":"ROUND(I141*H141,1)","v":0},"16","-2014026057"]
[null,null,"12","K","721274121","Přivzdušňovací ventil vnitřní odpadních potrubí do DN 50","kus",1,null,{"$f":"ROUND(I142*H142,1)","v":0},null,null,null,"základní",null,{"$f":"O142*H142","v":0},0.00017,{"$f":"Q142*H142","v":0.00017},0,{"$f":"S142*H142","v":0},{"$nulls":23},"4",null,"K","2",null,null,null,"ROZPOCET",{"$nulls":5},{"$f":"IF(N142=\"základní\",J142,0)","v":0},{"$f":"IF(N142=\"snížená\",J142,0)","v":0},{"$f":"IF(N142=\"zákl. přenesená\",J142,0)","v":0},{"$f":"IF(N142=\"sníž. přenesená\",J142,0)","v":0},{"$f":"IF(N142=\"nulová\",J142,0)","v":0},"1",{"$f":"ROUND(I142*H142,1)","v":0},"4","12"]
[null,null,"13","K","721290111","Zkouška těsnosti potrubí kanalizace vodou do DN 125","m",26,null,{"$f":"ROUND(I143*H143,1)","v":0},null,null,null,"základní",null,{"$f":"O143*H143","v":0},0,{"$f":"Q143*H143","v":0},0,{"$f":"S143*H143","v":0},{"$nulls":23},"4",null,"K","2",null,null,null,"ROZPOCET",{"$nulls":5},{"$f":"IF(N143=\"základní\",J143,0)","v":0},{"$f":"IF(N143=\"snížená\",J143,0)","v":0},{"$f":"IF(N143=\"zákl. přenesená\",J143,0)","v":0},{"$f":"IF(N143=\"sníž. přenesená\",J143,0)","v":0},{"$f":"IF(N143=\"nulová\",J143,0)","v":0},"1",{"$f":"ROUND(I143*H143,1)","v":0},"4","13"]
[null,null,"14","K","721300922","Pročištění svodů ležatých do DN 300","m",5,null,{"$f":"ROUND(I144*H144,1)","v":0},null,null,null,"základní",null,{"$f":"O144*H144","v":0},0,{"$f":"Q144*H144","v":0},0,{"$f":"S144*H144","v":0},{"$nulls":23},"4",null,"K","2",null,null,null,"ROZPOCET",{"$nulls":5},{"$f":"IF(N144=\"základní\",J144,0)","v":0},{"$f":"IF(N144=\"snížená\",J144,0)","v":0},{"$f":"IF(N144=\"zákl. přenesená\",J144,0)","v":0},{"$f":"IF(N144=\"sníž. přenesená\",J144,0)","v":0},{"$f":"IF(N144=\"nulová\",J144,0)","v":0},"1",{"$f":"ROUND(I144*H144,1)","v":0},"4","14"]
[null,null,"15","K","998721201","Přesun hmot procentní pro vnitřní kanalizace v objektech v do 6 m","%",null,null,{"$f":"ROUND(I145*H145,1)","v":0},null,null,null,"základní",null,{"$f":"O145*H145","v":0},0,{"$f":"Q145*H145","v":0},0,{"$f":"S145*H145","v":0},{"$nulls":23},"16",null,"K","2",null,null,null,"ROZPOCET",{"$nulls":5},{"$f":"IF(N145=\"základní\",J145,0)","v":0},{"$f":"IF(N145=\"snížená\",J145,0)","v":0},{"$f":"IF(N145=\"zákl. přenesená\",J145,0)","v":0},{"$f":"IF(N145=\"sníž. přenesená\",J145,0)","v":0},{"$f":"IF(N145=\"nulová\",J145,0)","v":0},"1",{"$f":"ROUND(I145*H145,1)","v":0},"16","16"]
[null,null,null,"D","722","Zdravotechnika - vnitřní vodovod",null,null,null,{"$f":"BK146","v":0},{"$nulls":5},{"$f":"SUM(P147:P163)","v":0},null,{"$f":"SUM(R147:R163)","v":0.110055198},null,{"$f":"SUM(T147:T163)","v":0.12618},{"$nulls":23},"2",null,"D","1",null,null,null,"ROZPOCET",{"$nulls":11},{"$f":"SUM(BK147:BK163)","v":0}]
[null,null,"16","K","722130801","Demontáž potrubí do DN 25","m",58,null,{"$f":"ROUND(I147*H147,1)","v":0},null,null,null,"základní",null,{"$f":"O147*H147","v":0},0,{"$f":"Q147*H147","v":0},0.00213,{"$f":"S147*H147","v":0.12354},{"$nulls":23},"4",null,"K","2",null,null,null,"ROZPOCET",{"$nulls":5},{"$f":"IF(N147=\"základní\",J147,0)","v":0},{"$f":"IF(N147=\"snížená\",J147,0)","v":0},{"$f":"IF(N147=\"zákl. přenesená\",J147,0)","v":0},{"$f":"IF(N147=\"sníž. přenesená\",J147,0)","v":0},{"$f":"IF(N147=\"nulová\",J147,0)","v":0},"1",{"$f":"ROUND(I147*H147,1)","v":0},"4","17"]
[null,null,"17","K","722131933","Potrubí plastové - propojení potrubí DN 25","kus",4,null,{"$f":"ROUND(I148*H148,1)","v":0},null,null,null,"základní",null,{"$f":"O148*H148","v":0},0.00120386,{"$f":"Q148*H148","v":0.00481544},0,{"$f":"S148*H148","v":0},{"$nulls":23},"4",null,"K","2",null,null,null,"ROZPOCET",{"$nulls":5},{"$f":"IF(N148=\"základní\",J148,0)","v":0},{"$f":"IF(N148=\"snížená\",J148,0)","v":0},{"$f":"IF(N148=\"zákl. přenesená\",J148,0)","v":0},{"$f":"IF(N148=\"sníž. přenesená\",J148,0)","v":0},{"$f":"IF(N148=\"nulová\",J148,0)","v":0},"1",{"$f":"ROUND(I148*H148,1)","v":0},"4","18"]
[null,null,"18","K","722171912","Potrubí plastové odříznutí trubky D do 20 mm","kus",10,null,{"$f":"ROUND(I149*H149,1)","v":0},null,null,null,"základní",null,{"$f":"O149*H149","v":0},0,{"$f":"Q149*H149","v":0},0,{"$f":"S149*H149","v":0},{"$nulls":23},"4",null,"K","2",null,null,null,"ROZPOCET",{"$nulls":5},{"$f":"IF(N149=\"základní\",J149,0)","v":0},{"$f":"IF(N149=\"snížená\",J149,0)","v":0},{"$f":"IF(N149=\"zákl. přenesená\",J149,0)","v":0},{"$f":"IF(N149=\"sníž. přenesená\",J149,0)","v":0},{"$f":"IF(N149=\"nulová\",J149,0)","v":0},"1",{"$f":"ROUND(I149*H149,1)","v":0},"4","19"]
[null,null,"19","K","722171913","Potrubí plastové odříznutí trubky D do 25 mm","kus",4,null,{"$f":"ROUND(I150*H150,1)","v":0},null,null,null,"základní",null,{"$f":"O150*H150","v":0},0,{"$f":"Q150*H150","v":0},0,{"$f":"S150*H150","v":0},{"$nulls":23},"4",null,"K","2",null,null,null,"ROZPOCET",{"$nulls":5},{"$f":"IF(N150=\"základní\",J150,0)","v":0},{"$f":"IF(N150=\"snížená\",J150,0)","v":0},{"$f":"IF(N150=\"zákl. přenesená\",J150,0)","v":0},{"$f":"IF(N150=\"sníž. přenesená\",J150,0)","v":0},{"$f":"IF(N150=\"nulová\",J150,0)","v":0},"1",{"$f":"ROUND(I150*H150,1)","v":0},"4","20"]
[null,null,"20","K","722171934","Vsazení odbočky na rozvodech vody z plastů do 32 mm","kus",4,null,{"$f":"ROUND(I151*H151,1)","v":0},null,null,null,"základní",null,{"$f":"O151*H151","v":0},5.4E-005,{"$f":"Q151*H151","v":0.000216},0.00066,{"$f":"S151*H151","v":0.00264},{"$nulls":23},"4",null,"K","2",null,null,null,"ROZPOCET",{"$nulls":5},{"$f":"IF(N151=\"základní\",J151,0)","v":0},{"$f":"IF(N151=\"snížená\",J151,0)","v":0},{"$f":"IF(N151=\"zákl. přenesená\",J151,0)","v":0},{"$f":"IF(N151=\"sníž. přenesená\",J151,0)","v":0},{"$f":"IF(N151=\"nulová\",J151,0)","v":0},"1",{"$f":"ROUND(I151*H151,1)","v":0},"4","21"]
[null,null,"21","K","722174002","Potrubí vodovodní plastové PPR svar polyfuze PN 16 D 20 x 2,8 mm","m",38,null,{"$f":"ROUND(I152*H152,1)","v":0},null,null,null,"základní",null,{"$f":"O152*H152","v":0},0.0008423,{"$f":"Q152*H152","v":0.0320074},0,{"$f":"S152*H152","v":0},{"$nulls":23},"4",null,"K","2",null,null,null,"ROZPOCET",{"$nulls":5},{"$f":"IF(N152=\"základní\",J152,0)","v":0},{"$f":"IF(N152=\"snížená\",J152,0)","v":0},{"$f":"IF(N152=\"zákl. přenesená\",J152,0)","v":0},{"$f":"IF(N152=\"sníž. přenesená\",J152,0)","v":0},{"$f":"IF(N152=\"nulová\",J152,0)","v":0},"1",{"$f":"ROUND(I152*H152,1)","v":0},"4","22"]
[null,null,"22","K","722174003","Potrubí vodovodní plastové PPR svar polyfuze PN 16 D 25 x 3,5 mm","m",30,null,{"$f":"ROUND(I153*H153,1)","v":0},null,null,null,"základní",null,{"$f":"O153*H153","v":0},0.0011591,{"$f":"Q153*H153","v":0.034773},0,{"$f":"S153*H153","v":0},{"$nulls":23},"4",null,"K","2",null,null,null,"ROZPOCET",{"$nulls":5},{"$f":"IF(N153=\"základní\",J153,0)","v":0},{"$f":"IF(N153=\"snížená\",J153,0)","v":0},{"$f":"IF(N153=\"zákl. přenesená\",J153,0)","v":0},{"$f":"IF(N153=\"sníž. přenesená\",J153,0)","v":0},{"$f":"IF(N153=\"nulová\",J153,0)","v":0},"1",{"$f":"ROUND(I153*H153,1)","v":0},"4","23"]
[null,null,"23","K","722181242","Ochrana vodovodního potrubí přilepenými tepelně izolačními trubicemi z PE tl do 20 mm DN do 42 mm","m",68,null,{"$f":"ROUND(I154*H154,1)","v":0},null,null,null,"základní",null,{"$f":"O154*H154","v":0},0.00016312,{"$f":"Q154*H154","v":0.01109216},0,{"$f":"S154*H154","v":0},{"$nulls":23},"4",null,"K","2",null,null,null,"ROZPOCET",{"$nulls":5},{"$f":"IF(N154=\"základní\",J154,0)","v":0},{"$f":"IF(N154=\"snížená\",J154,0)","v":0},{"$f":"IF(N154=\"zákl. přenesená\",J154,0)","v":0},{"$f":"IF(N154=\"sníž. přenesená\",J154,0)","v":0},{"$f":"IF(N154=\"nulová\",J154,0)","v":0},"1",{"$f":"ROUND(I154*H154,1)","v":0},"4","24"]
[null,null,"24","K","722190401","Vyvedení a upevnění výpustku do DN 25","kus",23,null,{"$f":"ROUND(I155*H155,1)","v":0},null,null,null,"základní",null,{"$f":"O155*H155","v":0},0,{"$f":"Q155*H155","v":0},0,{"$f":"S155*H155","v":0},{"$nulls":23},"4",null,"K","2",null,null,null,"ROZPOCET",{"$nulls":5},{"$f":"IF(N155=\"základní\",J155,0)","v":0},{"$f":"IF(N155=\"snížená\",J155,0)","v":0},{"$f":"IF(N155=\"zákl. přenesená\",J155,0)","v":0},{"$f":"IF(N155=\"sníž. přenesená\",J155,0)","v":0},{"$f":"IF(N155=\"nulová\",J155,0)","v":0},"1",{"$f":"ROUND(I155*H155,1)","v":0},"4","25"]
[null,null,"25","K","722190901","Uzavření nebo otevření vodovodního potrubí při opravách","kus",2,null,{"$f":"ROUND(I156*H156,1)","v":0},null,null,null,"základní",null,{"$f":"O156*H156","v":0},0,{"$f":"Q156*H156","v":0},0,{"$f":"S156*H156","v":0},{"$nulls":23},"4",null,"K","2",null,null,null,"ROZPOCET",{"$nulls":5},{"$f":"IF(N156=\"základní\",J156,0)","v":0},{"$f":"IF(N156=\"snížená\",J156,0)","v":0},{"$f":"IF(N156=\"zákl. přenesená\",J156,0)","v":0},{"$f":"IF(N156=\"sníž. přenesená\",J156,0)","v":0},{"$f":"IF(N156=\"nulová\",J156,0)","v":0},"1",{"$f":"ROUND(I156*H156,1)","v":0},"4","26"]
[null,null,"26","K","722240101","Ventily plastové PPR přímé DN 20","kus",2,null,{"$f":"ROUND(I157*H157,1)","v":0},null,null,null,"základní",null,{"$f":"O157*H157","v":0},0.00076,{"$f":"Q157*H157","v":0.00152},0,{"$f":"S157*H157","v":0},{"$nulls":23},"16",null,"K","2",null,null,null,"ROZPOCET",{"$nulls":5},{"$f":"IF(N157=\"základní\",J157,0)","v":0},{"$f":"IF(N157=\"snížená\",J157,0)","v":0},{"$f":"IF(N157=\"zákl. přenesená\",J157,0)","v":0},{"$f":"IF(N157=\"sníž. přenesená\",J157,0)","v":0},{"$f":"IF(N157=\"nulová\",J157,0)","v":0},"1",{"$f":"ROUND(I157*H157,1)","v":0},"16","-2125686255"]
[null,null,"27","K","722240102","Ventily plastové PPR přímé DN 25","kus",3,null,{"$f":"ROUND(I158*H158,1)","v":0},null,null,null,"základní",null,{"$f":"O158*H158","v":0},0.00095,{"$f":"Q158*H158","v":0.00285},0,{"$f":"S158*H158","v":0},{"$nulls":23},"16",null,"K","2",null,null,null,"ROZPOCET",{"$nulls":5},{"$f":"IF(N158=\"základní\",J158,0)","v":0},{"$f":"IF(N158=\"snížená\",J158,0)","v":0},{"$f":"IF(N158=\"zákl. přenesená\",J158,0)","v":0},{"$f":"IF(N158=\"sníž. přenesená\",J158,0)","v":0},{"$f":"IF(N158=\"nulová\",J158,0)","v":0},"1",{"$f":"ROUND(I158*H158,1)","v":0},"16","1785825033"]
[null,null,"28","K","722240103","Ventily plastové PPR přímé DN 32","kus",4,null,{"$f":"ROUND(I159*H159,1)","v":0},null,null,null,"základní",null,{"$f":"O159*H159","v":0},0.00136,{"$f":"Q159*H159","v":0.00544},0,{"$f":"S159*H159","v":0},{"$nulls":23},"16",null,"K","2",null,null,null,"ROZPOCET",{"$nulls":5},{"$f":"IF(N159=\"základní\",J159,0)","v":0},{"$f":"IF(N159=\"snížená\",J159,0)","v":0},{"$f":"IF(N159=\"zákl. přenesená\",J159,0)","v":0},{"$f":"IF(N159=\"sníž. přenesená\",J159,0)","v":0},{"$f":"IF(N159=\"nulová\",J159,0)","v":0},"1",{"$f":"ROUND(I159*H159,1)","v":0},"16","-920336862"]
[null,null,"29","K","722240104","Ventily plastové PPR přímé DN 40","kus",2,null,{"$f":"ROUND(I160*H160,1)","v":0},null,null,null,"základní",null,{"$f":"O160*H160","v":0},0.00188,{"$f":"Q160*H160","v":0.00376},0,{"$f":"S160*H160","v":0},{"$nulls":23},"16",null,"K","2",null,null,null,"ROZPOCET",{"$nulls":5},{"$f":"IF(N160=\"základní\",J160,0)","v":0},{"$f":"IF(N160=\"snížená\",J160,0)","v":0},{"$f":"IF(N160=\"zákl. přenesená\",J160,0)","v":0},{"$f":"IF(N160=\"sníž. přenesená\",J160,0)","v":0},{"$f":"IF(N160=\"nulová\",J160,0)","v":0},"1",{"$f":"ROUND(I160*H160,1)","v":0},"16","1751820076"]
[null,null,"30","K","722290226","Zkouška těsnosti vodovodního potrubí závitového do DN 50","m",68,null,{"$f":"ROUND(I161*H161,1)","v":0},null,null,null,"základní",null,{"$f":"O161*H161","v":0},0.0001897235,{"$f":"Q161*H161","v":0.012901198},0,{"$f":"S161*H161","v":0},{"$nulls":23},"4",null,"K","2",null,null,null,"ROZPOCET",{"$nulls":5},{"$f":"IF(N161=\"základní\",J161,0)","v":0},{"$f":"IF(N161=\"snížená\",J161,0)","v":0},{"$f":"IF(N161=\"zákl. přenesená\",J161,0)","v":0},{"$f":"IF(N161=\"sníž. přenesená\",J161,0)","v":0},{"$f":"IF(N161=\"nulová\",J161,0)","v":0},"1",{"$f":"ROUND(I161*H161,1)","v":0},"4","28"]
[null,null,"31","K","722290234","Proplach vodovodního potrubí do DN 80","m",68,null,{"$f":"ROUND(I162*H162,1)","v":0},null,null,null,"základní",null,{"$f":"O162*H162","v":0},1E-005,{"$f":"Q162*H162","v":0.00068},0,{"$f":"S162*H162","v":0},{"$nulls":23},"4",null,"K","2",null,null,null,"ROZPOCET",{"$nulls":5},{"$f":"IF(N162=\"základní\",J162,0)","v":0},{"$f":"IF(N162=\"snížená\",J162,0)","v":0},{"$f":"IF(N162=\"zákl. přenesená\",J162,0)","v":0},{"$f":"IF(N162=\"sníž. přenesená\",J162,0)","v":0},{"$f":"IF(N162=\"nulová\",J162,0)","v":0},"1",{"$f":"ROUND(I162*H162,1)","v":0},"4","29"]
[null,null,"32","K","998722201","Přesun hmot procentní pro vnitřní vodovod v objektech v do 6 m","%",null,null,{"$f":"ROUND(I163*H163,1)","v":0},null,null,null,"základní",null,{"$f":"O163*H163","v":0},0,{"$f":"Q163*H163","v":0},0,{"$f":"S163*H163","v":0},{"$nulls":23},"4",null,"K","2",null,null,null,"ROZPOCET",{"$nulls":5},{"$f":"IF(N163=\"základní\",J163,0)","v":0},{"$f":"IF(N163=\"snížená\",J163,0)","v":0},{"$f":"IF(N163=\"zákl. přenesená\",J163,0)","v":0},{"$f":"IF(N163=\"sníž. přenesená\",J163,0)","v":0},{"$f":"IF(N163=\"nulová\",J163,0)","v":0},"1",{"$f":"ROUND(I163*H163,1)","v":0},"4","30"]
[null,null,null,"D","725","Zdravotechnika - zařiz. předměty",null,null,null,{"$f":"BK164","v":0},{"$nulls":5},{"$f":"SUM(P165:P193)","v":0},null,{"$f":"SUM(R165:R193)","v":0.010476484},null,{"$f":"SUM(T165:T193)","v":0.28037},{"$nulls":23},"2",null,"D","1",null,null,null,"ROZPOCET",{"$nulls":11},{"$f":"SUM(BK165:BK193)","v":0}]
[null,null,"33","K","725110811","Demontáž klozetů splachovací s nádrží","soubor",4,null,{"$f":"ROUND(I165*H165,1)","v":0},null,null,null,"základní",null,{"$f":"O165*H165","v":0},0,{"$f":"Q165*H165","v":0},0.01933,{"$f":"S165*H165","v":0.07732},{"$nulls":23},"16",null,"K","2",null,null,null,"ROZPOCET",{"$nulls":5},{"$f":"IF(N165=\"základní\",J165,0)","v":0},{"$f":"IF(N165=\"snížená\",J165,0)","v":0},{"$f":"IF(N165=\"zákl. přenesená\",J165,0)","v":0},{"$f":"IF(N165=\"sníž. přenesená\",J165,0)","v":0},{"$f":"IF(N165=\"nulová\",J165,0)","v":0},"1",{"$f":"ROUND(I165*H165,1)","v":0},"16","957701897"]
[null,null,"34","K","725122817","Demontáž pisoárových stání bez nádrže a jedním záchodkem","soubor",11,null,{"$f":"ROUND(I166*H166,1)","v":0},null,null,null,"základní",null,{"$f":"O166*H166","v":0},0,{"$f":"Q166*H166","v":0},0.01107,{"$f":"S166*H166","v":0.12177},{"$nulls":23},"4",null,"K","2",null,null,null,"ROZPOCET",{"$nulls":5},{"$f":"IF(N166=\"základní\",J166,0)","v":0},{"$f":"IF(N166=\"snížená\",J166,0)","v":0},{"$f":"IF(N166=\"zákl. přenesená\",J166,0)","v":0},{"$f":"IF(N166=\"sníž. přenesená\",J166,0)","v":0},{"$f":"IF(N166=\"nulová\",J166,0)","v":0},"1",{"$f":"ROUND(I166*H166,1)","v":0},"4","32"]
[null,null,"35","K","725210821","Demontáž umyvadel bez výtokových armatur","soubor",4,null,{"$f":"ROUND(I167*H167,1)","v":0},null,null,null,"základní",null,{"$f":"O167*H167","v":0},0,{"$f":"Q167*H167","v":0},0.01946,{"$f":"S167*H167","v":0.07784},{"$nulls":23},"4",null,"K","2",null,null,null,"ROZPOCET",{"$nulls":5},{"$f":"IF(N167=\"základní\",J167,0)","v":0},{"$f":"IF(N167=\"snížená\",J167,0)","v":0},{"$f":"IF(N167=\"zákl. přenesená\",J167,0)","v":0},{"$f":"IF(N167=\"sníž. přenesená\",J167,0)","v":0},{"$f":"IF(N167=\"nulová\",J167,0)","v":0},"1",{"$f":"ROUND(I167*H167,1)","v":0},"4","33"]
[null,null,"36","K","725820802","Demontáž baterie stojánkové do jednoho otvoru","soubor",4,null,{"$f":"ROUND(I168*H168,1)","v":0},null,null,null,"základní",null,{"$f":"O168*H168","v":0},0,{"$f":"Q168*H168","v":0},0.00086,{"$f":"S168*H168","v":0.00344},{"$nulls":23},"4",null,"K","2",null,null,null,"ROZPOCET",{"$nulls":5},{"$f":"IF(N168=\"základní\",J168,0)","v":0},{"$f":"IF(N168=\"snížená\",J168,0)","v":0},{"$f":"IF(N168=\"zákl. přenesená\",J168,0)","v":0},{"$f":"IF(N168=\"sníž. přenesená\",J168,0)","v":0},{"$f":"IF(N168=\"nulová\",J168,0)","v":0},"1",{"$f":"ROUND(I168*H168,1)","v":0},"4","35"]
[null,null,"37","K","725119213","Montáž WC mísy závěsné","kus",4,null,{"$f":"ROUND(I169*H169,1)","v":0},null,null,null,"základní",null,{"$f":"O169*H169","v":0},0,{"$f":"Q169*H169","v":0},0,{"$f":"S169*H169","v":0},{"$nulls":23},"4",null,"K","2",null,null,null,"ROZPOCET",{"$nulls":5},{"$f":"IF(N169=\"základní\",J169,0)","v":0},{"$f":"IF(N169=\"snížená\",J169,0)","v":0},{"$f":"IF(N169=\"zákl. přenesená\",J169,0)","v":0},{"$f":"IF(N169=\"sníž. přenesená\",J169,0)","v":0},{"$f":"IF(N169=\"nulová\",J169,0)","v":0},"1",{"$f":"ROUND(I169*H169,1)","v":0},"4","36"]
[null,null,"38","K","725129102","Montáž pisoáru s automatickým splachováním","kus",11,null,{"$f":"ROUND(I170*H170,1)","v":0},null,null,null,"základní",null,{"$f":"O170*H170","v":0},7.93132E-005,{"$f":"Q170*H170","v":0.0008724452},0,{"$f":"S170*H170","v":0},{"$nulls":23},"4",null,"K","2",null,null,null,"ROZPOCET",{"$nulls":5},{"$f":"IF(N170=\"základní\",J170,0)","v":0},{"$f":"IF(N170=\"snížená\",J170,0)","v":0},{"$f":"IF(N170=\"zákl. přenesená\",J170,0)","v":0},{"$f":"IF(N170=\"sníž. přenesená\",J170,0)","v":0},{"$f":"IF(N170=\"nulová\",J170,0)","v":0},"1",{"$f":"ROUND(I170*H170,1)","v":0},"4","37"]
[null,null,"39","K","725219102","Montáž umyvadla připevněného na šrouby do zdiva","soubor",4,null,{"$f":"ROUND(I171*H171,1)","v":0},null,null,null,"základní",null,{"$f":"O171*H171","v":0},0.0017285897,{"$f":"Q171*H171","v":0.0069143588},0,{"$f":"S171*H171","v":0},{"$nulls":23},"4",null,"K","2",null,null,null,"ROZPOCET",{"$nulls":5},{"$f":"IF(N171=\"základní\",J171,0)","v":0},{"$f":"IF(N171=\"snížená\",J171,0)","v":0},{"$f":"IF(N171=\"zákl. přenesená\",J171,0)","v":0},{"$f":"IF(N171=\"sníž. přenesená\",J171,0)","v":0},{"$f":"IF(N171=\"nulová\",J171,0)","v":0},"1",{"$f":"ROUND(I171*H171,1)","v":0},"4","38"]
[null,null,"40","K","725219503R00","Montáž krytu sifonu umyvadel","ks",4,null,{"$f":"ROUND(I172*H172,1)","v":0},null,null,null,"základní",null,{"$f":"O172*H172","v":0},0,{"$f":"Q172*H172","v":0},0,{"$f":"S172*H172","v":0},{"$nulls":23},"4",null,"K","2",null,null,null,"ROZPOCET",{"$nulls":5},{"$f":"IF(N172=\"základní\",J172,0)","v":0},{"$f":"IF(N172=\"snížená\",J172,0)","v":0},{"$f":"IF(N172=\"zákl. přenesená\",J172,0)","v":0},{"$f":"IF(N172=\"sníž. přenesená\",J172,0)","v":0},{"$f":"IF(N172=\"nulová\",J172,0)","v":0},"1",{"$f":"ROUND(I172*H172,1)","v":0},"4","39"]
[null,null,"41","K","725829131","Montáž baterie umyvadlové tlačné","kus",4,null,{"$f":"ROUND(I173*H173,1)","v":0},null,null,null,"základní",null,{"$f":"O173*H173","v":0},3.914E-005,{"$f":"Q173*H173","v":0.00015656},0,{"$f":"S173*H173","v":0},{"$nulls":23},"4",null,"K","2",null,null,null,"ROZPOCET",{"$nulls":5},{"$f":"IF(N173=\"základní\",J173,0)","v":0},{"$f":"IF(N173=\"snížená\",J173,0)","v":0},{"$f":"IF(N173=\"zákl. přenesená\",J173,0)","v":0},{"$f":"IF(N173=\"sníž. přenesená\",J173,0)","v":0},{"$f":"IF(N173=\"nulová\",J173,0)","v":0},"1",{"$f":"ROUND(I173*H173,1)","v":0},"4","40"]
[null,null,"42","M","73008","UMYVADLO 1042.3 CUBITO 104","ks",4,null,{"$f":"ROUND(I174*H174,1)","v":0},null,null,null,"základní",null,{"$f":"O174*H174","v":0},0,{"$f":"Q174*H174","v":0},0,{"$f":"S174*H174","v":0},{"$nulls":23},"8",null,"M","2",null,null,null,"ROZPOCET",{"$nulls":5},{"$f":"IF(N174=\"základní\",J174,0)","v":0},{"$f":"IF(N174=\"snížená\",J174,0)","v":0},{"$f":"IF(N174=\"zákl. přenesená\",J174,0)","v":0},{"$f":"IF(N174=\"sníž. přenesená\",J174,0)","v":0},{"$f":"IF(N174=\"nulová\",J174,0)","v":0},"1",{"$f":"ROUND(I174*H174,1)","v":0},"4","486368126"]
[null,null,"43","M","73009","KRYT 1995.1 CUBITO","ks",4,null,{"$f":"ROUND(I175*H175,1)","v":0},null,null,null,"základní",null,{"$f":"O175*H175","v":0},0,{"$f":"Q175*H175","v":0},0,{"$f":"S175*H175","v":0},{"$nulls":23},"8",null,"M","2",null,null,null,"ROZPOCET",{"$nulls":5},{"$f":"IF(N175=\"základní\",J175,0)","v":0},{"$f":"IF(N175=\"snížená\",J175,0)","v":0},{"$f":"IF(N175=\"zákl. přenesená\",J175,0)","v":0},{"$f":"IF(N175=\"sníž. přenesená\",J175,0)","v":0},{"$f":"IF(N175=\"nulová\",J175,0)","v":0},"1",{"$f":"ROUND(I175*H175,1)","v":0},"4","-754598720"]
[null,null,"44","M","73011","SIFON A43 UMYVADLOVÝ S PŘEVL.MATICÍ","ks",4,null,{"$f":"ROUND(I176*H176,1)","v":0},null,null,null,"základní",null,{"$f":"O176*H176","v":0},0,{"$f":"Q176*H176","v":0},0,{"$f":"S176*H176","v":0},{"$nulls":23},"8",null,"M","2",null,null,null,"ROZPOCET",{"$nulls":5},{"$f":"IF(N176=\"základní\",J176,0)","v":0},{"$f":"IF(N176=\"snížená\",J176,0)","v":0},{"$f":"IF(N176=\"zákl. přenesená\",J176,0)","v":0},{"$f":"IF(N176=\"sníž. přenesená\",J176,0)","v":0},{"$f":"IF(N176=\"nulová\",J176,0)","v":0},"1",{"$f":"ROUND(I176*H176,1)","v":0},"4","219448035"]
[null,null,"45","M","73012","SAMOUZAVÍRACÍ BATERIE UMYVADLOVÁ STOJÁNKOVÁ SMĚŠOVACÍ PRESTO 4000 SC TLAČNÁ","ks",4,null,{"$f":"ROUND(I177*H177,1)","v":0},null,null,null,"základní",null,{"$f":"O177*H177","v":0},0,{"$f":"Q177*H177","v":0},0,{"$f":"S177*H177","v":0},{"$nulls":23},"8",null,"M","2",null,null,null,"ROZPOCET",{"$nulls":5},{"$f":"IF(N177=\"základní\",J177,0)","v":0},{"$f":"IF(N177=\"snížená\",J177,0)","v":0},{"$f":"IF(N177=\"zákl. přenesená\",J177,0)","v":0},{"$f":"IF(N177=\"sníž. přenesená\",J177,0)","v":0},{"$f":"IF(N177=\"nulová\",J177,0)","v":0},"1",{"$f":"ROUND(I177*H177,1)","v":0},"4","-724509860"]
[null,null,"46","M","73013","ŠROUB UMYVADLOVÝ-SADA","ks",4,null,{"$f":"ROUND(I178*H178,1)","v":0},null,null,null,"základní",null,{"$f":"O178*H178","v":0},0,{"$f":"Q178*H178","v":0},0,{"$f":"S178*H178","v":0},{"$nulls":23},"8",null,"M","2",null,null,null,"ROZPOCET",{"$nulls":5},{"$f":"IF(N178=\"základní\",J178,0)","v":0},{"$f":"IF(N178=\"snížená\",J178,0)","v":0},{"$f":"IF(N178=\"zákl. přenesená\",J178,0)","v":0},{"$f":"IF(N178=\"sníž. přenesená\",J178,0)","v":0},{"$f":"IF(N178=\"nulová\",J178,0)","v":0},"1",{"$f":"ROUND(I178*H178,1)","v":0},"4","402959836"]
[null,null,"47","M","73014","VENTIL ROHOVÝ SANLAND S FILTREM  970580000","ks",8,null,{"$f":"ROUND(I179*H179,1)","v":0},null,null,null,"základní",null,{"$f":"O179*H179","v":0},0,{"$f":"Q179*H179","v":0},0,{"$f":"S179*H179","v":0},{"$nulls":23},"8",null,"M","2",null,null,null,"ROZPOCET",{"$nulls":5},{"$f":"IF(N179=\"základní\",J179,0)","v":0},{"$f":"IF(N179=\"snížená\",J179,0)","v":0},{"$f":"IF(N179=\"zákl. přenesená\",J179,0)","v":0},{"$f":"IF(N179=\"sníž. přenesená\",J179,0)","v":0},{"$f":"IF(N179=\"nulová\",J179,0)","v":0},"1",{"$f":"ROUND(I179*H179,1)","v":0},"4","-2133903428"]
[null,null,"48","M","73015","WC MÍSA ZÁVĚS 2338.2 LYRA PLUS","ks",4,null,{"$f":"ROUND(I180*H180,1)","v":0},null,null,null,"základní",null,{"$f":"O180*H180","v":0},0,{"$f":"Q180*H180","v":0},0,{"$f":"S180*H180","v":0},{"$nulls":23},"8",null,"M","2",null,null,null,"ROZPOCET",{"$nulls":5},{"$f":"IF(N180=\"základní\",J180,0)","v":0},{"$f":"IF(N180=\"snížená\",J180,0)","v":0},{"$f":"IF(N180=\"zákl. přenesená\",J180,0)","v":0},{"$f":"IF(N180=\"sníž. přenesená\",J180,0)","v":0},{"$f":"IF(N180=\"nulová\",J180,0)","v":0},"1",{"$f":"ROUND(I180*H180,1)","v":0},"4","1100356217"]
[null,null,"49","M","73016","SEDÁTKO 9338.7 LYRA PLUS ZÁVĚS","ks",4,null,{"$f":"ROUND(I181*H181,1)","v":0},null,null,null,"základní",null,{"$f":"O181*H181","v":0},0,{"$f":"Q181*H181","v":0},0,{"$f":"S181*H181","v":0},{"$nulls":23},"8",null,"M","2",null,null,null,"ROZPOCET",{"$nulls":5},{"$f":"IF(N181=\"základní\",J181,0)","v":0},{"$f":"IF(N181=\"snížená\",J181,0)","v":0},{"$f":"IF(N181=\"zákl. přenesená\",J181,0)","v":0},{"$f":"IF(N181=\"sníž. přenesená\",J181,0)","v":0},{"$f":"IF(N181=\"nulová\",J181,0)","v":0},"1",{"$f":"ROUND(I181*H181,1)","v":0},"4","-1321693542"]
[null,null,"50","M","73019","URINÁL GOLEM 4306.0 ZADNÍ","ks",11,null,{"$f":"ROUND(I182*H182,1)","v":0},null,null,null,"základní",null,{"$f":"O182*H182","v":0},0,{"$f":"Q182*H182","v":0},0,{"$f":"S182*H182","v":0},{"$nulls":23},"8",null,"M","2",null,null,null,"ROZPOCET",{"$nulls":5},{"$f":"IF(N182=\"základní\",J182,0)","v":0},{"$f":"IF(N182=\"snížená\",J182,0)","v":0},{"$f":"IF(N182=\"zákl. přenesená\",J182,0)","v":0},{"$f":"IF(N182=\"sníž. přenesená\",J182,0)","v":0},{"$f":"IF(N182=\"nulová\",J182,0)","v":0},"1",{"$f":"ROUND(I182*H182,1)","v":0},"4","-632188933"]
[null,null,"51","M","73020","PRESTO 60B - TLAČNÝ SAMOUZAVÍRACÍ VENTIL PISOÁROVY DO ZDI S KRYCÍ DEKSOU","ks",11,null,{"$f":"ROUND(I183*H183,1)","v":0},null,null,null,"základní",null,{"$f":"O183*H183","v":0},0,{"$f":"Q183*H183","v":0},0,{"$f":"S183*H183","v":0},{"$nulls":23},"8",null,"M","2",null,null,null,"ROZPOCET",{"$nulls":5},{"$f":"IF(N183=\"základní\",J183,0)","v":0},{"$f":"IF(N183=\"snížená\",J183,0)","v":0},{"$f":"IF(N183=\"zákl. přenesená\",J183,0)","v":0},{"$f":"IF(N183=\"sníž. přenesená\",J183,0)","v":0},{"$f":"IF(N183=\"nulová\",J183,0)","v":0},"1",{"$f":"ROUND(I183*H183,1)","v":0},"4","-1070593213"]
[null,null,"52","M","73021","PŘÍSLUŠENSTVÍ 9034.9 890","ks",11,null,{"$f":"ROUND(I184*H184,1)","v":0},null,null,null,"základní",null,{"$f":"O184*H184","v":0},0,{"$f":"Q184*H184","v":0},0,{"$f":"S184*H184","v":0},{"$nulls":23},"8",null,"M","2",null,null,null,"ROZPOCET",{"$nulls":5},{"$f":"IF(N184=\"základní\",J184,0)","v":0},{"$f":"IF(N184=\"snížená\",J184,0)","v":0},{"$f":"IF(N184=\"zákl. přenesená\",J184,0)","v":0},{"$f":"IF(N184=\"sníž. přenesená\",J184,0)","v":0},{"$f":"IF(N184=\"nulová\",J184,0)","v":0},"1",{"$f":"ROUND(I184*H184,1)","v":0},"4","128325626"]
[null,null,"53","M","73022","SIFON 4306.0/1 BÍLÁ H8920030000001","ks",11,null,{"$f":"ROUND(I185*H185,1)","v":0},null,null,null,"základní",null,{"$f":"O185*H185","v":0},0,{"$f":"Q185*H185","v":0},0,{"$f":"S185*H185","v":0},{"$nulls":23},"8",null,"M","2",null,null,null,"ROZPOCET",{"$nulls":5},{"$f":"IF(N185=\"základní\",J185,0)","v":0},{"$f":"IF(N185=\"snížená\",J185,0)","v":0},{"$f":"IF(N185=\"zákl. přenesená\",J185,0)","v":0},{"$f":"IF(N185=\"sníž. přenesená\",J185,0)","v":0},{"$f":"IF(N185=\"nulová\",J185,0)","v":0},"1",{"$f":"ROUND(I185*H185,1)","v":0},"4","-742941018"]
[null,null,"54","M","73023","TRUBIČKA URINÁLU 9480.7","ks",11,null,{"$f":"ROUND(I186*H186,1)","v":0},null,null,null,"základní",null,{"$f":"O186*H186","v":0},0,{"$f":"Q186*H186","v":0},0,{"$f":"S186*H186","v":0},{"$nulls":23},"8",null,"M","2",null,null,null,"ROZPOCET",{"$nulls":5},{"$f":"IF(N186=\"základní\",J186,0)","v":0},{"$f":"IF(N186=\"snížená\",J186,0)","v":0},{"$f":"IF(N186=\"zákl. přenesená\",J186,0)","v":0},{"$f":"IF(N186=\"sníž. přenesená\",J186,0)","v":0},{"$f":"IF(N186=\"nulová\",J186,0)","v":0},"1",{"$f":"ROUND(I186*H186,1)","v":0},"4","1660928290"]
[null,null,"55","M","73024","TĚSNĚNÍ 9480.8 GOLEM ZADNÍ H89480.80000001 308568","ks",11,null,{"$f":"ROUND(I187*H187,1)","v":0},null,null,null,"základní",null,{"$f":"O187*H187","v":0},0,{"$f":"Q187*H187","v":0},0,{"$f":"S187*H187","v":0},{"$nulls":23},"8",null,"M","2",null,null,null,"ROZPOCET",{"$nulls":5},{"$f":"IF(N187=\"základní\",J187,0)","v":0},{"$f":"IF(N187=\"snížená\",J187,0)","v":0},{"$f":"IF(N187=\"zákl. přenesená\",J187,0)","v":0},{"$f":"IF(N187=\"sníž. přenesená\",J187,0)","v":0},{"$f":"IF(N187=\"nulová\",J187,0)","v":0},"1",{"$f":"ROUND(I187*H187,1)","v":0},"4","1107529052"]
[null,null,"56","M","73025","URINÁL STĚNA DĚL. 4760.1 SPLIT JIKA","ks",9,null,{"$f":"ROUND(I188*H188,1)","v":0},null,null,null,"základní",null,{"$f":"O188*H188","v":0},0,{"$f":"Q188*H188","v":0},0,{"$f":"S188*H188","v":0},{"$nulls":23},"8",null,"M","2",null,null,null,"ROZPOCET",{"$nulls":5},{"$f":"IF(N188=\"základní\",J188,0)","v":0},{"$f":"IF(N188=\"snížená\",J188,0)","v":0},{"$f":"IF(N188=\"zákl. přenesená\",J188,0)","v":0},{"$f":"IF(N188=\"sníž. přenesená\",J188,0)","v":0},{"$f":"IF(N188=\"nulová\",J188,0)","v":0},"1",{"$f":"ROUND(I188*H188,1)","v":0},"4","1158608964"]
[null,null,"57","K","725590811","Přemístění vnitrostaveništní demontovaných pro zařizovací předměty v objektech výšky do 6 m","t",0.6,null,{"$f":"ROUND(I189*H189,1)","v":0},null,null,null,"základní",null,{"$f":"O189*H189","v":0},0,{"$f":"Q189*H189","v":0},0,{"$f":"S189*H189","v":0},{"$nulls":23},"4",null,"K","2",null,null,null,"ROZPOCET",{"$nulls":5},{"$f":"IF(N189=\"základní\",J189,0)","v":0},{"$f":"IF(N189=\"snížená\",J189,0)","v":0},{"$f":"IF(N189=\"zákl. přenesená\",J189,0)","v":0},{"$f":"IF(N189=\"sníž. přenesená\",J189,0)","v":0},{"$f":"IF(N189=\"nulová\",J189,0)","v":0},"1",{"$f":"ROUND(I189*H189,1)","v":0},"4","43"]
[null,null,"58","K","725813111","Ventil rohový s filtrem G 1/2 - montáž","soubor",8,null,{"$f":"ROUND(I190*H190,1)","v":0},null,null,null,"základní",null,{"$f":"O190*H190","v":0},0.00023914,{"$f":"Q190*H190","v":0.00191312},0,{"$f":"S190*H190","v":0},{"$nulls":23},"4",null,"K","2",null,null,null,"ROZPOCET",{"$nulls":5},{"$f":"IF(N190=\"základní\",J190,0)","v":0},{"$f":"IF(N190=\"snížená\",J190,0)","v":0},{"$f":"IF(N190=\"zákl. přenesená\",J190,0)","v":0},{"$f":"IF(N190=\"sníž. přenesená\",J190,0)","v":0},{"$f":"IF(N190=\"nulová\",J190,0)","v":0},"1",{"$f":"ROUND(I190*H190,1)","v":0},"4","44"]
[null,null,"59","K","725849299.R","Demontáž doplňků","kpl",1,null,{"$f":"ROUND(I191*H191,1)","v":0},null,null,null,"základní",null,{"$f":"O191*H191","v":0},0,{"$f":"Q191*H191","v":0},0,{"$f":"S191*H191","v":0},{"$nulls":23},"4",null,"K","2",null,null,null,"ROZPOCET",{"$nulls":5},{"$f":"IF(N191=\"základní\",J191,0)","v":0},{"$f":"IF(N191=\"snížená\",J191,0)","v":0},{"$f":"IF(N191=\"zákl. přenesená\",J191,0)","v":0},{"$f":"IF(N191=\"sníž. přenesená\",J191,0)","v":0},{"$f":"IF(N191=\"nulová\",J191,0)","v":0},"1",{"$f":"ROUND(I191*H191,1)","v":0},"4","69"]
[null,null,"60","K","725980123","Dvířka 30/30","kus",2,null,{"$f":"ROUND(I192*H192,1)","v":0},null,null,null,"základní",null,{"$f":"O192*H192","v":0},0.00031,{"$f":"Q192*H192","v":0.00062},0,{"$f":"S192*H192","v":0},{"$nulls":23},"4",null,"K","2",null,null,null,"ROZPOCET",{"$nulls":5},{"$f":"IF(N192=\"základní\",J192,0)","v":0},{"$f":"IF(N192=\"snížená\",J192,0)","v":0},{"$f":"IF(N192=\"zákl. přenesená\",J192,0)","v":0},{"$f":"IF(N192=\"sníž. přenesená\",J192,0)","v":0},{"$f":"IF(N192=\"nulová\",J192,0)","v":0},"1",{"$f":"ROUND(I192*H192,1)","v":0},"4","70"]
[null,null,"61","K","998725201","Přesun hmot procentní pro zařizovací předměty v objektech v do 6 m","%",null,null,{"$f":"ROUND(I193*H193,1)","v":0},null,null,null,"základní",null,{"$f":"O193*H193","v":0},0,{"$f":"Q193*H193","v":0},0,{"$f":"S193*H193","v":0},{"$nulls":23},"4",null,"K","2",null,null,null,"ROZPOCET",{"$nulls":5},{"$f":"IF(N193=\"základní\",J193,0)","v":0},{"$f":"IF(N193=\"snížená\",J193,0)","v":0},{"$f":"IF(N193=\"zákl. přenesená\",J193,0)","v":0},{"$f":"IF(N193=\"sníž. přenesená\",J193,0)","v":0},{"$f":"IF(N193=\"nulová\",J193,0)","v":0},"1",{"$f":"ROUND(I193*H193,1)","v":0},"4","72"]
[null,null,null,"D","726","Zdravotechnika - předstěnové instalace",null,null,null,{"$f":"BK194","v":0},{"$nulls":5},{"$f":"SUM(P195:P200)","v":0},null,{"$f":"SUM(R195:R200)","v":0.002},null,{"$f":"SUM(T195:T200)","v":0},{"$nulls":23},"2",null,"D","1",null,null,null,"ROZPOCET",{"$nulls":11},{"$f":"SUM(BK195:BK200)","v":0}]
[null,null,"62","K","725112149","Montáž Kombifixu WC","soubor",4,null,{"$f":"ROUND(I195*H195,1)","v":0},null,null,null,"základní",null,{"$f":"O195*H195","v":0},0,{"$f":"Q195*H195","v":0},0,{"$f":"S195*H195","v":0},{"$nulls":23},"4",null,"K","2",null,null,null,"ROZPOCET",{"$nulls":5},{"$f":"IF(N195=\"základní\",J195,0)","v":0},{"$f":"IF(N195=\"snížená\",J195,0)","v":0},{"$f":"IF(N195=\"zákl. přenesená\",J195,0)","v":0},{"$f":"IF(N195=\"sníž. přenesená\",J195,0)","v":0},{"$f":"IF(N195=\"nulová\",J195,0)","v":0},"1",{"$f":"ROUND(I195*H195,1)","v":0},"4","73"]
[null,null,"63","K","725112153","Montáž ovladacího tlačítka WC","soubor",4,null,{"$f":"ROUND(I196*H196,1)","v":0},null,null,null,"základní",null,{"$f":"O196*H196","v":0},0,{"$f":"Q196*H196","v":0},0,{"$f":"S196*H196","v":0},{"$nulls":23},"4",null,"K","2",null,null,null,"ROZPOCET",{"$nulls":5},{"$f":"IF(N196=\"základní\",J196,0)","v":0},{"$f":"IF(N196=\"snížená\",J196,0)","v":0},{"$f":"IF(N196=\"zákl. přenesená\",J196,0)","v":0},{"$f":"IF(N196=\"sníž. přenesená\",J196,0)","v":0},{"$f":"IF(N196=\"nulová\",J196,0)","v":0},"1",{"$f":"ROUND(I196*H196,1)","v":0},"4","74"]
[null,null,"64","M","73017","MODUL KOMBIFIX ECO 110.302.00.5 WC, NA ZAZDĚNÍ","ks",4,null,{"$f":"ROUND(I197*H197,1)","v":0},null,null,null,"základní",null,{"$f":"O197*H197","v":0},0,{"$f":"Q197*H197","v":0},0,{"$f":"S197*H197","v":0},{"$nulls":23},"8",null,"M","2",null,null,null,"ROZPOCET",{"$nulls":5},{"$f":"IF(N197=\"základní\",J197,0)","v":0},{"$f":"IF(N197=\"snížená\",J197,0)","v":0},{"$f":"IF(N197=\"zákl. přenesená\",J197,0)","v":0},{"$f":"IF(N197=\"sníž. přenesená\",J197,0)","v":0},{"$f":"IF(N197=\"nulová\",J197,0)","v":0},"1",{"$f":"ROUND(I197*H197,1)","v":0},"4","1532233465"]
[null,null,"65","M","73018","TLAČÍTKO SIGMA01 115.770.11.5","ks",4,null,{"$f":"ROUND(I198*H198,1)","v":0},null,null,null,"základní",null,{"$f":"O198*H198","v":0},0,{"$f":"Q198*H198","v":0},0,{"$f":"S198*H198","v":0},{"$nulls":23},"8",null,"M","2",null,null,null,"ROZPOCET",{"$nulls":5},{"$f":"IF(N198=\"základní\",J198,0)","v":0},{"$f":"IF(N198=\"snížená\",J198,0)","v":0},{"$f":"IF(N198=\"zákl. přenesená\",J198,0)","v":0},{"$f":"IF(N198=\"sníž. přenesená\",J198,0)","v":0},{"$f":"IF(N198=\"nulová\",J198,0)","v":0},"1",{"$f":"ROUND(I198*H198,1)","v":0},"4","-1470462775"]
[null,null,"66","K","726191002","Souprava pro předstěnovou montáž","soubor",4,null,{"$f":"ROUND(I199*H199,1)","v":0},null,null,null,"základní",null,{"$f":"O199*H199","v":0},0.0005,{"$f":"Q199*H199","v":0.002},0,{"$f":"S199*H199","v":0},{"$nulls":23},"4",null,"K","2",null,null,null,"ROZPOCET",{"$nulls":5},{"$f":"IF(N199=\"základní\",J199,0)","v":0},{"$f":"IF(N199=\"snížená\",J199,0)","v":0},{"$f":"IF(N199=\"zákl. přenesená\",J199,0)","v":0},{"$f":"IF(N199=\"sníž. přenesená\",J199,0)","v":0},{"$f":"IF(N199=\"nulová\",J199,0)","v":0},"1",{"$f":"ROUND(I199*H199,1)","v":0},"4","79"]
[null,null,"67","K","998726211","Přesun hmot procentní pro instalační prefabrikáty v objektech v do 6 m","%",null,null,{"$f":"ROUND(I200*H200,1)","v":0},null,null,null,"základní",null,{"$f":"O200*H200","v":0},0,{"$f":"Q200*H200","v":0},0,{"$f":"S200*H200","v":0},{"$nulls":23},"4",null,"K","2",null,null,null,"ROZPOCET",{"$nulls":5},{"$f":"IF(N200=\"základní\",J200,0)","v":0},{"$f":"IF(N200=\"snížená\",J200,0)","v":0},{"$f":"IF(N200=\"zákl. přenesená\",J200,0)","v":0},{"$f":"IF(N200=\"sníž. přenesená\",J200,0)","v":0},{"$f":"IF(N200=\"nulová\",J200,0)","v":0},"1",{"$f":"ROUND(I200*H200,1)","v":0},"4","80"]
[null,null,null,"D","734","Ústřední vytápění - armatury",null,null,null,{"$f":"BK201","v":0},{"$nulls":5},{"$f":"SUM(P202:P206)","v":0},null,{"$f":"SUM(R202:R206)","v":0.000662674},null,{"$f":"SUM(T202:T206)","v":0.0044},{"$nulls":23},"2",null,"D","1",null,null,null,"ROZPOCET",{"$nulls":11},{"$f":"SUM(BK202:BK206)","v":0}]
[null,null,"68","K","734200822","Demontáž armatury závitové se dvěma závity do G 1","kus",4,null,{"$f":"ROUND(I202*H202,1)","v":0},null,null,null,"základní",null,{"$f":"O202*H202","v":0},0.0001264,{"$f":"Q202*H202","v":0.0005056},0.0011,{"$f":"S202*H202","v":0.0044},{"$nulls":23},"4",null,"K","2",null,null,null,"ROZPOCET",{"$nulls":5},{"$f":"IF(N202=\"základní\",J202,0)","v":0},{"$f":"IF(N202=\"snížená\",J202,0)","v":0},{"$f":"IF(N202=\"zákl. přenesená\",J202,0)","v":0},{"$f":"IF(N202=\"sníž. přenesená\",J202,0)","v":0},{"$f":"IF(N202=\"nulová\",J202,0)","v":0},"1",{"$f":"ROUND(I202*H202,1)","v":0},"4","81"]
[null,null,"69","K","734209113","Montáž armatury závitové s dvěma závity G 1/2","kus",2,null,{"$f":"ROUND(I203*H203,1)","v":0},null,null,null,"základní",null,{"$f":"O203*H203","v":0},7.8537E-005,{"$f":"Q203*H203","v":0.000157074},0,{"$f":"S203*H203","v":0},{"$nulls":23},"4",null,"K","2",null,null,null,"ROZPOCET",{"$nulls":5},{"$f":"IF(N203=\"základní\",J203,0)","v":0},{"$f":"IF(N203=\"snížená\",J203,0)","v":0},{"$f":"IF(N203=\"zákl. přenesená\",J203,0)","v":0},{"$f":"IF(N203=\"sníž. přenesená\",J203,0)","v":0},{"$f":"IF(N203=\"nulová\",J203,0)","v":0},"1",{"$f":"ROUND(I203*H203,1)","v":0},"4","82"]
[null,null,"70","M","734310307","ŠROUBENÍ REGUTEC 0355-02.000","KS",2,null,{"$f":"ROUND(I204*H204,1)","v":0},null,null,null,"základní",null,{"$f":"O204*H204","v":0},0,{"$f":"Q204*H204","v":0},0,{"$f":"S204*H204","v":0},{"$nulls":23},"8",null,"M","2",null,null,null,"ROZPOCET",{"$nulls":5},{"$f":"IF(N204=\"základní\",J204,0)","v":0},{"$f":"IF(N204=\"snížená\",J204,0)","v":0},{"$f":"IF(N204=\"zákl. přenesená\",J204,0)","v":0},{"$f":"IF(N204=\"sníž. přenesená\",J204,0)","v":0},{"$f":"IF(N204=\"nulová\",J204,0)","v":0},"1",{"$f":"ROUND(I204*H204,1)","v":0},"4","83"]
[null,null,"71","M","734310308","VENTIL V-EXAKT 3711-02.000 1/2\" ","KS",2,null,{"$f":"ROUND(I205*H205,1)","v":0},null,null,null,"základní",null,{"$f":"O205*H205","v":0},0,{"$f":"Q205*H205","v":0},0,{"$f":"S205*H205","v":0},{"$nulls":23},"8",null,"M","2",null,null,null,"ROZPOCET",{"$nulls":5},{"$f":"IF(N205=\"základní\",J205,0)","v":0},{"$f":"IF(N205=\"snížená\",J205,0)","v":0},{"$f":"IF(N205=\"zákl. přenesená\",J205,0)","v":0},{"$f":"IF(N205=\"sníž. přenesená\",J205,0)","v":0},{"$f":"IF(N205=\"nulová\",J205,0)","v":0},"1",{"$f":"ROUND(I205*H205,1)","v":0},"4","84"]
[null,null,"72","K","998734201","Přesun hmot procentní pro armatury v objektech v do 6 m","%",null,null,{"$f":"ROUND(I206*H206,1)","v":0},null,null,null,"základní",null,{"$f":"O206*H206","v":0},0,{"$f":"Q206*H206","v":0},0,{"$f":"S206*H206","v":0},{"$nulls":23},"4",null,"K","2",null,null,null,"ROZPOCET",{"$nulls":5},{"$f":"IF(N206=\"základní\",J206,0)","v":0},{"$f":"IF(N206=\"snížená\",J206,0)","v":0},{"$f":"IF(N206=\"zákl. přenesená\",J206,0)","v":0},{"$f":"IF(N206=\"sníž. přenesená\",J206,0)","v":0},{"$f":"IF(N206=\"nulová\",J206,0)","v":0},"1",{"$f":"ROUND(I206*H206,1)","v":0},"4","85"]
[null,null,null,"D","735","Ústřední vytápění - otopná tělesa",null,null,null,{"$f":"BK207","v":0},{"$nulls":5},{"$f":"SUM(P208:P212)","v":0},null,{"$f":"SUM(R208:R212)","v":0},null,{"$f":"SUM(T208:T212)","v":0.0476},{"$nulls":23},"2",null,"D","1",null,null,null,"ROZPOCET",{"$nulls":11},{"$f":"SUM(BK208:BK212)","v":0}]
[null,null,"73","K","735494811","Vypuštění vody z otopných těles","kpl",1,null,{"$f":"ROUND(I208*H208,1)","v":0},null,null,null,"základní",null,{"$f":"O208*H208","v":0},0,{"$f":"Q208*H208","v":0},0,{"$f":"S208*H208","v":0},{"$nulls":23},"4",null,"K","2",null,null,null,"ROZPOCET",{"$nulls":5},{"$f":"IF(N208=\"základní\",J208,0)","v":0},{"$f":"IF(N208=\"snížená\",J208,0)","v":0},{"$f":"IF(N208=\"zákl. přenesená\",J208,0)","v":0},{"$f":"IF(N208=\"sníž. přenesená\",J208,0)","v":0},{"$f":"IF(N208=\"nulová\",J208,0)","v":0},"1",{"$f":"ROUND(I208*H208,1)","v":0},"4","86"]
[null,null,"74","K","735111810","Demontáž stávajícího otopného tělesa","ks",2,null,{"$f":"ROUND(I209*H209,1)","v":0},null,null,null,"základní",null,{"$f":"O209*H209","v":0},0,{"$f":"Q209*H209","v":0},0.0238,{"$f":"S209*H209","v":0.0476},{"$nulls":23},"4",null,"K","2",null,null,null,"ROZPOCET",{"$nulls":5},{"$f":"IF(N209=\"základní\",J209,0)","v":0},{"$f":"IF(N209=\"snížená\",J209,0)","v":0},{"$f":"IF(N209=\"zákl. přenesená\",J209,0)","v":0},{"$f":"IF(N209=\"sníž. přenesená\",J209,0)","v":0},{"$f":"IF(N209=\"nulová\",J209,0)","v":0},"1",{"$f":"ROUND(I209*H209,1)","v":0},"4","87"]
[null,null,"75","K","735159340","Zpětná montáž otopného tělesa","kus",2,null,{"$f":"ROUND(I210*H210,1)","v":0},null,null,null,"základní",null,{"$f":"O210*H210","v":0},0,{"$f":"Q210*H210","v":0},0,{"$f":"S210*H210","v":0},{"$nulls":23},"4",null,"K","2",null,null,null,"ROZPOCET",{"$nulls":5},{"$f":"IF(N210=\"základní\",J210,0)","v":0},{"$f":"IF(N210=\"snížená\",J210,0)","v":0},{"$f":"IF(N210=\"zákl. přenesená\",J210,0)","v":0},{"$f":"IF(N210=\"sníž. přenesená\",J210,0)","v":0},{"$f":"IF(N210=\"nulová\",J210,0)","v":0},"1",{"$f":"ROUND(I210*H210,1)","v":0},"4","88"]
[null,null,"76","K","735191910","Napuštění vody do otopných těles","kpl",1,null,{"$f":"ROUND(I211*H211,1)","v":0},null,null,null,"základní",null,{"$f":"O211*H211","v":0},0,{"$f":"Q211*H211","v":0},0,{"$f":"S211*H211","v":0},{"$nulls":23},"4",null,"K","2",null,null,null,"ROZPOCET",{"$nulls":5},{"$f":"IF(N211=\"základní\",J211,0)","v":0},{"$f":"IF(N211=\"snížená\",J211,0)","v":0},{"$f":"IF(N211=\"zákl. přenesená\",J211,0)","v":0},{"$f":"IF(N211=\"sníž. přenesená\",J211,0)","v":0},{"$f":"IF(N211=\"nulová\",J211,0)","v":0},"1",{"$f":"ROUND(I211*H211,1)","v":0},"4","89"]
[null,null,"77","K","998735201","Přesun hmot procentní pro otopná tělesa v objektech v do 6 m","%",null,null,{"$f":"ROUND(I212*H212,1)","v":0},null,null,null,"základní",null,{"$f":"O212*H212","v":0},0,{"$f":"Q212*H212","v":0},0,{"$f":"S212*H212","v":0},{"$nulls":23},"4",null,"K","2",null,null,null,"ROZPOCET",{"$nulls":5},{"$f":"IF(N212=\"základní\",J212,0)","v":0},{"$f":"IF(N212=\"snížená\",J212,0)","v":0},{"$f":"IF(N212=\"zákl. přenesená\",J212,0)","v":0},{"$f":"IF(N212=\"sníž. přenesená\",J212,0)","v":0},{"$f":"IF(N212=\"nulová\",J212,0)","v":0},"1",{"$f":"ROUND(I212*H212,1)","v":0},"4","90"]
[null,null,null,"D","771","Podlahy z dlaždic",null,null,null,{"$f":"BK213","v":0},{"$nulls":5},{"$f":"SUM(P214:P224)","v":0},null,{"$f":"SUM(R214:R224)","v":0.8742},null,{"$f":"SUM(T214:T224)","v":1.0943},{"$nulls":23},"2",null,"D","1",null,null,null,"ROZPOCET",{"$nulls":11},{"$f":"SUM(BK214:BK224)","v":0}]
[null,null,"78","K","771573810","Demontáž podlah z dlaždic keramických lepených","m2",31,null,{"$f":"ROUND(I214*H214,1)","v":0},null,null,null,"základní",null,{"$f":"O214*H214","v":0},0,{"$f":"Q214*H214","v":0},0.0353,{"$f":"S214*H214","v":1.0943},{"$nulls":23},"4",null,"K","2",null,null,null,"ROZPOCET",{"$nulls":5},{"$f":"IF(N214=\"základní\",J214,0)","v":0},{"$f":"IF(N214=\"snížená\",J214,0)","v":0},{"$f":"IF(N214=\"zákl. přenesená\",J214,0)","v":0},{"$f":"IF(N214=\"sníž. přenesená\",J214,0)","v":0},{"$f":"IF(N214=\"nulová\",J214,0)","v":0},"1",{"$f":"ROUND(I214*H214,1)","v":0},"4","110"]
[null,null,"79","K","771151025.LSS","Samonivelační stěrka podlah ","m2",31,null,{"$f":"ROUND(I215*H215,1)","v":0},null,null,null,"základní",null,{"$f":"O215*H215","v":0},0.0204,{"$f":"Q215*H215","v":0.6324},0,{"$f":"S215*H215","v":0},{"$nulls":23},"16",null,"K","2",null,null,null,"ROZPOCET",{"$nulls":5},{"$f":"IF(N215=\"základní\",J215,0)","v":0},{"$f":"IF(N215=\"snížená\",J215,0)","v":0},{"$f":"IF(N215=\"zákl. přenesená\",J215,0)","v":0},{"$f":"IF(N215=\"sníž. přenesená\",J215,0)","v":0},{"$f":"IF(N215=\"nulová\",J215,0)","v":0},"1",{"$f":"ROUND(I215*H215,1)","v":0},"16","-800468159"]
[null,null,"80","K","781151041b","Příplatek k cenám celoplošné vyrovnání stěrkou za každý další 1 mm přes tl 3 mm","m2",31,null,{"$f":"ROUND(I216*H216,1)","v":0},null,null,null,"základní",null,{"$f":"O216*H216","v":0},0.00145,{"$f":"Q216*H216","v":0.04495},0,{"$f":"S216*H216","v":0},{"$nulls":23},"16",null,"K","2",null,null,null,"ROZPOCET",{"$nulls":5},{"$f":"IF(N216=\"základní\",J216,0)","v":0},{"$f":"IF(N216=\"snížená\",J216,0)","v":0},{"$f":"IF(N216=\"zákl. přenesená\",J216,0)","v":0},{"$f":"IF(N216=\"sníž. přenesená\",J216,0)","v":0},{"$f":"IF(N216=\"nulová\",J216,0)","v":0},"1",{"$f":"ROUND(I216*H216,1)","v":0},"16","816123922"]
[null,null,"81","K","771591111","Podlahy penetrace podkladu","m2",31,null,{"$f":"ROUND(I217*H217,1)","v":0},null,null,null,"základní",null,{"$f":"O217*H217","v":0},0,{"$f":"Q217*H217","v":0},0,{"$f":"S217*H217","v":0},{"$nulls":23},"4",null,"K","2",null,null,null,"ROZPOCET",{"$nulls":5},{"$f":"IF(N217=\"základní\",J217,0)","v":0},{"$f":"IF(N217=\"snížená\",J217,0)","v":0},{"$f":"IF(N217=\"zákl. přenesená\",J217,0)","v":0},{"$f":"IF(N217=\"sníž. přenesená\",J217,0)","v":0},{"$f":"IF(N217=\"nulová\",J217,0)","v":0},"1",{"$f":"ROUND(I217*H217,1)","v":0},"4","112"]
[null,null,"82","K","711111121","Provedení izolace proti zemní vlhkosti vodorovné za studena n","m2",31,null,{"$f":"ROUND(I218*H218,1)","v":0},null,null,null,"základní",null,{"$f":"O218*H218","v":0},0,{"$f":"Q218*H218","v":0},0,{"$f":"S218*H218","v":0},{"$nulls":23},"4",null,"K","2",null,null,null,"ROZPOCET",{"$nulls":5},{"$f":"IF(N218=\"základní\",J218,0)","v":0},{"$f":"IF(N218=\"snížená\",J218,0)","v":0},{"$f":"IF(N218=\"zákl. přenesená\",J218,0)","v":0},{"$f":"IF(N218=\"sníž. přenesená\",J218,0)","v":0},{"$f":"IF(N218=\"nulová\",J218,0)","v":0},"1",{"$f":"ROUND(I218*H218,1)","v":0},"4","113"]
[null,null,"83","M","781232262121","IZOLACE JEDNOSLOŽ. CL 51 5KG","KS",4,null,{"$f":"ROUND(I219*H219,1)","v":0},null,null,null,"základní",null,{"$f":"O219*H219","v":0},0,{"$f":"Q219*H219","v":0},0,{"$f":"S219*H219","v":0},{"$nulls":23},"8",null,"M","2",null,null,null,"ROZPOCET",{"$nulls":5},{"$f":"IF(N219=\"základní\",J219,0)","v":0},{"$f":"IF(N219=\"snížená\",J219,0)","v":0},{"$f":"IF(N219=\"zákl. přenesená\",J219,0)","v":0},{"$f":"IF(N219=\"sníž. přenesená\",J219,0)","v":0},{"$f":"IF(N219=\"nulová\",J219,0)","v":0},"1",{"$f":"ROUND(I219*H219,1)","v":0},"4","114"]
[null,null,"84","M","7812322623","K PÁS IZOLAČNÍ CL 152 1M/50BAL","m",38,null,{"$f":"ROUND(I220*H220,1)","v":0},null,null,null,"základní",null,{"$f":"O220*H220","v":0},0,{"$f":"Q220*H220","v":0},0,{"$f":"S220*H220","v":0},{"$nulls":23},"8",null,"M","2",null,null,null,"ROZPOCET",{"$nulls":5},{"$f":"IF(N220=\"základní\",J220,0)","v":0},{"$f":"IF(N220=\"snížená\",J220,0)","v":0},{"$f":"IF(N220=\"zákl. přenesená\",J220,0)","v":0},{"$f":"IF(N220=\"sníž. přenesená\",J220,0)","v":0},{"$f":"IF(N220=\"nulová\",J220,0)","v":0},"1",{"$f":"ROUND(I220*H220,1)","v":0},"4","115"]
[null,null,"85","K","771574113","Montáž podlah keramických rovných lepených lepidlem","m2",31,null,{"$f":"ROUND(I221*H221,1)","v":0},null,null,null,"základní",null,{"$f":"O221*H221","v":0},0.00635,{"$f":"Q221*H221","v":0.19685},0,{"$f":"S221*H221","v":0},{"$nulls":23},"4",null,"K","2",null,null,null,"ROZPOCET",{"$nulls":5},{"$f":"IF(N221=\"základní\",J221,0)","v":0},{"$f":"IF(N221=\"snížená\",J221,0)","v":0},{"$f":"IF(N221=\"zákl. přenesená\",J221,0)","v":0},{"$f":"IF(N221=\"sníž. přenesená\",J221,0)","v":0},{"$f":"IF(N221=\"nulová\",J221,0)","v":0},"1",{"$f":"ROUND(I221*H221,1)","v":0},"4","117"]
[null,null,"86","M","73003","DLAŽBA RAKO BLOCK SV.ŠEDÁ 60X60 DAK63780","m2",34.56,null,{"$f":"ROUND(I222*H222,1)","v":0},null,null,null,"základní",null,{"$f":"O222*H222","v":0},0,{"$f":"Q222*H222","v":0},0,{"$f":"S222*H222","v":0},{"$nulls":23},"8",null,"M","2",null,null,null,"ROZPOCET",{"$nulls":5},{"$f":"IF(N222=\"základní\",J222,0)","v":0},{"$f":"IF(N222=\"snížená\",J222,0)","v":0},{"$f":"IF(N222=\"zákl. přenesená\",J222,0)","v":0},{"$f":"IF(N222=\"sníž. přenesená\",J222,0)","v":0},{"$f":"IF(N222=\"nulová\",J222,0)","v":0},"1",{"$f":"ROUND(I222*H222,1)","v":0},"4","-1381761681"]
[null,null,"87","M","73006","CERESIT HMOTA SPÁROVACÍ CE 40 5kg 13 ANTRACITE","ks",3,null,{"$f":"ROUND(I223*H223,1)","v":0},null,null,null,"základní",null,{"$f":"O223*H223","v":0},0,{"$f":"Q223*H223","v":0},0,{"$f":"S223*H223","v":0},{"$nulls":23},"8",null,"M","2",null,null,null,"ROZPOCET",{"$nulls":5},{"$f":"IF(N223=\"základní\",J223,0)","v":0},{"$f":"IF(N223=\"snížená\",J223,0)","v":0},{"$f":"IF(N223=\"zákl. přenesená\",J223,0)","v":0},{"$f":"IF(N223=\"sníž. přenesená\",J223,0)","v":0},{"$f":"IF(N223=\"nulová\",J223,0)","v":0},"1",{"$f":"ROUND(I223*H223,1)","v":0},"4","452657719"]
[null,null,"88","K","998771101","Přesun hmot pro podlahy z dlaždic v objektech v do 6 m","%",null,null,{"$f":"ROUND(I224*H224,1)","v":0},null,null,null,"základní",null,{"$f":"O224*H224","v":0},0,{"$f":"Q224*H224","v":0},0,{"$f":"S224*H224","v":0},{"$nulls":23},"4",null,"K","2",null,null,null,"ROZPOCET",{"$nulls":5},{"$f":"IF(N224=\"základní\",J224,0)","v":0},{"$f":"IF(N224=\"snížená\",J224,0)","v":0},{"$f":"IF(N224=\"zákl. přenesená\",J224,0)","v":0},{"$f":"IF(N224=\"sníž. přenesená\",J224,0)","v":0},{"$f":"IF(N224=\"nulová\",J224,0)","v":0},"1",{"$f":"ROUND(I224*H224,1)","v":0},"4","122"]
[null,null,null,"D","781","Dokončovací práce - obklady",null,null,null,{"$f":"BK225","v":0},{"$nulls":5},{"$f":"SUM(P226:P237)","v":0},null,{"$f":"SUM(R226:R237)","v":0.676805},null,{"$f":"SUM(T226:T237)","v":4.94705},{"$nulls":23},"2",null,"D","1",null,null,null,"ROZPOCET",{"$nulls":11},{"$f":"SUM(BK226:BK237)","v":0}]
[null,null,"89","K","781471810","Demontáž obkladů z obkladaček keramických","m2",60.7,null,{"$f":"ROUND(I226*H226,1)","v":0},null,null,null,"základní",null,{"$f":"O226*H226","v":0},0,{"$f":"Q226*H226","v":0},0.0815,{"$f":"S226*H226","v":4.94705},{"$nulls":23},"4",null,"K","2",null,null,null,"ROZPOCET",{"$nulls":5},{"$f":"IF(N226=\"základní\",J226,0)","v":0},{"$f":"IF(N226=\"snížená\",J226,0)","v":0},{"$f":"IF(N226=\"zákl. přenesená\",J226,0)","v":0},{"$f":"IF(N226=\"sníž. přenesená\",J226,0)","v":0},{"$f":"IF(N226=\"nulová\",J226,0)","v":0},"1",{"$f":"ROUND(I226*H226,1)","v":0},"4","123"]
[null,null,"90","K","781151031","Celoplošné vyrovnání podkladu stěrkou tl 3 mm","m2",60.7,null,{"$f":"ROUND(I227*H227,1)","v":0},null,null,null,"základní",null,{"$f":"O227*H227","v":0},0.0045,{"$f":"Q227*H227","v":0.27315},0,{"$f":"S227*H227","v":0},{"$nulls":23},"4",null,"K","2",null,null,null,"ROZPOCET",{"$nulls":5},{"$f":"IF(N227=\"základní\",J227,0)","v":0},{"$f":"IF(N227=\"snížená\",J227,0)","v":0},{"$f":"IF(N227=\"zákl. přenesená\",J227,0)","v":0},{"$f":"IF(N227=\"sníž. přenesená\",J227,0)","v":0},{"$f":"IF(N227=\"nulová\",J227,0)","v":0},"1",{"$f":"ROUND(I227*H227,1)","v":0},"4","124"]
[null,null,"91","K","781151041","Příplatek k cenám celoplošné vyrovnání stěrkou za každý další 1 mm přes tl 3 mm","m2",60.7,null,{"$f":"ROUND(I228*H228,1)","v":0},null,null,null,"základní",null,{"$f":"O228*H228","v":0},0.00145,{"$f":"Q228*H228","v":0.088015},0,{"$f":"S228*H228","v":0},{"$nulls":23},"16",null,"K","2",null,null,null,"ROZPOCET",{"$nulls":5},{"$f":"IF(N228=\"základní\",J228,0)","v":0},{"$f":"IF(N228=\"snížená\",J228,0)","v":0},{"$f":"IF(N228=\"zákl. přenesená\",J228,0)","v":0},{"$f":"IF(N228=\"sníž. přenesená\",J228,0)","v":0},{"$f":"IF(N228=\"nulová\",J228,0)","v":0},"1",{"$f":"ROUND(I228*H228,1)","v":0},"16","-1138471823"]
[null,null,"92","K","781495111","Penetrace podkladu vnitřních obkladů","m2",60.7,null,{"$f":"ROUND(I229*H229,1)","v":0},null,null,null,"základní",null,{"$f":"O229*H229","v":0},0,{"$f":"Q229*H229","v":0},0,{"$f":"S229*H229","v":0},{"$nulls":23},"4",null,"K","2",null,null,null,"ROZPOCET",{"$nulls":5},{"$f":"IF(N229=\"základní\",J229,0)","v":0},{"$f":"IF(N229=\"snížená\",J229,0)","v":0},{"$f":"IF(N229=\"zákl. přenesená\",J229,0)","v":0},{"$f":"IF(N229=\"sníž. přenesená\",J229,0)","v":0},{"$f":"IF(N229=\"nulová\",J229,0)","v":0},"1",{"$f":"ROUND(I229*H229,1)","v":0},"4","125"]
[null,null,"93","M","781232262121","IZOLACE JEDNOSLOŽ. CL 51 5KG","KS",4,null,{"$f":"ROUND(I230*H230,1)","v":0},null,null,null,"základní",null,{"$f":"O230*H230","v":0},0,{"$f":"Q230*H230","v":0},0,{"$f":"S230*H230","v":0},{"$nulls":23},"8",null,"M","2",null,null,null,"ROZPOCET",{"$nulls":5},{"$f":"IF(N230=\"základní\",J230,0)","v":0},{"$f":"IF(N230=\"snížená\",J230,0)","v":0},{"$f":"IF(N230=\"zákl. přenesená\",J230,0)","v":0},{"$f":"IF(N230=\"sníž. přenesená\",J230,0)","v":0},{"$f":"IF(N230=\"nulová\",J230,0)","v":0},"1",{"$f":"ROUND(I230*H230,1)","v":0},"4","126"]
[null,null,"94","K","781474115","Montáž obkladů vnitřních keramických hladkých lepených flexibilním lepidlem","m2",60.7,null,{"$f":"ROUND(I231*H231,1)","v":0},null,null,null,"základní",null,{"$f":"O231*H231","v":0},0.0052,{"$f":"Q231*H231","v":0.31564},0,{"$f":"S231*H231","v":0},{"$nulls":23},"4",null,"K","2",null,null,null,"ROZPOCET",{"$nulls":5},{"$f":"IF(N231=\"základní\",J231,0)","v":0},{"$f":"IF(N231=\"snížená\",J231,0)","v":0},{"$f":"IF(N231=\"zákl. přenesená\",J231,0)","v":0},{"$f":"IF(N231=\"sníž. přenesená\",J231,0)","v":0},{"$f":"IF(N231=\"nulová\",J231,0)","v":0},"1",{"$f":"ROUND(I231*H231,1)","v":0},"4","127"]
[null,null,"95","M","73001","OBKLAD SYSTEM WAAV4000 BÍLÁ LESK 30X60","m2",49.68,null,{"$f":"ROUND(I232*H232,1)","v":0},null,null,null,"základní",null,{"$f":"O232*H232","v":0},0,{"$f":"Q232*H232","v":0},0,{"$f":"S232*H232","v":0},{"$nulls":23},"8",null,"M","2",null,null,null,"ROZPOCET",{"$nulls":5},{"$f":"IF(N232=\"základní\",J232,0)","v":0},{"$f":"IF(N232=\"snížená\",J232,0)","v":0},{"$f":"IF(N232=\"zákl. přenesená\",J232,0)","v":0},{"$f":"IF(N232=\"sníž. přenesená\",J232,0)","v":0},{"$f":"IF(N232=\"nulová\",J232,0)","v":0},"1",{"$f":"ROUND(I232*H232,1)","v":0},"4","1502796821"]
[null,null,"96","M","73002","COLOR ONE ČERVENÁ LESK 15X15 WAA19363","m2",19,null,{"$f":"ROUND(I233*H233,1)","v":0},null,null,null,"základní",null,{"$f":"O233*H233","v":0},0,{"$f":"Q233*H233","v":0},0,{"$f":"S233*H233","v":0},{"$nulls":23},"8",null,"M","2",null,null,null,"ROZPOCET",{"$nulls":5},{"$f":"IF(N233=\"základní\",J233,0)","v":0},{"$f":"IF(N233=\"snížená\",J233,0)","v":0},{"$f":"IF(N233=\"zákl. přenesená\",J233,0)","v":0},{"$f":"IF(N233=\"sníž. přenesená\",J233,0)","v":0},{"$f":"IF(N233=\"nulová\",J233,0)","v":0},"1",{"$f":"ROUND(I233*H233,1)","v":0},"4","-329543982"]
[null,null,"97","M","73004","CERESIT HMOTA SPÁROVACÍ CE 40 5kg 04 SILVER Aquastatic","ks",7,null,{"$f":"ROUND(I234*H234,1)","v":0},null,null,null,"základní",null,{"$f":"O234*H234","v":0},0,{"$f":"Q234*H234","v":0},0,{"$f":"S234*H234","v":0},{"$nulls":23},"8",null,"M","2",null,null,null,"ROZPOCET",{"$nulls":5},{"$f":"IF(N234=\"základní\",J234,0)","v":0},{"$f":"IF(N234=\"snížená\",J234,0)","v":0},{"$f":"IF(N234=\"zákl. přenesená\",J234,0)","v":0},{"$f":"IF(N234=\"sníž. přenesená\",J234,0)","v":0},{"$f":"IF(N234=\"nulová\",J234,0)","v":0},"1",{"$f":"ROUND(I234*H234,1)","v":0},"4","-341992887"]
[null,null,"98","M","73005","CERESIT SILIKON SILVER 4 280ml","ks",10,null,{"$f":"ROUND(I235*H235,1)","v":0},null,null,null,"základní",null,{"$f":"O235*H235","v":0},0,{"$f":"Q235*H235","v":0},0,{"$f":"S235*H235","v":0},{"$nulls":23},"8",null,"M","2",null,null,null,"ROZPOCET",{"$nulls":5},{"$f":"IF(N235=\"základní\",J235,0)","v":0},{"$f":"IF(N235=\"snížená\",J235,0)","v":0},{"$f":"IF(N235=\"zákl. přenesená\",J235,0)","v":0},{"$f":"IF(N235=\"sníž. přenesená\",J235,0)","v":0},{"$f":"IF(N235=\"nulová\",J235,0)","v":0},"1",{"$f":"ROUND(I235*H235,1)","v":0},"4","-1633611265"]
[null,null,"99","M","73007","LIŠTA AL SCHOD. \"L\" 11MM/2,5M ELOX PŘÍRODNÍ","ks",15,null,{"$f":"ROUND(I236*H236,1)","v":0},null,null,null,"základní",null,{"$f":"O236*H236","v":0},0,{"$f":"Q236*H236","v":0},0,{"$f":"S236*H236","v":0},{"$nulls":23},"8",null,"M","2",null,null,null,"ROZPOCET",{"$nulls":5},{"$f":"IF(N236=\"základní\",J236,0)","v":0},{"$f":"IF(N236=\"snížená\",J236,0)","v":0},{"$f":"IF(N236=\"zákl. přenesená\",J236,0)","v":0},{"$f":"IF(N236=\"sníž. přenesená\",J236,0)","v":0},{"$f":"IF(N236=\"nulová\",J236,0)","v":0},"1",{"$f":"ROUND(I236*H236,1)","v":0},"4","596709727"]
[null,null,"100","K","998781101","Přesun hmot pro obklady keramické v objektech v do 6 m","%",null,null,{"$f":"ROUND(I237*H237,1)","v":0},null,null,null,"základní",null,{"$f":"O237*H237","v":0},0,{"$f":"Q237*H237","v":0},0,{"$f":"S237*H237","v":0},{"$nulls":23},"4",null,"K","2",null,null,null,"ROZPOCET",{"$nulls":5},{"$f":"IF(N237=\"základní\",J237,0)","v":0},{"$f":"IF(N237=\"snížená\",J237,0)","v":0},{"$f":"IF(N237=\"zákl. přenesená\",J237,0)","v":0},{"$f":"IF(N237=\"sníž. přenesená\",J237,0)","v":0},{"$f":"IF(N237=\"nulová\",J237,0)","v":0},"1",{"$f":"ROUND(I237*H237,1)","v":0},"4","135"]
[null,null,null,"D","783","Dokončovací práce - nátěry",null,null,null,{"$f":"BK238","v":0},{"$nulls":5},{"$f":"SUM(P239:P240)","v":0},null,{"$f":"SUM(R239:R240)","v":0.00238},null,{"$f":"SUM(T239:T240)","v":0},{"$nulls":23},"2",null,"D","1",null,null,null,"ROZPOCET",{"$nulls":11},{"$f":"SUM(BK239:BK240)","v":0}]
[null,null,"101","K","783425424","Nátěry syntetické potrubí do DN 50 ","m",15,null,{"$f":"ROUND(I239*H239,1)","v":0},null,null,null,"základní",null,{"$f":"O239*H239","v":0},0.00014,{"$f":"Q239*H239","v":0.0021},0,{"$f":"S239*H239","v":0},{"$nulls":23},"16",null,"K","2",null,null,null,"ROZPOCET",{"$nulls":5},{"$f":"IF(N239=\"základní\",J239,0)","v":0},{"$f":"IF(N239=\"snížená\",J239,0)","v":0},{"$f":"IF(N239=\"zákl. přenesená\",J239,0)","v":0},{"$f":"IF(N239=\"sníž. přenesená\",J239,0)","v":0},{"$f":"IF(N239=\"nulová\",J239,0)","v":0},"1",{"$f":"ROUND(I239*H239,1)","v":0},"16","136"]
[null,null,"102","K","78342542b","Nátěry zárubní","ks",2,null,{"$f":"ROUND(I240*H240,1)","v":0},null,null,null,"základní",null,{"$f":"O240*H240","v":0},0.00014,{"$f":"Q240*H240","v":0.00028},0,{"$f":"S240*H240","v":0},{"$nulls":23},"16",null,"K","2",null,null,null,"ROZPOCET",{"$nulls":5},{"$f":"IF(N240=\"základní\",J240,0)","v":0},{"$f":"IF(N240=\"snížená\",J240,0)","v":0},{"$f":"IF(N240=\"zákl. přenesená\",J240,0)","v":0},{"$f":"IF(N240=\"sníž. přenesená\",J240,0)","v":0},{"$f":"IF(N240=\"nulová\",J240,0)","v":0},"1",{"$f":"ROUND(I240*H240,1)","v":0},"16","434529427"]
[null,null,null,"D","784","Dokončovací práce - malby a tapety",null,null,null,{"$f":"BK241","v":0},{"$nulls":5},{"$f":"P242","v":0},null,{"$f":"R242","v":0},null,{"$f":"T242","v":0},{"$nulls":23},"2",null,"D","1",null,null,null,"ROZPOCET",{"$nulls":11},{"$f":"BK242","v":0}]
[null,null,"103","K","784211101","Dvojnásobné bílé malby  v místnostech","m2",49.962,null,{"$f":"ROUND(I242*H242,1)","v":0},null,null,null,"základní",null,{"$f":"O242*H242","v":0},0,{"$f":"Q242*H242","v":0},0,{"$f":"S242*H242","v":0},{"$nulls":23},"4",null,"K","2",null,null,null,"ROZPOCET",{"$nulls":5},{"$f":"IF(N242=\"základní\",J242,0)","v":0},{"$f":"IF(N242=\"snížená\",J242,0)","v":0},{"$f":"IF(N242=\"zákl. přenesená\",J242,0)","v":0},{"$f":"IF(N242=\"sníž. přenesená\",J242,0)","v":0},{"$f":"IF(N242=\"nulová\",J242,0)","v":0},"1",{"$f":"ROUND(I242*H242,1)","v":0},"4","137"]
[null,null,null,"D","795","Ostatní náklady",null,null,null,{"$f":"BK243","v":0},{"$nulls":5},{"$f":"SUM(P244:P258)","v":0},null,{"$f":"SUM(R244:R258)","v":0},null,{"$f":"SUM(T244:T258)","v":0},{"$nulls":23},"2",null,"D","1",null,null,null,"ROZPOCET",{"$nulls":11},{"$f":"SUM(BK244:BK258)","v":0}]
[null,null,"104","K","72561a","Větrací mřížka ","ks",4,null,{"$f":"ROUND(I244*H244,1)","v":0},null,null,null,"základní",null,{"$f":"O244*H244","v":0},0,{"$f":"Q244*H244","v":0},0,{"$f":"S244*H244","v":0},{"$nulls":23},"4",null,"K","2",null,null,null,"ROZPOCET",{"$nulls":5},{"$f":"IF(N244=\"základní\",J244,0)","v":0},{"$f":"IF(N244=\"snížená\",J244,0)","v":0},{"$f":"IF(N244=\"zákl. přenesená\",J244,0)","v":0},{"$f":"IF(N244=\"sníž. přenesená\",J244,0)","v":0},{"$f":"IF(N244=\"nulová\",J244,0)","v":0},"1",{"$f":"ROUND(I244*H244,1)","v":0},"4","578120463"]
[null,null,"105","K","795990001","Bourací práce","hod",36,null,{"$f":"ROUND(I245*H245,1)","v":0},null,null,null,"základní",null,{"$f":"O245*H245","v":0},0,{"$f":"Q245*H245","v":0},0,{"$f":"S245*H245","v":0},{"$nulls":23},"4",null,"K","2",null,null,null,"ROZPOCET",{"$nulls":5},{"$f":"IF(N245=\"základní\",J245,0)","v":0},{"$f":"IF(N245=\"snížená\",J245,0)","v":0},{"$f":"IF(N245=\"zákl. přenesená\",J245,0)","v":0},{"$f":"IF(N245=\"sníž. přenesená\",J245,0)","v":0},{"$f":"IF(N245=\"nulová\",J245,0)","v":0},"1",{"$f":"ROUND(I245*H245,1)","v":0},"4","138"]
[null,null,"106","K","795990002","Zednické práce","hod",48,null,{"$f":"ROUND(I246*H246,1)","v":0},null,null,null,"základní",null,{"$f":"O246*H246","v":0},0,{"$f":"Q246*H246","v":0},0,{"$f":"S246*H246","v":0},{"$nulls":23},"4",null,"K","2",null,null,null,"ROZPOCET",{"$nulls":5},{"$f":"IF(N246=\"základní\",J246,0)","v":0},{"$f":"IF(N246=\"snížená\",J246,0)","v":0},{"$f":"IF(N246=\"zákl. přenesená\",J246,0)","v":0},{"$f":"IF(N246=\"sníž. přenesená\",J246,0)","v":0},{"$f":"IF(N246=\"nulová\",J246,0)","v":0},"1",{"$f":"ROUND(I246*H246,1)","v":0},"4","139"]
[null,null,"107","M","795990003","Materiál pro zednické práce","kpl",1,null,{"$f":"ROUND(I247*H247,1)","v":0},null,null,null,"základní",null,{"$f":"O247*H247","v":0},0,{"$f":"Q247*H247","v":0},0,{"$f":"S247*H247","v":0},{"$nulls":23},"8",null,"M","2",null,null,null,"ROZPOCET",{"$nulls":5},{"$f":"IF(N247=\"základní\",J247,0)","v":0},{"$f":"IF(N247=\"snížená\",J247,0)","v":0},{"$f":"IF(N247=\"zákl. přenesená\",J247,0)","v":0},{"$f":"IF(N247=\"sníž. přenesená\",J247,0)","v":0},{"$f":"IF(N247=\"nulová\",J247,0)","v":0},"1",{"$f":"ROUND(I247*H247,1)","v":0},"4","140"]
[null,null,"108","K","795990002.1","Zednické práce-podhledy","kpl",1,null,{"$f":"ROUND(I248*H248,1)","v":0},null,null,null,"základní",null,{"$f":"O248*H248","v":0},0,{"$f":"Q248*H248","v":0},0,{"$f":"S248*H248","v":0},{"$nulls":23},"4",null,"K","2",null,null,null,"ROZPOCET",{"$nulls":5},{"$f":"IF(N248=\"základní\",J248,0)","v":0},{"$f":"IF(N248=\"snížená\",J248,0)","v":0},{"$f":"IF(N248=\"zákl. přenesená\",J248,0)","v":0},{"$f":"IF(N248=\"sníž. přenesená\",J248,0)","v":0},{"$f":"IF(N248=\"nulová\",J248,0)","v":0},"1",{"$f":"ROUND(I248*H248,1)","v":0},"4","2055168569"]
[null,null,"109","K","795990002.R2","KÓJE WC","KPL",1,null,{"$f":"ROUND(I249*H249,1)","v":0},null,null,null,"základní",null,{"$f":"O249*H249","v":0},0,{"$f":"Q249*H249","v":0},0,{"$f":"S249*H249","v":0},{"$nulls":23},"4",null,"K","2",null,null,null,"ROZPOCET",{"$nulls":5},{"$f":"IF(N249=\"základní\",J249,0)","v":0},{"$f":"IF(N249=\"snížená\",J249,0)","v":0},{"$f":"IF(N249=\"zákl. přenesená\",J249,0)","v":0},{"$f":"IF(N249=\"sníž. přenesená\",J249,0)","v":0},{"$f":"IF(N249=\"nulová\",J249,0)","v":0},"1",{"$f":"ROUND(I249*H249,1)","v":0},"4","142"]
[null,null,"110","K","795990006","Práce elektro","hod",24,null,{"$f":"ROUND(I250*H250,1)","v":0},null,null,null,"základní",null,{"$f":"O250*H250","v":0},0,{"$f":"Q250*H250","v":0},0,{"$f":"S250*H250","v":0},{"$nulls":23},"4",null,"K","2",null,null,null,"ROZPOCET",{"$nulls":5},{"$f":"IF(N250=\"základní\",J250,0)","v":0},{"$f":"IF(N250=\"snížená\",J250,0)","v":0},{"$f":"IF(N250=\"zákl. přenesená\",J250,0)","v":0},{"$f":"IF(N250=\"sníž. přenesená\",J250,0)","v":0},{"$f":"IF(N250=\"nulová\",J250,0)","v":0},"1",{"$f":"ROUND(I250*H250,1)","v":0},"4","143"]
[null,null,"111","M","795990005","Materiál elektro","kpl",1,null,{"$f":"ROUND(I251*H251,1)","v":0},null,null,null,"základní",null,{"$f":"O251*H251","v":0},0,{"$f":"Q251*H251","v":0},0,{"$f":"S251*H251","v":0},{"$nulls":23},"8",null,"M","2",null,null,null,"ROZPOCET",{"$nulls":5},{"$f":"IF(N251=\"základní\",J251,0)","v":0},{"$f":"IF(N251=\"snížená\",J251,0)","v":0},{"$f":"IF(N251=\"zákl. přenesená\",J251,0)","v":0},{"$f":"IF(N251=\"sníž. přenesená\",J251,0)","v":0},{"$f":"IF(N251=\"nulová\",J251,0)","v":0},"1",{"$f":"ROUND(I251*H251,1)","v":0},"4","144"]
[null,null,"112","K","725849299.11","Montáž doplňků","ks",8,null,{"$f":"ROUND(I252*H252,1)","v":0},null,null,null,"základní",null,{"$f":"O252*H252","v":0},0,{"$f":"Q252*H252","v":0},0,{"$f":"S252*H252","v":0},{"$nulls":23},"4",null,"K","2",null,null,null,"ROZPOCET",{"$nulls":5},{"$f":"IF(N252=\"základní\",J252,0)","v":0},{"$f":"IF(N252=\"snížená\",J252,0)","v":0},{"$f":"IF(N252=\"zákl. přenesená\",J252,0)","v":0},{"$f":"IF(N252=\"sníž. přenesená\",J252,0)","v":0},{"$f":"IF(N252=\"nulová\",J252,0)","v":0},"1",{"$f":"ROUND(I252*H252,1)","v":0},"4","146"]
[null,null,"113","M","73010","ZRCADLO 60X70 OBDELNÍK BEZ ÚCHYTU 22469","ks",3,null,{"$f":"ROUND(I253*H253,1)","v":0},null,null,null,"základní",null,{"$f":"O253*H253","v":0},0,{"$f":"Q253*H253","v":0},0,{"$f":"S253*H253","v":0},{"$nulls":23},"8",null,"M","2",null,null,null,"ROZPOCET",{"$nulls":5},{"$f":"IF(N253=\"základní\",J253,0)","v":0},{"$f":"IF(N253=\"snížená\",J253,0)","v":0},{"$f":"IF(N253=\"zákl. přenesená\",J253,0)","v":0},{"$f":"IF(N253=\"sníž. přenesená\",J253,0)","v":0},{"$f":"IF(N253=\"nulová\",J253,0)","v":0},"1",{"$f":"ROUND(I253*H253,1)","v":0},"4","-373197963"]
[null,null,"114","M","73026","ZÁSOBNÍK NA TOALETNÍ PAPÍR DO PR.29CM ABS BÍLÁ 608","ks",1,null,{"$f":"ROUND(I254*H254,1)","v":0},null,null,null,"základní",null,{"$f":"O254*H254","v":0},0,{"$f":"Q254*H254","v":0},0,{"$f":"S254*H254","v":0},{"$nulls":23},"8",null,"M","2",null,null,null,"ROZPOCET",{"$nulls":5},{"$f":"IF(N254=\"základní\",J254,0)","v":0},{"$f":"IF(N254=\"snížená\",J254,0)","v":0},{"$f":"IF(N254=\"zákl. přenesená\",J254,0)","v":0},{"$f":"IF(N254=\"sníž. přenesená\",J254,0)","v":0},{"$f":"IF(N254=\"nulová\",J254,0)","v":0},"1",{"$f":"ROUND(I254*H254,1)","v":0},"4","-323468838"]
[null,null,"115","M","73027","ZÁSOBNÍK PAPÍROVÝCH RUČNÍKŮ 260X205MM BÍLÝ 1319-81","ks",1,null,{"$f":"ROUND(I255*H255,1)","v":0},null,null,null,"základní",null,{"$f":"O255*H255","v":0},0,{"$f":"Q255*H255","v":0},0,{"$f":"S255*H255","v":0},{"$nulls":23},"8",null,"M","2",null,null,null,"ROZPOCET",{"$nulls":5},{"$f":"IF(N255=\"základní\",J255,0)","v":0},{"$f":"IF(N255=\"snížená\",J255,0)","v":0},{"$f":"IF(N255=\"zákl. přenesená\",J255,0)","v":0},{"$f":"IF(N255=\"sníž. přenesená\",J255,0)","v":0},{"$f":"IF(N255=\"nulová\",J255,0)","v":0},"1",{"$f":"ROUND(I255*H255,1)","v":0},"4","688414921"]
[null,null,"116","M","73028","DÁVKOVAČ TEKUTÉHO MÝDLA NÁSTĚNNÝ 1000ML BÍLÝ 1319-73","ks",2,null,{"$f":"ROUND(I256*H256,1)","v":0},null,null,null,"základní",null,{"$f":"O256*H256","v":0},0,{"$f":"Q256*H256","v":0},0,{"$f":"S256*H256","v":0},{"$nulls":23},"8",null,"M","2",null,null,null,"ROZPOCET",{"$nulls":5},{"$f":"IF(N256=\"základní\",J256,0)","v":0},{"$f":"IF(N256=\"snížená\",J256,0)","v":0},{"$f":"IF(N256=\"zákl. přenesená\",J256,0)","v":0},{"$f":"IF(N256=\"sníž. přenesená\",J256,0)","v":0},{"$f":"IF(N256=\"nulová\",J256,0)","v":0},"1",{"$f":"ROUND(I256*H256,1)","v":0},"4","-398320187"]
[null,null,"117","M","73029","SIMPLE LINE odpadkový koš kulatý 20l, nerez lesk","ks",1,null,{"$f":"ROUND(I257*H257,1)","v":0},null,null,null,"základní",null,{"$f":"O257*H257","v":0},0,{"$f":"Q257*H257","v":0},0,{"$f":"S257*H257","v":0},{"$nulls":23},"8",null,"M","2",null,null,null,"ROZPOCET",{"$nulls":5},{"$f":"IF(N257=\"základní\",J257,0)","v":0},{"$f":"IF(N257=\"snížená\",J257,0)","v":0},{"$f":"IF(N257=\"zákl. přenesená\",J257,0)","v":0},{"$f":"IF(N257=\"sníž. přenesená\",J257,0)","v":0},{"$f":"IF(N257=\"nulová\",J257,0)","v":0},"1",{"$f":"ROUND(I257*H257,1)","v":0},"4","-1441397911"]
[null,null,"118","M","795990024","Odvoz suti ","kpl",1,null,{"$f":"ROUND(I258*H258,1)","v":0},null,null,null,"základní",null,{"$f":"O258*H258","v":0},0,{"$f":"Q258*H258","v":0},0,{"$f":"S258*H258","v":0},{"$nulls":23},"8",null,"M","2",null,null,null,"ROZPOCET",{"$nulls":5},{"$f":"IF(N258=\"základní\",J258,0)","v":0},{"$f":"IF(N258=\"snížená\",J258,0)","v":0},{"$f":"IF(N258=\"zákl. přenesená\",J258,0)","v":0},{"$f":"IF(N258=\"sníž. přenesená\",J258,0)","v":0},{"$f":"IF(N258=\"nulová\",J258,0)","v":0},"1",{"$f":"ROUND(I258*H258,1)","v":0},"4","147"]

{"sheet":"1-ženy - sociální za...","index":2,"n_rows":252,"n_cols":65,"rows_kept":252,"cut":false,"hidden":false,"merged":[[1,11,1,21],[6,4,6,7],[8,4,8,7],[17,4,17,7],[26,4,26,7],[84,4,84,7],[86,4,86,7],[119,4,119,7],[121,4,121,7]]}
[]
[{"$nulls":11},">>  skryté sloupce  <<",{"$nulls":33},"{5ac54aa5-64d8-4c4a-9ad7-ab8cd1fb5dea}"]
[{"$nulls":45},"2"]
[null,null,null,"KRYCÍ LIST SOUPISU PRACÍ",{"$nulls":8},"v ---  níže se nacházejí doplnkové a pomocné údaje k sestavám  --- v",{"$nulls":32},"False"]
[]
[null,null,null,"Stavba:"]
[{"$nulls":4},{"$f":"'Rekapitulace stavby'!K6","v":"zimní stadion Pardubice-Veřejnost"}]
[null,null,null,"Objekt:"]
[{"$nulls":4},"1-ženy - sociální zařízení ženy B114(1.08)"]
[]
[null,null,null,"KSO:",null," ",null,null,"CC-CZ:"]
[null,null,null,"Místo:",null," ",null,null,"Datum:",{"$f":"'Rekapitulace stavby'!AN8","v":"6. 6. 2023"}]
[]
[null,null,null,"Zadavatel:",{"$nulls":4},"IČ:"]
[{"$nulls":4}," ",null,null,null,"DIČ:"]
[]
[null,null,null,"Uchazeč:",{"$nulls":4},"IČ:",{"$f":"'Rekapitulace stavby'!AN13","v":"Vyplň údaj"}]
[{"$nulls":4},{"$f":"'Rekapitulace stavby'!E14","v":"Vyplň údaj"},null,null,null,"DIČ:",{"$f":"'Rekapitulace stavby'!AN14","v":"Vyplň údaj"}]
[]
[null,null,null,"Projektant:",{"$nulls":4},"IČ:",{"$f":"IF('Rekapitulace stavby'!AN16=\"\",\"\",'Rekapitulace stavby'!AN16)","v":""}]
[{"$nulls":4},{"$f":"IF('Rekapitulace stavby'!E17=\"\",\"\",'Rekapitulace stavby'!E17)","v":" "},null,null,null,"DIČ:",{"$f":"IF('Rekapitulace stavby'!AN17=\"\",\"\",'Rekapitulace stavby'!AN17)","v":""}]
[]
[null,null,null,"Zpracovatel:",{"$nulls":4},"IČ:",{"$f":"IF('Rekapitulace stavby'!AN19=\"\",\"\",'Rekapitulace stavby'!AN19)","v":""}]
[{"$nulls":4},{"$f":"IF('Rekapitulace stavby'!E20=\"\",\"\",'Rekapitulace stavby'!E20)","v":" "},null,null,null,"DIČ:",{"$f":"IF('Rekapitulace stavby'!AN20=\"\",\"\",'Rekapitulace stavby'!AN20)","v":""}]
[]
[null,null,null,"Poznámka:"]
[]
[]
[]
[null,null,null,"Cena bez DPH",{"$nulls":5},{"$f":"ROUND(J130, 2)","v":0}]
[]
[{"$nulls":5},"Základ daně",null,null,"Sazba daně","Výše daně"]
[null,null,null,"DPH","základní",{"$f":"ROUND((SUM(BE130:BE252)),  2)","v":0},null,null,0.21,{"$f":"ROUND(((SUM(BE130:BE252))*I33),  2)","v":0}]
[{"$nulls":4},"snížená",{"$f":"ROUND((SUM(BF130:BF252)),  2)","v":0},null,null,0.15,{"$f":"ROUND(((SUM(BF130:BF252))*I34),  2)","v":0}]
[{"$nulls":4},"zákl. přenesená",{"$f":"ROUND((SUM(BG130:BG252)),  2)","v":0},null,null,0.21,{"$f":"0","v":0}]
[{"$nulls":4},"sníž. přenesená",{"$f":"ROUND((SUM(BH130:BH252)),  2)","v":0},null,null,0.15,{"$f":"0","v":0}]
[{"$nulls":4},"nulová",{"$f":"ROUND((SUM(BI130:BI252)),  2)","v":0},null,null,0,{"$f":"0","v":0}]
[]
[null,null,null,"Cena s DPH",null,null,"v","CZK",null,{"$f":"SUM(J30:J37)","v":0}]
{"$rows_empty":10}
[null,null,null,"Projektant",null,null,"Zpracovatel"]
{"$rows_empty":10}
[null,null,null,"Datum a podpis:",null,"Razítko","Datum a podpis:",null,null,"Razítko"]
[]
[]
[]
[null,null,null,"Objednavatel",null,null,"Uchazeč"]
{"$rows_empty":10}
[null,null,null,"Datum a podpis:",null,"Razítko","Datum a podpis:",null,null,"Razítko"]
[]
[]
[]
[]
[]
[null,null,"REKAPITULACE ČLENĚNÍ SOUPISU PRACÍ"]
[]
[null,null,"Stavba:"]
[{"$nulls":4},{"$f":"E7","v":"zimní stadion Pardubice-Veřejnost"}]
[null,null,"Objekt:"]
[{"$nulls":4},{"$f":"E9","v":"1-ženy - sociální zařízení ženy B114(1.08)"}]
[]
[null,null,"Místo:",null,null,{"$f":"F12","v":" "},null,null,"Datum:",{"$f":"IF(J12=\"\",\"\",J12)","v":"6. 6. 2023"}]
[]
[null,null,"Zadavatel:",null,null,{"$f":"E15","v":" "},null,null,"Projektant:",{"$f":"E21","v":" "}]
[null,null,"Uchazeč:",null,null,{"$f":"IF(E18=\"\",\"\",E18)","v":"Vyplň údaj"},null,null,"Zpracovatel:",{"$f":"E24","v":" "}]
[]
[null,null,"Kód dílu - Popis",{"$nulls":6},"Cena celkem [CZK]"]
[]
[null,null,"Náklady ze soupisu prací",{"$nulls":6},{"$f":"J130","v":0},{"$nulls":36},"-1"]
[null,null,null,"PSV - Práce a dodávky PSV",{"$nulls":5},{"$f":"J131","v":0}]
[null,null,null,"    784 - Dokončovací práce - malby a tapety",{"$nulls":5},{"$f":"J132","v":0}]
[null,null,null,"PSV - Práce a dodávky PSV",{"$nulls":5},{"$f":"J134","v":0}]
[null,null,null,"    721 - Zdravotechnika - vnitřní kanalizace",{"$nulls":5},{"$f":"J135","v":0}]
[null,null,null,"    722 - Zdravotechnika - vnitřní vodovod",{"$nulls":5},{"$f":"J150","v":0}]
[null,null,null,"    725 - Zdravotechnika - zařiz. předměty",{"$nulls":5},{"$f":"J166","v":0}]
[null,null,null,"    726 - Zdravotechnika - předstěnové instalace",{"$nulls":5},{"$f":"J194","v":0}]
[null,null,null,"    734 - Ústřední vytápění - armatury",{"$nulls":5},{"$f":"J201","v":0}]
[null,null,null,"    735 - Ústřední vytápění - otopná tělesa",{"$nulls":5},{"$f":"J207","v":0}]
[null,null,null,"    771 - Podlahy z dlaždic",{"$nulls":5},{"$f":"J213","v":0}]
[null,null,null,"    781 - Dokončovací práce - obklady",{"$nulls":5},{"$f":"J220","v":0}]
[null,null,null,"    783 - Dokončovací práce - nátěry",{"$nulls":5},{"$f":"J233","v":0}]
[null,null,null,"    784 - Dokončovací práce - malby a tapety",{"$nulls":5},{"$f":"J236","v":0}]
[null,null,null,"    795 - Ostatní náklady",{"$nulls":5},{"$f":"J237","v":0}]
[]
[]
[]
[]
[]
[]
[null,null,"SOUPIS PRACÍ"]
[]
[null,null,"Stavba:"]
[{"$nulls":4},{"$f":"E7","v":"zimní stadion Pardubice-Veřejnost"}]
[null,null,"Objekt:"]
[{"$nulls":4},{"$f":"E9","v":"1-ženy - sociální zařízení ženy B114(1.08)"}]
[]
[null,null,"Místo:",null,null,{"$f":"F12","v":" "},null,null,"Datum:",{"$f":"IF(J12=\"\",\"\",J12)","v":"6. 6. 2023"}]
[]
[null,null,"Zadavatel:",null,null,{"$f":"E15","v":" "},null,null,"Projektant:",{"$f":"E21","v":" "}]
[null,null,"Uchazeč:",null,null,{"$f":"IF(E18=\"\",\"\",E18)","v":"Vyplň údaj"},null,null,"Zpracovatel:",{"$f":"E24","v":" "}]
[]
[null,null,"PČ","Typ","Kód","Popis","MJ","Množství","J.cena [CZK]","Cena celkem [CZK]","Cenová soustava",null,null,"DPH","J. Nh [h]","Nh celkem [h]","J. hmotnost [t]","Hmotnost celkem [t]","J. suť [t]","Suť Celkem [t]"]
[null,null,"Náklady soupisu celkem",{"$nulls":6},{"$f":"BK130","v":0},{"$nulls":5},{"$f":"P131+P134","v":0},null,{"$f":"R131+R134","v":1.0828653111},null,{"$f":"T131+T134","v":4.60955},{"$nulls":25},"D","-1",{"$nulls":15},{"$f":"BK131+BK134","v":0}]
[null,null,null,"D","PSV","Práce a dodávky PSV",null,null,null,{"$f":"BK131","v":0},{"$nulls":5},{"$f":"P132","v":0},null,{"$f":"R132","v":0},null,{"$f":"T132","v":0},{"$nulls":23},"2",null,"D","0",null,null,null,"ROZPOCET",{"$nulls":11},{"$f":"BK132","v":0}]
[null,null,null,"D","784","Dokončovací práce - malby a tapety",null,null,null,{"$f":"BK132","v":0},{"$nulls":5},{"$f":"P133","v":0},null,{"$f":"R133","v":0},null,{"$f":"T133","v":0},{"$nulls":23},"2",null,"D","1",null,null,null,"ROZPOCET",{"$nulls":11},{"$f":"BK133","v":0}]
[null,null,"146","K","784211101","Dvojnásobné bílé malby  v místnostech","m2",43.46,null,{"$f":"ROUND(I133*H133,1)","v":0},null,null,null,"základní",null,{"$f":"O133*H133","v":0},0,{"$f":"Q133*H133","v":0},0,{"$f":"S133*H133","v":0},{"$nulls":23},"4",null,"K","2",null,null,null,"ROZPOCET",{"$nulls":5},{"$f":"IF(N133=\"základní\",J133,0)","v":0},{"$f":"IF(N133=\"snížená\",J133,0)","v":0},{"$f":"IF(N133=\"zákl. přenesená\",J133,0)","v":0},{"$f":"IF(N133=\"sníž. přenesená\",J133,0)","v":0},{"$f":"IF(N133=\"nulová\",J133,0)","v":0},"1",{"$f":"ROUND(I133*H133,1)","v":0},"4","1597791713"]
[null,null,null,"D","PSV","Práce a dodávky PSV",null,null,null,{"$f":"BK134","v":0},{"$nulls":5},{"$f":"P135+P150+P166+P194+P201+P207+P213+P220+P233+P236+P237","v":0},null,{"$f":"R135+R150+R166+R194+R201+R207+R213+R220+R233+R236+R237","v":1.0828653111},null,{"$f":"T135+T150+T166+T194+T201+T207+T213+T220+T233+T236+T237","v":4.60955},{"$nulls":23},"2",null,"D","0",null,null,null,"ROZPOCET",{"$nulls":11},{"$f":"BK135+BK150+BK166+BK194+BK201+BK207+BK213+BK220+BK233+BK236+BK237","v":0}]
[null,null,null,"D","721","Zdravotechnika - vnitřní kanalizace",null,null,null,{"$f":"BK135","v":0},{"$nulls":5},{"$f":"SUM(P136:P149)","v":0},null,{"$f":"SUM(R136:R149)","v":0.0292734},null,{"$f":"SUM(T136:T149)","v":0.15948},{"$nulls":23},"2",null,"D","1",null,null,null,"ROZPOCET",{"$nulls":11},{"$f":"SUM(BK136:BK149)","v":0}]
[null,null,"1","K","721140802","Demontáž potrubí kanal do DN 100","m",9,null,{"$f":"ROUND(I136*H136,1)","v":0},null,null,null,"základní",null,{"$f":"O136*H136","v":0},0,{"$f":"Q136*H136","v":0},0.01492,{"$f":"S136*H136","v":0.13428},{"$nulls":23},"4",null,"K","2",null,null,null,"ROZPOCET",{"$nulls":5},{"$f":"IF(N136=\"základní\",J136,0)","v":0},{"$f":"IF(N136=\"snížená\",J136,0)","v":0},{"$f":"IF(N136=\"zákl. přenesená\",J136,0)","v":0},{"$f":"IF(N136=\"sníž. přenesená\",J136,0)","v":0},{"$f":"IF(N136=\"nulová\",J136,0)","v":0},"1",{"$f":"ROUND(I136*H136,1)","v":0},"4","1"]
[null,null,"2","K","721171803","Demontáž potrubí z PVC do D 75","m",12,null,{"$f":"ROUND(I137*H137,1)","v":0},null,null,null,"základní",null,{"$f":"O137*H137","v":0},0,{"$f":"Q137*H137","v":0},0.0021,{"$f":"S137*H137","v":0.0252},{"$nulls":23},"4",null,"K","2",null,null,null,"ROZPOCET",{"$nulls":5},{"$f":"IF(N137=\"základní\",J137,0)","v":0},{"$f":"IF(N137=\"snížená\",J137,0)","v":0},{"$f":"IF(N137=\"zákl. přenesená\",J137,0)","v":0},{"$f":"IF(N137=\"sníž. přenesená\",J137,0)","v":0},{"$f":"IF(N137=\"nulová\",J137,0)","v":0},"1",{"$f":"ROUND(I137*H137,1)","v":0},"4","2"]
[null,null,"3","K","721171903","Potrubí z PP vsazení odbočky do hrdla DN 50","kus",2,null,{"$f":"ROUND(I138*H138,1)","v":0},null,null,null,"základní",null,{"$f":"O138*H138","v":0},0.0005006,{"$f":"Q138*H138","v":0.0010012},0,{"$f":"S138*H138","v":0},{"$nulls":23},"4",null,"K","2",null,null,null,"ROZPOCET",{"$nulls":5},{"$f":"IF(N138=\"základní\",J138,0)","v":0},{"$f":"IF(N138=\"snížená\",J138,0)","v":0},{"$f":"IF(N138=\"zákl. přenesená\",J138,0)","v":0},{"$f":"IF(N138=\"sníž. přenesená\",J138,0)","v":0},{"$f":"IF(N138=\"nulová\",J138,0)","v":0},"1",{"$f":"ROUND(I138*H138,1)","v":0},"4","-1405910687"]
[null,null,"4","K","721171905","Potrubí z PP vsazení odbočky do hrdla DN 110","kus",1,null,{"$f":"ROUND(I139*H139,1)","v":0},null,null,null,"základní",null,{"$f":"O139*H139","v":0},0.0017906,{"$f":"Q139*H139","v":0.0017906},0,{"$f":"S139*H139","v":0},{"$nulls":23},"4",null,"K","2",null,null,null,"ROZPOCET",{"$nulls":5},{"$f":"IF(N139=\"základní\",J139,0)","v":0},{"$f":"IF(N139=\"snížená\",J139,0)","v":0},{"$f":"IF(N139=\"zákl. přenesená\",J139,0)","v":0},{"$f":"IF(N139=\"sníž. přenesená\",J139,0)","v":0},{"$f":"IF(N139=\"nulová\",J139,0)","v":0},"1",{"$f":"ROUND(I139*H139,1)","v":0},"4","5"]
[null,null,"5","K","721174042","Potrubí kanalizační z PP připojovací systém HT DN 40","m",7,null,{"$f":"ROUND(I140*H140,1)","v":0},null,null,null,"základní",null,{"$f":"O140*H140","v":0},0.0004119,{"$f":"Q140*H140","v":0.0028833},0,{"$f":"S140*H140","v":0},{"$nulls":23},"4",null,"K","2",null,null,null,"ROZPOCET",{"$nulls":5},{"$f":"IF(N140=\"základní\",J140,0)","v":0},{"$f":"IF(N140=\"snížená\",J140,0)","v":0},{"$f":"IF(N140=\"zákl. přenesená\",J140,0)","v":0},{"$f":"IF(N140=\"sníž. přenesená\",J140,0)","v":0},{"$f":"IF(N140=\"nulová\",J140,0)","v":0},"1",{"$f":"ROUND(I140*H140,1)","v":0},"4","6"]
[null,null,"6","K","721174043","Potrubí kanalizační z PP připojovací systém HT DN 50","m",5,null,{"$f":"ROUND(I141*H141,1)","v":0},null,null,null,"základní",null,{"$f":"O141*H141","v":0},0.0004765,{"$f":"Q141*H141","v":0.0023825},0,{"$f":"S141*H141","v":0},{"$nulls":23},"4",null,"K","2",null,null,null,"ROZPOCET",{"$nulls":5},{"$f":"IF(N141=\"základní\",J141,0)","v":0},{"$f":"IF(N141=\"snížená\",J141,0)","v":0},{"$f":"IF(N141=\"zákl. přenesená\",J141,0)","v":0},{"$f":"IF(N141=\"sníž. přenesená\",J141,0)","v":0},{"$f":"IF(N141=\"nulová\",J141,0)","v":0},"1",{"$f":"ROUND(I141*H141,1)","v":0},"4","7"]
[null,null,"7","K","721174045","Potrubí kanalizační z PP připojovací systém HT DN 100","m",9,null,{"$f":"ROUND(I142*H142,1)","v":0},null,null,null,"základní",null,{"$f":"O142*H142","v":0},0.0022362,{"$f":"Q142*H142","v":0.0201258},0,{"$f":"S142*H142","v":0},{"$nulls":23},"4",null,"K","2",null,null,null,"ROZPOCET",{"$nulls":5},{"$f":"IF(N142=\"základní\",J142,0)","v":0},{"$f":"IF(N142=\"snížená\",J142,0)","v":0},{"$f":"IF(N142=\"zákl. přenesená\",J142,0)","v":0},{"$f":"IF(N142=\"sníž. přenesená\",J142,0)","v":0},{"$f":"IF(N142=\"nulová\",J142,0)","v":0},"1",{"$f":"ROUND(I142*H142,1)","v":0},"4","8"]
[null,null,"8","K","721194104","Vyvedení a upevnění odpadních výpustek DN 40","kus",3,null,{"$f":"ROUND(I143*H143,1)","v":0},null,null,null,"základní",null,{"$f":"O143*H143","v":0},0,{"$f":"Q143*H143","v":0},0,{"$f":"S143*H143","v":0},{"$nulls":23},"4",null,"K","2",null,null,null,"ROZPOCET",{"$nulls":5},{"$f":"IF(N143=\"základní\",J143,0)","v":0},{"$f":"IF(N143=\"snížená\",J143,0)","v":0},{"$f":"IF(N143=\"zákl. přenesená\",J143,0)","v":0},{"$f":"IF(N143=\"sníž. přenesená\",J143,0)","v":0},{"$f":"IF(N143=\"nulová\",J143,0)","v":0},"1",{"$f":"ROUND(I143*H143,1)","v":0},"4","9"]
[null,null,"10","K","721194109","Vyvedení a upevnění odpadních výpustek DN 100","kus",3,null,{"$f":"ROUND(I144*H144,1)","v":0},null,null,null,"základní",null,{"$f":"O144*H144","v":0},0,{"$f":"Q144*H144","v":0},0,{"$f":"S144*H144","v":0},{"$nulls":23},"4",null,"K","2",null,null,null,"ROZPOCET",{"$nulls":5},{"$f":"IF(N144=\"základní\",J144,0)","v":0},{"$f":"IF(N144=\"snížená\",J144,0)","v":0},{"$f":"IF(N144=\"zákl. přenesená\",J144,0)","v":0},{"$f":"IF(N144=\"sníž. přenesená\",J144,0)","v":0},{"$f":"IF(N144=\"nulová\",J144,0)","v":0},"1",{"$f":"ROUND(I144*H144,1)","v":0},"4","11"]
[null,null,"11","K","721211404.HLE","Vpusť podlahová HL s vodorovným odtokem DN 50/75 ","kus",1,null,{"$f":"ROUND(I145*H145,1)","v":0},null,null,null,"základní",null,{"$f":"O145*H145","v":0},0.00092,{"$f":"Q145*H145","v":0.00092},0,{"$f":"S145*H145","v":0},{"$nulls":23},"16",null,"K","2",null,null,null,"ROZPOCET",{"$nulls":5},{"$f":"IF(N145=\"základní\",J145,0)","v":0},{"$f":"IF(N145=\"snížená\",J145,0)","v":0},{"$f":"IF(N145=\"zákl. přenesená\",J145,0)","v":0},{"$f":"IF(N145=\"sníž. přenesená\",J145,0)","v":0},{"$f":"IF(N145=\"nulová\",J145,0)","v":0},"1",{"$f":"ROUND(I145*H145,1)","v":0},"16","1452773174"]
[null,null,"12","K","721274121","Přivzdušňovací ventil vnitřní odpadních potrubí do DN 50","kus",1,null,{"$f":"ROUND(I146*H146,1)","v":0},null,null,null,"základní",null,{"$f":"O146*H146","v":0},0.00017,{"$f":"Q146*H146","v":0.00017},0,{"$f":"S146*H146","v":0},{"$nulls":23},"4",null,"K","2",null,null,null,"ROZPOCET",{"$nulls":5},{"$f":"IF(N146=\"základní\",J146,0)","v":0},{"$f":"IF(N146=\"snížená\",J146,0)","v":0},{"$f":"IF(N146=\"zákl. přenesená\",J146,0)","v":0},{"$f":"IF(N146=\"sníž. přenesená\",J146,0)","v":0},{"$f":"IF(N146=\"nulová\",J146,0)","v":0},"1",{"$f":"ROUND(I146*H146,1)","v":0},"4","12"]
[null,null,"13","K","721290111","Zkouška těsnosti potrubí kanalizace vodou do DN 125","m",16,null,{"$f":"ROUND(I147*H147,1)","v":0},null,null,null,"základní",null,{"$f":"O147*H147","v":0},0,{"$f":"Q147*H147","v":0},0,{"$f":"S147*H147","v":0},{"$nulls":23},"4",null,"K","2",null,null,null,"ROZPOCET",{"$nulls":5},{"$f":"IF(N147=\"základní\",J147,0)","v":0},{"$f":"IF(N147=\"snížená\",J147,0)","v":0},{"$f":"IF(N147=\"zákl. přenesená\",J147,0)","v":0},{"$f":"IF(N147=\"sníž. přenesená\",J147,0)","v":0},{"$f":"IF(N147=\"nulová\",J147,0)","v":0},"1",{"$f":"ROUND(I147*H147,1)","v":0},"4","13"]
[null,null,"14","K","721300922","Pročištění svodů ležatých do DN 300","m",4,null,{"$f":"ROUND(I148*H148,1)","v":0},null,null,null,"základní",null,{"$f":"O148*H148","v":0},0,{"$f":"Q148*H148","v":0},0,{"$f":"S148*H148","v":0},{"$nulls":23},"4",null,"K","2",null,null,null,"ROZPOCET",{"$nulls":5},{"$f":"IF(N148=\"základní\",J148,0)","v":0},{"$f":"IF(N148=\"snížená\",J148,0)","v":0},{"$f":"IF(N148=\"zákl. přenesená\",J148,0)","v":0},{"$f":"IF(N148=\"sníž. přenesená\",J148,0)","v":0},{"$f":"IF(N148=\"nulová\",J148,0)","v":0},"1",{"$f":"ROUND(I148*H148,1)","v":0},"4","14"]
[null,null,"15","K","998721201","Přesun hmot procentní pro vnitřní kanalizace v objektech v do 6 m","%",null,null,{"$f":"ROUND(I149*H149,1)","v":0},null,null,null,"základní",null,{"$f":"O149*H149","v":0},0,{"$f":"Q149*H149","v":0},0,{"$f":"S149*H149","v":0},{"$nulls":23},"16",null,"K","2",null,null,null,"ROZPOCET",{"$nulls":5},{"$f":"IF(N149=\"základní\",J149,0)","v":0},{"$f":"IF(N149=\"snížená\",J149,0)","v":0},{"$f":"IF(N149=\"zákl. přenesená\",J149,0)","v":0},{"$f":"IF(N149=\"sníž. přenesená\",J149,0)","v":0},{"$f":"IF(N149=\"nulová\",J149,0)","v":0},"1",{"$f":"ROUND(I149*H149,1)","v":0},"16","16"]
[null,null,null,"D","722","Zdravotechnika - vnitřní vodovod",null,null,null,{"$f":"BK150","v":0},{"$nulls":5},{"$f":"SUM(P151:P165)","v":0},null,{"$f":"SUM(R151:R165)","v":0.071889008},null,{"$f":"SUM(T151:T165)","v":0.07161},{"$nulls":23},"2",null,"D","1",null,null,null,"ROZPOCET",{"$nulls":11},{"$f":"SUM(BK151:BK165)","v":0}]
[null,null,"16","K","722130801","Demontáž potrubí do DN 25","m",33,null,{"$f":"ROUND(I151*H151,1)","v":0},null,null,null,"základní",null,{"$f":"O151*H151","v":0},0,{"$f":"Q151*H151","v":0},0.00213,{"$f":"S151*H151","v":0.07029},{"$nulls":23},"4",null,"K","2",null,null,null,"ROZPOCET",{"$nulls":5},{"$f":"IF(N151=\"základní\",J151,0)","v":0},{"$f":"IF(N151=\"snížená\",J151,0)","v":0},{"$f":"IF(N151=\"zákl. přenesená\",J151,0)","v":0},{"$f":"IF(N151=\"sníž. přenesená\",J151,0)","v":0},{"$f":"IF(N151=\"nulová\",J151,0)","v":0},"1",{"$f":"ROUND(I151*H151,1)","v":0},"4","17"]
[null,null,"17","K","722131933","Potrubí plastové - propojení potrubí DN 25","kus",2,null,{"$f":"ROUND(I152*H152,1)","v":0},null,null,null,"základní",null,{"$f":"O152*H152","v":0},0.00120386,{"$f":"Q152*H152","v":0.00240772},0,{"$f":"S152*H152","v":0},{"$nulls":23},"4",null,"K","2",null,null,null,"ROZPOCET",{"$nulls":5},{"$f":"IF(N152=\"základní\",J152,0)","v":0},{"$f":"IF(N152=\"snížená\",J152,0)","v":0},{"$f":"IF(N152=\"zákl. přenesená\",J152,0)","v":0},{"$f":"IF(N152=\"sníž. přenesená\",J152,0)","v":0},{"$f":"IF(N152=\"nulová\",J152,0)","v":0},"1",{"$f":"ROUND(I152*H152,1)","v":0},"4","18"]
[null,null,"18","K","722171912","Potrubí plastové odříznutí trubky D do 20 mm","kus",4,null,{"$f":"ROUND(I153*H153,1)","v":0},null,null,null,"základní",null,{"$f":"O153*H153","v":0},0,{"$f":"Q153*H153","v":0},0,{"$f":"S153*H153","v":0},{"$nulls":23},"4",null,"K","2",null,null,null,"ROZPOCET",{"$nulls":5},{"$f":"IF(N153=\"základní\",J153,0)","v":0},{"$f":"IF(N153=\"snížená\",J153,0)","v":0},{"$f":"IF(N153=\"zákl. přenesená\",J153,0)","v":0},{"$f":"IF(N153=\"sníž. přenesená\",J153,0)","v":0},{"$f":"IF(N153=\"nulová\",J153,0)","v":0},"1",{"$f":"ROUND(I153*H153,1)","v":0},"4","19"]
[null,null,"19","K","722171913","Potrubí plastové odříznutí trubky D do 25 mm","kus",2,null,{"$f":"ROUND(I154*H154,1)","v":0},null,null,null,"základní",null,{"$f":"O154*H154","v":0},0,{"$f":"Q154*H154","v":0},0,{"$f":"S154*H154","v":0},{"$nulls":23},"4",null,"K","2",null,null,null,"ROZPOCET",{"$nulls":5},{"$f":"IF(N154=\"základní\",J154,0)","v":0},{"$f":"IF(N154=\"snížená\",J154,0)","v":0},{"$f":"IF(N154=\"zákl. přenesená\",J154,0)","v":0},{"$f":"IF(N154=\"sníž. přenesená\",J154,0)","v":0},{"$f":"IF(N154=\"nulová\",J154,0)","v":0},"1",{"$f":"ROUND(I154*H154,1)","v":0},"4","20"]
[null,null,"20","K","722171934","Vsazení odbočky na rozvodech vody z plastů do 32 mm","kus",2,null,{"$f":"ROUND(I155*H155,1)","v":0},null,null,null,"základní",null,{"$f":"O155*H155","v":0},5.4E-005,{"$f":"Q155*H155","v":0.000108},0.00066,{"$f":"S155*H155","v":0.00132},{"$nulls":23},"4",null,"K","2",null,null,null,"ROZPOCET",{"$nulls":5},{"$f":"IF(N155=\"základní\",J155,0)","v":0},{"$f":"IF(N155=\"snížená\",J155,0)","v":0},{"$f":"IF(N155=\"zákl. přenesená\",J155,0)","v":0},{"$f":"IF(N155=\"sníž. přenesená\",J155,0)","v":0},{"$f":"IF(N155=\"nulová\",J155,0)","v":0},"1",{"$f":"ROUND(I155*H155,1)","v":0},"4","21"]
[null,null,"21","K","722174002","Potrubí vodovodní plastové PPR svar polyfuze PN 16 D 20 x 2,8 mm","m",25,null,{"$f":"ROUND(I156*H156,1)","v":0},null,null,null,"základní",null,{"$f":"O156*H156","v":0},0.0008423,{"$f":"Q156*H156","v":0.0210575},0,{"$f":"S156*H156","v":0},{"$nulls":23},"4",null,"K","2",null,null,null,"ROZPOCET",{"$nulls":5},{"$f":"IF(N156=\"základní\",J156,0)","v":0},{"$f":"IF(N156=\"snížená\",J156,0)","v":0},{"$f":"IF(N156=\"zákl. přenesená\",J156,0)","v":0},{"$f":"IF(N156=\"sníž. přenesená\",J156,0)","v":0},{"$f":"IF(N156=\"nulová\",J156,0)","v":0},"1",{"$f":"ROUND(I156*H156,1)","v":0},"4","22"]
[null,null,"22","K","722174003","Potrubí vodovodní plastové PPR svar polyfuze PN 16 D 25 x 3,5 mm","m",23,null,{"$f":"ROUND(I157*H157,1)","v":0},null,null,null,"základní",null,{"$f":"O157*H157","v":0},0.0011591,{"$f":"Q157*H157","v":0.0266593},0,{"$f":"S157*H157","v":0},{"$nulls":23},"4",null,"K","2",null,null,null,"ROZPOCET",{"$nulls":5},{"$f":"IF(N157=\"základní\",J157,0)","v":0},{"$f":"IF(N157=\"snížená\",J157,0)","v":0},{"$f":"IF(N157=\"zákl. přenesená\",J157,0)","v":0},{"$f":"IF(N157=\"sníž. přenesená\",J157,0)","v":0},{"$f":"IF(N157=\"nulová\",J157,0)","v":0},"1",{"$f":"ROUND(I157*H157,1)","v":0},"4","23"]
[null,null,"23","K","722181242","Ochrana vodovodního potrubí přilepenými tepelně izolačními trubicemi z PE tl do 20 mm DN do 42 mm","m",48,null,{"$f":"ROUND(I158*H158,1)","v":0},null,null,null,"základní",null,{"$f":"O158*H158","v":0},0.00016312,{"$f":"Q158*H158","v":0.00782976},0,{"$f":"S158*H158","v":0},{"$nulls":23},"4",null,"K","2",null,null,null,"ROZPOCET",{"$nulls":5},{"$f":"IF(N158=\"základní\",J158,0)","v":0},{"$f":"IF(N158=\"snížená\",J158,0)","v":0},{"$f":"IF(N158=\"zákl. přenesená\",J158,0)","v":0},{"$f":"IF(N158=\"sníž. přenesená\",J158,0)","v":0},{"$f":"IF(N158=\"nulová\",J158,0)","v":0},"1",{"$f":"ROUND(I158*H158,1)","v":0},"4","24"]
[null,null,"24","K","722190401","Vyvedení a upevnění výpustku do DN 25","kus",9,null,{"$f":"ROUND(I159*H159,1)","v":0},null,null,null,"základní",null,{"$f":"O159*H159","v":0},0,{"$f":"Q159*H159","v":0},0,{"$f":"S159*H159","v":0},{"$nulls":23},"4",null,"K","2",null,null,null,"ROZPOCET",{"$nulls":5},{"$f":"IF(N159=\"základní\",J159,0)","v":0},{"$f":"IF(N159=\"snížená\",J159,0)","v":0},{"$f":"IF(N159=\"zákl. přenesená\",J159,0)","v":0},{"$f":"IF(N159=\"sníž. přenesená\",J159,0)","v":0},{"$f":"IF(N159=\"nulová\",J159,0)","v":0},"1",{"$f":"ROUND(I159*H159,1)","v":0},"4","25"]
[null,null,"25","K","722190901","Uzavření nebo otevření vodovodního potrubí při opravách","kus",2,null,{"$f":"ROUND(I160*H160,1)","v":0},null,null,null,"základní",null,{"$f":"O160*H160","v":0},0,{"$f":"Q160*H160","v":0},0,{"$f":"S160*H160","v":0},{"$nulls":23},"4",null,"K","2",null,null,null,"ROZPOCET",{"$nulls":5},{"$f":"IF(N160=\"základní\",J160,0)","v":0},{"$f":"IF(N160=\"snížená\",J160,0)","v":0},{"$f":"IF(N160=\"zákl. přenesená\",J160,0)","v":0},{"$f":"IF(N160=\"sníž. přenesená\",J160,0)","v":0},{"$f":"IF(N160=\"nulová\",J160,0)","v":0},"1",{"$f":"ROUND(I160*H160,1)","v":0},"4","26"]
[null,null,"110","K","722240101","Ventily plastové PPR přímé DN 20","kus",2,null,{"$f":"ROUND(I161*H161,1)","v":0},null,null,null,"základní",null,{"$f":"O161*H161","v":0},0.00076,{"$f":"Q161*H161","v":0.00152},0,{"$f":"S161*H161","v":0},{"$nulls":23},"16",null,"K","2",null,null,null,"ROZPOCET",{"$nulls":5},{"$f":"IF(N161=\"základní\",J161,0)","v":0},{"$f":"IF(N161=\"snížená\",J161,0)","v":0},{"$f":"IF(N161=\"zákl. přenesená\",J161,0)","v":0},{"$f":"IF(N161=\"sníž. přenesená\",J161,0)","v":0},{"$f":"IF(N161=\"nulová\",J161,0)","v":0},"1",{"$f":"ROUND(I161*H161,1)","v":0},"16","113285530"]
[null,null,"112","K","722240103","Ventily plastové PPR přímé DN 32","kus",2,null,{"$f":"ROUND(I162*H162,1)","v":0},null,null,null,"základní",null,{"$f":"O162*H162","v":0},0.00136,{"$f":"Q162*H162","v":0.00272},0,{"$f":"S162*H162","v":0},{"$nulls":23},"16",null,"K","2",null,null,null,"ROZPOCET",{"$nulls":5},{"$f":"IF(N162=\"základní\",J162,0)","v":0},{"$f":"IF(N162=\"snížená\",J162,0)","v":0},{"$f":"IF(N162=\"zákl. přenesená\",J162,0)","v":0},{"$f":"IF(N162=\"sníž. přenesená\",J162,0)","v":0},{"$f":"IF(N162=\"nulová\",J162,0)","v":0},"1",{"$f":"ROUND(I162*H162,1)","v":0},"16","1760705593"]
[null,null,"27","K","722290226","Zkouška těsnosti vodovodního potrubí závitového do DN 50","m",48,null,{"$f":"ROUND(I163*H163,1)","v":0},null,null,null,"základní",null,{"$f":"O163*H163","v":0},0.0001897235,{"$f":"Q163*H163","v":0.009106728},0,{"$f":"S163*H163","v":0},{"$nulls":23},"4",null,"K","2",null,null,null,"ROZPOCET",{"$nulls":5},{"$f":"IF(N163=\"základní\",J163,0)","v":0},{"$f":"IF(N163=\"snížená\",J163,0)","v":0},{"$f":"IF(N163=\"zákl. přenesená\",J163,0)","v":0},{"$f":"IF(N163=\"sníž. přenesená\",J163,0)","v":0},{"$f":"IF(N163=\"nulová\",J163,0)","v":0},"1",{"$f":"ROUND(I163*H163,1)","v":0},"4","28"]
[null,null,"28","K","722290234","Proplach vodovodního potrubí do DN 80","m",48,null,{"$f":"ROUND(I164*H164,1)","v":0},null,null,null,"základní",null,{"$f":"O164*H164","v":0},1E-005,{"$f":"Q164*H164","v":0.00048},0,{"$f":"S164*H164","v":0},{"$nulls":23},"4",null,"K","2",null,null,null,"ROZPOCET",{"$nulls":5},{"$f":"IF(N164=\"základní\",J164,0)","v":0},{"$f":"IF(N164=\"snížená\",J164,0)","v":0},{"$f":"IF(N164=\"zákl. přenesená\",J164,0)","v":0},{"$f":"IF(N164=\"sníž. přenesená\",J164,0)","v":0},{"$f":"IF(N164=\"nulová\",J164,0)","v":0},"1",{"$f":"ROUND(I164*H164,1)","v":0},"4","29"]
[null,null,"29","K","998722201","Přesun hmot procentní pro vnitřní vodovod v objektech v do 6 m","%",null,null,{"$f":"ROUND(I165*H165,1)","v":0},null,null,null,"základní",null,{"$f":"O165*H165","v":0},0,{"$f":"Q165*H165","v":0},0,{"$f":"S165*H165","v":0},{"$nulls":23},"4",null,"K","2",null,null,null,"ROZPOCET",{"$nulls":5},{"$f":"IF(N165=\"základní\",J165,0)","v":0},{"$f":"IF(N165=\"snížená\",J165,0)","v":0},{"$f":"IF(N165=\"zákl. přenesená\",J165,0)","v":0},{"$f":"IF(N165=\"sníž. přenesená\",J165,0)","v":0},{"$f":"IF(N165=\"nulová\",J165,0)","v":0},"1",{"$f":"ROUND(I165*H165,1)","v":0},"4","30"]
[null,null,null,"D","725","Zdravotechnika - zařiz. předměty",null,null,null,{"$f":"BK166","v":0},{"$nulls":5},{"$f":"SUM(P167:P193)","v":0},null,{"$f":"SUM(R167:R193)","v":0.0078480291},null,{"$f":"SUM(T167:T193)","v":0.15521},{"$nulls":23},"2",null,"D","1",null,null,null,"ROZPOCET",{"$nulls":11},{"$f":"SUM(BK167:BK193)","v":0}]
[null,null,"30","K","725110811","Demontáž klozetů splachovací s nádrží","soubor",3,null,{"$f":"ROUND(I167*H167,1)","v":0},null,null,null,"základní",null,{"$f":"O167*H167","v":0},0,{"$f":"Q167*H167","v":0},0.01933,{"$f":"S167*H167","v":0.05799},{"$nulls":23},"16",null,"K","2",null,null,null,"ROZPOCET",{"$nulls":5},{"$f":"IF(N167=\"základní\",J167,0)","v":0},{"$f":"IF(N167=\"snížená\",J167,0)","v":0},{"$f":"IF(N167=\"zákl. přenesená\",J167,0)","v":0},{"$f":"IF(N167=\"sníž. přenesená\",J167,0)","v":0},{"$f":"IF(N167=\"nulová\",J167,0)","v":0},"1",{"$f":"ROUND(I167*H167,1)","v":0},"16","-219559375"]
[null,null,"31","K","725210821","Demontáž umyvadel bez výtokových armatur","soubor",3,null,{"$f":"ROUND(I168*H168,1)","v":0},null,null,null,"základní",null,{"$f":"O168*H168","v":0},0,{"$f":"Q168*H168","v":0},0.01946,{"$f":"S168*H168","v":0.05838},{"$nulls":23},"4",null,"K","2",null,null,null,"ROZPOCET",{"$nulls":5},{"$f":"IF(N168=\"základní\",J168,0)","v":0},{"$f":"IF(N168=\"snížená\",J168,0)","v":0},{"$f":"IF(N168=\"zákl. přenesená\",J168,0)","v":0},{"$f":"IF(N168=\"sníž. přenesená\",J168,0)","v":0},{"$f":"IF(N168=\"nulová\",J168,0)","v":0},"1",{"$f":"ROUND(I168*H168,1)","v":0},"4","33"]
[null,null,"143","K","725330820","Demontáž výlevka diturvitová","soubor",1,null,{"$f":"ROUND(I169*H169,1)","v":0},null,null,null,"základní",null,{"$f":"O169*H169","v":0},0,{"$f":"Q169*H169","v":0},0.0347,{"$f":"S169*H169","v":0.0347},{"$nulls":23},"16",null,"K","2",null,null,null,"ROZPOCET",{"$nulls":5},{"$f":"IF(N169=\"základní\",J169,0)","v":0},{"$f":"IF(N169=\"snížená\",J169,0)","v":0},{"$f":"IF(N169=\"zákl. přenesená\",J169,0)","v":0},{"$f":"IF(N169=\"sníž. přenesená\",J169,0)","v":0},{"$f":"IF(N169=\"nulová\",J169,0)","v":0},"1",{"$f":"ROUND(I169*H169,1)","v":0},"16","866705481"]
[null,null,"142","K","725339111","Montáž výlevky","soubor",1,null,{"$f":"ROUND(I170*H170,1)","v":0},null,null,null,"základní",null,{"$f":"O170*H170","v":0},0.00064,{"$f":"Q170*H170","v":0.00064},0,{"$f":"S170*H170","v":0},{"$nulls":23},"16",null,"K","2",null,null,null,"ROZPOCET",{"$nulls":5},{"$f":"IF(N170=\"základní\",J170,0)","v":0},{"$f":"IF(N170=\"snížená\",J170,0)","v":0},{"$f":"IF(N170=\"zákl. přenesená\",J170,0)","v":0},{"$f":"IF(N170=\"sníž. přenesená\",J170,0)","v":0},{"$f":"IF(N170=\"nulová\",J170,0)","v":0},"1",{"$f":"ROUND(I170*H170,1)","v":0},"16","-1081411570"]
[null,null,"144","K","725820801","Demontáž baterie nástěnné do G 3 / 4","soubor",1,null,{"$f":"ROUND(I171*H171,1)","v":0},null,null,null,"základní",null,{"$f":"O171*H171","v":0},0,{"$f":"Q171*H171","v":0},0.00156,{"$f":"S171*H171","v":0.00156},{"$nulls":23},"16",null,"K","2",null,null,null,"ROZPOCET",{"$nulls":5},{"$f":"IF(N171=\"základní\",J171,0)","v":0},{"$f":"IF(N171=\"snížená\",J171,0)","v":0},{"$f":"IF(N171=\"zákl. přenesená\",J171,0)","v":0},{"$f":"IF(N171=\"sníž. přenesená\",J171,0)","v":0},{"$f":"IF(N171=\"nulová\",J171,0)","v":0},"1",{"$f":"ROUND(I171*H171,1)","v":0},"16","-600027521"]
[null,null,"32","K","725820802","Demontáž baterie stojánkové do jednoho otvoru","soubor",3,null,{"$f":"ROUND(I172*H172,1)","v":0},null,null,null,"základní",null,{"$f":"O172*H172","v":0},0,{"$f":"Q172*H172","v":0},0.00086,{"$f":"S172*H172","v":0.00258},{"$nulls":23},"4",null,"K","2",null,null,null,"ROZPOCET",{"$nulls":5},{"$f":"IF(N172=\"základní\",J172,0)","v":0},{"$f":"IF(N172=\"snížená\",J172,0)","v":0},{"$f":"IF(N172=\"zákl. přenesená\",J172,0)","v":0},{"$f":"IF(N172=\"sníž. přenesená\",J172,0)","v":0},{"$f":"IF(N172=\"nulová\",J172,0)","v":0},"1",{"$f":"ROUND(I172*H172,1)","v":0},"4","35"]
[null,null,"33","K","725119213","Montáž WC mísy závěsné","kus",3,null,{"$f":"ROUND(I173*H173,1)","v":0},null,null,null,"základní",null,{"$f":"O173*H173","v":0},0,{"$f":"Q173*H173","v":0},0,{"$f":"S173*H173","v":0},{"$nulls":23},"4",null,"K","2",null,null,null,"ROZPOCET",{"$nulls":5},{"$f":"IF(N173=\"základní\",J173,0)","v":0},{"$f":"IF(N173=\"snížená\",J173,0)","v":0},{"$f":"IF(N173=\"zákl. přenesená\",J173,0)","v":0},{"$f":"IF(N173=\"sníž. přenesená\",J173,0)","v":0},{"$f":"IF(N173=\"nulová\",J173,0)","v":0},"1",{"$f":"ROUND(I173*H173,1)","v":0},"4","36"]
[null,null,"34","K","725219102","Montáž umyvadla připevněného na šrouby do zdiva","soubor",3,null,{"$f":"ROUND(I174*H174,1)","v":0},null,null,null,"základní",null,{"$f":"O174*H174","v":0},0.0017285897,{"$f":"Q174*H174","v":0.0051857691},0,{"$f":"S174*H174","v":0},{"$nulls":23},"4",null,"K","2",null,null,null,"ROZPOCET",{"$nulls":5},{"$f":"IF(N174=\"základní\",J174,0)","v":0},{"$f":"IF(N174=\"snížená\",J174,0)","v":0},{"$f":"IF(N174=\"zákl. přenesená\",J174,0)","v":0},{"$f":"IF(N174=\"sníž. přenesená\",J174,0)","v":0},{"$f":"IF(N174=\"nulová\",J174,0)","v":0},"1",{"$f":"ROUND(I174*H174,1)","v":0},"4","38"]
[null,null,"35","K","725219503R00","Montáž krytu sifonu umyvadel","ks",3,null,{"$f":"ROUND(I175*H175,1)","v":0},null,null,null,"základní",null,{"$f":"O175*H175","v":0},0,{"$f":"Q175*H175","v":0},0,{"$f":"S175*H175","v":0},{"$nulls":23},"4",null,"K","2",null,null,null,"ROZPOCET",{"$nulls":5},{"$f":"IF(N175=\"základní\",J175,0)","v":0},{"$f":"IF(N175=\"snížená\",J175,0)","v":0},{"$f":"IF(N175=\"zákl. přenesená\",J175,0)","v":0},{"$f":"IF(N175=\"sníž. přenesená\",J175,0)","v":0},{"$f":"IF(N175=\"nulová\",J175,0)","v":0},"1",{"$f":"ROUND(I175*H175,1)","v":0},"4","39"]
[null,null,"145","K","725829121","Montáž baterie umyvadlové nástěnné pákové a klasické ostatní typ","kus",1,null,{"$f":"ROUND(I176*H176,1)","v":0},null,null,null,"základní",null,{"$f":"O176*H176","v":0},0.00016,{"$f":"Q176*H176","v":0.00016},0,{"$f":"S176*H176","v":0},{"$nulls":23},"16",null,"K","2",null,null,null,"ROZPOCET",{"$nulls":5},{"$f":"IF(N176=\"základní\",J176,0)","v":0},{"$f":"IF(N176=\"snížená\",J176,0)","v":0},{"$f":"IF(N176=\"zákl. přenesená\",J176,0)","v":0},{"$f":"IF(N176=\"sníž. přenesená\",J176,0)","v":0},{"$f":"IF(N176=\"nulová\",J176,0)","v":0},"1",{"$f":"ROUND(I176*H176,1)","v":0},"16","-478617504"]
[null,null,"36","K","725829131","Montáž baterie umyvadlové tlačné","kus",3,null,{"$f":"ROUND(I177*H177,1)","v":0},null,null,null,"základní",null,{"$f":"O177*H177","v":0},3.914E-005,{"$f":"Q177*H177","v":0.00011742},0,{"$f":"S177*H177","v":0},{"$nulls":23},"4",null,"K","2",null,null,null,"ROZPOCET",{"$nulls":5},{"$f":"IF(N177=\"základní\",J177,0)","v":0},{"$f":"IF(N177=\"snížená\",J177,0)","v":0},{"$f":"IF(N177=\"zákl. přenesená\",J177,0)","v":0},{"$f":"IF(N177=\"sníž. přenesená\",J177,0)","v":0},{"$f":"IF(N177=\"nulová\",J177,0)","v":0},"1",{"$f":"ROUND(I177*H177,1)","v":0},"4","40"]
[null,null,"37","K","725590811","Přemístění vnitrostaveništní demontovaných pro zařizovací předměty v objektech výšky do 6 m","t",0.2,null,{"$f":"ROUND(I178*H178,1)","v":0},null,null,null,"základní",null,{"$f":"O178*H178","v":0},0,{"$f":"Q178*H178","v":0},0,{"$f":"S178*H178","v":0},{"$nulls":23},"4",null,"K","2",null,null,null,"ROZPOCET",{"$nulls":5},{"$f":"IF(N178=\"základní\",J178,0)","v":0},{"$f":"IF(N178=\"snížená\",J178,0)","v":0},{"$f":"IF(N178=\"zákl. přenesená\",J178,0)","v":0},{"$f":"IF(N178=\"sníž. přenesená\",J178,0)","v":0},{"$f":"IF(N178=\"nulová\",J178,0)","v":0},"1",{"$f":"ROUND(I178*H178,1)","v":0},"4","43"]
[null,null,"38","K","725813111","Ventil rohový s filtrem G 1/2 - montáž","soubor",6,null,{"$f":"ROUND(I179*H179,1)","v":0},null,null,null,"základní",null,{"$f":"O179*H179","v":0},0.00023914,{"$f":"Q179*H179","v":0.00143484},0,{"$f":"S179*H179","v":0},{"$nulls":23},"4",null,"K","2",null,null,null,"ROZPOCET",{"$nulls":5},{"$f":"IF(N179=\"základní\",J179,0)","v":0},{"$f":"IF(N179=\"snížená\",J179,0)","v":0},{"$f":"IF(N179=\"zákl. přenesená\",J179,0)","v":0},{"$f":"IF(N179=\"sníž. přenesená\",J179,0)","v":0},{"$f":"IF(N179=\"nulová\",J179,0)","v":0},"1",{"$f":"ROUND(I179*H179,1)","v":0},"4","44"]
[null,null,"140","M","71019","VÝLEVKA 5104.6 MIRA","ks",1,null,{"$f":"ROUND(I180*H180,1)","v":0},null,null,null,"základní",null,{"$f":"O180*H180","v":0},0,{"$f":"Q180*H180","v":0},0,{"$f":"S180*H180","v":0},{"$nulls":23},"8",null,"M","2",null,null,null,"ROZPOCET",{"$nulls":5},{"$f":"IF(N180=\"základní\",J180,0)","v":0},{"$f":"IF(N180=\"snížená\",J180,0)","v":0},{"$f":"IF(N180=\"zákl. přenesená\",J180,0)","v":0},{"$f":"IF(N180=\"sníž. přenesená\",J180,0)","v":0},{"$f":"IF(N180=\"nulová\",J180,0)","v":0},"1",{"$f":"ROUND(I180*H180,1)","v":0},"4","239054495"]
[null,null,"141","M","71020","DŘEZOVÁ UMYVADLOVÁ BATERIE 150 MM METALIA 55 CHROM","ks",1,null,{"$f":"ROUND(I181*H181,1)","v":0},null,null,null,"základní",null,{"$f":"O181*H181","v":0},0,{"$f":"Q181*H181","v":0},0,{"$f":"S181*H181","v":0},{"$nulls":23},"8",null,"M","2",null,null,null,"ROZPOCET",{"$nulls":5},{"$f":"IF(N181=\"základní\",J181,0)","v":0},{"$f":"IF(N181=\"snížená\",J181,0)","v":0},{"$f":"IF(N181=\"zákl. přenesená\",J181,0)","v":0},{"$f":"IF(N181=\"sníž. přenesená\",J181,0)","v":0},{"$f":"IF(N181=\"nulová\",J181,0)","v":0},"1",{"$f":"ROUND(I181*H181,1)","v":0},"4","-2095473505"]
[null,null,"120","M","72018","UMYVADLO 1042.3 CUBITO 104","ks",3,null,{"$f":"ROUND(I182*H182,1)","v":0},null,null,null,"základní",null,{"$f":"O182*H182","v":0},0,{"$f":"Q182*H182","v":0},0,{"$f":"S182*H182","v":0},{"$nulls":23},"8",null,"M","2",null,null,null,"ROZPOCET",{"$nulls":5},{"$f":"IF(N182=\"základní\",J182,0)","v":0},{"$f":"IF(N182=\"snížená\",J182,0)","v":0},{"$f":"IF(N182=\"zákl. přenesená\",J182,0)","v":0},{"$f":"IF(N182=\"sníž. přenesená\",J182,0)","v":0},{"$f":"IF(N182=\"nulová\",J182,0)","v":0},"1",{"$f":"ROUND(I182*H182,1)","v":0},"4","1525465231"]
[null,null,"121","M","72019","KRYT 1995.1 CUBITO","ks",3,null,{"$f":"ROUND(I183*H183,1)","v":0},null,null,null,"základní",null,{"$f":"O183*H183","v":0},0,{"$f":"Q183*H183","v":0},0,{"$f":"S183*H183","v":0},{"$nulls":23},"8",null,"M","2",null,null,null,"ROZPOCET",{"$nulls":5},{"$f":"IF(N183=\"základní\",J183,0)","v":0},{"$f":"IF(N183=\"snížená\",J183,0)","v":0},{"$f":"IF(N183=\"zákl. přenesená\",J183,0)","v":0},{"$f":"IF(N183=\"sníž. přenesená\",J183,0)","v":0},{"$f":"IF(N183=\"nulová\",J183,0)","v":0},"1",{"$f":"ROUND(I183*H183,1)","v":0},"4","-574648123"]
[null,null,"122","M","72020","SAMOUZAVÍRACÍ BATERIE UMYVADLOVÁ STOJÁNKOVÁ SMĚŠOVACÍ PRESTO 4000 SC TLAČNÁ","ks",3,null,{"$f":"ROUND(I184*H184,1)","v":0},null,null,null,"základní",null,{"$f":"O184*H184","v":0},0,{"$f":"Q184*H184","v":0},0,{"$f":"S184*H184","v":0},{"$nulls":23},"8",null,"M","2",null,null,null,"ROZPOCET",{"$nulls":5},{"$f":"IF(N184=\"základní\",J184,0)","v":0},{"$f":"IF(N184=\"snížená\",J184,0)","v":0},{"$f":"IF(N184=\"zákl. přenesená\",J184,0)","v":0},{"$f":"IF(N184=\"sníž. přenesená\",J184,0)","v":0},{"$f":"IF(N184=\"nulová\",J184,0)","v":0},"1",{"$f":"ROUND(I184*H184,1)","v":0},"4","1654148585"]
[null,null,"123","M","72021","SIFON A43 UMYVADLOVÝ S PŘEVL.MATICÍ","ks",3,null,{"$f":"ROUND(I185*H185,1)","v":0},null,null,null,"základní",null,{"$f":"O185*H185","v":0},0,{"$f":"Q185*H185","v":0},0,{"$f":"S185*H185","v":0},{"$nulls":23},"8",null,"M","2",null,null,null,"ROZPOCET",{"$nulls":5},{"$f":"IF(N185=\"základní\",J185,0)","v":0},{"$f":"IF(N185=\"snížená\",J185,0)","v":0},{"$f":"IF(N185=\"zákl. přenesená\",J185,0)","v":0},{"$f":"IF(N185=\"sníž. přenesená\",J185,0)","v":0},{"$f":"IF(N185=\"nulová\",J185,0)","v":0},"1",{"$f":"ROUND(I185*H185,1)","v":0},"4","944185418"]
[null,null,"125","M","72023","ŠROUB UMYVADLOVÝ-SADA","ks",3,null,{"$f":"ROUND(I186*H186,1)","v":0},null,null,null,"základní",null,{"$f":"O186*H186","v":0},0,{"$f":"Q186*H186","v":0},0,{"$f":"S186*H186","v":0},{"$nulls":23},"8",null,"M","2",null,null,null,"ROZPOCET",{"$nulls":5},{"$f":"IF(N186=\"základní\",J186,0)","v":0},{"$f":"IF(N186=\"snížená\",J186,0)","v":0},{"$f":"IF(N186=\"zákl. přenesená\",J186,0)","v":0},{"$f":"IF(N186=\"sníž. přenesená\",J186,0)","v":0},{"$f":"IF(N186=\"nulová\",J186,0)","v":0},"1",{"$f":"ROUND(I186*H186,1)","v":0},"4","-2017655990"]
[null,null,"126","M","72024","VENTIL ROHOVÝ SANLAND S FILTREM  970580000","ks",6,null,{"$f":"ROUND(I187*H187,1)","v":0},null,null,null,"základní",null,{"$f":"O187*H187","v":0},0,{"$f":"Q187*H187","v":0},0,{"$f":"S187*H187","v":0},{"$nulls":23},"8",null,"M","2",null,null,null,"ROZPOCET",{"$nulls":5},{"$f":"IF(N187=\"základní\",J187,0)","v":0},{"$f":"IF(N187=\"snížená\",J187,0)","v":0},{"$f":"IF(N187=\"zákl. přenesená\",J187,0)","v":0},{"$f":"IF(N187=\"sníž. přenesená\",J187,0)","v":0},{"$f":"IF(N187=\"nulová\",J187,0)","v":0},"1",{"$f":"ROUND(I187*H187,1)","v":0},"4","-531228085"]
[null,null,"127","M","72025","WC MÍSA ZÁVĚS 2338.2 LYRA PLUS","ks",3,null,{"$f":"ROUND(I188*H188,1)","v":0},null,null,null,"základní",null,{"$f":"O188*H188","v":0},0,{"$f":"Q188*H188","v":0},0,{"$f":"S188*H188","v":0},{"$nulls":23},"8",null,"M","2",null,null,null,"ROZPOCET",{"$nulls":5},{"$f":"IF(N188=\"základní\",J188,0)","v":0},{"$f":"IF(N188=\"snížená\",J188,0)","v":0},{"$f":"IF(N188=\"zákl. přenesená\",J188,0)","v":0},{"$f":"IF(N188=\"sníž. přenesená\",J188,0)","v":0},{"$f":"IF(N188=\"nulová\",J188,0)","v":0},"1",{"$f":"ROUND(I188*H188,1)","v":0},"4","1513898332"]
[null,null,"128","M","72026","SEDÁTKO 9338.7 LYRA PLUS ZÁVĚS","ks",3,null,{"$f":"ROUND(I189*H189,1)","v":0},null,null,null,"základní",null,{"$f":"O189*H189","v":0},0,{"$f":"Q189*H189","v":0},0,{"$f":"S189*H189","v":0},{"$nulls":23},"8",null,"M","2",null,null,null,"ROZPOCET",{"$nulls":5},{"$f":"IF(N189=\"základní\",J189,0)","v":0},{"$f":"IF(N189=\"snížená\",J189,0)","v":0},{"$f":"IF(N189=\"zákl. přenesená\",J189,0)","v":0},{"$f":"IF(N189=\"sníž. přenesená\",J189,0)","v":0},{"$f":"IF(N189=\"nulová\",J189,0)","v":0},"1",{"$f":"ROUND(I189*H189,1)","v":0},"4","-990592322"]
[null,null,"47","M","79980012","TĚSNĚNÍ K ZÁVĚS. WC M910","ks",3,null,{"$f":"ROUND(I190*H190,1)","v":0},null,null,null,"základní",null,{"$f":"O190*H190","v":0},0,{"$f":"Q190*H190","v":0},0,{"$f":"S190*H190","v":0},{"$nulls":23},"8",null,"M","2",null,null,null,"ROZPOCET",{"$nulls":5},{"$f":"IF(N190=\"základní\",J190,0)","v":0},{"$f":"IF(N190=\"snížená\",J190,0)","v":0},{"$f":"IF(N190=\"zákl. přenesená\",J190,0)","v":0},{"$f":"IF(N190=\"sníž. přenesená\",J190,0)","v":0},{"$f":"IF(N190=\"nulová\",J190,0)","v":0},"1",{"$f":"ROUND(I190*H190,1)","v":0},"4","67"]
[null,null,"49","K","725849299.R","Demontáž doplňků","kpl",1,null,{"$f":"ROUND(I191*H191,1)","v":0},null,null,null,"základní",null,{"$f":"O191*H191","v":0},0,{"$f":"Q191*H191","v":0},0,{"$f":"S191*H191","v":0},{"$nulls":23},"4",null,"K","2",null,null,null,"ROZPOCET",{"$nulls":5},{"$f":"IF(N191=\"základní\",J191,0)","v":0},{"$f":"IF(N191=\"snížená\",J191,0)","v":0},{"$f":"IF(N191=\"zákl. přenesená\",J191,0)","v":0},{"$f":"IF(N191=\"sníž. přenesená\",J191,0)","v":0},{"$f":"IF(N191=\"nulová\",J191,0)","v":0},"1",{"$f":"ROUND(I191*H191,1)","v":0},"4","69"]
[null,null,"50","K","725980123","Dvířka 30/30","kus",1,null,{"$f":"ROUND(I192*H192,1)","v":0},null,null,null,"základní",null,{"$f":"O192*H192","v":0},0.00031,{"$f":"Q192*H192","v":0.00031},0,{"$f":"S192*H192","v":0},{"$nulls":23},"4",null,"K","2",null,null,null,"ROZPOCET",{"$nulls":5},{"$f":"IF(N192=\"základní\",J192,0)","v":0},{"$f":"IF(N192=\"snížená\",J192,0)","v":0},{"$f":"IF(N192=\"zákl. přenesená\",J192,0)","v":0},{"$f":"IF(N192=\"sníž. přenesená\",J192,0)","v":0},{"$f":"IF(N192=\"nulová\",J192,0)","v":0},"1",{"$f":"ROUND(I192*H192,1)","v":0},"4","70"]
[null,null,"51","K","998725201","Přesun hmot procentní pro zařizovací předměty v objektech v do 6 m","%",null,null,{"$f":"ROUND(I193*H193,1)","v":0},null,null,null,"základní",null,{"$f":"O193*H193","v":0},0,{"$f":"Q193*H193","v":0},0,{"$f":"S193*H193","v":0},{"$nulls":23},"4",null,"K","2",null,null,null,"ROZPOCET",{"$nulls":5},{"$f":"IF(N193=\"základní\",J193,0)","v":0},{"$f":"IF(N193=\"snížená\",J193,0)","v":0},{"$f":"IF(N193=\"zákl. přenesená\",J193,0)","v":0},{"$f":"IF(N193=\"sníž. přenesená\",J193,0)","v":0},{"$f":"IF(N193=\"nulová\",J193,0)","v":0},"1",{"$f":"ROUND(I193*H193,1)","v":0},"4","72"]
[null,null,null,"D","726","Zdravotechnika - předstěnové instalace",null,null,null,{"$f":"BK194","v":0},{"$nulls":5},{"$f":"SUM(P195:P200)","v":0},null,{"$f":"SUM(R195:R200)","v":0.0015},null,{"$f":"SUM(T195:T200)","v":0},{"$nulls":23},"2",null,"D","1",null,null,null,"ROZPOCET",{"$nulls":11},{"$f":"SUM(BK195:BK200)","v":0}]
[null,null,"52","K","725112149","Montáž Kombifixu WC","soubor",3,null,{"$f":"ROUND(I195*H195,1)","v":0},null,null,null,"základní",null,{"$f":"O195*H195","v":0},0,{"$f":"Q195*H195","v":0},0,{"$f":"S195*H195","v":0},{"$nulls":23},"4",null,"K","2",null,null,null,"ROZPOCET",{"$nulls":5},{"$f":"IF(N195=\"základní\",J195,0)","v":0},{"$f":"IF(N195=\"snížená\",J195,0)","v":0},{"$f":"IF(N195=\"zákl. přenesená\",J195,0)","v":0},{"$f":"IF(N195=\"sníž. přenesená\",J195,0)","v":0},{"$f":"IF(N195=\"nulová\",J195,0)","v":0},"1",{"$f":"ROUND(I195*H195,1)","v":0},"4","73"]
[null,null,"53","K","725112153","Montáž ovladacího tlačítka WC","soubor",3,null,{"$f":"ROUND(I196*H196,1)","v":0},null,null,null,"základní",null,{"$f":"O196*H196","v":0},0,{"$f":"Q196*H196","v":0},0,{"$f":"S196*H196","v":0},{"$nulls":23},"4",null,"K","2",null,null,null,"ROZPOCET",{"$nulls":5},{"$f":"IF(N196=\"základní\",J196,0)","v":0},{"$f":"IF(N196=\"snížená\",J196,0)","v":0},{"$f":"IF(N196=\"zákl. přenesená\",J196,0)","v":0},{"$f":"IF(N196=\"sníž. přenesená\",J196,0)","v":0},{"$f":"IF(N196=\"nulová\",J196,0)","v":0},"1",{"$f":"ROUND(I196*H196,1)","v":0},"4","74"]
[null,null,"129","M","72027","MODUL KOMBIFIX ECO 110.302.00.5 WC, NA ZAZDĚNÍ","ks",3,null,{"$f":"ROUND(I197*H197,1)","v":0},null,null,null,"základní",null,{"$f":"O197*H197","v":0},0,{"$f":"Q197*H197","v":0},0,{"$f":"S197*H197","v":0},{"$nulls":23},"8",null,"M","2",null,null,null,"ROZPOCET",{"$nulls":5},{"$f":"IF(N197=\"základní\",J197,0)","v":0},{"$f":"IF(N197=\"snížená\",J197,0)","v":0},{"$f":"IF(N197=\"zákl. přenesená\",J197,0)","v":0},{"$f":"IF(N197=\"sníž. přenesená\",J197,0)","v":0},{"$f":"IF(N197=\"nulová\",J197,0)","v":0},"1",{"$f":"ROUND(I197*H197,1)","v":0},"4","-188331806"]
[null,null,"130","M","72028","TLAČÍTKO SIGMA01 115.770.11.5","ks",3,null,{"$f":"ROUND(I198*H198,1)","v":0},null,null,null,"základní",null,{"$f":"O198*H198","v":0},0,{"$f":"Q198*H198","v":0},0,{"$f":"S198*H198","v":0},{"$nulls":23},"8",null,"M","2",null,null,null,"ROZPOCET",{"$nulls":5},{"$f":"IF(N198=\"základní\",J198,0)","v":0},{"$f":"IF(N198=\"snížená\",J198,0)","v":0},{"$f":"IF(N198=\"zákl. přenesená\",J198,0)","v":0},{"$f":"IF(N198=\"sníž. přenesená\",J198,0)","v":0},{"$f":"IF(N198=\"nulová\",J198,0)","v":0},"1",{"$f":"ROUND(I198*H198,1)","v":0},"4","1410922701"]
[null,null,"57","K","726191002","Souprava pro předstěnovou montáž","soubor",3,null,{"$f":"ROUND(I199*H199,1)","v":0},null,null,null,"základní",null,{"$f":"O199*H199","v":0},0.0005,{"$f":"Q199*H199","v":0.0015},0,{"$f":"S199*H199","v":0},{"$nulls":23},"4",null,"K","2",null,null,null,"ROZPOCET",{"$nulls":5},{"$f":"IF(N199=\"základní\",J199,0)","v":0},{"$f":"IF(N199=\"snížená\",J199,0)","v":0},{"$f":"IF(N199=\"zákl. přenesená\",J199,0)","v":0},{"$f":"IF(N199=\"sníž. přenesená\",J199,0)","v":0},{"$f":"IF(N199=\"nulová\",J199,0)","v":0},"1",{"$f":"ROUND(I199*H199,1)","v":0},"4","79"]
[null,null,"58","K","998726211","Přesun hmot procentní pro instalační prefabrikáty v objektech v do 6 m","%",null,null,{"$f":"ROUND(I200*H200,1)","v":0},null,null,null,"základní",null,{"$f":"O200*H200","v":0},0,{"$f":"Q200*H200","v":0},0,{"$f":"S200*H200","v":0},{"$nulls":23},"4",null,"K","2",null,null,null,"ROZPOCET",{"$nulls":5},{"$f":"IF(N200=\"základní\",J200,0)","v":0},{"$f":"IF(N200=\"snížená\",J200,0)","v":0},{"$f":"IF(N200=\"zákl. přenesená\",J200,0)","v":0},{"$f":"IF(N200=\"sníž. přenesená\",J200,0)","v":0},{"$f":"IF(N200=\"nulová\",J200,0)","v":0},"1",{"$f":"ROUND(I200*H200,1)","v":0},"4","80"]
[null,null,null,"D","734","Ústřední vytápění - armatury",null,null,null,{"$f":"BK201","v":0},{"$nulls":5},{"$f":"SUM(P202:P206)","v":0},null,{"$f":"SUM(R202:R206)","v":0.000409874},null,{"$f":"SUM(T202:T206)","v":0.0022},{"$nulls":23},"2",null,"D","1",null,null,null,"ROZPOCET",{"$nulls":11},{"$f":"SUM(BK202:BK206)","v":0}]
[null,null,"59","K","734200822","Demontáž armatury závitové se dvěma závity do G 1","kus",2,null,{"$f":"ROUND(I202*H202,1)","v":0},null,null,null,"základní",null,{"$f":"O202*H202","v":0},0.0001264,{"$f":"Q202*H202","v":0.0002528},0.0011,{"$f":"S202*H202","v":0.0022},{"$nulls":23},"4",null,"K","2",null,null,null,"ROZPOCET",{"$nulls":5},{"$f":"IF(N202=\"základní\",J202,0)","v":0},{"$f":"IF(N202=\"snížená\",J202,0)","v":0},{"$f":"IF(N202=\"zákl. přenesená\",J202,0)","v":0},{"$f":"IF(N202=\"sníž. přenesená\",J202,0)","v":0},{"$f":"IF(N202=\"nulová\",J202,0)","v":0},"1",{"$f":"ROUND(I202*H202,1)","v":0},"4","81"]
[null,null,"60","K","734209113","Montáž armatury závitové s dvěma závity G 1/2","kus",2,null,{"$f":"ROUND(I203*H203,1)","v":0},null,null,null,"základní",null,{"$f":"O203*H203","v":0},7.8537E-005,{"$f":"Q203*H203","v":0.000157074},0,{"$f":"S203*H203","v":0},{"$nulls":23},"4",null,"K","2",null,null,null,"ROZPOCET",{"$nulls":5},{"$f":"IF(N203=\"základní\",J203,0)","v":0},{"$f":"IF(N203=\"snížená\",J203,0)","v":0},{"$f":"IF(N203=\"zákl. přenesená\",J203,0)","v":0},{"$f":"IF(N203=\"sníž. přenesená\",J203,0)","v":0},{"$f":"IF(N203=\"nulová\",J203,0)","v":0},"1",{"$f":"ROUND(I203*H203,1)","v":0},"4","82"]
[null,null,"61","M","734310307","ŠROUBENÍ REGUTEC 0355-02.000","KS",1,null,{"$f":"ROUND(I204*H204,1)","v":0},null,null,null,"základní",null,{"$f":"O204*H204","v":0},0,{"$f":"Q204*H204","v":0},0,{"$f":"S204*H204","v":0},{"$nulls":23},"8",null,"M","2",null,null,null,"ROZPOCET",{"$nulls":5},{"$f":"IF(N204=\"základní\",J204,0)","v":0},{"$f":"IF(N204=\"snížená\",J204,0)","v":0},{"$f":"IF(N204=\"zákl. přenesená\",J204,0)","v":0},{"$f":"IF(N204=\"sníž. přenesená\",J204,0)","v":0},{"$f":"IF(N204=\"nulová\",J204,0)","v":0},"1",{"$f":"ROUND(I204*H204,1)","v":0},"4","83"]
[null,null,"62","M","734310308","VENTIL V-EXAKT 3711-02.000 1/2\" ","KS",1,null,{"$f":"ROUND(I205*H205,1)","v":0},null,null,null,"základní",null,{"$f":"O205*H205","v":0},0,{"$f":"Q205*H205","v":0},0,{"$f":"S205*H205","v":0},{"$nulls":23},"8",null,"M","2",null,null,null,"ROZPOCET",{"$nulls":5},{"$f":"IF(N205=\"základní\",J205,0)","v":0},{"$f":"IF(N205=\"snížená\",J205,0)","v":0},{"$f":"IF(N205=\"zákl. přenesená\",J205,0)","v":0},{"$f":"IF(N205=\"sníž. přenesená\",J205,0)","v":0},{"$f":"IF(N205=\"nulová\",J205,0)","v":0},"1",{"$f":"ROUND(I205*H205,1)","v":0},"4","84"]
[null,null,"63","K","998734201","Přesun hmot procentní pro armatury v objektech v do 6 m","%",null,null,{"$f":"ROUND(I206*H206,1)","v":0},null,null,null,"základní",null,{"$f":"O206*H206","v":0},0,{"$f":"Q206*H206","v":0},0,{"$f":"S206*H206","v":0},{"$nulls":23},"4",null,"K","2",null,null,null,"ROZPOCET",{"$nulls":5},{"$f":"IF(N206=\"základní\",J206,0)","v":0},{"$f":"IF(N206=\"snížená\",J206,0)","v":0},{"$f":"IF(N206=\"zákl. přenesená\",J206,0)","v":0},{"$f":"IF(N206=\"sníž. přenesená\",J206,0)","v":0},{"$f":"IF(N206=\"nulová\",J206,0)","v":0},"1",{"$f":"ROUND(I206*H206,1)","v":0},"4","85"]
[null,null,null,"D","735","Ústřední vytápění - otopná tělesa",null,null,null,{"$f":"BK207","v":0},{"$nulls":5},{"$f":"SUM(P208:P212)","v":0},null,{"$f":"SUM(R208:R212)","v":0},null,{"$f":"SUM(T208:T212)","v":0.0238},{"$nulls":23},"2",null,"D","1",null,null,null,"ROZPOCET",{"$nulls":11},{"$f":"SUM(BK208:BK212)","v":0}]
[null,null,"64","K","735494811","Vypuštění vody z otopných těles","kpl",1,null,{"$f":"ROUND(I208*H208,1)","v":0},null,null,null,"základní",null,{"$f":"O208*H208","v":0},0,{"$f":"Q208*H208","v":0},0,{"$f":"S208*H208","v":0},{"$nulls":23},"4",null,"K","2",null,null,null,"ROZPOCET",{"$nulls":5},{"$f":"IF(N208=\"základní\",J208,0)","v":0},{"$f":"IF(N208=\"snížená\",J208,0)","v":0},{"$f":"IF(N208=\"zákl. přenesená\",J208,0)","v":0},{"$f":"IF(N208=\"sníž. přenesená\",J208,0)","v":0},{"$f":"IF(N208=\"nulová\",J208,0)","v":0},"1",{"$f":"ROUND(I208*H208,1)","v":0},"4","86"]
[null,null,"65","K","735111810","Demontáž stávajícího otopného tělesa","ks",1,null,{"$f":"ROUND(I209*H209,1)","v":0},null,null,null,"základní",null,{"$f":"O209*H209","v":0},0,{"$f":"Q209*H209","v":0},0.0238,{"$f":"S209*H209","v":0.0238},{"$nulls":23},"4",null,"K","2",null,null,null,"ROZPOCET",{"$nulls":5},{"$f":"IF(N209=\"základní\",J209,0)","v":0},{"$f":"IF(N209=\"snížená\",J209,0)","v":0},{"$f":"IF(N209=\"zákl. přenesená\",J209,0)","v":0},{"$f":"IF(N209=\"sníž. přenesená\",J209,0)","v":0},{"$f":"IF(N209=\"nulová\",J209,0)","v":0},"1",{"$f":"ROUND(I209*H209,1)","v":0},"4","87"]
[null,null,"66","K","735159340","Zpětná montáž otopného tělesa","kus",1,null,{"$f":"ROUND(I210*H210,1)","v":0},null,null,null,"základní",null,{"$f":"O210*H210","v":0},0,{"$f":"Q210*H210","v":0},0,{"$f":"S210*H210","v":0},{"$nulls":23},"4",null,"K","2",null,null,null,"ROZPOCET",{"$nulls":5},{"$f":"IF(N210=\"základní\",J210,0)","v":0},{"$f":"IF(N210=\"snížená\",J210,0)","v":0},{"$f":"IF(N210=\"zákl. přenesená\",J210,0)","v":0},{"$f":"IF(N210=\"sníž. přenesená\",J210,0)","v":0},{"$f":"IF(N210=\"nulová\",J210,0)","v":0},"1",{"$f":"ROUND(I210*H210,1)","v":0},"4","88"]
[null,null,"67","K","735191910","Napuštění vody do otopných těles","kpl",1,null,{"$f":"ROUND(I211*H211,1)","v":0},null,null,null,"základní",null,{"$f":"O211*H211","v":0},0,{"$f":"Q211*H211","v":0},0,{"$f":"S211*H211","v":0},{"$nulls":23},"4",null,"K","2",null,null,null,"ROZPOCET",{"$nulls":5},{"$f":"IF(N211=\"základní\",J211,0)","v":0},{"$f":"IF(N211=\"snížená\",J211,0)","v":0},{"$f":"IF(N211=\"zákl. přenesená\",J211,0)","v":0},{"$f":"IF(N211=\"sníž. přenesená\",J211,0)","v":0},{"$f":"IF(N211=\"nulová\",J211,0)","v":0},"1",{"$f":"ROUND(I211*H211,1)","v":0},"4","89"]
[null,null,"68","K","998735201","Přesun hmot procentní pro otopná tělesa v objektech v do 6 m","%",null,null,{"$f":"ROUND(I212*H212,1)","v":0},null,null,null,"základní",null,{"$f":"O212*H212","v":0},0,{"$f":"Q212*H212","v":0},0,{"$f":"S212*H212","v":0},{"$nulls":23},"4",null,"K","2",null,null,null,"ROZPOCET",{"$nulls":5},{"$f":"IF(N212=\"základní\",J212,0)","v":0},{"$f":"IF(N212=\"snížená\",J212,0)","v":0},{"$f":"IF(N212=\"zákl. přenesená\",J212,0)","v":0},{"$f":"IF(N212=\"sníž. přenesená\",J212,0)","v":0},{"$f":"IF(N212=\"nulová\",J212,0)","v":0},"1",{"$f":"ROUND(I212*H212,1)","v":0},"4","90"]
[null,null,null,"D","771","Podlahy z dlaždic",null,null,null,{"$f":"BK213","v":0},{"$nulls":5},{"$f":"SUM(P214:P219)","v":0},null,{"$f":"SUM(R214:R219)","v":0.43452},null,{"$f":"SUM(T214:T219)","v":0},{"$nulls":23},"2",null,"D","1",null,null,null,"ROZPOCET",{"$nulls":11},{"$f":"SUM(BK214:BK219)","v":0}]
[null,null,"69","K","771151025.LSS","Samonivelační stěrka podlah","m2",21.3,null,{"$f":"ROUND(I214*H214,1)","v":0},null,null,null,"základní",null,{"$f":"O214*H214","v":0},0.0204,{"$f":"Q214*H214","v":0.43452},0,{"$f":"S214*H214","v":0},{"$nulls":23},"16",null,"K","2",null,null,null,"ROZPOCET",{"$nulls":5},{"$f":"IF(N214=\"základní\",J214,0)","v":0},{"$f":"IF(N214=\"snížená\",J214,0)","v":0},{"$f":"IF(N214=\"zákl. přenesená\",J214,0)","v":0},{"$f":"IF(N214=\"sníž. přenesená\",J214,0)","v":0},{"$f":"IF(N214=\"nulová\",J214,0)","v":0},"1",{"$f":"ROUND(I214*H214,1)","v":0},"16","-10207406"]
[null,null,"71","K","771591111","Podlahy penetrace podkladu","m2",21.3,null,{"$f":"ROUND(I215*H215,1)","v":0},null,null,null,"základní",null,{"$f":"O215*H215","v":0},0,{"$f":"Q215*H215","v":0},0,{"$f":"S215*H215","v":0},{"$nulls":23},"4",null,"K","2",null,null,null,"ROZPOCET",{"$nulls":5},{"$f":"IF(N215=\"základní\",J215,0)","v":0},{"$f":"IF(N215=\"snížená\",J215,0)","v":0},{"$f":"IF(N215=\"zákl. přenesená\",J215,0)","v":0},{"$f":"IF(N215=\"sníž. přenesená\",J215,0)","v":0},{"$f":"IF(N215=\"nulová\",J215,0)","v":0},"1",{"$f":"ROUND(I215*H215,1)","v":0},"4","112"]
[null,null,"115","M","72013","DLAŽBA RAKO BLOCK SV.ŠEDÁ 60X60 DAK63780","m2",23.76,null,{"$f":"ROUND(I216*H216,1)","v":0},null,null,null,"základní",null,{"$f":"O216*H216","v":0},0,{"$f":"Q216*H216","v":0},0,{"$f":"S216*H216","v":0},{"$nulls":23},"8",null,"M","2",null,null,null,"ROZPOCET",{"$nulls":5},{"$f":"IF(N216=\"základní\",J216,0)","v":0},{"$f":"IF(N216=\"snížená\",J216,0)","v":0},{"$f":"IF(N216=\"zákl. přenesená\",J216,0)","v":0},{"$f":"IF(N216=\"sníž. přenesená\",J216,0)","v":0},{"$f":"IF(N216=\"nulová\",J216,0)","v":0},"1",{"$f":"ROUND(I216*H216,1)","v":0},"4","-1118972528"]
[null,null,"117","M","72015","CERESIT HMOTA SPÁROVACÍ CE 40 5kg 13 ANTRACITE","ks",2,null,{"$f":"ROUND(I217*H217,1)","v":0},null,null,null,"základní",null,{"$f":"O217*H217","v":0},0,{"$f":"Q217*H217","v":0},0,{"$f":"S217*H217","v":0},{"$nulls":23},"8",null,"M","2",null,null,null,"ROZPOCET",{"$nulls":5},{"$f":"IF(N217=\"základní\",J217,0)","v":0},{"$f":"IF(N217=\"snížená\",J217,0)","v":0},{"$f":"IF(N217=\"zákl. přenesená\",J217,0)","v":0},{"$f":"IF(N217=\"sníž. přenesená\",J217,0)","v":0},{"$f":"IF(N217=\"nulová\",J217,0)","v":0},"1",{"$f":"ROUND(I217*H217,1)","v":0},"4","1452501294"]
[null,null,"74","M","7812322623","K PÁS IZOLAČNÍ CL 152 1M/50BAL","m",30,null,{"$f":"ROUND(I218*H218,1)","v":0},null,null,null,"základní",null,{"$f":"O218*H218","v":0},0,{"$f":"Q218*H218","v":0},0,{"$f":"S218*H218","v":0},{"$nulls":23},"8",null,"M","2",null,null,null,"ROZPOCET",{"$nulls":5},{"$f":"IF(N218=\"základní\",J218,0)","v":0},{"$f":"IF(N218=\"snížená\",J218,0)","v":0},{"$f":"IF(N218=\"zákl. přenesená\",J218,0)","v":0},{"$f":"IF(N218=\"sníž. přenesená\",J218,0)","v":0},{"$f":"IF(N218=\"nulová\",J218,0)","v":0},"1",{"$f":"ROUND(I218*H218,1)","v":0},"4","115"]
[null,null,"77","K","998771101","Přesun hmot pro podlahy z dlaždic v objektech v do 6 m","%",null,null,{"$f":"ROUND(I219*H219,1)","v":0},null,null,null,"základní",null,{"$f":"O219*H219","v":0},0,{"$f":"Q219*H219","v":0},0,{"$f":"S219*H219","v":0},{"$nulls":23},"4",null,"K","2",null,null,null,"ROZPOCET",{"$nulls":5},{"$f":"IF(N219=\"základní\",J219,0)","v":0},{"$f":"IF(N219=\"snížená\",J219,0)","v":0},{"$f":"IF(N219=\"zákl. přenesená\",J219,0)","v":0},{"$f":"IF(N219=\"sníž. přenesená\",J219,0)","v":0},{"$f":"IF(N219=\"nulová\",J219,0)","v":0},"1",{"$f":"ROUND(I219*H219,1)","v":0},"4","122"]
[null,null,null,"D","781","Dokončovací práce - obklady",null,null,null,{"$f":"BK220","v":0},{"$nulls":5},{"$f":"SUM(P221:P232)","v":0},null,{"$f":"SUM(R221:R232)","v":0.535745},null,{"$f":"SUM(T221:T232)","v":4.19725},{"$nulls":23},"2",null,"D","1",null,null,null,"ROZPOCET",{"$nulls":11},{"$f":"SUM(BK221:BK232)","v":0}]
[null,null,"78","K","781471810","Demontáž obkladů z obkladaček keramických","m2",51.5,null,{"$f":"ROUND(I221*H221,1)","v":0},null,null,null,"základní",null,{"$f":"O221*H221","v":0},0,{"$f":"Q221*H221","v":0},0.0815,{"$f":"S221*H221","v":4.19725},{"$nulls":23},"4",null,"K","2",null,null,null,"ROZPOCET",{"$nulls":5},{"$f":"IF(N221=\"základní\",J221,0)","v":0},{"$f":"IF(N221=\"snížená\",J221,0)","v":0},{"$f":"IF(N221=\"zákl. přenesená\",J221,0)","v":0},{"$f":"IF(N221=\"sníž. přenesená\",J221,0)","v":0},{"$f":"IF(N221=\"nulová\",J221,0)","v":0},"1",{"$f":"ROUND(I221*H221,1)","v":0},"4","123"]
[null,null,"79","K","781151031","Celoplošné vyrovnání podkladu stěrkou tl 3 mm","m2",51.5,null,{"$f":"ROUND(I222*H222,1)","v":0},null,null,null,"základní",null,{"$f":"O222*H222","v":0},0.0045,{"$f":"Q222*H222","v":0.23175},0,{"$f":"S222*H222","v":0},{"$nulls":23},"4",null,"K","2",null,null,null,"ROZPOCET",{"$nulls":5},{"$f":"IF(N222=\"základní\",J222,0)","v":0},{"$f":"IF(N222=\"snížená\",J222,0)","v":0},{"$f":"IF(N222=\"zákl. přenesená\",J222,0)","v":0},{"$f":"IF(N222=\"sníž. přenesená\",J222,0)","v":0},{"$f":"IF(N222=\"nulová\",J222,0)","v":0},"1",{"$f":"ROUND(I222*H222,1)","v":0},"4","124"]
[null,null,"80","K","781151041","Příplatek k cenám celoplošné vyrovnání stěrkou za každý další 1 mm přes tl 3 mm","m2",51.5,null,{"$f":"ROUND(I223*H223,1)","v":0},null,null,null,"základní",null,{"$f":"O223*H223","v":0},0.00145,{"$f":"Q223*H223","v":0.074675},0,{"$f":"S223*H223","v":0},{"$nulls":23},"16",null,"K","2",null,null,null,"ROZPOCET",{"$nulls":5},{"$f":"IF(N223=\"základní\",J223,0)","v":0},{"$f":"IF(N223=\"snížená\",J223,0)","v":0},{"$f":"IF(N223=\"zákl. přenesená\",J223,0)","v":0},{"$f":"IF(N223=\"sníž. přenesená\",J223,0)","v":0},{"$f":"IF(N223=\"nulová\",J223,0)","v":0},"1",{"$f":"ROUND(I223*H223,1)","v":0},"16","-1847687744"]
[null,null,"81","K","781495111","Penetrace podkladu vnitřních obkladů","m2",51.5,null,{"$f":"ROUND(I224*H224,1)","v":0},null,null,null,"základní",null,{"$f":"O224*H224","v":0},0,{"$f":"Q224*H224","v":0},0,{"$f":"S224*H224","v":0},{"$nulls":23},"4",null,"K","2",null,null,null,"ROZPOCET",{"$nulls":5},{"$f":"IF(N224=\"základní\",J224,0)","v":0},{"$f":"IF(N224=\"snížená\",J224,0)","v":0},{"$f":"IF(N224=\"zákl. přenesená\",J224,0)","v":0},{"$f":"IF(N224=\"sníž. přenesená\",J224,0)","v":0},{"$f":"IF(N224=\"nulová\",J224,0)","v":0},"1",{"$f":"ROUND(I224*H224,1)","v":0},"4","125"]
[null,null,"135","M","71001","OBKLAD SYSTEM WAAV4000 BÍLÁ LESK 30X60","m2",48.06,null,{"$f":"ROUND(I225*H225,1)","v":0},null,null,null,"základní",null,{"$f":"O225*H225","v":0},0,{"$f":"Q225*H225","v":0},0,{"$f":"S225*H225","v":0},{"$nulls":23},"8",null,"M","2",null,null,null,"ROZPOCET",{"$nulls":5},{"$f":"IF(N225=\"základní\",J225,0)","v":0},{"$f":"IF(N225=\"snížená\",J225,0)","v":0},{"$f":"IF(N225=\"zákl. přenesená\",J225,0)","v":0},{"$f":"IF(N225=\"sníž. přenesená\",J225,0)","v":0},{"$f":"IF(N225=\"nulová\",J225,0)","v":0},"1",{"$f":"ROUND(I225*H225,1)","v":0},"4","-1792354870"]
[null,null,"136","M","71002","COLOR ONE ČERVENÁ LESK 15X15 WAA19363","m2",8,null,{"$f":"ROUND(I226*H226,1)","v":0},null,null,null,"základní",null,{"$f":"O226*H226","v":0},0,{"$f":"Q226*H226","v":0},0,{"$f":"S226*H226","v":0},{"$nulls":23},"8",null,"M","2",null,null,null,"ROZPOCET",{"$nulls":5},{"$f":"IF(N226=\"základní\",J226,0)","v":0},{"$f":"IF(N226=\"snížená\",J226,0)","v":0},{"$f":"IF(N226=\"zákl. přenesená\",J226,0)","v":0},{"$f":"IF(N226=\"sníž. přenesená\",J226,0)","v":0},{"$f":"IF(N226=\"nulová\",J226,0)","v":0},"1",{"$f":"ROUND(I226*H226,1)","v":0},"4","252642337"]
[null,null,"137","M","71004","CERESIT HMOTA SPÁROVACÍ CE 40 5kg 04 SILVER Aquastatic","ks",5,null,{"$f":"ROUND(I227*H227,1)","v":0},null,null,null,"základní",null,{"$f":"O227*H227","v":0},0,{"$f":"Q227*H227","v":0},0,{"$f":"S227*H227","v":0},{"$nulls":23},"8",null,"M","2",null,null,null,"ROZPOCET",{"$nulls":5},{"$f":"IF(N227=\"základní\",J227,0)","v":0},{"$f":"IF(N227=\"snížená\",J227,0)","v":0},{"$f":"IF(N227=\"zákl. přenesená\",J227,0)","v":0},{"$f":"IF(N227=\"sníž. přenesená\",J227,0)","v":0},{"$f":"IF(N227=\"nulová\",J227,0)","v":0},"1",{"$f":"ROUND(I227*H227,1)","v":0},"4","-1444712216"]
[null,null,"138","M","71006","CERESIT SILIKON SILVER 4 280ml","ks",10,null,{"$f":"ROUND(I228*H228,1)","v":0},null,null,null,"základní",null,{"$f":"O228*H228","v":0},0,{"$f":"Q228*H228","v":0},0,{"$f":"S228*H228","v":0},{"$nulls":23},"8",null,"M","2",null,null,null,"ROZPOCET",{"$nulls":5},{"$f":"IF(N228=\"základní\",J228,0)","v":0},{"$f":"IF(N228=\"snížená\",J228,0)","v":0},{"$f":"IF(N228=\"zákl. přenesená\",J228,0)","v":0},{"$f":"IF(N228=\"sníž. přenesená\",J228,0)","v":0},{"$f":"IF(N228=\"nulová\",J228,0)","v":0},"1",{"$f":"ROUND(I228*H228,1)","v":0},"4","-2059152910"]
[null,null,"139","M","71007","LIŠTA AL SCHOD. \"L\" 11MM/2,5M ELOX PŘÍRODNÍ","ks",15,null,{"$f":"ROUND(I229*H229,1)","v":0},null,null,null,"základní",null,{"$f":"O229*H229","v":0},0,{"$f":"Q229*H229","v":0},0,{"$f":"S229*H229","v":0},{"$nulls":23},"8",null,"M","2",null,null,null,"ROZPOCET",{"$nulls":5},{"$f":"IF(N229=\"základní\",J229,0)","v":0},{"$f":"IF(N229=\"snížená\",J229,0)","v":0},{"$f":"IF(N229=\"zákl. přenesená\",J229,0)","v":0},{"$f":"IF(N229=\"sníž. přenesená\",J229,0)","v":0},{"$f":"IF(N229=\"nulová\",J229,0)","v":0},"1",{"$f":"ROUND(I229*H229,1)","v":0},"4","-207983030"]
[null,null,"82","M","781232262121b","IZOLACE JEDNOSLOŽ. CL 51 5KG","KS",2,null,{"$f":"ROUND(I230*H230,1)","v":0},null,null,null,"základní",null,{"$f":"O230*H230","v":0},0,{"$f":"Q230*H230","v":0},0,{"$f":"S230*H230","v":0},{"$nulls":23},"8",null,"M","2",null,null,null,"ROZPOCET",{"$nulls":5},{"$f":"IF(N230=\"základní\",J230,0)","v":0},{"$f":"IF(N230=\"snížená\",J230,0)","v":0},{"$f":"IF(N230=\"zákl. přenesená\",J230,0)","v":0},{"$f":"IF(N230=\"sníž. přenesená\",J230,0)","v":0},{"$f":"IF(N230=\"nulová\",J230,0)","v":0},"1",{"$f":"ROUND(I230*H230,1)","v":0},"4","126"]
[null,null,"83","K","781474115","Montáž obkladů vnitřních keramických hladkých lepených flexibilním lepidlem","m2",44.1,null,{"$f":"ROUND(I231*H231,1)","v":0},null,null,null,"základní",null,{"$f":"O231*H231","v":0},0.0052,{"$f":"Q231*H231","v":0.22932},0,{"$f":"S231*H231","v":0},{"$nulls":23},"4",null,"K","2",null,null,null,"ROZPOCET",{"$nulls":5},{"$f":"IF(N231=\"základní\",J231,0)","v":0},{"$f":"IF(N231=\"snížená\",J231,0)","v":0},{"$f":"IF(N231=\"zákl. přenesená\",J231,0)","v":0},{"$f":"IF(N231=\"sníž. přenesená\",J231,0)","v":0},{"$f":"IF(N231=\"nulová\",J231,0)","v":0},"1",{"$f":"ROUND(I231*H231,1)","v":0},"4","127"]
[null,null,"91","K","998781101","Přesun hmot pro obklady keramické v objektech v do 6 m","%",null,null,{"$f":"ROUND(I232*H232,1)","v":0},null,null,null,"základní",null,{"$f":"O232*H232","v":0},0,{"$f":"Q232*H232","v":0},0,{"$f":"S232*H232","v":0},{"$nulls":23},"4",null,"K","2",null,null,null,"ROZPOCET",{"$nulls":5},{"$f":"IF(N232=\"základní\",J232,0)","v":0},{"$f":"IF(N232=\"snížená\",J232,0)","v":0},{"$f":"IF(N232=\"zákl. přenesená\",J232,0)","v":0},{"$f":"IF(N232=\"sníž. přenesená\",J232,0)","v":0},{"$f":"IF(N232=\"nulová\",J232,0)","v":0},"1",{"$f":"ROUND(I232*H232,1)","v":0},"4","135"]
[null,null,null,"D","783","Dokončovací práce - nátěry",null,null,null,{"$f":"BK233","v":0},{"$nulls":5},{"$f":"SUM(P234:P235)","v":0},null,{"$f":"SUM(R234:R235)","v":0.00168},null,{"$f":"SUM(T234:T235)","v":0},{"$nulls":23},"2",null,"D","1",null,null,null,"ROZPOCET",{"$nulls":11},{"$f":"SUM(BK234:BK235)","v":0}]
[null,null,"92","K","783425424","Nátěry syntetické potrubí do DN 50 ","m",10,null,{"$f":"ROUND(I234*H234,1)","v":0},null,null,null,"základní",null,{"$f":"O234*H234","v":0},0.00014,{"$f":"Q234*H234","v":0.0014},0,{"$f":"S234*H234","v":0},{"$nulls":23},"16",null,"K","2",null,null,null,"ROZPOCET",{"$nulls":5},{"$f":"IF(N234=\"základní\",J234,0)","v":0},{"$f":"IF(N234=\"snížená\",J234,0)","v":0},{"$f":"IF(N234=\"zákl. přenesená\",J234,0)","v":0},{"$f":"IF(N234=\"sníž. přenesená\",J234,0)","v":0},{"$f":"IF(N234=\"nulová\",J234,0)","v":0},"1",{"$f":"ROUND(I234*H234,1)","v":0},"16","136"]
[null,null,"93","K","78342542b","Nátěry zárubní","ks",2,null,{"$f":"ROUND(I235*H235,1)","v":0},null,null,null,"základní",null,{"$f":"O235*H235","v":0},0.00014,{"$f":"Q235*H235","v":0.00028},0,{"$f":"S235*H235","v":0},{"$nulls":23},"16",null,"K","2",null,null,null,"ROZPOCET",{"$nulls":5},{"$f":"IF(N235=\"základní\",J235,0)","v":0},{"$f":"IF(N235=\"snížená\",J235,0)","v":0},{"$f":"IF(N235=\"zákl. přenesená\",J235,0)","v":0},{"$f":"IF(N235=\"sníž. přenesená\",J235,0)","v":0},{"$f":"IF(N235=\"nulová\",J235,0)","v":0},"1",{"$f":"ROUND(I235*H235,1)","v":0},"16","-851206286"]
[null,null,null,"D","784","Dokončovací práce - malby a tapety",null,null,null,{"$f":"BK236","v":0},{"$nulls":5},0,null,0,null,0,{"$nulls":23},"2",null,"D","1",null,null,null,"ROZPOCET",{"$nulls":11},0]
[null,null,null,"D","795","Ostatní náklady",null,null,null,{"$f":"BK237","v":0},{"$nulls":5},{"$f":"SUM(P238:P252)","v":0},null,{"$f":"SUM(R238:R252)","v":0},null,{"$f":"SUM(T238:T252)","v":0},{"$nulls":23},"2",null,"D","1",null,null,null,"ROZPOCET",{"$nulls":11},{"$f":"SUM(BK238:BK252)","v":0}]
[null,null,"95","K","72561a","Větrací mřížka ","ks",4,null,{"$f":"ROUND(I238*H238,1)","v":0},null,null,null,"základní",null,{"$f":"O238*H238","v":0},0,{"$f":"Q238*H238","v":0},0,{"$f":"S238*H238","v":0},{"$nulls":23},"4",null,"K","2",null,null,null,"ROZPOCET",{"$nulls":5},{"$f":"IF(N238=\"základní\",J238,0)","v":0},{"$f":"IF(N238=\"snížená\",J238,0)","v":0},{"$f":"IF(N238=\"zákl. přenesená\",J238,0)","v":0},{"$f":"IF(N238=\"sníž. přenesená\",J238,0)","v":0},{"$f":"IF(N238=\"nulová\",J238,0)","v":0},"1",{"$f":"ROUND(I238*H238,1)","v":0},"4","-1984939738"]
[null,null,"96","K","795990001","Bourací práce","hod",32,null,{"$f":"ROUND(I239*H239,1)","v":0},null,null,null,"základní",null,{"$f":"O239*H239","v":0},0,{"$f":"Q239*H239","v":0},0,{"$f":"S239*H239","v":0},{"$nulls":23},"4",null,"K","2",null,null,null,"ROZPOCET",{"$nulls":5},{"$f":"IF(N239=\"základní\",J239,0)","v":0},{"$f":"IF(N239=\"snížená\",J239,0)","v":0},{"$f":"IF(N239=\"zákl. přenesená\",J239,0)","v":0},{"$f":"IF(N239=\"sníž. přenesená\",J239,0)","v":0},{"$f":"IF(N239=\"nulová\",J239,0)","v":0},"1",{"$f":"ROUND(I239*H239,1)","v":0},"4","138"]
[null,null,"97","K","795990002","Zednické práce","hod",48,null,{"$f":"ROUND(I240*H240,1)","v":0},null,null,null,"základní",null,{"$f":"O240*H240","v":0},0,{"$f":"Q240*H240","v":0},0,{"$f":"S240*H240","v":0},{"$nulls":23},"4",null,"K","2",null,null,null,"ROZPOCET",{"$nulls":5},{"$f":"IF(N240=\"základní\",J240,0)","v":0},{"$f":"IF(N240=\"snížená\",J240,0)","v":0},{"$f":"IF(N240=\"zákl. přenesená\",J240,0)","v":0},{"$f":"IF(N240=\"sníž. přenesená\",J240,0)","v":0},{"$f":"IF(N240=\"nulová\",J240,0)","v":0},"1",{"$f":"ROUND(I240*H240,1)","v":0},"4","139"]
[null,null,"98","M","795990003","Materiál pro zednické práce","kpl",1,null,{"$f":"ROUND(I241*H241,1)","v":0},null,null,null,"základní",null,{"$f":"O241*H241","v":0},0,{"$f":"Q241*H241","v":0},0,{"$f":"S241*H241","v":0},{"$nulls":23},"8",null,"M","2",null,null,null,"ROZPOCET",{"$nulls":5},{"$f":"IF(N241=\"základní\",J241,0)","v":0},{"$f":"IF(N241=\"snížená\",J241,0)","v":0},{"$f":"IF(N241=\"zákl. přenesená\",J241,0)","v":0},{"$f":"IF(N241=\"sníž. přenesená\",J241,0)","v":0},{"$f":"IF(N241=\"nulová\",J241,0)","v":0},"1",{"$f":"ROUND(I241*H241,1)","v":0},"4","140"]
[null,null,"147","K","795990002.1","Zednické práce-podhledy","kpl",1,null,{"$f":"ROUND(I242*H242,1)","v":0},null,null,null,"základní",null,{"$f":"O242*H242","v":0},0,{"$f":"Q242*H242","v":0},0,{"$f":"S242*H242","v":0},{"$nulls":23},"4",null,"K","2",null,null,null,"ROZPOCET",{"$nulls":5},{"$f":"IF(N242=\"základní\",J242,0)","v":0},{"$f":"IF(N242=\"snížená\",J242,0)","v":0},{"$f":"IF(N242=\"zákl. přenesená\",J242,0)","v":0},{"$f":"IF(N242=\"sníž. přenesená\",J242,0)","v":0},{"$f":"IF(N242=\"nulová\",J242,0)","v":0},"1",{"$f":"ROUND(I242*H242,1)","v":0},"4","-666806932"]
[null,null,"99","K","795990002.R2","KÓJE WC","KPL",1,null,{"$f":"ROUND(I243*H243,1)","v":0},null,null,null,"základní",null,{"$f":"O243*H243","v":0},0,{"$f":"Q243*H243","v":0},0,{"$f":"S243*H243","v":0},{"$nulls":23},"4",null,"K","2",null,null,null,"ROZPOCET",{"$nulls":5},{"$f":"IF(N243=\"základní\",J243,0)","v":0},{"$f":"IF(N243=\"snížená\",J243,0)","v":0},{"$f":"IF(N243=\"zákl. přenesená\",J243,0)","v":0},{"$f":"IF(N243=\"sníž. přenesená\",J243,0)","v":0},{"$f":"IF(N243=\"nulová\",J243,0)","v":0},"1",{"$f":"ROUND(I243*H243,1)","v":0},"4","142"]
[null,null,"100","K","795990006","Práce elektro","hod",24,null,{"$f":"ROUND(I244*H244,1)","v":0},null,null,null,"základní",null,{"$f":"O244*H244","v":0},0,{"$f":"Q244*H244","v":0},0,{"$f":"S244*H244","v":0},{"$nulls":23},"4",null,"K","2",null,null,null,"ROZPOCET",{"$nulls":5},{"$f":"IF(N244=\"základní\",J244,0)","v":0},{"$f":"IF(N244=\"snížená\",J244,0)","v":0},{"$f":"IF(N244=\"zákl. přenesená\",J244,0)","v":0},{"$f":"IF(N244=\"sníž. přenesená\",J244,0)","v":0},{"$f":"IF(N244=\"nulová\",J244,0)","v":0},"1",{"$f":"ROUND(I244*H244,1)","v":0},"4","143"]
[null,null,"101","M","795990005","Materiál elektro","kpl",1,null,{"$f":"ROUND(I245*H245,1)","v":0},null,null,null,"základní",null,{"$f":"O245*H245","v":0},0,{"$f":"Q245*H245","v":0},0,{"$f":"S245*H245","v":0},{"$nulls":23},"8",null,"M","2",null,null,null,"ROZPOCET",{"$nulls":5},{"$f":"IF(N245=\"základní\",J245,0)","v":0},{"$f":"IF(N245=\"snížená\",J245,0)","v":0},{"$f":"IF(N245=\"zákl. přenesená\",J245,0)","v":0},{"$f":"IF(N245=\"sníž. přenesená\",J245,0)","v":0},{"$f":"IF(N245=\"nulová\",J245,0)","v":0},"1",{"$f":"ROUND(I245*H245,1)","v":0},"4","144"]
[null,null,"102","K","725849299.11","Montáž doplňků","ks",8,null,{"$f":"ROUND(I246*H246,1)","v":0},null,null,null,"základní",null,{"$f":"O246*H246","v":0},0,{"$f":"Q246*H246","v":0},0,{"$f":"S246*H246","v":0},{"$nulls":23},"4",null,"K","2",null,null,null,"ROZPOCET",{"$nulls":5},{"$f":"IF(N246=\"základní\",J246,0)","v":0},{"$f":"IF(N246=\"snížená\",J246,0)","v":0},{"$f":"IF(N246=\"zákl. přenesená\",J246,0)","v":0},{"$f":"IF(N246=\"sníž. přenesená\",J246,0)","v":0},{"$f":"IF(N246=\"nulová\",J246,0)","v":0},"1",{"$f":"ROUND(I246*H246,1)","v":0},"4","146"]
[null,null,"124","M","72022","ZRCADLO 60X70 OBDELNÍK BEZ ÚCHYTU 22469","ks",3,null,{"$f":"ROUND(I247*H247,1)","v":0},null,null,null,"základní",null,{"$f":"O247*H247","v":0},0,{"$f":"Q247*H247","v":0},0,{"$f":"S247*H247","v":0},{"$nulls":23},"8",null,"M","2",null,null,null,"ROZPOCET",{"$nulls":5},{"$f":"IF(N247=\"základní\",J247,0)","v":0},{"$f":"IF(N247=\"snížená\",J247,0)","v":0},{"$f":"IF(N247=\"zákl. přenesená\",J247,0)","v":0},{"$f":"IF(N247=\"sníž. přenesená\",J247,0)","v":0},{"$f":"IF(N247=\"nulová\",J247,0)","v":0},"1",{"$f":"ROUND(I247*H247,1)","v":0},"4","1979038721"]
[null,null,"131","M","72029","ZÁSOBNÍK NA TOALETNÍ PAPÍR DO PR.29CM ABS BÍLÁ 608","ks",1,null,{"$f":"ROUND(I248*H248,1)","v":0},null,null,null,"základní",null,{"$f":"O248*H248","v":0},0,{"$f":"Q248*H248","v":0},0,{"$f":"S248*H248","v":0},{"$nulls":23},"8",null,"M","2",null,null,null,"ROZPOCET",{"$nulls":5},{"$f":"IF(N248=\"základní\",J248,0)","v":0},{"$f":"IF(N248=\"snížená\",J248,0)","v":0},{"$f":"IF(N248=\"zákl. přenesená\",J248,0)","v":0},{"$f":"IF(N248=\"sníž. přenesená\",J248,0)","v":0},{"$f":"IF(N248=\"nulová\",J248,0)","v":0},"1",{"$f":"ROUND(I248*H248,1)","v":0},"4","-1448195386"]
[null,null,"132","M","72030","ZÁSOBNÍK PAPÍROVÝCH RUČNÍKŮ 260X205MM BÍLÝ 1319-81","ks",1,null,{"$f":"ROUND(I249*H249,1)","v":0},null,null,null,"základní",null,{"$f":"O249*H249","v":0},0,{"$f":"Q249*H249","v":0},0,{"$f":"S249*H249","v":0},{"$nulls":23},"8",null,"M","2",null,null,null,"ROZPOCET",{"$nulls":5},{"$f":"IF(N249=\"základní\",J249,0)","v":0},{"$f":"IF(N249=\"snížená\",J249,0)","v":0},{"$f":"IF(N249=\"zákl. přenesená\",J249,0)","v":0},{"$f":"IF(N249=\"sníž. přenesená\",J249,0)","v":0},{"$f":"IF(N249=\"nulová\",J249,0)","v":0},"1",{"$f":"ROUND(I249*H249,1)","v":0},"4","1521605835"]
[null,null,"133","M","72031","DÁVKOVAČ TEKUTÉHO MÝDLA NÁSTĚNNÝ 1000ML BÍLÝ 1319-73","ks",2,null,{"$f":"ROUND(I250*H250,1)","v":0},null,null,null,"základní",null,{"$f":"O250*H250","v":0},0,{"$f":"Q250*H250","v":0},0,{"$f":"S250*H250","v":0},{"$nulls":23},"8",null,"M","2",null,null,null,"ROZPOCET",{"$nulls":5},{"$f":"IF(N250=\"základní\",J250,0)","v":0},{"$f":"IF(N250=\"snížená\",J250,0)","v":0},{"$f":"IF(N250=\"zákl. přenesená\",J250,0)","v":0},{"$f":"IF(N250=\"sníž. přenesená\",J250,0)","v":0},{"$f":"IF(N250=\"nulová\",J250,0)","v":0},"1",{"$f":"ROUND(I250*H250,1)","v":0},"4","122538623"]
[null,null,"134","M","72032","SIMPLE LINE odpadkový koš kulatý 20l, nerez lesk","ks",1,null,{"$f":"ROUND(I251*H251,1)","v":0},null,null,null,"základní",null,{"$f":"O251*H251","v":0},0,{"$f":"Q251*H251","v":0},0,{"$f":"S251*H251","v":0},{"$nulls":23},"8",null,"M","2",null,null,null,"ROZPOCET",{"$nulls":5},{"$f":"IF(N251=\"základní\",J251,0)","v":0},{"$f":"IF(N251=\"snížená\",J251,0)","v":0},{"$f":"IF(N251=\"zákl. přenesená\",J251,0)","v":0},{"$f":"IF(N251=\"sníž. přenesená\",J251,0)","v":0},{"$f":"IF(N251=\"nulová\",J251,0)","v":0},"1",{"$f":"ROUND(I251*H251,1)","v":0},"4","-481132439"]
[null,null,"109","M","795990024","Odvoz suti ","kpl",1,null,{"$f":"ROUND(I252*H252,1)","v":0},null,null,null,"základní",null,{"$f":"O252*H252","v":0},0,{"$f":"Q252*H252","v":0},0,{"$f":"S252*H252","v":0},{"$nulls":23},"8",null,"M","2",null,null,null,"ROZPOCET",{"$nulls":5},{"$f":"IF(N252=\"základní\",J252,0)","v":0},{"$f":"IF(N252=\"snížená\",J252,0)","v":0},{"$f":"IF(N252=\"zákl. přenesená\",J252,0)","v":0},{"$f":"IF(N252=\"sníž. přenesená\",J252,0)","v":0},{"$f":"IF(N252=\"nulová\",J252,0)","v":0},"1",{"$f":"ROUND(I252*H252,1)","v":0},"4","147"]

{"sheet":"2-ženy - sociální zař...","index":3,"n_rows":243,"n_cols":65,"rows_kept":243,"cut":false,"hidden":false,"merged":[[1,11,1,21],[6,4,6,7],[8,4,8,7],[17,4,17,7],[26,4,26,7],[84,4,84,7],[86,4,86,7],[117,4,117,7],[119,4,119,7]]}
[]
[{"$nulls":11},">>  skryté sloupce  <<",{"$nulls":33},"{c9a28d5c-0d95-46c5-a331-40abc4e944a4}"]
[{"$nulls":45},"2"]
[null,null,null,"KRYCÍ LIST SOUPISU PRACÍ",{"$nulls":8},"v ---  níže se nacházejí doplnkové a pomocné údaje k sestavám  --- v",{"$nulls":32},"False"]
[]
[null,null,null,"Stavba:"]
[{"$nulls":4},{"$f":"'Rekapitulace stavby'!K6","v":"zimní stadion Pardubice-Veřejnost"}]
[null,null,null,"Objekt:"]
[{"$nulls":4},"2-ženy - sociální zařízení ženy B134(1.18)"]
[]
[null,null,null,"KSO:",null," ",null,null,"CC-CZ:"]
[null,null,null,"Místo:",null," ",null,null,"Datum:",{"$f":"'Rekapitulace stavby'!AN8","v":"6. 6. 2023"}]
[]
[null,null,null,"Zadavatel:",{"$nulls":4},"IČ:"]
[{"$nulls":4}," ",null,null,null,"DIČ:"]
[]
[null,null,null,"Uchazeč:",{"$nulls":4},"IČ:",{"$f":"'Rekapitulace stavby'!AN13","v":"Vyplň údaj"}]
[{"$nulls":4},{"$f":"'Rekapitulace stavby'!E14","v":"Vyplň údaj"},null,null,null,"DIČ:",{"$f":"'Rekapitulace stavby'!AN14","v":"Vyplň údaj"}]
[]
[null,null,null,"Projektant:",{"$nulls":4},"IČ:",{"$f":"IF('Rekapitulace stavby'!AN16=\"\",\"\",'Rekapitulace stavby'!AN16)","v":""}]
[{"$nulls":4},{"$f":"IF('Rekapitulace stavby'!E17=\"\",\"\",'Rekapitulace stavby'!E17)","v":" "},null,null,null,"DIČ:",{"$f":"IF('Rekapitulace stavby'!AN17=\"\",\"\",'Rekapitulace stavby'!AN17)","v":""}]
[]
[null,null,null,"Zpracovatel:",{"$nulls":4},"IČ:",{"$f":"IF('Rekapitulace stavby'!AN19=\"\",\"\",'Rekapitulace stavby'!AN19)","v":""}]
[{"$nulls":4},{"$f":"IF('Rekapitulace stavby'!E20=\"\",\"\",'Rekapitulace stavby'!E20)","v":" "},null,null,null,"DIČ:",{"$f":"IF('Rekapitulace stavby'!AN20=\"\",\"\",'Rekapitulace stavby'!AN20)","v":""}]
[]
[null,null,null,"Poznámka:"]
[]
[]
[]
[null,null,null,"Cena bez DPH",{"$nulls":5},{"$f":"ROUND(J128, 2)","v":0}]
[]
[{"$nulls":5},"Základ daně",null,null,"Sazba daně","Výše daně"]
[null,null,null,"DPH","základní",{"$f":"ROUND((SUM(BE128:BE243)),  2)","v":0},null,null,0.21,{"$f":"ROUND(((SUM(BE128:BE243))*I33),  2)","v":0}]
[{"$nulls":4},"snížená",{"$f":"ROUND((SUM(BF128:BF243)),  2)","v":0},null,null,0.15,{"$f":"ROUND(((SUM(BF128:BF243))*I34),  2)","v":0}]
[{"$nulls":4},"zákl. přenesená",{"$f":"ROUND((SUM(BG128:BG243)),  2)","v":0},null,null,0.21,{"$f":"0","v":0}]
[{"$nulls":4},"sníž. přenesená",{"$f":"ROUND((SUM(BH128:BH243)),  2)","v":0},null,null,0.15,{"$f":"0","v":0}]
[{"$nulls":4},"nulová",{"$f":"ROUND((SUM(BI128:BI243)),  2)","v":0},null,null,0,{"$f":"0","v":0}]
[]
[null,null,null,"Cena s DPH",null,null,"v","CZK",null,{"$f":"SUM(J30:J37)","v":0}]
{"$rows_empty":10}
[null,null,null,"Projektant",null,null,"Zpracovatel"]
{"$rows_empty":10}
[null,null,null,"Datum a podpis:",null,"Razítko","Datum a podpis:",null,null,"Razítko"]
[]
[]
[]
[null,null,null,"Objednavatel",null,null,"Uchazeč"]
{"$rows_empty":10}
[null,null,null,"Datum a podpis:",null,"Razítko","Datum a podpis:",null,null,"Razítko"]
[]
[]
[]
[]
[]
[null,null,"REKAPITULACE ČLENĚNÍ SOUPISU PRACÍ"]
[]
[null,null,"Stavba:"]
[{"$nulls":4},{"$f":"E7","v":"zimní stadion Pardubice-Veřejnost"}]
[null,null,"Objekt:"]
[{"$nulls":4},{"$f":"E9","v":"2-ženy - sociální zařízení ženy B134(1.18)"}]
[]
[null,null,"Místo:",null,null,{"$f":"F12","v":" "},null,null,"Datum:",{"$f":"IF(J12=\"\",\"\",J12)","v":"6. 6. 2023"}]
[]
[null,null,"Zadavatel:",null,null,{"$f":"E15","v":" "},null,null,"Projektant:",{"$f":"E21","v":" "}]
[null,null,"Uchazeč:",null,null,{"$f":"IF(E18=\"\",\"\",E18)","v":"Vyplň údaj"},null,null,"Zpracovatel:",{"$f":"E24","v":" "}]
[]
[null,null,"Kód dílu - Popis",{"$nulls":6},"Cena celkem [CZK]"]
[]
[null,null,"Náklady ze soupisu prací",{"$nulls":6},{"$f":"J128","v":0},{"$nulls":36},"-1"]
[null,null,null,"PSV - Práce a dodávky PSV",{"$nulls":5},{"$f":"J129","v":0}]
[null,null,null,"    721 - Zdravotechnika - vnitřní kanalizace",{"$nulls":5},{"$f":"J130","v":0}]
[null,null,null,"    722 - Zdravotechnika - vnitřní vodovod",{"$nulls":5},{"$f":"J145","v":0}]
[null,null,null,"    725 - Zdravotechnika - zařiz. předměty",{"$nulls":5},{"$f":"J162","v":0}]
[null,null,null,"    726 - Zdravotechnika - předstěnové instalace",{"$nulls":5},{"$f":"J184","v":0}]
[null,null,null,"    734 - Ústřední vytápění - armatury",{"$nulls":5},{"$f":"J191","v":0}]
[null,null,null,"    735 - Ústřední vytápění - otopná tělesa",{"$nulls":5},{"$f":"J197","v":0}]
[null,null,null,"    771 - Podlahy z dlaždic",{"$nulls":5},{"$f":"J203","v":0}]
[null,null,null,"    781 - Dokončovací práce - obklady",{"$nulls":5},{"$f":"J210","v":0}]
[null,null,null,"    783 - Dokončovací práce - nátěry",{"$nulls":5},{"$f":"J223","v":0}]
[null,null,null,"    784 - Dokončovací práce - malby a tapety",{"$nulls":5},{"$f":"J226","v":0}]
[null,null,null,"    795 - Ostatní náklady",{"$nulls":5},{"$f":"J228","v":0}]
[]
[]
[]
[]
[]
[]
[null,null,"SOUPIS PRACÍ"]
[]
[null,null,"Stavba:"]
[{"$nulls":4},{"$f":"E7","v":"zimní stadion Pardubice-Veřejnost"}]
[null,null,"Objekt:"]
[{"$nulls":4},{"$f":"E9","v":"2-ženy - sociální zařízení ženy B134(1.18)"}]
[]
[null,null,"Místo:",null,null,{"$f":"F12","v":" "},null,null,"Datum:",{"$f":"IF(J12=\"\",\"\",J12)","v":"6. 6. 2023"}]
[]
[null,null,"Zadavatel:",null,null,{"$f":"E15","v":" "},null,null,"Projektant:",{"$f":"E21","v":" "}]
[null,null,"Uchazeč:",null,null,{"$f":"IF(E18=\"\",\"\",E18)","v":"Vyplň údaj"},null,null,"Zpracovatel:",{"$f":"E24","v":" "}]
[]
[null,null,"PČ","Typ","Kód","Popis","MJ","Množství","J.cena [CZK]","Cena celkem [CZK]","Cenová soustava",null,null,"DPH","J. Nh [h]","Nh celkem [h]","J. hmotnost [t]","Hmotnost celkem [t]","J. suť [t]","Suť Celkem [t]"]
[null,null,"Náklady soupisu celkem",{"$nulls":6},{"$f":"BK128","v":0},{"$nulls":5},{"$f":"P129","v":0},null,{"$f":"R129","v":1.0560637461},null,{"$f":"T129","v":3.97019},{"$nulls":25},"D","-1",{"$nulls":15},{"$f":"BK129","v":0}]
[null,null,null,"D","PSV","Práce a dodávky PSV",null,null,null,{"$f":"BK129","v":0},{"$nulls":5},{"$f":"P130+P145+P162+P184+P191+P197+P203+P210+P223+P226+P228","v":0},null,{"$f":"R130+R145+R162+R184+R191+R197+R203+R210+R223+R226+R228","v":1.0560637461},null,{"$f":"T130+T145+T162+T184+T191+T197+T203+T210+T223+T226+T228","v":3.97019},{"$nulls":23},"2",null,"D","0",null,null,null,"ROZPOCET",{"$nulls":11},{"$f":"BK130+BK145+BK162+BK184+BK191+BK197+BK203+BK210+BK223+BK226+BK228","v":0}]
[null,null,null,"D","721","Zdravotechnika - vnitřní kanalizace",null,null,null,{"$f":"BK130","v":0},{"$nulls":5},{"$f":"SUM(P131:P144)","v":0},null,{"$f":"SUM(R131:R144)","v":0.0292734},null,{"$f":"SUM(T131:T144)","v":0.15948},{"$nulls":23},"2",null,"D","1",null,null,null,"ROZPOCET",{"$nulls":11},{"$f":"SUM(BK131:BK144)","v":0}]
[null,null,"1","K","721140802","Demontáž potrubí kanal do DN 100","m",9,null,{"$f":"ROUND(I131*H131,1)","v":0},null,null,null,"základní",null,{"$f":"O131*H131","v":0},0,{"$f":"Q131*H131","v":0},0.01492,{"$f":"S131*H131","v":0.13428},{"$nulls":23},"4",null,"K","2",null,null,null,"ROZPOCET",{"$nulls":5},{"$f":"IF(N131=\"základní\",J131,0)","v":0},{"$f":"IF(N131=\"snížená\",J131,0)","v":0},{"$f":"IF(N131=\"zákl. přenesená\",J131,0)","v":0},{"$f":"IF(N131=\"sníž. přenesená\",J131,0)","v":0},{"$f":"IF(N131=\"nulová\",J131,0)","v":0},"1",{"$f":"ROUND(I131*H131,1)","v":0},"4","1"]
[null,null,"2","K","721171803","Demontáž potrubí z PVC do D 75","m",12,null,{"$f":"ROUND(I132*H132,1)","v":0},null,null,null,"základní",null,{"$f":"O132*H132","v":0},0,{"$f":"Q132*H132","v":0},0.0021,{"$f":"S132*H132","v":0.0252},{"$nulls":23},"4",null,"K","2",null,null,null,"ROZPOCET",{"$nulls":5},{"$f":"IF(N132=\"základní\",J132,0)","v":0},{"$f":"IF(N132=\"snížená\",J132,0)","v":0},{"$f":"IF(N132=\"zákl. přenesená\",J132,0)","v":0},{"$f":"IF(N132=\"sníž. přenesená\",J132,0)","v":0},{"$f":"IF(N132=\"nulová\",J132,0)","v":0},"1",{"$f":"ROUND(I132*H132,1)","v":0},"4","2"]
[null,null,"3","K","721171903","Potrubí z PP vsazení odbočky do hrdla DN 50","kus",2,null,{"$f":"ROUND(I133*H133,1)","v":0},null,null,null,"základní",null,{"$f":"O133*H133","v":0},0.0005006,{"$f":"Q133*H133","v":0.0010012},0,{"$f":"S133*H133","v":0},{"$nulls":23},"4",null,"K","2",null,null,null,"ROZPOCET",{"$nulls":5},{"$f":"IF(N133=\"základní\",J133,0)","v":0},{"$f":"IF(N133=\"snížená\",J133,0)","v":0},{"$f":"IF(N133=\"zákl. přenesená\",J133,0)","v":0},{"$f":"IF(N133=\"sníž. přenesená\",J133,0)","v":0},{"$f":"IF(N133=\"nulová\",J133,0)","v":0},"1",{"$f":"ROUND(I133*H133,1)","v":0},"4","-1405910687"]
[null,null,"4","K","721171905","Potrubí z PP vsazení odbočky do hrdla DN 110","kus",1,null,{"$f":"ROUND(I134*H134,1)","v":0},null,null,null,"základní",null,{"$f":"O134*H134","v":0},0.0017906,{"$f":"Q134*H134","v":0.0017906},0,{"$f":"S134*H134","v":0},{"$nulls":23},"4",null,"K","2",null,null,null,"ROZPOCET",{"$nulls":5},{"$f":"IF(N134=\"základní\",J134,0)","v":0},{"$f":"IF(N134=\"snížená\",J134,0)","v":0},{"$f":"IF(N134=\"zákl. přenesená\",J134,0)","v":0},{"$f":"IF(N134=\"sníž. přenesená\",J134,0)","v":0},{"$f":"IF(N134=\"nulová\",J134,0)","v":0},"1",{"$f":"ROUND(I134*H134,1)","v":0},"4","5"]
[null,null,"5","K","721174042","Potrubí kanalizační z PP připojovací systém HT DN 40","m",7,null,{"$f":"ROUND(I135*H135,1)","v":0},null,null,null,"základní",null,{"$f":"O135*H135","v":0},0.0004119,{"$f":"Q135*H135","v":0.0028833},0,{"$f":"S135*H135","v":0},{"$nulls":23},"4",null,"K","2",null,null,null,"ROZPOCET",{"$nulls":5},{"$f":"IF(N135=\"základní\",J135,0)","v":0},{"$f":"IF(N135=\"snížená\",J135,0)","v":0},{"$f":"IF(N135=\"zákl. přenesená\",J135,0)","v":0},{"$f":"IF(N135=\"sníž. přenesená\",J135,0)","v":0},{"$f":"IF(N135=\"nulová\",J135,0)","v":0},"1",{"$f":"ROUND(I135*H135,1)","v":0},"4","6"]
[null,null,"6","K","721174043","Potrubí kanalizační z PP připojovací systém HT DN 50","m",5,null,{"$f":"ROUND(I136*H136,1)","v":0},null,null,null,"základní",null,{"$f":"O136*H136","v":0},0.0004765,{"$f":"Q136*H136","v":0.0023825},0,{"$f":"S136*H136","v":0},{"$nulls":23},"4",null,"K","2",null,null,null,"ROZPOCET",{"$nulls":5},{"$f":"IF(N136=\"základní\",J136,0)","v":0},{"$f":"IF(N136=\"snížená\",J136,0)","v":0},{"$f":"IF(N136=\"zákl. přenesená\",J136,0)","v":0},{"$f":"IF(N136=\"sníž. přenesená\",J136,0)","v":0},{"$f":"IF(N136=\"nulová\",J136,0)","v":0},"1",{"$f":"ROUND(I136*H136,1)","v":0},"4","7"]
[null,null,"7","K","721174045","Potrubí kanalizační z PP připojovací systém HT DN 100","m",9,null,{"$f":"ROUND(I137*H137,1)","v":0},null,null,null,"základní",null,{"$f":"O137*H137","v":0},0.0022362,{"$f":"Q137*H137","v":0.0201258},0,{"$f":"S137*H137","v":0},{"$nulls":23},"4",null,"K","2",null,null,null,"ROZPOCET",{"$nulls":5},{"$f":"IF(N137=\"základní\",J137,0)","v":0},{"$f":"IF(N137=\"snížená\",J137,0)","v":0},{"$f":"IF(N137=\"zákl. přenesená\",J137,0)","v":0},{"$f":"IF(N137=\"sníž. přenesená\",J137,0)","v":0},{"$f":"IF(N137=\"nulová\",J137,0)","v":0},"1",{"$f":"ROUND(I137*H137,1)","v":0},"4","8"]
[null,null,"8","K","721194104","Vyvedení a upevnění odpadních výpustek DN 40","kus",3,null,{"$f":"ROUND(I138*H138,1)","v":0},null,null,null,"základní",null,{"$f":"O138*H138","v":0},0,{"$f":"Q138*H138","v":0},0,{"$f":"S138*H138","v":0},{"$nulls":23},"4",null,"K","2",null,null,null,"ROZPOCET",{"$nulls":5},{"$f":"IF(N138=\"základní\",J138,0)","v":0},{"$f":"IF(N138=\"snížená\",J138,0)","v":0},{"$f":"IF(N138=\"zákl. přenesená\",J138,0)","v":0},{"$f":"IF(N138=\"sníž. přenesená\",J138,0)","v":0},{"$f":"IF(N138=\"nulová\",J138,0)","v":0},"1",{"$f":"ROUND(I138*H138,1)","v":0},"4","9"]
[null,null,"10","K","721194109","Vyvedení a upevnění odpadních výpustek DN 100","kus",3,null,{"$f":"ROUND(I139*H139,1)","v":0},null,null,null,"základní",null,{"$f":"O139*H139","v":0},0,{"$f":"Q139*H139","v":0},0,{"$f":"S139*H139","v":0},{"$nulls":23},"4",null,"K","2",null,null,null,"ROZPOCET",{"$nulls":5},{"$f":"IF(N139=\"základní\",J139,0)","v":0},{"$f":"IF(N139=\"snížená\",J139,0)","v":0},{"$f":"IF(N139=\"zákl. přenesená\",J139,0)","v":0},{"$f":"IF(N139=\"sníž. přenesená\",J139,0)","v":0},{"$f":"IF(N139=\"nulová\",J139,0)","v":0},"1",{"$f":"ROUND(I139*H139,1)","v":0},"4","11"]
[null,null,"11","K","721211404.HLE","Vpusť podlahová HL s vodorovným odtokem DN 50/75 ","kus",1,null,{"$f":"ROUND(I140*H140,1)","v":0},null,null,null,"základní",null,{"$f":"O140*H140","v":0},0.00092,{"$f":"Q140*H140","v":0.00092},0,{"$f":"S140*H140","v":0},{"$nulls":23},"16",null,"K","2",null,null,null,"ROZPOCET",{"$nulls":5},{"$f":"IF(N140=\"základní\",J140,0)","v":0},{"$f":"IF(N140=\"snížená\",J140,0)","v":0},{"$f":"IF(N140=\"zákl. přenesená\",J140,0)","v":0},{"$f":"IF(N140=\"sníž. přenesená\",J140,0)","v":0},{"$f":"IF(N140=\"nulová\",J140,0)","v":0},"1",{"$f":"ROUND(I140*H140,1)","v":0},"16","1452773174"]
[null,null,"12","K","721274121","Přivzdušňovací ventil vnitřní odpadních potrubí do DN 50","kus",1,null,{"$f":"ROUND(I141*H141,1)","v":0},null,null,null,"základní",null,{"$f":"O141*H141","v":0},0.00017,{"$f":"Q141*H141","v":0.00017},0,{"$f":"S141*H141","v":0},{"$nulls":23},"4",null,"K","2",null,null,null,"ROZPOCET",{"$nulls":5},{"$f":"IF(N141=\"základní\",J141,0)","v":0},{"$f":"IF(N141=\"snížená\",J141,0)","v":0},{"$f":"IF(N141=\"zákl. přenesená\",J141,0)","v":0},{"$f":"IF(N141=\"sníž. přenesená\",J141,0)","v":0},{"$f":"IF(N141=\"nulová\",J141,0)","v":0},"1",{"$f":"ROUND(I141*H141,1)","v":0},"4","12"]
[null,null,"13","K","721290111","Zkouška těsnosti potrubí kanalizace vodou do DN 125","m",16,null,{"$f":"ROUND(I142*H142,1)","v":0},null,null,null,"základní",null,{"$f":"O142*H142","v":0},0,{"$f":"Q142*H142","v":0},0,{"$f":"S142*H142","v":0},{"$nulls":23},"4",null,"K","2",null,null,null,"ROZPOCET",{"$nulls":5},{"$f":"IF(N142=\"základní\",J142,0)","v":0},{"$f":"IF(N142=\"snížená\",J142,0)","v":0},{"$f":"IF(N142=\"zákl. přenesená\",J142,0)","v":0},{"$f":"IF(N142=\"sníž. přenesená\",J142,0)","v":0},{"$f":"IF(N142=\"nulová\",J142,0)","v":0},"1",{"$f":"ROUND(I142*H142,1)","v":0},"4","13"]
[null,null,"14","K","721300922","Pročištění svodů ležatých do DN 300","m",4,null,{"$f":"ROUND(I143*H143,1)","v":0},null,null,null,"základní",null,{"$f":"O143*H143","v":0},0,{"$f":"Q143*H143","v":0},0,{"$f":"S143*H143","v":0},{"$nulls":23},"4",null,"K","2",null,null,null,"ROZPOCET",{"$nulls":5},{"$f":"IF(N143=\"základní\",J143,0)","v":0},{"$f":"IF(N143=\"snížená\",J143,0)","v":0},{"$f":"IF(N143=\"zákl. přenesená\",J143,0)","v":0},{"$f":"IF(N143=\"sníž. přenesená\",J143,0)","v":0},{"$f":"IF(N143=\"nulová\",J143,0)","v":0},"1",{"$f":"ROUND(I143*H143,1)","v":0},"4","14"]
[null,null,"15","K","998721201","Přesun hmot procentní pro vnitřní kanalizace v objektech v do 6 m","%",null,null,{"$f":"ROUND(I144*H144,1)","v":0},null,null,null,"základní",null,{"$f":"O144*H144","v":0},0,{"$f":"Q144*H144","v":0},0,{"$f":"S144*H144","v":0},{"$nulls":23},"16",null,"K","2",null,null,null,"ROZPOCET",{"$nulls":5},{"$f":"IF(N144=\"základní\",J144,0)","v":0},{"$f":"IF(N144=\"snížená\",J144,0)","v":0},{"$f":"IF(N144=\"zákl. přenesená\",J144,0)","v":0},{"$f":"IF(N144=\"sníž. přenesená\",J144,0)","v":0},{"$f":"IF(N144=\"nulová\",J144,0)","v":0},"1",{"$f":"ROUND(I144*H144,1)","v":0},"16","16"]
[null,null,null,"D","722","Zdravotechnika - vnitřní vodovod",null,null,null,{"$f":"BK145","v":0},{"$nulls":5},{"$f":"SUM(P146:P161)","v":0},null,{"$f":"SUM(R146:R161)","v":0.089917443},null,{"$f":"SUM(T146:T161)","v":0.07161},{"$nulls":23},"2",null,"D","1",null,null,null,"ROZPOCET",{"$nulls":11},{"$f":"SUM(BK146:BK161)","v":0}]
[null,null,"16","K","722130801","Demontáž potrubí do DN 25","m",33,null,{"$f":"ROUND(I146*H146,1)","v":0},null,null,null,"základní",null,{"$f":"O146*H146","v":0},0,{"$f":"Q146*H146","v":0},0.00213,{"$f":"S146*H146","v":0.07029},{"$nulls":23},"4",null,"K","2",null,null,null,"ROZPOCET",{"$nulls":5},{"$f":"IF(N146=\"základní\",J146,0)","v":0},{"$f":"IF(N146=\"snížená\",J146,0)","v":0},{"$f":"IF(N146=\"zákl. přenesená\",J146,0)","v":0},{"$f":"IF(N146=\"sníž. přenesená\",J146,0)","v":0},{"$f":"IF(N146=\"nulová\",J146,0)","v":0},"1",{"$f":"ROUND(I146*H146,1)","v":0},"4","17"]
[null,null,"17","K","722131933","Potrubí plastové - propojení potrubí DN 25","kus",2,null,{"$f":"ROUND(I147*H147,1)","v":0},null,null,null,"základní",null,{"$f":"O147*H147","v":0},0.00120386,{"$f":"Q147*H147","v":0.00240772},0,{"$f":"S147*H147","v":0},{"$nulls":23},"4",null,"K","2",null,null,null,"ROZPOCET",{"$nulls":5},{"$f":"IF(N147=\"základní\",J147,0)","v":0},{"$f":"IF(N147=\"snížená\",J147,0)","v":0},{"$f":"IF(N147=\"zákl. přenesená\",J147,0)","v":0},{"$f":"IF(N147=\"sníž. přenesená\",J147,0)","v":0},{"$f":"IF(N147=\"nulová\",J147,0)","v":0},"1",{"$f":"ROUND(I147*H147,1)","v":0},"4","18"]
[null,null,"18","K","722171912","Potrubí plastové odříznutí trubky D do 20 mm","kus",4,null,{"$f":"ROUND(I148*H148,1)","v":0},null,null,null,"základní",null,{"$f":"O148*H148","v":0},0,{"$f":"Q148*H148","v":0},0,{"$f":"S148*H148","v":0},{"$nulls":23},"4",null,"K","2",null,null,null,"ROZPOCET",{"$nulls":5},{"$f":"IF(N148=\"základní\",J148,0)","v":0},{"$f":"IF(N148=\"snížená\",J148,0)","v":0},{"$f":"IF(N148=\"zákl. přenesená\",J148,0)","v":0},{"$f":"IF(N148=\"sníž. přenesená\",J148,0)","v":0},{"$f":"IF(N148=\"nulová\",J148,0)","v":0},"1",{"$f":"ROUND(I148*H148,1)","v":0},"4","19"]
[null,null,"19","K","722171913","Potrubí plastové odříznutí trubky D do 25 mm","kus",2,null,{"$f":"ROUND(I149*H149,1)","v":0},null,null,null,"základní",null,{"$f":"O149*H149","v":0},0,{"$f":"Q149*H149","v":0},0,{"$f":"S149*H149","v":0},{"$nulls":23},"4",null,"K","2",null,null,null,"ROZPOCET",{"$nulls":5},{"$f":"IF(N149=\"základní\",J149,0)","v":0},{"$f":"IF(N149=\"snížená\",J149,0)","v":0},{"$f":"IF(N149=\"zákl. přenesená\",J149,0)","v":0},{"$f":"IF(N149=\"sníž. přenesená\",J149,0)","v":0},{"$f":"IF(N149=\"nulová\",J149,0)","v":0},"1",{"$f":"ROUND(I149*H149,1)","v":0},"4","20"]
[null,null,"20","K","722171934","Vsazení odbočky na rozvodech vody z plastů do 32 mm","kus",2,null,{"$f":"ROUND(I150*H150,1)","v":0},null,null,null,"základní",null,{"$f":"O150*H150","v":0},5.4E-005,{"$f":"Q150*H150","v":0.000108},0.00066,{"$f":"S150*H150","v":0.00132},{"$nulls":23},"4",null,"K","2",null,null,null,"ROZPOCET",{"$nulls":5},{"$f":"IF(N150=\"základní\",J150,0)","v":0},{"$f":"IF(N150=\"snížená\",J150,0)","v":0},{"$f":"IF(N150=\"zákl. přenesená\",J150,0)","v":0},{"$f":"IF(N150=\"sníž. přenesená\",J150,0)","v":0},{"$f":"IF(N150=\"nulová\",J150,0)","v":0},"1",{"$f":"ROUND(I150*H150,1)","v":0},"4","21"]
[null,null,"21","K","722174002","Potrubí vodovodní plastové PPR svar polyfuze PN 16 D 20 x 2,8 mm","m",25,null,{"$f":"ROUND(I151*H151,1)","v":0},null,null,null,"základní",null,{"$f":"O151*H151","v":0},0.0008423,{"$f":"Q151*H151","v":0.0210575},0,{"$f":"S151*H151","v":0},{"$nulls":23},"4",null,"K","2",null,null,null,"ROZPOCET",{"$nulls":5},{"$f":"IF(N151=\"základní\",J151,0)","v":0},{"$f":"IF(N151=\"snížená\",J151,0)","v":0},{"$f":"IF(N151=\"zákl. přenesená\",J151,0)","v":0},{"$f":"IF(N151=\"sníž. přenesená\",J151,0)","v":0},{"$f":"IF(N151=\"nulová\",J151,0)","v":0},"1",{"$f":"ROUND(I151*H151,1)","v":0},"4","22"]
[null,null,"22","K","722174003","Potrubí vodovodní plastové PPR svar polyfuze PN 16 D 25 x 3,5 mm","m",23,null,{"$f":"ROUND(I152*H152,1)","v":0},null,null,null,"základní",null,{"$f":"O152*H152","v":0},0.0011591,{"$f":"Q152*H152","v":0.0266593},0,{"$f":"S152*H152","v":0},{"$nulls":23},"4",null,"K","2",null,null,null,"ROZPOCET",{"$nulls":5},{"$f":"IF(N152=\"základní\",J152,0)","v":0},{"$f":"IF(N152=\"snížená\",J152,0)","v":0},{"$f":"IF(N152=\"zákl. přenesená\",J152,0)","v":0},{"$f":"IF(N152=\"sníž. přenesená\",J152,0)","v":0},{"$f":"IF(N152=\"nulová\",J152,0)","v":0},"1",{"$f":"ROUND(I152*H152,1)","v":0},"4","23"]
[null,null,"135","K","722174004","Potrubí vodovodní plastové PPR svar polyfúze PN 16 D 32x4,4 mm","m",10,null,{"$f":"ROUND(I153*H153,1)","v":0},null,null,null,"základní",null,{"$f":"O153*H153","v":0},0.00144,{"$f":"Q153*H153","v":0.0144},0,{"$f":"S153*H153","v":0},{"$nulls":23},"16",null,"K","2",null,null,null,"ROZPOCET",{"$nulls":5},{"$f":"IF(N153=\"základní\",J153,0)","v":0},{"$f":"IF(N153=\"snížená\",J153,0)","v":0},{"$f":"IF(N153=\"zákl. přenesená\",J153,0)","v":0},{"$f":"IF(N153=\"sníž. přenesená\",J153,0)","v":0},{"$f":"IF(N153=\"nulová\",J153,0)","v":0},"1",{"$f":"ROUND(I153*H153,1)","v":0},"16","1746832778"]
[null,null,"23","K","722181242","Ochrana vodovodního potrubí přilepenými tepelně izolačními trubicemi z PE tl do 20 mm DN do 42 mm","m",58,null,{"$f":"ROUND(I154*H154,1)","v":0},null,null,null,"základní",null,{"$f":"O154*H154","v":0},0.00016312,{"$f":"Q154*H154","v":0.00946096},0,{"$f":"S154*H154","v":0},{"$nulls":23},"4",null,"K","2",null,null,null,"ROZPOCET",{"$nulls":5},{"$f":"IF(N154=\"základní\",J154,0)","v":0},{"$f":"IF(N154=\"snížená\",J154,0)","v":0},{"$f":"IF(N154=\"zákl. přenesená\",J154,0)","v":0},{"$f":"IF(N154=\"sníž. přenesená\",J154,0)","v":0},{"$f":"IF(N154=\"nulová\",J154,0)","v":0},"1",{"$f":"ROUND(I154*H154,1)","v":0},"4","24"]
[null,null,"24","K","722190401","Vyvedení a upevnění výpustku do DN 25","kus",9,null,{"$f":"ROUND(I155*H155,1)","v":0},null,null,null,"základní",null,{"$f":"O155*H155","v":0},0,{"$f":"Q155*H155","v":0},0,{"$f":"S155*H155","v":0},{"$nulls":23},"4",null,"K","2",null,null,null,"ROZPOCET",{"$nulls":5},{"$f":"IF(N155=\"základní\",J155,0)","v":0},{"$f":"IF(N155=\"snížená\",J155,0)","v":0},{"$f":"IF(N155=\"zákl. přenesená\",J155,0)","v":0},{"$f":"IF(N155=\"sníž. přenesená\",J155,0)","v":0},{"$f":"IF(N155=\"nulová\",J155,0)","v":0},"1",{"$f":"ROUND(I155*H155,1)","v":0},"4","25"]
[null,null,"25","K","722190901","Uzavření nebo otevření vodovodního potrubí při opravách","kus",2,null,{"$f":"ROUND(I156*H156,1)","v":0},null,null,null,"základní",null,{"$f":"O156*H156","v":0},0,{"$f":"Q156*H156","v":0},0,{"$f":"S156*H156","v":0},{"$nulls":23},"4",null,"K","2",null,null,null,"ROZPOCET",{"$nulls":5},{"$f":"IF(N156=\"základní\",J156,0)","v":0},{"$f":"IF(N156=\"snížená\",J156,0)","v":0},{"$f":"IF(N156=\"zákl. přenesená\",J156,0)","v":0},{"$f":"IF(N156=\"sníž. přenesená\",J156,0)","v":0},{"$f":"IF(N156=\"nulová\",J156,0)","v":0},"1",{"$f":"ROUND(I156*H156,1)","v":0},"4","26"]
[null,null,"110","K","722240101","Ventily plastové PPR přímé DN 20","kus",2,null,{"$f":"ROUND(I157*H157,1)","v":0},null,null,null,"základní",null,{"$f":"O157*H157","v":0},0.00076,{"$f":"Q157*H157","v":0.00152},0,{"$f":"S157*H157","v":0},{"$nulls":23},"16",null,"K","2",null,null,null,"ROZPOCET",{"$nulls":5},{"$f":"IF(N157=\"základní\",J157,0)","v":0},{"$f":"IF(N157=\"snížená\",J157,0)","v":0},{"$f":"IF(N157=\"zákl. přenesená\",J157,0)","v":0},{"$f":"IF(N157=\"sníž. přenesená\",J157,0)","v":0},{"$f":"IF(N157=\"nulová\",J157,0)","v":0},"1",{"$f":"ROUND(I157*H157,1)","v":0},"16","113285530"]
[null,null,"112","K","722240103","Ventily plastové PPR přímé DN 32","kus",2,null,{"$f":"ROUND(I158*H158,1)","v":0},null,null,null,"základní",null,{"$f":"O158*H158","v":0},0.00136,{"$f":"Q158*H158","v":0.00272},0,{"$f":"S158*H158","v":0},{"$nulls":23},"16",null,"K","2",null,null,null,"ROZPOCET",{"$nulls":5},{"$f":"IF(N158=\"základní\",J158,0)","v":0},{"$f":"IF(N158=\"snížená\",J158,0)","v":0},{"$f":"IF(N158=\"zákl. přenesená\",J158,0)","v":0},{"$f":"IF(N158=\"sníž. přenesená\",J158,0)","v":0},{"$f":"IF(N158=\"nulová\",J158,0)","v":0},"1",{"$f":"ROUND(I158*H158,1)","v":0},"16","1760705593"]
[null,null,"27","K","722290226","Zkouška těsnosti vodovodního potrubí závitového do DN 50","m",58,null,{"$f":"ROUND(I159*H159,1)","v":0},null,null,null,"základní",null,{"$f":"O159*H159","v":0},0.0001897235,{"$f":"Q159*H159","v":0.011003963},0,{"$f":"S159*H159","v":0},{"$nulls":23},"4",null,"K","2",null,null,null,"ROZPOCET",{"$nulls":5},{"$f":"IF(N159=\"základní\",J159,0)","v":0},{"$f":"IF(N159=\"snížená\",J159,0)","v":0},{"$f":"IF(N159=\"zákl. přenesená\",J159,0)","v":0},{"$f":"IF(N159=\"sníž. přenesená\",J159,0)","v":0},{"$f":"IF(N159=\"nulová\",J159,0)","v":0},"1",{"$f":"ROUND(I159*H159,1)","v":0},"4","28"]
[null,null,"28","K","722290234","Proplach vodovodního potrubí do DN 80","m",58,null,{"$f":"ROUND(I160*H160,1)","v":0},null,null,null,"základní",null,{"$f":"O160*H160","v":0},1E-005,{"$f":"Q160*H160","v":0.00058},0,{"$f":"S160*H160","v":0},{"$nulls":23},"4",null,"K","2",null,null,null,"ROZPOCET",{"$nulls":5},{"$f":"IF(N160=\"základní\",J160,0)","v":0},{"$f":"IF(N160=\"snížená\",J160,0)","v":0},{"$f":"IF(N160=\"zákl. přenesená\",J160,0)","v":0},{"$f":"IF(N160=\"sníž. přenesená\",J160,0)","v":0},{"$f":"IF(N160=\"nulová\",J160,0)","v":0},"1",{"$f":"ROUND(I160*H160,1)","v":0},"4","29"]
[null,null,"29","K","998722201","Přesun hmot procentní pro vnitřní vodovod v objektech v do 6 m","%",null,null,{"$f":"ROUND(I161*H161,1)","v":0},null,null,null,"základní",null,{"$f":"O161*H161","v":0},0,{"$f":"Q161*H161","v":0},0,{"$f":"S161*H161","v":0},{"$nulls":23},"4",null,"K","2",null,null,null,"ROZPOCET",{"$nulls":5},{"$f":"IF(N161=\"základní\",J161,0)","v":0},{"$f":"IF(N161=\"snížená\",J161,0)","v":0},{"$f":"IF(N161=\"zákl. přenesená\",J161,0)","v":0},{"$f":"IF(N161=\"sníž. přenesená\",J161,0)","v":0},{"$f":"IF(N161=\"nulová\",J161,0)","v":0},"1",{"$f":"ROUND(I161*H161,1)","v":0},"4","30"]
[null,null,null,"D","725","Zdravotechnika - zařiz. předměty",null,null,null,{"$f":"BK162","v":0},{"$nulls":5},{"$f":"SUM(P163:P183)","v":0},null,{"$f":"SUM(R163:R183)","v":0.0070480291},null,{"$f":"SUM(T163:T183)","v":0.11895},{"$nulls":23},"2",null,"D","1",null,null,null,"ROZPOCET",{"$nulls":11},{"$f":"SUM(BK163:BK183)","v":0}]
[null,null,"30","K","725110811","Demontáž klozetů splachovací s nádrží","soubor",3,null,{"$f":"ROUND(I163*H163,1)","v":0},null,null,null,"základní",null,{"$f":"O163*H163","v":0},0,{"$f":"Q163*H163","v":0},0.01933,{"$f":"S163*H163","v":0.05799},{"$nulls":23},"16",null,"K","2",null,null,null,"ROZPOCET",{"$nulls":5},{"$f":"IF(N163=\"základní\",J163,0)","v":0},{"$f":"IF(N163=\"snížená\",J163,0)","v":0},{"$f":"IF(N163=\"zákl. přenesená\",J163,0)","v":0},{"$f":"IF(N163=\"sníž. přenesená\",J163,0)","v":0},{"$f":"IF(N163=\"nulová\",J163,0)","v":0},"1",{"$f":"ROUND(I163*H163,1)","v":0},"16","-219559375"]
[null,null,"31","K","725210821","Demontáž umyvadel bez výtokových armatur","soubor",3,null,{"$f":"ROUND(I164*H164,1)","v":0},null,null,null,"základní",null,{"$f":"O164*H164","v":0},0,{"$f":"Q164*H164","v":0},0.01946,{"$f":"S164*H164","v":0.05838},{"$nulls":23},"4",null,"K","2",null,null,null,"ROZPOCET",{"$nulls":5},{"$f":"IF(N164=\"základní\",J164,0)","v":0},{"$f":"IF(N164=\"snížená\",J164,0)","v":0},{"$f":"IF(N164=\"zákl. přenesená\",J164,0)","v":0},{"$f":"IF(N164=\"sníž. přenesená\",J164,0)","v":0},{"$f":"IF(N164=\"nulová\",J164,0)","v":0},"1",{"$f":"ROUND(I164*H164,1)","v":0},"4","33"]
[null,null,"32","K","725820802","Demontáž baterie stojánkové do jednoho otvoru","soubor",3,null,{"$f":"ROUND(I165*H165,1)","v":0},null,null,null,"základní",null,{"$f":"O165*H165","v":0},0,{"$f":"Q165*H165","v":0},0.00086,{"$f":"S165*H165","v":0.00258},{"$nulls":23},"4",null,"K","2",null,null,null,"ROZPOCET",{"$nulls":5},{"$f":"IF(N165=\"základní\",J165,0)","v":0},{"$f":"IF(N165=\"snížená\",J165,0)","v":0},{"$f":"IF(N165=\"zákl. přenesená\",J165,0)","v":0},{"$f":"IF(N165=\"sníž. přenesená\",J165,0)","v":0},{"$f":"IF(N165=\"nulová\",J165,0)","v":0},"1",{"$f":"ROUND(I165*H165,1)","v":0},"4","35"]
[null,null,"33","K","725119213","Montáž WC mísy závěsné","kus",3,null,{"$f":"ROUND(I166*H166,1)","v":0},null,null,null,"základní",null,{"$f":"O166*H166","v":0},0,{"$f":"Q166*H166","v":0},0,{"$f":"S166*H166","v":0},{"$nulls":23},"4",null,"K","2",null,null,null,"ROZPOCET",{"$nulls":5},{"$f":"IF(N166=\"základní\",J166,0)","v":0},{"$f":"IF(N166=\"snížená\",J166,0)","v":0},{"$f":"IF(N166=\"zákl. přenesená\",J166,0)","v":0},{"$f":"IF(N166=\"sníž. přenesená\",J166,0)","v":0},{"$f":"IF(N166=\"nulová\",J166,0)","v":0},"1",{"$f":"ROUND(I166*H166,1)","v":0},"4","36"]
[null,null,"34","K","725219102","Montáž umyvadla připevněného na šrouby do zdiva","soubor",3,null,{"$f":"ROUND(I167*H167,1)","v":0},null,null,null,"základní",null,{"$f":"O167*H167","v":0},0.0017285897,{"$f":"Q167*H167","v":0.0051857691},0,{"$f":"S167*H167","v":0},{"$nulls":23},"4",null,"K","2",null,null,null,"ROZPOCET",{"$nulls":5},{"$f":"IF(N167=\"základní\",J167,0)","v":0},{"$f":"IF(N167=\"snížená\",J167,0)","v":0},{"$f":"IF(N167=\"zákl. přenesená\",J167,0)","v":0},{"$f":"IF(N167=\"sníž. přenesená\",J167,0)","v":0},{"$f":"IF(N167=\"nulová\",J167,0)","v":0},"1",{"$f":"ROUND(I167*H167,1)","v":0},"4","38"]
[null,null,"35","K","725219503R00","Montáž krytu sifonu umyvadel","ks",3,null,{"$f":"ROUND(I168*H168,1)","v":0},null,null,null,"základní",null,{"$f":"O168*H168","v":0},0,{"$f":"Q168*H168","v":0},0,{"$f":"S168*H168","v":0},{"$nulls":23},"4",null,"K","2",null,null,null,"ROZPOCET",{"$nulls":5},{"$f":"IF(N168=\"základní\",J168,0)","v":0},{"$f":"IF(N168=\"snížená\",J168,0)","v":0},{"$f":"IF(N168=\"zákl. přenesená\",J168,0)","v":0},{"$f":"IF(N168=\"sníž. přenesená\",J168,0)","v":0},{"$f":"IF(N168=\"nulová\",J168,0)","v":0},"1",{"$f":"ROUND(I168*H168,1)","v":0},"4","39"]
[null,null,"36","K","725829131","Montáž baterie umyvadlové tlačné","kus",3,null,{"$f":"ROUND(I169*H169,1)","v":0},null,null,null,"základní",null,{"$f":"O169*H169","v":0},3.914E-005,{"$f":"Q169*H169","v":0.00011742},0,{"$f":"S169*H169","v":0},{"$nulls":23},"4",null,"K","2",null,null,null,"ROZPOCET",{"$nulls":5},{"$f":"IF(N169=\"základní\",J169,0)","v":0},{"$f":"IF(N169=\"snížená\",J169,0)","v":0},{"$f":"IF(N169=\"zákl. přenesená\",J169,0)","v":0},{"$f":"IF(N169=\"sníž. přenesená\",J169,0)","v":0},{"$f":"IF(N169=\"nulová\",J169,0)","v":0},"1",{"$f":"ROUND(I169*H169,1)","v":0},"4","40"]
[null,null,"37","K","725590811","Přemístění vnitrostaveništní demontovaných pro zařizovací předměty v objektech výšky do 6 m","t",0.2,null,{"$f":"ROUND(I170*H170,1)","v":0},null,null,null,"základní",null,{"$f":"O170*H170","v":0},0,{"$f":"Q170*H170","v":0},0,{"$f":"S170*H170","v":0},{"$nulls":23},"4",null,"K","2",null,null,null,"ROZPOCET",{"$nulls":5},{"$f":"IF(N170=\"základní\",J170,0)","v":0},{"$f":"IF(N170=\"snížená\",J170,0)","v":0},{"$f":"IF(N170=\"zákl. přenesená\",J170,0)","v":0},{"$f":"IF(N170=\"sníž. přenesená\",J170,0)","v":0},{"$f":"IF(N170=\"nulová\",J170,0)","v":0},"1",{"$f":"ROUND(I170*H170,1)","v":0},"4","43"]
[null,null,"38","K","725813111","Ventil rohový s filtrem G 1/2 - montáž","soubor",6,null,{"$f":"ROUND(I171*H171,1)","v":0},null,null,null,"základní",null,{"$f":"O171*H171","v":0},0.00023914,{"$f":"Q171*H171","v":0.00143484},0,{"$f":"S171*H171","v":0},{"$nulls":23},"4",null,"K","2",null,null,null,"ROZPOCET",{"$nulls":5},{"$f":"IF(N171=\"základní\",J171,0)","v":0},{"$f":"IF(N171=\"snížená\",J171,0)","v":0},{"$f":"IF(N171=\"zákl. přenesená\",J171,0)","v":0},{"$f":"IF(N171=\"sníž. přenesená\",J171,0)","v":0},{"$f":"IF(N171=\"nulová\",J171,0)","v":0},"1",{"$f":"ROUND(I171*H171,1)","v":0},"4","44"]
[null,null,"120","M","72018","UMYVADLO 1042.3 CUBITO 104","ks",3,null,{"$f":"ROUND(I172*H172,1)","v":0},null,null,null,"základní",null,{"$f":"O172*H172","v":0},0,{"$f":"Q172*H172","v":0},0,{"$f":"S172*H172","v":0},{"$nulls":23},"8",null,"M","2",null,null,null,"ROZPOCET",{"$nulls":5},{"$f":"IF(N172=\"základní\",J172,0)","v":0},{"$f":"IF(N172=\"snížená\",J172,0)","v":0},{"$f":"IF(N172=\"zákl. přenesená\",J172,0)","v":0},{"$f":"IF(N172=\"sníž. přenesená\",J172,0)","v":0},{"$f":"IF(N172=\"nulová\",J172,0)","v":0},"1",{"$f":"ROUND(I172*H172,1)","v":0},"4","1525465231"]
[null,null,"121","M","72019","KRYT 1995.1 CUBITO","ks",3,null,{"$f":"ROUND(I173*H173,1)","v":0},null,null,null,"základní",null,{"$f":"O173*H173","v":0},0,{"$f":"Q173*H173","v":0},0,{"$f":"S173*H173","v":0},{"$nulls":23},"8",null,"M","2",null,null,null,"ROZPOCET",{"$nulls":5},{"$f":"IF(N173=\"základní\",J173,0)","v":0},{"$f":"IF(N173=\"snížená\",J173,0)","v":0},{"$f":"IF(N173=\"zákl. přenesená\",J173,0)","v":0},{"$f":"IF(N173=\"sníž. přenesená\",J173,0)","v":0},{"$f":"IF(N173=\"nulová\",J173,0)","v":0},"1",{"$f":"ROUND(I173*H173,1)","v":0},"4","-574648123"]
[null,null,"122","M","72020","SAMOUZAVÍRACÍ BATERIE UMYVADLOVÁ STOJÁNKOVÁ SMĚŠOVACÍ PRESTO 4000 SC TLAČNÁ","ks",3,null,{"$f":"ROUND(I174*H174,1)","v":0},null,null,null,"základní",null,{"$f":"O174*H174","v":0},0,{"$f":"Q174*H174","v":0},0,{"$f":"S174*H174","v":0},{"$nulls":23},"8",null,"M","2",null,null,null,"ROZPOCET",{"$nulls":5},{"$f":"IF(N174=\"základní\",J174,0)","v":0},{"$f":"IF(N174=\"snížená\",J174,0)","v":0},{"$f":"IF(N174=\"zákl. přenesená\",J174,0)","v":0},{"$f":"IF(N174=\"sníž. přenesená\",J174,0)","v":0},{"$f":"IF(N174=\"nulová\",J174,0)","v":0},"1",{"$f":"ROUND(I174*H174,1)","v":0},"4","1654148585"]
[null,null,"123","M","72021","SIFON A43 UMYVADLOVÝ S PŘEVL.MATICÍ","ks",3,null,{"$f":"ROUND(I175*H175,1)","v":0},null,null,null,"základní",null,{"$f":"O175*H175","v":0},0,{"$f":"Q175*H175","v":0},0,{"$f":"S175*H175","v":0},{"$nulls":23},"8",null,"M","2",null,null,null,"ROZPOCET",{"$nulls":5},{"$f":"IF(N175=\"základní\",J175,0)","v":0},{"$f":"IF(N175=\"snížená\",J175,0)","v":0},{"$f":"IF(N175=\"zákl. přenesená\",J175,0)","v":0},{"$f":"IF(N175=\"sníž. přenesená\",J175,0)","v":0},{"$f":"IF(N175=\"nulová\",J175,0)","v":0},"1",{"$f":"ROUND(I175*H175,1)","v":0},"4","944185418"]
[null,null,"125","M","72023","ŠROUB UMYVADLOVÝ-SADA","ks",3,null,{"$f":"ROUND(I176*H176,1)","v":0},null,null,null,"základní",null,{"$f":"O176*H176","v":0},0,{"$f":"Q176*H176","v":0},0,{"$f":"S176*H176","v":0},{"$nulls":23},"8",null,"M","2",null,null,null,"ROZPOCET",{"$nulls":5},{"$f":"IF(N176=\"základní\",J176,0)","v":0},{"$f":"IF(N176=\"snížená\",J176,0)","v":0},{"$f":"IF(N176=\"zákl. přenesená\",J176,0)","v":0},{"$f":"IF(N176=\"sníž. přenesená\",J176,0)","v":0},{"$f":"IF(N176=\"nulová\",J176,0)","v":0},"1",{"$f":"ROUND(I176*H176,1)","v":0},"4","-2017655990"]
[null,null,"126","M","72024","VENTIL ROHOVÝ SANLAND S FILTREM  970580000","ks",6,null,{"$f":"ROUND(I177*H177,1)","v":0},null,null,null,"základní",null,{"$f":"O177*H177","v":0},0,{"$f":"Q177*H177","v":0},0,{"$f":"S177*H177","v":0},{"$nulls":23},"8",null,"M","2",null,null,null,"ROZPOCET",{"$nulls":5},{"$f":"IF(N177=\"základní\",J177,0)","v":0},{"$f":"IF(N177=\"snížená\",J177,0)","v":0},{"$f":"IF(N177=\"zákl. přenesená\",J177,0)","v":0},{"$f":"IF(N177=\"sníž. přenesená\",J177,0)","v":0},{"$f":"IF(N177=\"nulová\",J177,0)","v":0},"1",{"$f":"ROUND(I177*H177,1)","v":0},"4","-531228085"]
[null,null,"127","M","72025","WC MÍSA ZÁVĚS 2338.2 LYRA PLUS","ks",3,null,{"$f":"ROUND(I178*H178,1)","v":0},null,null,null,"základní",null,{"$f":"O178*H178","v":0},0,{"$f":"Q178*H178","v":0},0,{"$f":"S178*H178","v":0},{"$nulls":23},"8",null,"M","2",null,null,null,"ROZPOCET",{"$nulls":5},{"$f":"IF(N178=\"základní\",J178,0)","v":0},{"$f":"IF(N178=\"snížená\",J178,0)","v":0},{"$f":"IF(N178=\"zákl. přenesená\",J178,0)","v":0},{"$f":"IF(N178=\"sníž. přenesená\",J178,0)","v":0},{"$f":"IF(N178=\"nulová\",J178,0)","v":0},"1",{"$f":"ROUND(I178*H178,1)","v":0},"4","1513898332"]
[null,null,"128","M","72026","SEDÁTKO 9338.7 LYRA PLUS ZÁVĚS","ks",3,null,{"$f":"ROUND(I179*H179,1)","v":0},null,null,null,"základní",null,{"$f":"O179*H179","v":0},0,{"$f":"Q179*H179","v":0},0,{"$f":"S179*H179","v":0},{"$nulls":23},"8",null,"M","2",null,null,null,"ROZPOCET",{"$nulls":5},{"$f":"IF(N179=\"základní\",J179,0)","v":0},{"$f":"IF(N179=\"snížená\",J179,0)","v":0},{"$f":"IF(N179=\"zákl. přenesená\",J179,0)","v":0},{"$f":"IF(N179=\"sníž. přenesená\",J179,0)","v":0},{"$f":"IF(N179=\"nulová\",J179,0)","v":0},"1",{"$f":"ROUND(I179*H179,1)","v":0},"4","-990592322"]
[null,null,"47","M","79980012","TĚSNĚNÍ K ZÁVĚS. WC M910","ks",3,null,{"$f":"ROUND(I180*H180,1)","v":0},null,null,null,"základní",null,{"$f":"O180*H180","v":0},0,{"$f":"Q180*H180","v":0},0,{"$f":"S180*H180","v":0},{"$nulls":23},"8",null,"M","2",null,null,null,"ROZPOCET",{"$nulls":5},{"$f":"IF(N180=\"základní\",J180,0)","v":0},{"$f":"IF(N180=\"snížená\",J180,0)","v":0},{"$f":"IF(N180=\"zákl. přenesená\",J180,0)","v":0},{"$f":"IF(N180=\"sníž. přenesená\",J180,0)","v":0},{"$f":"IF(N180=\"nulová\",J180,0)","v":0},"1",{"$f":"ROUND(I180*H180,1)","v":0},"4","67"]
[null,null,"49","K","725849299.R","Demontáž doplňků","kpl",1,null,{"$f":"ROUND(I181*H181,1)","v":0},null,null,null,"základní",null,{"$f":"O181*H181","v":0},0,{"$f":"Q181*H181","v":0},0,{"$f":"S181*H181","v":0},{"$nulls":23},"4",null,"K","2",null,null,null,"ROZPOCET",{"$nulls":5},{"$f":"IF(N181=\"základní\",J181,0)","v":0},{"$f":"IF(N181=\"snížená\",J181,0)","v":0},{"$f":"IF(N181=\"zákl. přenesená\",J181,0)","v":0},{"$f":"IF(N181=\"sníž. přenesená\",J181,0)","v":0},{"$f":"IF(N181=\"nulová\",J181,0)","v":0},"1",{"$f":"ROUND(I181*H181,1)","v":0},"4","69"]
[null,null,"50","K","725980123","Dvířka 30/30","kus",1,null,{"$f":"ROUND(I182*H182,1)","v":0},null,null,null,"základní",null,{"$f":"O182*H182","v":0},0.00031,{"$f":"Q182*H182","v":0.00031},0,{"$f":"S182*H182","v":0},{"$nulls":23},"4",null,"K","2",null,null,null,"ROZPOCET",{"$nulls":5},{"$f":"IF(N182=\"základní\",J182,0)","v":0},{"$f":"IF(N182=\"snížená\",J182,0)","v":0},{"$f":"IF(N182=\"zákl. přenesená\",J182,0)","v":0},{"$f":"IF(N182=\"sníž. přenesená\",J182,0)","v":0},{"$f":"IF(N182=\"nulová\",J182,0)","v":0},"1",{"$f":"ROUND(I182*H182,1)","v":0},"4","70"]
[null,null,"51","K","998725201","Přesun hmot procentní pro zařizovací předměty v objektech v do 6 m","%",null,null,{"$f":"ROUND(I183*H183,1)","v":0},null,null,null,"základní",null,{"$f":"O183*H183","v":0},0,{"$f":"Q183*H183","v":0},0,{"$f":"S183*H183","v":0},{"$nulls":23},"4",null,"K","2",null,null,null,"ROZPOCET",{"$nulls":5},{"$f":"IF(N183=\"základní\",J183,0)","v":0},{"$f":"IF(N183=\"snížená\",J183,0)","v":0},{"$f":"IF(N183=\"zákl. přenesená\",J183,0)","v":0},{"$f":"IF(N183=\"sníž. přenesená\",J183,0)","v":0},{"$f":"IF(N183=\"nulová\",J183,0)","v":0},"1",{"$f":"ROUND(I183*H183,1)","v":0},"4","72"]
[null,null,null,"D","726","Zdravotechnika - předstěnové instalace",null,null,null,{"$f":"BK184","v":0},{"$nulls":5},{"$f":"SUM(P185:P190)","v":0},null,{"$f":"SUM(R185:R190)","v":0.0015},null,{"$f":"SUM(T185:T190)","v":0},{"$nulls":23},"2",null,"D","1",null,null,null,"ROZPOCET",{"$nulls":11},{"$f":"SUM(BK185:BK190)","v":0}]
[null,null,"52","K","725112149","Montáž Kombifixu WC","soubor",3,null,{"$f":"ROUND(I185*H185,1)","v":0},null,null,null,"základní",null,{"$f":"O185*H185","v":0},0,{"$f":"Q185*H185","v":0},0,{"$f":"S185*H185","v":0},{"$nulls":23},"4",null,"K","2",null,null,null,"ROZPOCET",{"$nulls":5},{"$f":"IF(N185=\"základní\",J185,0)","v":0},{"$f":"IF(N185=\"snížená\",J185,0)","v":0},{"$f":"IF(N185=\"zákl. přenesená\",J185,0)","v":0},{"$f":"IF(N185=\"sníž. přenesená\",J185,0)","v":0},{"$f":"IF(N185=\"nulová\",J185,0)","v":0},"1",{"$f":"ROUND(I185*H185,1)","v":0},"4","73"]
[null,null,"53","K","725112153","Montáž ovladacího tlačítka WC","soubor",3,null,{"$f":"ROUND(I186*H186,1)","v":0},null,null,null,"základní",null,{"$f":"O186*H186","v":0},0,{"$f":"Q186*H186","v":0},0,{"$f":"S186*H186","v":0},{"$nulls":23},"4",null,"K","2",null,null,null,"ROZPOCET",{"$nulls":5},{"$f":"IF(N186=\"základní\",J186,0)","v":0},{"$f":"IF(N186=\"snížená\",J186,0)","v":0},{"$f":"IF(N186=\"zákl. přenesená\",J186,0)","v":0},{"$f":"IF(N186=\"sníž. přenesená\",J186,0)","v":0},{"$f":"IF(N186=\"nulová\",J186,0)","v":0},"1",{"$f":"ROUND(I186*H186,1)","v":0},"4","74"]
[null,null,"129","M","72027","MODUL KOMBIFIX ECO 110.302.00.5 WC, NA ZAZDĚNÍ","ks",3,null,{"$f":"ROUND(I187*H187,1)","v":0},null,null,null,"základní",null,{"$f":"O187*H187","v":0},0,{"$f":"Q187*H187","v":0},0,{"$f":"S187*H187","v":0},{"$nulls":23},"8",null,"M","2",null,null,null,"ROZPOCET",{"$nulls":5},{"$f":"IF(N187=\"základní\",J187,0)","v":0},{"$f":"IF(N187=\"snížená\",J187,0)","v":0},{"$f":"IF(N187=\"zákl. přenesená\",J187,0)","v":0},{"$f":"IF(N187=\"sníž. přenesená\",J187,0)","v":0},{"$f":"IF(N187=\"nulová\",J187,0)","v":0},"1",{"$f":"ROUND(I187*H187,1)","v":0},"4","-188331806"]
[null,null,"130","M","72028","TLAČÍTKO SIGMA01 115.770.11.5","ks",3,null,{"$f":"ROUND(I188*H188,1)","v":0},null,null,null,"základní",null,{"$f":"O188*H188","v":0},0,{"$f":"Q188*H188","v":0},0,{"$f":"S188*H188","v":0},{"$nulls":23},"8",null,"M","2",null,null,null,"ROZPOCET",{"$nulls":5},{"$f":"IF(N188=\"základní\",J188,0)","v":0},{"$f":"IF(N188=\"snížená\",J188,0)","v":0},{"$f":"IF(N188=\"zákl. přenesená\",J188,0)","v":0},{"$f":"IF(N188=\"sníž. přenesená\",J188,0)","v":0},{"$f":"IF(N188=\"nulová\",J188,0)","v":0},"1",{"$f":"ROUND(I188*H188,1)","v":0},"4","1410922701"]
[null,null,"57","K","726191002","Souprava pro předstěnovou montáž","soubor",3,null,{"$f":"ROUND(I189*H189,1)","v":0},null,null,null,"základní",null,{"$f":"O189*H189","v":0},0.0005,{"$f":"Q189*H189","v":0.0015},0,{"$f":"S189*H189","v":0},{"$nulls":23},"4",null,"K","2",null,null,null,"ROZPOCET",{"$nulls":5},{"$f":"IF(N189=\"základní\",J189,0)","v":0},{"$f":"IF(N189=\"snížená\",J189,0)","v":0},{"$f":"IF(N189=\"zákl. přenesená\",J189,0)","v":0},{"$f":"IF(N189=\"sníž. přenesená\",J189,0)","v":0},{"$f":"IF(N189=\"nulová\",J189,0)","v":0},"1",{"$f":"ROUND(I189*H189,1)","v":0},"4","79"]
[null,null,"58","K","998726211","Přesun hmot procentní pro instalační prefabrikáty v objektech v do 6 m","%",null,null,{"$f":"ROUND(I190*H190,1)","v":0},null,null,null,"základní",null,{"$f":"O190*H190","v":0},0,{"$f":"Q190*H190","v":0},0,{"$f":"S190*H190","v":0},{"$nulls":23},"4",null,"K","2",null,null,null,"ROZPOCET",{"$nulls":5},{"$f":"IF(N190=\"základní\",J190,0)","v":0},{"$f":"IF(N190=\"snížená\",J190,0)","v":0},{"$f":"IF(N190=\"zákl. přenesená\",J190,0)","v":0},{"$f":"IF(N190=\"sníž. přenesená\",J190,0)","v":0},{"$f":"IF(N190=\"nulová\",J190,0)","v":0},"1",{"$f":"ROUND(I190*H190,1)","v":0},"4","80"]
[null,null,null,"D","734","Ústřední vytápění - armatury",null,null,null,{"$f":"BK191","v":0},{"$nulls":5},{"$f":"SUM(P192:P196)","v":0},null,{"$f":"SUM(R192:R196)","v":0.000409874},null,{"$f":"SUM(T192:T196)","v":0.0022},{"$nulls":23},"2",null,"D","1",null,null,null,"ROZPOCET",{"$nulls":11},{"$f":"SUM(BK192:BK196)","v":0}]
[null,null,"59","K","734200822","Demontáž armatury závitové se dvěma závity do G 1","kus",2,null,{"$f":"ROUND(I192*H192,1)","v":0},null,null,null,"základní",null,{"$f":"O192*H192","v":0},0.0001264,{"$f":"Q192*H192","v":0.0002528},0.0011,{"$f":"S192*H192","v":0.0022},{"$nulls":23},"4",null,"K","2",null,null,null,"ROZPOCET",{"$nulls":5},{"$f":"IF(N192=\"základní\",J192,0)","v":0},{"$f":"IF(N192=\"snížená\",J192,0)","v":0},{"$f":"IF(N192=\"zákl. přenesená\",J192,0)","v":0},{"$f":"IF(N192=\"sníž. přenesená\",J192,0)","v":0},{"$f":"IF(N192=\"nulová\",J192,0)","v":0},"1",{"$f":"ROUND(I192*H192,1)","v":0},"4","81"]
[null,null,"60","K","734209113","Montáž armatury závitové s dvěma závity G 1/2","kus",2,null,{"$f":"ROUND(I193*H193,1)","v":0},null,null,null,"základní",null,{"$f":"O193*H193","v":0},7.8537E-005,{"$f":"Q193*H193","v":0.000157074},0,{"$f":"S193*H193","v":0},{"$nulls":23},"4",null,"K","2",null,null,null,"ROZPOCET",{"$nulls":5},{"$f":"IF(N193=\"základní\",J193,0)","v":0},{"$f":"IF(N193=\"snížená\",J193,0)","v":0},{"$f":"IF(N193=\"zákl. přenesená\",J193,0)","v":0},{"$f":"IF(N193=\"sníž. přenesená\",J193,0)","v":0},{"$f":"IF(N193=\"nulová\",J193,0)","v":0},"1",{"$f":"ROUND(I193*H193,1)","v":0},"4","82"]
[null,null,"61","M","734310307","ŠROUBENÍ REGUTEC 0355-02.000","KS",1,null,{"$f":"ROUND(I194*H194,1)","v":0},null,null,null,"základní",null,{"$f":"O194*H194","v":0},0,{"$f":"Q194*H194","v":0},0,{"$f":"S194*H194","v":0},{"$nulls":23},"8",null,"M","2",null,null,null,"ROZPOCET",{"$nulls":5},{"$f":"IF(N194=\"základní\",J194,0)","v":0},{"$f":"IF(N194=\"snížená\",J194,0)","v":0},{"$f":"IF(N194=\"zákl. přenesená\",J194,0)","v":0},{"$f":"IF(N194=\"sníž. přenesená\",J194,0)","v":0},{"$f":"IF(N194=\"nulová\",J194,0)","v":0},"1",{"$f":"ROUND(I194*H194,1)","v":0},"4","83"]
[null,null,"62","M","734310308","VENTIL V-EXAKT 3711-02.000 1/2\" ","KS",1,null,{"$f":"ROUND(I195*H195,1)","v":0},null,null,null,"základní",null,{"$f":"O195*H195","v":0},0,{"$f":"Q195*H195","v":0},0,{"$f":"S195*H195","v":0},{"$nulls":23},"8",null,"M","2",null,null,null,"ROZPOCET",{"$nulls":5},{"$f":"IF(N195=\"základní\",J195,0)","v":0},{"$f":"IF(N195=\"snížená\",J195,0)","v":0},{"$f":"IF(N195=\"zákl. přenesená\",J195,0)","v":0},{"$f":"IF(N195=\"sníž. přenesená\",J195,0)","v":0},{"$f":"IF(N195=\"nulová\",J195,0)","v":0},"1",{"$f":"ROUND(I195*H195,1)","v":0},"4","84"]
[null,null,"63","K","998734201","Přesun hmot procentní pro armatury v objektech v do 6 m","%",null,null,{"$f":"ROUND(I196*H196,1)","v":0},null,null,null,"základní",null,{"$f":"O196*H196","v":0},0,{"$f":"Q196*H196","v":0},0,{"$f":"S196*H196","v":0},{"$nulls":23},"4",null,"K","2",null,null,null,"ROZPOCET",{"$nulls":5},{"$f":"IF(N196=\"základní\",J196,0)","v":0},{"$f":"IF(N196=\"snížená\",J196,0)","v":0},{"$f":"IF(N196=\"zákl. přenesená\",J196,0)","v":0},{"$f":"IF(N196=\"sníž. přenesená\",J196,0)","v":0},{"$f":"IF(N196=\"nulová\",J196,0)","v":0},"1",{"$f":"ROUND(I196*H196,1)","v":0},"4","85"]
[null,null,null,"D","735","Ústřední vytápění - otopná tělesa",null,null,null,{"$f":"BK197","v":0},{"$nulls":5},{"$f":"SUM(P198:P202)","v":0},null,{"$f":"SUM(R198:R202)","v":0},null,{"$f":"SUM(T198:T202)","v":0.0238},{"$nulls":23},"2",null,"D","1",null,null,null,"ROZPOCET",{"$nulls":11},{"$f":"SUM(BK198:BK202)","v":0}]
[null,null,"64","K","735494811","Vypuštění vody z otopných těles","kpl",1,null,{"$f":"ROUND(I198*H198,1)","v":0},null,null,null,"základní",null,{"$f":"O198*H198","v":0},0,{"$f":"Q198*H198","v":0},0,{"$f":"S198*H198","v":0},{"$nulls":23},"4",null,"K","2",null,null,null,"ROZPOCET",{"$nulls":5},{"$f":"IF(N198=\"základní\",J198,0)","v":0},{"$f":"IF(N198=\"snížená\",J198,0)","v":0},{"$f":"IF(N198=\"zákl. přenesená\",J198,0)","v":0},{"$f":"IF(N198=\"sníž. přenesená\",J198,0)","v":0},{"$f":"IF(N198=\"nulová\",J198,0)","v":0},"1",{"$f":"ROUND(I198*H198,1)","v":0},"4","86"]
[null,null,"65","K","735111810","Demontáž stávajícího otopného tělesa","ks",1,null,{"$f":"ROUND(I199*H199,1)","v":0},null,null,null,"základní",null,{"$f":"O199*H199","v":0},0,{"$f":"Q199*H199","v":0},0.0238,{"$f":"S199*H199","v":0.0238},{"$nulls":23},"4",null,"K","2",null,null,null,"ROZPOCET",{"$nulls":5},{"$f":"IF(N199=\"základní\",J199,0)","v":0},{"$f":"IF(N199=\"snížená\",J199,0)","v":0},{"$f":"IF(N199=\"zákl. přenesená\",J199,0)","v":0},{"$f":"IF(N199=\"sníž. přenesená\",J199,0)","v":0},{"$f":"IF(N199=\"nulová\",J199,0)","v":0},"1",{"$f":"ROUND(I199*H199,1)","v":0},"4","87"]
[null,null,"66","K","735159340","Zpětná montáž otopného tělesa","kus",1,null,{"$f":"ROUND(I200*H200,1)","v":0},null,null,null,"základní",null,{"$f":"O200*H200","v":0},0,{"$f":"Q200*H200","v":0},0,{"$f":"S200*H200","v":0},{"$nulls":23},"4",null,"K","2",null,null,null,"ROZPOCET",{"$nulls":5},{"$f":"IF(N200=\"základní\",J200,0)","v":0},{"$f":"IF(N200=\"snížená\",J200,0)","v":0},{"$f":"IF(N200=\"zákl. přenesená\",J200,0)","v":0},{"$f":"IF(N200=\"sníž. přenesená\",J200,0)","v":0},{"$f":"IF(N200=\"nulová\",J200,0)","v":0},"1",{"$f":"ROUND(I200*H200,1)","v":0},"4","88"]
[null,null,"67","K","735191910","Napuštění vody do otopných těles","kpl",1,null,{"$f":"ROUND(I201*H201,1)","v":0},null,null,null,"základní",null,{"$f":"O201*H201","v":0},0,{"$f":"Q201*H201","v":0},0,{"$f":"S201*H201","v":0},{"$nulls":23},"4",null,"K","2",null,null,null,"ROZPOCET",{"$nulls":5},{"$f":"IF(N201=\"základní\",J201,0)","v":0},{"$f":"IF(N201=\"snížená\",J201,0)","v":0},{"$f":"IF(N201=\"zákl. přenesená\",J201,0)","v":0},{"$f":"IF(N201=\"sníž. přenesená\",J201,0)","v":0},{"$f":"IF(N201=\"nulová\",J201,0)","v":0},"1",{"$f":"ROUND(I201*H201,1)","v":0},"4","89"]
[null,null,"68","K","998735201","Přesun hmot procentní pro otopná tělesa v objektech v do 6 m","%",null,null,{"$f":"ROUND(I202*H202,1)","v":0},null,null,null,"základní",null,{"$f":"O202*H202","v":0},0,{"$f":"Q202*H202","v":0},0,{"$f":"S202*H202","v":0},{"$nulls":23},"4",null,"K","2",null,null,null,"ROZPOCET",{"$nulls":5},{"$f":"IF(N202=\"základní\",J202,0)","v":0},{"$f":"IF(N202=\"snížená\",J202,0)","v":0},{"$f":"IF(N202=\"zákl. přenesená\",J202,0)","v":0},{"$f":"IF(N202=\"sníž. přenesená\",J202,0)","v":0},{"$f":"IF(N202=\"nulová\",J202,0)","v":0},"1",{"$f":"ROUND(I202*H202,1)","v":0},"4","90"]
[null,null,null,"D","771","Podlahy z dlaždic",null,null,null,{"$f":"BK203","v":0},{"$nulls":5},{"$f":"SUM(P204:P209)","v":0},null,{"$f":"SUM(R204:R209)","v":0.43452},null,{"$f":"SUM(T204:T209)","v":0},{"$nulls":23},"2",null,"D","1",null,null,null,"ROZPOCET",{"$nulls":11},{"$f":"SUM(BK204:BK209)","v":0}]
[null,null,"69","K","771151025.LSS","Samonivelační stěrka podlah","m2",21.3,null,{"$f":"ROUND(I204*H204,1)","v":0},null,null,null,"základní",null,{"$f":"O204*H204","v":0},0.0204,{"$f":"Q204*H204","v":0.43452},0,{"$f":"S204*H204","v":0},{"$nulls":23},"16",null,"K","2",null,null,null,"ROZPOCET",{"$nulls":5},{"$f":"IF(N204=\"základní\",J204,0)","v":0},{"$f":"IF(N204=\"snížená\",J204,0)","v":0},{"$f":"IF(N204=\"zákl. přenesená\",J204,0)","v":0},{"$f":"IF(N204=\"sníž. přenesená\",J204,0)","v":0},{"$f":"IF(N204=\"nulová\",J204,0)","v":0},"1",{"$f":"ROUND(I204*H204,1)","v":0},"16","-10207406"]
[null,null,"71","K","771591111","Podlahy penetrace podkladu","m2",21.3,null,{"$f":"ROUND(I205*H205,1)","v":0},null,null,null,"základní",null,{"$f":"O205*H205","v":0},0,{"$f":"Q205*H205","v":0},0,{"$f":"S205*H205","v":0},{"$nulls":23},"4",null,"K","2",null,null,null,"ROZPOCET",{"$nulls":5},{"$f":"IF(N205=\"základní\",J205,0)","v":0},{"$f":"IF(N205=\"snížená\",J205,0)","v":0},{"$f":"IF(N205=\"zákl. přenesená\",J205,0)","v":0},{"$f":"IF(N205=\"sníž. přenesená\",J205,0)","v":0},{"$f":"IF(N205=\"nulová\",J205,0)","v":0},"1",{"$f":"ROUND(I205*H205,1)","v":0},"4","112"]
[null,null,"115","M","72013","DLAŽBA RAKO BLOCK SV.ŠEDÁ 60X60 DAK63780","m2",23.76,null,{"$f":"ROUND(I206*H206,1)","v":0},null,null,null,"základní",null,{"$f":"O206*H206","v":0},0,{"$f":"Q206*H206","v":0},0,{"$f":"S206*H206","v":0},{"$nulls":23},"8",null,"M","2",null,null,null,"ROZPOCET",{"$nulls":5},{"$f":"IF(N206=\"základní\",J206,0)","v":0},{"$f":"IF(N206=\"snížená\",J206,0)","v":0},{"$f":"IF(N206=\"zákl. přenesená\",J206,0)","v":0},{"$f":"IF(N206=\"sníž. přenesená\",J206,0)","v":0},{"$f":"IF(N206=\"nulová\",J206,0)","v":0},"1",{"$f":"ROUND(I206*H206,1)","v":0},"4","-1118972528"]
[null,null,"117","M","72015","CERESIT HMOTA SPÁROVACÍ CE 40 5kg 13 ANTRACITE","ks",2,null,{"$f":"ROUND(I207*H207,1)","v":0},null,null,null,"základní",null,{"$f":"O207*H207","v":0},0,{"$f":"Q207*H207","v":0},0,{"$f":"S207*H207","v":0},{"$nulls":23},"8",null,"M","2",null,null,null,"ROZPOCET",{"$nulls":5},{"$f":"IF(N207=\"základní\",J207,0)","v":0},{"$f":"IF(N207=\"snížená\",J207,0)","v":0},{"$f":"IF(N207=\"zákl. přenesená\",J207,0)","v":0},{"$f":"IF(N207=\"sníž. přenesená\",J207,0)","v":0},{"$f":"IF(N207=\"nulová\",J207,0)","v":0},"1",{"$f":"ROUND(I207*H207,1)","v":0},"4","1452501294"]
[null,null,"74","M","7812322623","K PÁS IZOLAČNÍ CL 152 1M/50BAL","m",30,null,{"$f":"ROUND(I208*H208,1)","v":0},null,null,null,"základní",null,{"$f":"O208*H208","v":0},0,{"$f":"Q208*H208","v":0},0,{"$f":"S208*H208","v":0},{"$nulls":23},"8",null,"M","2",null,null,null,"ROZPOCET",{"$nulls":5},{"$f":"IF(N208=\"základní\",J208,0)","v":0},{"$f":"IF(N208=\"snížená\",J208,0)","v":0},{"$f":"IF(N208=\"zákl. přenesená\",J208,0)","v":0},{"$f":"IF(N208=\"sníž. přenesená\",J208,0)","v":0},{"$f":"IF(N208=\"nulová\",J208,0)","v":0},"1",{"$f":"ROUND(I208*H208,1)","v":0},"4","115"]
[null,null,"77","K","998771101","Přesun hmot pro podlahy z dlaždic v objektech v do 6 m","%",null,null,{"$f":"ROUND(I209*H209,1)","v":0},null,null,null,"základní",null,{"$f":"O209*H209","v":0},0,{"$f":"Q209*H209","v":0},0,{"$f":"S209*H209","v":0},{"$nulls":23},"4",null,"K","2",null,null,null,"ROZPOCET",{"$nulls":5},{"$f":"IF(N209=\"základní\",J209,0)","v":0},{"$f":"IF(N209=\"snížená\",J209,0)","v":0},{"$f":"IF(N209=\"zákl. přenesená\",J209,0)","v":0},{"$f":"IF(N209=\"sníž. přenesená\",J209,0)","v":0},{"$f":"IF(N209=\"nulová\",J209,0)","v":0},"1",{"$f":"ROUND(I209*H209,1)","v":0},"4","122"]
[null,null,null,"D","781","Dokončovací práce - obklady",null,null,null,{"$f":"BK210","v":0},{"$nulls":5},{"$f":"SUM(P211:P222)","v":0},null,{"$f":"SUM(R211:R222)","v":0.491715},null,{"$f":"SUM(T211:T222)","v":3.59415},{"$nulls":23},"2",null,"D","1",null,null,null,"ROZPOCET",{"$nulls":11},{"$f":"SUM(BK211:BK222)","v":0}]
[null,null,"78","K","781471810","Demontáž obkladů z obkladaček keramických","m2",44.1,null,{"$f":"ROUND(I211*H211,1)","v":0},null,null,null,"základní",null,{"$f":"O211*H211","v":0},0,{"$f":"Q211*H211","v":0},0.0815,{"$f":"S211*H211","v":3.59415},{"$nulls":23},"4",null,"K","2",null,null,null,"ROZPOCET",{"$nulls":5},{"$f":"IF(N211=\"základní\",J211,0)","v":0},{"$f":"IF(N211=\"snížená\",J211,0)","v":0},{"$f":"IF(N211=\"zákl. přenesená\",J211,0)","v":0},{"$f":"IF(N211=\"sníž. přenesená\",J211,0)","v":0},{"$f":"IF(N211=\"nulová\",J211,0)","v":0},"1",{"$f":"ROUND(I211*H211,1)","v":0},"4","123"]
[null,null,"79","K","781151031","Celoplošné vyrovnání podkladu stěrkou tl 3 mm","m2",44.1,null,{"$f":"ROUND(I212*H212,1)","v":0},null,null,null,"základní",null,{"$f":"O212*H212","v":0},0.0045,{"$f":"Q212*H212","v":0.19845},0,{"$f":"S212*H212","v":0},{"$nulls":23},"4",null,"K","2",null,null,null,"ROZPOCET",{"$nulls":5},{"$f":"IF(N212=\"základní\",J212,0)","v":0},{"$f":"IF(N212=\"snížená\",J212,0)","v":0},{"$f":"IF(N212=\"zákl. přenesená\",J212,0)","v":0},{"$f":"IF(N212=\"sníž. přenesená\",J212,0)","v":0},{"$f":"IF(N212=\"nulová\",J212,0)","v":0},"1",{"$f":"ROUND(I212*H212,1)","v":0},"4","124"]
[null,null,"80","K","781151041","Příplatek k cenám celoplošné vyrovnání stěrkou za každý další 1 mm přes tl 3 mm","m2",44.1,null,{"$f":"ROUND(I213*H213,1)","v":0},null,null,null,"základní",null,{"$f":"O213*H213","v":0},0.00145,{"$f":"Q213*H213","v":0.063945},0,{"$f":"S213*H213","v":0},{"$nulls":23},"16",null,"K","2",null,null,null,"ROZPOCET",{"$nulls":5},{"$f":"IF(N213=\"základní\",J213,0)","v":0},{"$f":"IF(N213=\"snížená\",J213,0)","v":0},{"$f":"IF(N213=\"zákl. přenesená\",J213,0)","v":0},{"$f":"IF(N213=\"sníž. přenesená\",J213,0)","v":0},{"$f":"IF(N213=\"nulová\",J213,0)","v":0},"1",{"$f":"ROUND(I213*H213,1)","v":0},"16","-1847687744"]
[null,null,"81","K","781495111","Penetrace podkladu vnitřních obkladů","m2",44.1,null,{"$f":"ROUND(I214*H214,1)","v":0},null,null,null,"základní",null,{"$f":"O214*H214","v":0},0,{"$f":"Q214*H214","v":0},0,{"$f":"S214*H214","v":0},{"$nulls":23},"4",null,"K","2",null,null,null,"ROZPOCET",{"$nulls":5},{"$f":"IF(N214=\"základní\",J214,0)","v":0},{"$f":"IF(N214=\"snížená\",J214,0)","v":0},{"$f":"IF(N214=\"zákl. přenesená\",J214,0)","v":0},{"$f":"IF(N214=\"sníž. přenesená\",J214,0)","v":0},{"$f":"IF(N214=\"nulová\",J214,0)","v":0},"1",{"$f":"ROUND(I214*H214,1)","v":0},"4","125"]
[null,null,"113","M","72011","OBKLAD SYSTEM WAAV4000 BÍLÁ LESK 30X60","m2",41.04,null,{"$f":"ROUND(I215*H215,1)","v":0},null,null,null,"základní",null,{"$f":"O215*H215","v":0},0,{"$f":"Q215*H215","v":0},0,{"$f":"S215*H215","v":0},{"$nulls":23},"8",null,"M","2",null,null,null,"ROZPOCET",{"$nulls":5},{"$f":"IF(N215=\"základní\",J215,0)","v":0},{"$f":"IF(N215=\"snížená\",J215,0)","v":0},{"$f":"IF(N215=\"zákl. přenesená\",J215,0)","v":0},{"$f":"IF(N215=\"sníž. přenesená\",J215,0)","v":0},{"$f":"IF(N215=\"nulová\",J215,0)","v":0},"1",{"$f":"ROUND(I215*H215,1)","v":0},"4","-817581143"]
[null,null,"114","M","72012","COLOR ONE ČERVENÁ LESK 15X15","m2",8,null,{"$f":"ROUND(I216*H216,1)","v":0},null,null,null,"základní",null,{"$f":"O216*H216","v":0},0,{"$f":"Q216*H216","v":0},0,{"$f":"S216*H216","v":0},{"$nulls":23},"8",null,"M","2",null,null,null,"ROZPOCET",{"$nulls":5},{"$f":"IF(N216=\"základní\",J216,0)","v":0},{"$f":"IF(N216=\"snížená\",J216,0)","v":0},{"$f":"IF(N216=\"zákl. přenesená\",J216,0)","v":0},{"$f":"IF(N216=\"sníž. přenesená\",J216,0)","v":0},{"$f":"IF(N216=\"nulová\",J216,0)","v":0},"1",{"$f":"ROUND(I216*H216,1)","v":0},"4","732017479"]
[null,null,"116","M","72014","CERESIT HMOTA SPÁROVACÍ CE 40 5kg 04 SILVER Aquastatic","ks",4,null,{"$f":"ROUND(I217*H217,1)","v":0},null,null,null,"základní",null,{"$f":"O217*H217","v":0},0,{"$f":"Q217*H217","v":0},0,{"$f":"S217*H217","v":0},{"$nulls":23},"8",null,"M","2",null,null,null,"ROZPOCET",{"$nulls":5},{"$f":"IF(N217=\"základní\",J217,0)","v":0},{"$f":"IF(N217=\"snížená\",J217,0)","v":0},{"$f":"IF(N217=\"zákl. přenesená\",J217,0)","v":0},{"$f":"IF(N217=\"sníž. přenesená\",J217,0)","v":0},{"$f":"IF(N217=\"nulová\",J217,0)","v":0},"1",{"$f":"ROUND(I217*H217,1)","v":0},"4","-871041289"]
[null,null,"118","M","72016","CERESIT SILIKON SILVER 4 280ml","ks",10,null,{"$f":"ROUND(I218*H218,1)","v":0},null,null,null,"základní",null,{"$f":"O218*H218","v":0},0,{"$f":"Q218*H218","v":0},0,{"$f":"S218*H218","v":0},{"$nulls":23},"8",null,"M","2",null,null,null,"ROZPOCET",{"$nulls":5},{"$f":"IF(N218=\"základní\",J218,0)","v":0},{"$f":"IF(N218=\"snížená\",J218,0)","v":0},{"$f":"IF(N218=\"zákl. přenesená\",J218,0)","v":0},{"$f":"IF(N218=\"sníž. přenesená\",J218,0)","v":0},{"$f":"IF(N218=\"nulová\",J218,0)","v":0},"1",{"$f":"ROUND(I218*H218,1)","v":0},"4","168023968"]
[null,null,"119","M","72017","LIŠTA AL SCHOD. \"L\" 11MM/2,5M ELOX PŘÍRODNÍ","ks",15,null,{"$f":"ROUND(I219*H219,1)","v":0},null,null,null,"základní",null,{"$f":"O219*H219","v":0},0,{"$f":"Q219*H219","v":0},0,{"$f":"S219*H219","v":0},{"$nulls":23},"8",null,"M","2",null,null,null,"ROZPOCET",{"$nulls":5},{"$f":"IF(N219=\"základní\",J219,0)","v":0},{"$f":"IF(N219=\"snížená\",J219,0)","v":0},{"$f":"IF(N219=\"zákl. přenesená\",J219,0)","v":0},{"$f":"IF(N219=\"sníž. přenesená\",J219,0)","v":0},{"$f":"IF(N219=\"nulová\",J219,0)","v":0},"1",{"$f":"ROUND(I219*H219,1)","v":0},"4","380339663"]
[null,null,"82","M","781232262121b","IZOLACE JEDNOSLOŽ. CL 51 5KG","KS",2,null,{"$f":"ROUND(I220*H220,1)","v":0},null,null,null,"základní",null,{"$f":"O220*H220","v":0},0,{"$f":"Q220*H220","v":0},0,{"$f":"S220*H220","v":0},{"$nulls":23},"8",null,"M","2",null,null,null,"ROZPOCET",{"$nulls":5},{"$f":"IF(N220=\"základní\",J220,0)","v":0},{"$f":"IF(N220=\"snížená\",J220,0)","v":0},{"$f":"IF(N220=\"zákl. přenesená\",J220,0)","v":0},{"$f":"IF(N220=\"sníž. přenesená\",J220,0)","v":0},{"$f":"IF(N220=\"nulová\",J220,0)","v":0},"1",{"$f":"ROUND(I220*H220,1)","v":0},"4","126"]
[null,null,"83","K","781474115","Montáž obkladů vnitřních keramických hladkých lepených flexibilním lepidlem","m2",44.1,null,{"$f":"ROUND(I221*H221,1)","v":0},null,null,null,"základní",null,{"$f":"O221*H221","v":0},0.0052,{"$f":"Q221*H221","v":0.22932},0,{"$f":"S221*H221","v":0},{"$nulls":23},"4",null,"K","2",null,null,null,"ROZPOCET",{"$nulls":5},{"$f":"IF(N221=\"základní\",J221,0)","v":0},{"$f":"IF(N221=\"snížená\",J221,0)","v":0},{"$f":"IF(N221=\"zákl. přenesená\",J221,0)","v":0},{"$f":"IF(N221=\"sníž. přenesená\",J221,0)","v":0},{"$f":"IF(N221=\"nulová\",J221,0)","v":0},"1",{"$f":"ROUND(I221*H221,1)","v":0},"4","127"]
[null,null,"91","K","998781101","Přesun hmot pro obklady keramické v objektech v do 6 m","%",null,null,{"$f":"ROUND(I222*H222,1)","v":0},null,null,null,"základní",null,{"$f":"O222*H222","v":0},0,{"$f":"Q222*H222","v":0},0,{"$f":"S222*H222","v":0},{"$nulls":23},"4",null,"K","2",null,null,null,"ROZPOCET",{"$nulls":5},{"$f":"IF(N222=\"základní\",J222,0)","v":0},{"$f":"IF(N222=\"snížená\",J222,0)","v":0},{"$f":"IF(N222=\"zákl. přenesená\",J222,0)","v":0},{"$f":"IF(N222=\"sníž. přenesená\",J222,0)","v":0},{"$f":"IF(N222=\"nulová\",J222,0)","v":0},"1",{"$f":"ROUND(I222*H222,1)","v":0},"4","135"]
[null,null,null,"D","783","Dokončovací práce - nátěry",null,null,null,{"$f":"BK223","v":0},{"$nulls":5},{"$f":"SUM(P224:P225)","v":0},null,{"$f":"SUM(R224:R225)","v":0.00168},null,{"$f":"SUM(T224:T225)","v":0},{"$nulls":23},"2",null,"D","1",null,null,null,"ROZPOCET",{"$nulls":11},{"$f":"SUM(BK224:BK225)","v":0}]
[null,null,"92","K","783425424","Nátěry syntetické potrubí do DN 50 ","m",10,null,{"$f":"ROUND(I224*H224,1)","v":0},null,null,null,"základní",null,{"$f":"O224*H224","v":0},0.00014,{"$f":"Q224*H224","v":0.0014},0,{"$f":"S224*H224","v":0},{"$nulls":23},"16",null,"K","2",null,null,null,"ROZPOCET",{"$nulls":5},{"$f":"IF(N224=\"základní\",J224,0)","v":0},{"$f":"IF(N224=\"snížená\",J224,0)","v":0},{"$f":"IF(N224=\"zákl. přenesená\",J224,0)","v":0},{"$f":"IF(N224=\"sníž. přenesená\",J224,0)","v":0},{"$f":"IF(N224=\"nulová\",J224,0)","v":0},"1",{"$f":"ROUND(I224*H224,1)","v":0},"16","136"]
[null,null,"93","K","78342542b","Nátěry zárubní","ks",2,null,{"$f":"ROUND(I225*H225,1)","v":0},null,null,null,"základní",null,{"$f":"O225*H225","v":0},0.00014,{"$f":"Q225*H225","v":0.00028},0,{"$f":"S225*H225","v":0},{"$nulls":23},"16",null,"K","2",null,null,null,"ROZPOCET",{"$nulls":5},{"$f":"IF(N225=\"základní\",J225,0)","v":0},{"$f":"IF(N225=\"snížená\",J225,0)","v":0},{"$f":"IF(N225=\"zákl. přenesená\",J225,0)","v":0},{"$f":"IF(N225=\"sníž. přenesená\",J225,0)","v":0},{"$f":"IF(N225=\"nulová\",J225,0)","v":0},"1",{"$f":"ROUND(I225*H225,1)","v":0},"16","-851206286"]
[null,null,null,"D","784","Dokončovací práce - malby a tapety",null,null,null,{"$f":"BK226","v":0},{"$nulls":5},{"$f":"P227","v":0},null,{"$f":"R227","v":0},null,{"$f":"T227","v":0},{"$nulls":23},"2",null,"D","1",null,null,null,"ROZPOCET",{"$nulls":11},{"$f":"BK227","v":0}]
[null,null,"94","K","784211101","Dvojnásobné bílé malby  v místnostech","m2",70.76,null,{"$f":"ROUND(I227*H227,1)","v":0},null,null,null,"základní",null,{"$f":"O227*H227","v":0},0,{"$f":"Q227*H227","v":0},0,{"$f":"S227*H227","v":0},{"$nulls":23},"4",null,"K","2",null,null,null,"ROZPOCET",{"$nulls":5},{"$f":"IF(N227=\"základní\",J227,0)","v":0},{"$f":"IF(N227=\"snížená\",J227,0)","v":0},{"$f":"IF(N227=\"zákl. přenesená\",J227,0)","v":0},{"$f":"IF(N227=\"sníž. přenesená\",J227,0)","v":0},{"$f":"IF(N227=\"nulová\",J227,0)","v":0},"1",{"$f":"ROUND(I227*H227,1)","v":0},"4","137"]
[null,null,null,"D","795","Ostatní náklady",null,null,null,{"$f":"BK228","v":0},{"$nulls":5},{"$f":"SUM(P229:P243)","v":0},null,{"$f":"SUM(R229:R243)","v":0},null,{"$f":"SUM(T229:T243)","v":0},{"$nulls":23},"2",null,"D","1",null,null,null,"ROZPOCET",{"$nulls":11},{"$f":"SUM(BK229:BK243)","v":0}]
[null,null,"95","K","72561a","Větrací mřížka ","ks",4,null,{"$f":"ROUND(I229*H229,1)","v":0},null,null,null,"základní",null,{"$f":"O229*H229","v":0},0,{"$f":"Q229*H229","v":0},0,{"$f":"S229*H229","v":0},{"$nulls":23},"4",null,"K","2",null,null,null,"ROZPOCET",{"$nulls":5},{"$f":"IF(N229=\"základní\",J229,0)","v":0},{"$f":"IF(N229=\"snížená\",J229,0)","v":0},{"$f":"IF(N229=\"zákl. přenesená\",J229,0)","v":0},{"$f":"IF(N229=\"sníž. přenesená\",J229,0)","v":0},{"$f":"IF(N229=\"nulová\",J229,0)","v":0},"1",{"$f":"ROUND(I229*H229,1)","v":0},"4","-1984939738"]
[null,null,"96","K","795990001","Bourací práce","hod",32,null,{"$f":"ROUND(I230*H230,1)","v":0},null,null,null,"základní",null,{"$f":"O230*H230","v":0},0,{"$f":"Q230*H230","v":0},0,{"$f":"S230*H230","v":0},{"$nulls":23},"4",null,"K","2",null,null,null,"ROZPOCET",{"$nulls":5},{"$f":"IF(N230=\"základní\",J230,0)","v":0},{"$f":"IF(N230=\"snížená\",J230,0)","v":0},{"$f":"IF(N230=\"zákl. přenesená\",J230,0)","v":0},{"$f":"IF(N230=\"sníž. přenesená\",J230,0)","v":0},{"$f":"IF(N230=\"nulová\",J230,0)","v":0},"1",{"$f":"ROUND(I230*H230,1)","v":0},"4","138"]
[null,null,"97","K","795990002","Zednické práce","hod",48,null,{"$f":"ROUND(I231*H231,1)","v":0},null,null,null,"základní",null,{"$f":"O231*H231","v":0},0,{"$f":"Q231*H231","v":0},0,{"$f":"S231*H231","v":0},{"$nulls":23},"4",null,"K","2",null,null,null,"ROZPOCET",{"$nulls":5},{"$f":"IF(N231=\"základní\",J231,0)","v":0},{"$f":"IF(N231=\"snížená\",J231,0)","v":0},{"$f":"IF(N231=\"zákl. přenesená\",J231,0)","v":0},{"$f":"IF(N231=\"sníž. přenesená\",J231,0)","v":0},{"$f":"IF(N231=\"nulová\",J231,0)","v":0},"1",{"$f":"ROUND(I231*H231,1)","v":0},"4","139"]
[null,null,"98","M","795990003","Materiál pro zednické práce","kpl",1,null,{"$f":"ROUND(I232*H232,1)","v":0},null,null,null,"základní",null,{"$f":"O232*H232","v":0},0,{"$f":"Q232*H232","v":0},0,{"$f":"S232*H232","v":0},{"$nulls":23},"8",null,"M","2",null,null,null,"ROZPOCET",{"$nulls":5},{"$f":"IF(N232=\"základní\",J232,0)","v":0},{"$f":"IF(N232=\"snížená\",J232,0)","v":0},{"$f":"IF(N232=\"zákl. přenesená\",J232,0)","v":0},{"$f":"IF(N232=\"sníž. přenesená\",J232,0)","v":0},{"$f":"IF(N232=\"nulová\",J232,0)","v":0},"1",{"$f":"ROUND(I232*H232,1)","v":0},"4","140"]
[null,null,"136","K","795990002.1","Zednické práce-podhledy","kpl",1,null,{"$f":"ROUND(I233*H233,1)","v":0},null,null,null,"základní",null,{"$f":"O233*H233","v":0},0,{"$f":"Q233*H233","v":0},0,{"$f":"S233*H233","v":0},{"$nulls":23},"4",null,"K","2",null,null,null,"ROZPOCET",{"$nulls":5},{"$f":"IF(N233=\"základní\",J233,0)","v":0},{"$f":"IF(N233=\"snížená\",J233,0)","v":0},{"$f":"IF(N233=\"zákl. přenesená\",J233,0)","v":0},{"$f":"IF(N233=\"sníž. přenesená\",J233,0)","v":0},{"$f":"IF(N233=\"nulová\",J233,0)","v":0},"1",{"$f":"ROUND(I233*H233,1)","v":0},"4","-1532580095"]
[null,null,"99","K","795990002.R2","KÓJE WC","KPL",1,null,{"$f":"ROUND(I234*H234,1)","v":0},null,null,null,"základní",null,{"$f":"O234*H234","v":0},0,{"$f":"Q234*H234","v":0},0,{"$f":"S234*H234","v":0},{"$nulls":23},"4",null,"K","2",null,null,null,"ROZPOCET",{"$nulls":5},{"$f":"IF(N234=\"základní\",J234,0)","v":0},{"$f":"IF(N234=\"snížená\",J234,0)","v":0},{"$f":"IF(N234=\"zákl. přenesená\",J234,0)","v":0},{"$f":"IF(N234=\"sníž. přenesená\",J234,0)","v":0},{"$f":"IF(N234=\"nulová\",J234,0)","v":0},"1",{"$f":"ROUND(I234*H234,1)","v":0},"4","142"]
[null,null,"100","K","795990006","Práce elektro","hod",24,null,{"$f":"ROUND(I235*H235,1)","v":0},null,null,null,"základní",null,{"$f":"O235*H235","v":0},0,{"$f":"Q235*H235","v":0},0,{"$f":"S235*H235","v":0},{"$nulls":23},"4",null,"K","2",null,null,null,"ROZPOCET",{"$nulls":5},{"$f":"IF(N235=\"základní\",J235,0)","v":0},{"$f":"IF(N235=\"snížená\",J235,0)","v":0},{"$f":"IF(N235=\"zákl. přenesená\",J235,0)","v":0},{"$f":"IF(N235=\"sníž. přenesená\",J235,0)","v":0},{"$f":"IF(N235=\"nulová\",J235,0)","v":0},"1",{"$f":"ROUND(I235*H235,1)","v":0},"4","143"]
[null,null,"101","M","795990005","Materiál elektro","kpl",1,null,{"$f":"ROUND(I236*H236,1)","v":0},null,null,null,"základní",null,{"$f":"O236*H236","v":0},0,{"$f":"Q236*H236","v":0},0,{"$f":"S236*H236","v":0},{"$nulls":23},"8",null,"M","2",null,null,null,"ROZPOCET",{"$nulls":5},{"$f":"IF(N236=\"základní\",J236,0)","v":0},{"$f":"IF(N236=\"snížená\",J236,0)","v":0},{"$f":"IF(N236=\"zákl. přenesená\",J236,0)","v":0},{"$f":"IF(N236=\"sníž. přenesená\",J236,0)","v":0},{"$f":"IF(N236=\"nulová\",J236,0)","v":0},"1",{"$f":"ROUND(I236*H236,1)","v":0},"4","144"]
[null,null,"102","K","725849299.11","Montáž doplňků","ks",8,null,{"$f":"ROUND(I237*H237,1)","v":0},null,null,null,"základní",null,{"$f":"O237*H237","v":0},0,{"$f":"Q237*H237","v":0},0,{"$f":"S237*H237","v":0},{"$nulls":23},"4",null,"K","2",null,null,null,"ROZPOCET",{"$nulls":5},{"$f":"IF(N237=\"základní\",J237,0)","v":0},{"$f":"IF(N237=\"snížená\",J237,0)","v":0},{"$f":"IF(N237=\"zákl. přenesená\",J237,0)","v":0},{"$f":"IF(N237=\"sníž. přenesená\",J237,0)","v":0},{"$f":"IF(N237=\"nulová\",J237,0)","v":0},"1",{"$f":"ROUND(I237*H237,1)","v":0},"4","146"]
[null,null,"124","M","72022","ZRCADLO 60X70 OBDELNÍK BEZ ÚCHYTU 22469","ks",3,null,{"$f":"ROUND(I238*H238,1)","v":0},null,null,null,"základní",null,{"$f":"O238*H238","v":0},0,{"$f":"Q238*H238","v":0},0,{"$f":"S238*H238","v":0},{"$nulls":23},"8",null,"M","2",null,null,null,"ROZPOCET",{"$nulls":5},{"$f":"IF(N238=\"základní\",J238,0)","v":0},{"$f":"IF(N238=\"snížená\",J238,0)","v":0},{"$f":"IF(N238=\"zákl. přenesená\",J238,0)","v":0},{"$f":"IF(N238=\"sníž. přenesená\",J238,0)","v":0},{"$f":"IF(N238=\"nulová\",J238,0)","v":0},"1",{"$f":"ROUND(I238*H238,1)","v":0},"4","1979038721"]
[null,null,"131","M","72029","ZÁSOBNÍK NA TOALETNÍ PAPÍR DO PR.29CM ABS BÍLÁ 608","ks",1,null,{"$f":"ROUND(I239*H239,1)","v":0},null,null,null,"základní",null,{"$f":"O239*H239","v":0},0,{"$f":"Q239*H239","v":0},0,{"$f":"S239*H239","v":0},{"$nulls":23},"8",null,"M","2",null,null,null,"ROZPOCET",{"$nulls":5},{"$f":"IF(N239=\"základní\",J239,0)","v":0},{"$f":"IF(N239=\"snížená\",J239,0)","v":0},{"$f":"IF(N239=\"zákl. přenesená\",J239,0)","v":0},{"$f":"IF(N239=\"sníž. přenesená\",J239,0)","v":0},{"$f":"IF(N239=\"nulová\",J239,0)","v":0},"1",{"$f":"ROUND(I239*H239,1)","v":0},"4","-1448195386"]
[null,null,"132","M","72030","ZÁSOBNÍK PAPÍROVÝCH RUČNÍKŮ 260X205MM BÍLÝ 1319-81","ks",1,null,{"$f":"ROUND(I240*H240,1)","v":0},null,null,null,"základní",null,{"$f":"O240*H240","v":0},0,{"$f":"Q240*H240","v":0},0,{"$f":"S240*H240","v":0},{"$nulls":23},"8",null,"M","2",null,null,null,"ROZPOCET",{"$nulls":5},{"$f":"IF(N240=\"základní\",J240,0)","v":0},{"$f":"IF(N240=\"snížená\",J240,0)","v":0},{"$f":"IF(N240=\"zákl. přenesená\",J240,0)","v":0},{"$f":"IF(N240=\"sníž. přenesená\",J240,0)","v":0},{"$f":"IF(N240=\"nulová\",J240,0)","v":0},"1",{"$f":"ROUND(I240*H240,1)","v":0},"4","1521605835"]
[null,null,"133","M","72031","DÁVKOVAČ TEKUTÉHO MÝDLA NÁSTĚNNÝ 1000ML BÍLÝ 1319-73","ks",2,null,{"$f":"ROUND(I241*H241,1)","v":0},null,null,null,"základní",null,{"$f":"O241*H241","v":0},0,{"$f":"Q241*H241","v":0},0,{"$f":"S241*H241","v":0},{"$nulls":23},"8",null,"M","2",null,null,null,"ROZPOCET",{"$nulls":5},{"$f":"IF(N241=\"základní\",J241,0)","v":0},{"$f":"IF(N241=\"snížená\",J241,0)","v":0},{"$f":"IF(N241=\"zákl. přenesená\",J241,0)","v":0},{"$f":"IF(N241=\"sníž. přenesená\",J241,0)","v":0},{"$f":"IF(N241=\"nulová\",J241,0)","v":0},"1",{"$f":"ROUND(I241*H241,1)","v":0},"4","122538623"]
[null,null,"134","M","72032","SIMPLE LINE odpadkový koš kulatý 20l, nerez lesk","ks",1,null,{"$f":"ROUND(I242*H242,1)","v":0},null,null,null,"základní",null,{"$f":"O242*H242","v":0},0,{"$f":"Q242*H242","v":0},0,{"$f":"S242*H242","v":0},{"$nulls":23},"8",null,"M","2",null,null,null,"ROZPOCET",{"$nulls":5},{"$f":"IF(N242=\"základní\",J242,0)","v":0},{"$f":"IF(N242=\"snížená\",J242,0)","v":0},{"$f":"IF(N242=\"zákl. přenesená\",J242,0)","v":0},{"$f":"IF(N242=\"sníž. přenesená\",J242,0)","v":0},{"$f":"IF(N242=\"nulová\",J242,0)","v":0},"1",{"$f":"ROUND(I242*H242,1)","v":0},"4","-481132439"]
[null,null,"109","M","795990024","Odvoz suti ","kpl",1,null,{"$f":"ROUND(I243*H243,1)","v":0},null,null,null,"základní",null,{"$f":"O243*H243","v":0},0,{"$f":"Q243*H243","v":0},0,{"$f":"S243*H243","v":0},{"$nulls":23},"8",null,"M","2",null,null,null,"ROZPOCET",{"$nulls":5},{"$f":"IF(N243=\"základní\",J243,0)","v":0},{"$f":"IF(N243=\"snížená\",J243,0)","v":0},{"$f":"IF(N243=\"zákl. přenesená\",J243,0)","v":0},{"$f":"IF(N243=\"sníž. přenesená\",J243,0)","v":0},{"$f":"IF(N243=\"nulová\",J243,0)","v":0},"1",{"$f":"ROUND(I243*H243,1)","v":0},"4","147"]

{"sheet":"2-muži -  sociální za...","index":4,"n_rows":259,"n_cols":65,"rows_kept":259,"cut":false,"hidden":false,"merged":[[1,11,1,21],[6,4,6,7],[8,4,8,7],[17,4,17,7],[26,4,26,7],[84,4,84,7],[86,4,86,7],[117,4,117,7],[119,4,119,7]]}
[]
[{"$nulls":11},">>  skryté sloupce  <<",{"$nulls":33},"{85fa4f40-8734-4a01-9364-61c6ab8b5bb4}"]
[{"$nulls":45},"2"]
[null,null,null,"KRYCÍ LIST SOUPISU PRACÍ",{"$nulls":8},"v ---  níže se nacházejí doplnkové a pomocné údaje k sestavám  --- v",{"$nulls":32},"False"]
[]
[null,null,null,"Stavba:"]
[{"$nulls":4},{"$f":"'Rekapitulace stavby'!K6","v":"zimní stadion Pardubice-Veřejnost"}]
[null,null,null,"Objekt:"]
[{"$nulls":4},"2-muži -  sociální zařízení muži B117(1.11)"]
[]
[null,null,null,"KSO:",null," ",null,null,"CC-CZ:"]
[null,null,null,"Místo:",null," ",null,null,"Datum:",{"$f":"'Rekapitulace stavby'!AN8","v":"6. 6. 2023"}]
[]
[null,null,null,"Zadavatel:",{"$nulls":4},"IČ:"]
[{"$nulls":4}," ",null,null,null,"DIČ:"]
[]
[null,null,null,"Uchazeč:",{"$nulls":4},"IČ:",{"$f":"'Rekapitulace stavby'!AN13","v":"Vyplň údaj"}]
[{"$nulls":4},{"$f":"'Rekapitulace stavby'!E14","v":"Vyplň údaj"},null,null,null,"DIČ:",{"$f":"'Rekapitulace stavby'!AN14","v":"Vyplň údaj"}]
[]
[null,null,null,"Projektant:",{"$nulls":4},"IČ:",{"$f":"IF('Rekapitulace stavby'!AN16=\"\",\"\",'Rekapitulace stavby'!AN16)","v":""}]
[{"$nulls":4},{"$f":"IF('Rekapitulace stavby'!E17=\"\",\"\",'Rekapitulace stavby'!E17)","v":" "},null,null,null,"DIČ:",{"$f":"IF('Rekapitulace stavby'!AN17=\"\",\"\",'Rekapitulace stavby'!AN17)","v":""}]
[]
[null,null,null,"Zpracovatel:",{"$nulls":4},"IČ:",{"$f":"IF('Rekapitulace stavby'!AN19=\"\",\"\",'Rekapitulace stavby'!AN19)","v":""}]
[{"$nulls":4},{"$f":"IF('Rekapitulace stavby'!E20=\"\",\"\",'Rekapitulace stavby'!E20)","v":" "},null,null,null,"DIČ:",{"$f":"IF('Rekapitulace stavby'!AN20=\"\",\"\",'Rekapitulace stavby'!AN20)","v":""}]
[]
[null,null,null,"Poznámka:"]
[]
[]
[]
[null,null,null,"Cena bez DPH",{"$nulls":5},{"$f":"ROUND(J128, 2)","v":0}]
[]
[{"$nulls":5},"Základ daně",null,null,"Sazba daně","Výše daně"]
[null,null,null,"DPH","základní",{"$f":"ROUND((SUM(BE128:BE259)),  2)","v":0},null,null,0.21,{"$f":"ROUND(((SUM(BE128:BE259))*I33),  2)","v":0}]
[{"$nulls":4},"snížená",{"$f":"ROUND((SUM(BF128:BF259)),  2)","v":0},null,null,0.15,{"$f":"ROUND(((SUM(BF128:BF259))*I34),  2)","v":0}]
[{"$nulls":4},"zákl. přenesená",{"$f":"ROUND((SUM(BG128:BG259)),  2)","v":0},null,null,0.21,{"$f":"0","v":0}]
[{"$nulls":4},"sníž. přenesená",{"$f":"ROUND((SUM(BH128:BH259)),  2)","v":0},null,null,0.15,{"$f":"0","v":0}]
[{"$nulls":4},"nulová",{"$f":"ROUND((SUM(BI128:BI259)),  2)","v":0},null,null,0,{"$f":"0","v":0}]
[]
[null,null,null,"Cena s DPH",null,null,"v","CZK",null,{"$f":"SUM(J30:J37)","v":0}]
{"$rows_empty":10}
[null,null,null,"Projektant",null,null,"Zpracovatel"]
{"$rows_empty":10}
[null,null,null,"Datum a podpis:",null,"Razítko","Datum a podpis:",null,null,"Razítko"]
[]
[]
[]
[null,null,null,"Objednavatel",null,null,"Uchazeč"]
{"$rows_empty":10}
[null,null,null,"Datum a podpis:",null,"Razítko","Datum a podpis:",null,null,"Razítko"]
[]
[]
[]
[]
[]
[null,null,"REKAPITULACE ČLENĚNÍ SOUPISU PRACÍ"]
[]
[null,null,"Stavba:"]
[{"$nulls":4},{"$f":"E7","v":"zimní stadion Pardubice-Veřejnost"}]
[null,null,"Objekt:"]
[{"$nulls":4},{"$f":"E9","v":"2-muži -  sociální zařízení muži B117(1.11)"}]
[]
[null,null,"Místo:",null,null,{"$f":"F12","v":" "},null,null,"Datum:",{"$f":"IF(J12=\"\",\"\",J12)","v":"6. 6. 2023"}]
[]
[null,null,"Zadavatel:",null,null,{"$f":"E15","v":" "},null,null,"Projektant:",{"$f":"E21","v":" "}]
[null,null,"Uchazeč:",null,null,{"$f":"IF(E18=\"\",\"\",E18)","v":"Vyplň údaj"},null,null,"Zpracovatel:",{"$f":"E24","v":" "}]
[]
[null,null,"Kód dílu - Popis",{"$nulls":6},"Cena celkem [CZK]"]
[]
[null,null,"Náklady ze soupisu prací",{"$nulls":6},{"$f":"J128","v":0},{"$nulls":36},"-1"]
[null,null,null,"PSV - Práce a dodávky PSV",{"$nulls":5},{"$f":"J129","v":0}]
[null,null,null,"    721 - Zdravotechnika - vnitřní kanalizace",{"$nulls":5},{"$f":"J130","v":0}]
[null,null,null,"    722 - Zdravotechnika - vnitřní vodovod",{"$nulls":5},{"$f":"J146","v":0}]
[null,null,null,"    725 - Zdravotechnika - zařiz. předměty",{"$nulls":5},{"$f":"J165","v":0}]
[null,null,null,"    726 - Zdravotechnika - předstěnové instalace",{"$nulls":5},{"$f":"J195","v":0}]
[null,null,null,"    734 - Ústřední vytápění - armatury",{"$nulls":5},{"$f":"J202","v":0}]
[null,null,null,"    735 - Ústřední vytápění - otopná tělesa",{"$nulls":5},{"$f":"J208","v":0}]
[null,null,null,"    771 - Podlahy z dlaždic",{"$nulls":5},{"$f":"J214","v":0}]
[null,null,null,"    781 - Dokončovací práce - obklady",{"$nulls":5},{"$f":"J226","v":0}]
[null,null,null,"    783 - Dokončovací práce - nátěry",{"$nulls":5},{"$f":"J239","v":0}]
[null,null,null,"    784 - Dokončovací práce - malby a tapety",{"$nulls":5},{"$f":"J242","v":0}]
[null,null,null,"    795 - Ostatní náklady",{"$nulls":5},{"$f":"J244","v":0}]
[]
[]
[]
[]
[]
[]
[null,null,"SOUPIS PRACÍ"]
[]
[null,null,"Stavba:"]
[{"$nulls":4},{"$f":"E7","v":"zimní stadion Pardubice-Veřejnost"}]
[null,null,"Objekt:"]
[{"$nulls":4},{"$f":"E9","v":"2-muži -  sociální zařízení muži B117(1.11)"}]
[]
[null,null,"Místo:",null,null,{"$f":"F12","v":" "},null,null,"Datum:",{"$f":"IF(J12=\"\",\"\",J12)","v":"6. 6. 2023"}]
[]
[null,null,"Zadavatel:",null,null,{"$f":"E15","v":" "},null,null,"Projektant:",{"$f":"E21","v":" "}]
[null,null,"Uchazeč:",null,null,{"$f":"IF(E18=\"\",\"\",E18)","v":"Vyplň údaj"},null,null,"Zpracovatel:",{"$f":"E24","v":" "}]
[]
[null,null,"PČ","Typ","Kód","Popis","MJ","Množství","J.cena [CZK]","Cena celkem [CZK]","Cenová soustava",null,null,"DPH","J. Nh [h]","Nh celkem [h]","J. hmotnost [t]","Hmotnost celkem [t]","J. suť [t]","Suť Celkem [t]"]
[null,null,"Náklady soupisu celkem",{"$nulls":6},{"$f":"BK128","v":0},{"$nulls":5},{"$f":"P129","v":0},null,{"$f":"R129","v":1.735229521},null,{"$f":"T129","v":6.6186},{"$nulls":25},"D","-1",{"$nulls":15},{"$f":"BK129","v":0}]
[null,null,null,"D","PSV","Práce a dodávky PSV",null,null,null,{"$f":"BK129","v":0},{"$nulls":5},{"$f":"P130+P146+P165+P195+P202+P208+P214+P226+P239+P242+P244","v":0},null,{"$f":"R130+R146+R165+R195+R202+R208+R214+R226+R239+R242+R244","v":1.735229521},null,{"$f":"T130+T146+T165+T195+T202+T208+T214+T226+T239+T242+T244","v":6.6186},{"$nulls":23},"2",null,"D","0",null,null,null,"ROZPOCET",{"$nulls":11},{"$f":"BK130+BK146+BK165+BK195+BK202+BK208+BK214+BK226+BK239+BK242+BK244","v":0}]
[null,null,null,"D","721","Zdravotechnika - vnitřní kanalizace",null,null,null,{"$f":"BK130","v":0},{"$nulls":5},{"$f":"SUM(P131:P145)","v":0},null,{"$f":"SUM(R131:R145)","v":0.0380051},null,{"$f":"SUM(T131:T145)","v":0.1187},{"$nulls":23},"2",null,"D","1",null,null,null,"ROZPOCET",{"$nulls":11},{"$f":"SUM(BK131:BK145)","v":0}]
[null,null,"1","K","721140802","Demontáž potrubí kanal do DN 100","m",5,null,{"$f":"ROUND(I131*H131,1)","v":0},null,null,null,"základní",null,{"$f":"O131*H131","v":0},0,{"$f":"Q131*H131","v":0},0.01492,{"$f":"S131*H131","v":0.0746},{"$nulls":23},"4",null,"K","2",null,null,null,"ROZPOCET",{"$nulls":5},{"$f":"IF(N131=\"základní\",J131,0)","v":0},{"$f":"IF(N131=\"snížená\",J131,0)","v":0},{"$f":"IF(N131=\"zákl. přenesená\",J131,0)","v":0},{"$f":"IF(N131=\"sníž. přenesená\",J131,0)","v":0},{"$f":"IF(N131=\"nulová\",J131,0)","v":0},"1",{"$f":"ROUND(I131*H131,1)","v":0},"4","1"]
[null,null,"2","K","721171803","Demontáž potrubí z PVC do D 75","m",21,null,{"$f":"ROUND(I132*H132,1)","v":0},null,null,null,"základní",null,{"$f":"O132*H132","v":0},0,{"$f":"Q132*H132","v":0},0.0021,{"$f":"S132*H132","v":0.0441},{"$nulls":23},"4",null,"K","2",null,null,null,"ROZPOCET",{"$nulls":5},{"$f":"IF(N132=\"základní\",J132,0)","v":0},{"$f":"IF(N132=\"snížená\",J132,0)","v":0},{"$f":"IF(N132=\"zákl. přenesená\",J132,0)","v":0},{"$f":"IF(N132=\"sníž. přenesená\",J132,0)","v":0},{"$f":"IF(N132=\"nulová\",J132,0)","v":0},"1",{"$f":"ROUND(I132*H132,1)","v":0},"4","2"]
[null,null,"3","K","721171903","Potrubí z PP vsazení odbočky do hrdla DN 50","kus",15,null,{"$f":"ROUND(I133*H133,1)","v":0},null,null,null,"základní",null,{"$f":"O133*H133","v":0},0.0005006,{"$f":"Q133*H133","v":0.007509},0,{"$f":"S133*H133","v":0},{"$nulls":23},"4",null,"K","2",null,null,null,"ROZPOCET",{"$nulls":5},{"$f":"IF(N133=\"základní\",J133,0)","v":0},{"$f":"IF(N133=\"snížená\",J133,0)","v":0},{"$f":"IF(N133=\"zákl. přenesená\",J133,0)","v":0},{"$f":"IF(N133=\"sníž. přenesená\",J133,0)","v":0},{"$f":"IF(N133=\"nulová\",J133,0)","v":0},"1",{"$f":"ROUND(I133*H133,1)","v":0},"4","3"]
[null,null,"4","K","721171905","Potrubí z PP vsazení odbočky do hrdla DN 110","kus",4,null,{"$f":"ROUND(I134*H134,1)","v":0},null,null,null,"základní",null,{"$f":"O134*H134","v":0},0.0017906,{"$f":"Q134*H134","v":0.0071624},0,{"$f":"S134*H134","v":0},{"$nulls":23},"4",null,"K","2",null,null,null,"ROZPOCET",{"$nulls":5},{"$f":"IF(N134=\"základní\",J134,0)","v":0},{"$f":"IF(N134=\"snížená\",J134,0)","v":0},{"$f":"IF(N134=\"zákl. přenesená\",J134,0)","v":0},{"$f":"IF(N134=\"sníž. přenesená\",J134,0)","v":0},{"$f":"IF(N134=\"nulová\",J134,0)","v":0},"1",{"$f":"ROUND(I134*H134,1)","v":0},"4","5"]
[null,null,"5","K","721174042","Potrubí kanalizační z PP připojovací systém HT DN 40","m",6,null,{"$f":"ROUND(I135*H135,1)","v":0},null,null,null,"základní",null,{"$f":"O135*H135","v":0},0.0004119,{"$f":"Q135*H135","v":0.0024714},0,{"$f":"S135*H135","v":0},{"$nulls":23},"4",null,"K","2",null,null,null,"ROZPOCET",{"$nulls":5},{"$f":"IF(N135=\"základní\",J135,0)","v":0},{"$f":"IF(N135=\"snížená\",J135,0)","v":0},{"$f":"IF(N135=\"zákl. přenesená\",J135,0)","v":0},{"$f":"IF(N135=\"sníž. přenesená\",J135,0)","v":0},{"$f":"IF(N135=\"nulová\",J135,0)","v":0},"1",{"$f":"ROUND(I135*H135,1)","v":0},"4","6"]
[null,null,"6","K","721174043","Potrubí kanalizační z PP připojovací systém HT DN 50","m",15,null,{"$f":"ROUND(I136*H136,1)","v":0},null,null,null,"základní",null,{"$f":"O136*H136","v":0},0.0004765,{"$f":"Q136*H136","v":0.0071475},0,{"$f":"S136*H136","v":0},{"$nulls":23},"4",null,"K","2",null,null,null,"ROZPOCET",{"$nulls":5},{"$f":"IF(N136=\"základní\",J136,0)","v":0},{"$f":"IF(N136=\"snížená\",J136,0)","v":0},{"$f":"IF(N136=\"zákl. přenesená\",J136,0)","v":0},{"$f":"IF(N136=\"sníž. přenesená\",J136,0)","v":0},{"$f":"IF(N136=\"nulová\",J136,0)","v":0},"1",{"$f":"ROUND(I136*H136,1)","v":0},"4","7"]
[null,null,"7","K","721174045","Potrubí kanalizační z PP připojovací systém HT DN 100","m",4,null,{"$f":"ROUND(I137*H137,1)","v":0},null,null,null,"základní",null,{"$f":"O137*H137","v":0},0.0022362,{"$f":"Q137*H137","v":0.0089448},0,{"$f":"S137*H137","v":0},{"$nulls":23},"4",null,"K","2",null,null,null,"ROZPOCET",{"$nulls":5},{"$f":"IF(N137=\"základní\",J137,0)","v":0},{"$f":"IF(N137=\"snížená\",J137,0)","v":0},{"$f":"IF(N137=\"zákl. přenesená\",J137,0)","v":0},{"$f":"IF(N137=\"sníž. přenesená\",J137,0)","v":0},{"$f":"IF(N137=\"nulová\",J137,0)","v":0},"1",{"$f":"ROUND(I137*H137,1)","v":0},"4","8"]
[null,null,"8","K","721194104","Vyvedení a upevnění odpadních výpustek DN 40","kus",4,null,{"$f":"ROUND(I138*H138,1)","v":0},null,null,null,"základní",null,{"$f":"O138*H138","v":0},0,{"$f":"Q138*H138","v":0},0,{"$f":"S138*H138","v":0},{"$nulls":23},"4",null,"K","2",null,null,null,"ROZPOCET",{"$nulls":5},{"$f":"IF(N138=\"základní\",J138,0)","v":0},{"$f":"IF(N138=\"snížená\",J138,0)","v":0},{"$f":"IF(N138=\"zákl. přenesená\",J138,0)","v":0},{"$f":"IF(N138=\"sníž. přenesená\",J138,0)","v":0},{"$f":"IF(N138=\"nulová\",J138,0)","v":0},"1",{"$f":"ROUND(I138*H138,1)","v":0},"4","9"]
[null,null,"9","K","721194105","Vyvedení a upevnění odpadních výpustek DN 50","kus",11,null,{"$f":"ROUND(I139*H139,1)","v":0},null,null,null,"základní",null,{"$f":"O139*H139","v":0},0,{"$f":"Q139*H139","v":0},0,{"$f":"S139*H139","v":0},{"$nulls":23},"4",null,"K","2",null,null,null,"ROZPOCET",{"$nulls":5},{"$f":"IF(N139=\"základní\",J139,0)","v":0},{"$f":"IF(N139=\"snížená\",J139,0)","v":0},{"$f":"IF(N139=\"zákl. přenesená\",J139,0)","v":0},{"$f":"IF(N139=\"sníž. přenesená\",J139,0)","v":0},{"$f":"IF(N139=\"nulová\",J139,0)","v":0},"1",{"$f":"ROUND(I139*H139,1)","v":0},"4","10"]
[null,null,"10","K","721194109","Vyvedení a upevnění odpadních výpustek DN 100","kus",4,null,{"$f":"ROUND(I140*H140,1)","v":0},null,null,null,"základní",null,{"$f":"O140*H140","v":0},0,{"$f":"Q140*H140","v":0},0,{"$f":"S140*H140","v":0},{"$nulls":23},"4",null,"K","2",null,null,null,"ROZPOCET",{"$nulls":5},{"$f":"IF(N140=\"základní\",J140,0)","v":0},{"$f":"IF(N140=\"snížená\",J140,0)","v":0},{"$f":"IF(N140=\"zákl. přenesená\",J140,0)","v":0},{"$f":"IF(N140=\"sníž. přenesená\",J140,0)","v":0},{"$f":"IF(N140=\"nulová\",J140,0)","v":0},"1",{"$f":"ROUND(I140*H140,1)","v":0},"4","11"]
[null,null,"11","K","721211404.HLE","Vpusť podlahová HL s vodorovným odtokem DN 50/75","kus",5,null,{"$f":"ROUND(I141*H141,1)","v":0},null,null,null,"základní",null,{"$f":"O141*H141","v":0},0.00092,{"$f":"Q141*H141","v":0.0046},0,{"$f":"S141*H141","v":0},{"$nulls":23},"16",null,"K","2",null,null,null,"ROZPOCET",{"$nulls":5},{"$f":"IF(N141=\"základní\",J141,0)","v":0},{"$f":"IF(N141=\"snížená\",J141,0)","v":0},{"$f":"IF(N141=\"zákl. přenesená\",J141,0)","v":0},{"$f":"IF(N141=\"sníž. přenesená\",J141,0)","v":0},{"$f":"IF(N141=\"nulová\",J141,0)","v":0},"1",{"$f":"ROUND(I141*H141,1)","v":0},"16","-2014026057"]
[null,null,"12","K","721274121","Přivzdušňovací ventil vnitřní odpadních potrubí do DN 50","kus",1,null,{"$f":"ROUND(I142*H142,1)","v":0},null,null,null,"základní",null,{"$f":"O142*H142","v":0},0.00017,{"$f":"Q142*H142","v":0.00017},0,{"$f":"S142*H142","v":0},{"$nulls":23},"4",null,"K","2",null,null,null,"ROZPOCET",{"$nulls":5},{"$f":"IF(N142=\"základní\",J142,0)","v":0},{"$f":"IF(N142=\"snížená\",J142,0)","v":0},{"$f":"IF(N142=\"zákl. přenesená\",J142,0)","v":0},{"$f":"IF(N142=\"sníž. přenesená\",J142,0)","v":0},{"$f":"IF(N142=\"nulová\",J142,0)","v":0},"1",{"$f":"ROUND(I142*H142,1)","v":0},"4","12"]
[null,null,"13","K","721290111","Zkouška těsnosti potrubí kanalizace vodou do DN 125","m",26,null,{"$f":"ROUND(I143*H143,1)","v":0},null,null,null,"základní",null,{"$f":"O143*H143","v":0},0,{"$f":"Q143*H143","v":0},0,{"$f":"S143*H143","v":0},{"$nulls":23},"4",null,"K","2",null,null,null,"ROZPOCET",{"$nulls":5},{"$f":"IF(N143=\"základní\",J143,0)","v":0},{"$f":"IF(N143=\"snížená\",J143,0)","v":0},{"$f":"IF(N143=\"zákl. přenesená\",J143,0)","v":0},{"$f":"IF(N143=\"sníž. přenesená\",J143,0)","v":0},{"$f":"IF(N143=\"nulová\",J143,0)","v":0},"1",{"$f":"ROUND(I143*H143,1)","v":0},"4","13"]
[null,null,"14","K","721300922","Pročištění svodů ležatých do DN 300","m",5,null,{"$f":"ROUND(I144*H144,1)","v":0},null,null,null,"základní",null,{"$f":"O144*H144","v":0},0,{"$f":"Q144*H144","v":0},0,{"$f":"S144*H144","v":0},{"$nulls":23},"4",null,"K","2",null,null,null,"ROZPOCET",{"$nulls":5},{"$f":"IF(N144=\"základní\",J144,0)","v":0},{"$f":"IF(N144=\"snížená\",J144,0)","v":0},{"$f":"IF(N144=\"zákl. přenesená\",J144,0)","v":0},{"$f":"IF(N144=\"sníž. přenesená\",J144,0)","v":0},{"$f":"IF(N144=\"nulová\",J144,0)","v":0},"1",{"$f":"ROUND(I144*H144,1)","v":0},"4","14"]
[null,null,"15","K","998721201","Přesun hmot procentní pro vnitřní kanalizace v objektech v do 6 m","%",null,null,{"$f":"ROUND(I145*H145,1)","v":0},null,null,null,"základní",null,{"$f":"O145*H145","v":0},0,{"$f":"Q145*H145","v":0},0,{"$f":"S145*H145","v":0},{"$nulls":23},"16",null,"K","2",null,null,null,"ROZPOCET",{"$nulls":5},{"$f":"IF(N145=\"základní\",J145,0)","v":0},{"$f":"IF(N145=\"snížená\",J145,0)","v":0},{"$f":"IF(N145=\"zákl. přenesená\",J145,0)","v":0},{"$f":"IF(N145=\"sníž. přenesená\",J145,0)","v":0},{"$f":"IF(N145=\"nulová\",J145,0)","v":0},"1",{"$f":"ROUND(I145*H145,1)","v":0},"16","16"]
[null,null,null,"D","722","Zdravotechnika - vnitřní vodovod",null,null,null,{"$f":"BK146","v":0},{"$nulls":5},{"$f":"SUM(P147:P164)","v":0},null,{"$f":"SUM(R147:R164)","v":0.130700263},null,{"$f":"SUM(T147:T164)","v":0.12618},{"$nulls":23},"2",null,"D","1",null,null,null,"ROZPOCET",{"$nulls":11},{"$f":"SUM(BK147:BK164)","v":0}]
[null,null,"16","K","722130801","Demontáž potrubí do DN 25","m",58,null,{"$f":"ROUND(I147*H147,1)","v":0},null,null,null,"základní",null,{"$f":"O147*H147","v":0},0,{"$f":"Q147*H147","v":0},0.00213,{"$f":"S147*H147","v":0.12354},{"$nulls":23},"4",null,"K","2",null,null,null,"ROZPOCET",{"$nulls":5},{"$f":"IF(N147=\"základní\",J147,0)","v":0},{"$f":"IF(N147=\"snížená\",J147,0)","v":0},{"$f":"IF(N147=\"zákl. přenesená\",J147,0)","v":0},{"$f":"IF(N147=\"sníž. přenesená\",J147,0)","v":0},{"$f":"IF(N147=\"nulová\",J147,0)","v":0},"1",{"$f":"ROUND(I147*H147,1)","v":0},"4","17"]
[null,null,"17","K","722131933","Potrubí plastové - propojení potrubí DN 25","kus",4,null,{"$f":"ROUND(I148*H148,1)","v":0},null,null,null,"základní",null,{"$f":"O148*H148","v":0},0.00120386,{"$f":"Q148*H148","v":0.00481544},0,{"$f":"S148*H148","v":0},{"$nulls":23},"4",null,"K","2",null,null,null,"ROZPOCET",{"$nulls":5},{"$f":"IF(N148=\"základní\",J148,0)","v":0},{"$f":"IF(N148=\"snížená\",J148,0)","v":0},{"$f":"IF(N148=\"zákl. přenesená\",J148,0)","v":0},{"$f":"IF(N148=\"sníž. přenesená\",J148,0)","v":0},{"$f":"IF(N148=\"nulová\",J148,0)","v":0},"1",{"$f":"ROUND(I148*H148,1)","v":0},"4","18"]
[null,null,"18","K","722171912","Potrubí plastové odříznutí trubky D do 20 mm","kus",10,null,{"$f":"ROUND(I149*H149,1)","v":0},null,null,null,"základní",null,{"$f":"O149*H149","v":0},0,{"$f":"Q149*H149","v":0},0,{"$f":"S149*H149","v":0},{"$nulls":23},"4",null,"K","2",null,null,null,"ROZPOCET",{"$nulls":5},{"$f":"IF(N149=\"základní\",J149,0)","v":0},{"$f":"IF(N149=\"snížená\",J149,0)","v":0},{"$f":"IF(N149=\"zákl. přenesená\",J149,0)","v":0},{"$f":"IF(N149=\"sníž. přenesená\",J149,0)","v":0},{"$f":"IF(N149=\"nulová\",J149,0)","v":0},"1",{"$f":"ROUND(I149*H149,1)","v":0},"4","19"]
[null,null,"19","K","722171913","Potrubí plastové odříznutí trubky D do 25 mm","kus",4,null,{"$f":"ROUND(I150*H150,1)","v":0},null,null,null,"základní",null,{"$f":"O150*H150","v":0},0,{"$f":"Q150*H150","v":0},0,{"$f":"S150*H150","v":0},{"$nulls":23},"4",null,"K","2",null,null,null,"ROZPOCET",{"$nulls":5},{"$f":"IF(N150=\"základní\",J150,0)","v":0},{"$f":"IF(N150=\"snížená\",J150,0)","v":0},{"$f":"IF(N150=\"zákl. přenesená\",J150,0)","v":0},{"$f":"IF(N150=\"sníž. přenesená\",J150,0)","v":0},{"$f":"IF(N150=\"nulová\",J150,0)","v":0},"1",{"$f":"ROUND(I150*H150,1)","v":0},"4","20"]
[null,null,"20","K","722171934","Vsazení odbočky na rozvodech vody z plastů do 32 mm","kus",4,null,{"$f":"ROUND(I151*H151,1)","v":0},null,null,null,"základní",null,{"$f":"O151*H151","v":0},5.4E-005,{"$f":"Q151*H151","v":0.000216},0.00066,{"$f":"S151*H151","v":0.00264},{"$nulls":23},"4",null,"K","2",null,null,null,"ROZPOCET",{"$nulls":5},{"$f":"IF(N151=\"základní\",J151,0)","v":0},{"$f":"IF(N151=\"snížená\",J151,0)","v":0},{"$f":"IF(N151=\"zákl. přenesená\",J151,0)","v":0},{"$f":"IF(N151=\"sníž. přenesená\",J151,0)","v":0},{"$f":"IF(N151=\"nulová\",J151,0)","v":0},"1",{"$f":"ROUND(I151*H151,1)","v":0},"4","21"]
[null,null,"21","K","722174002","Potrubí vodovodní plastové PPR svar polyfuze PN 16 D 20 x 2,8 mm","m",38,null,{"$f":"ROUND(I152*H152,1)","v":0},null,null,null,"základní",null,{"$f":"O152*H152","v":0},0.0008423,{"$f":"Q152*H152","v":0.0320074},0,{"$f":"S152*H152","v":0},{"$nulls":23},"4",null,"K","2",null,null,null,"ROZPOCET",{"$nulls":5},{"$f":"IF(N152=\"základní\",J152,0)","v":0},{"$f":"IF(N152=\"snížená\",J152,0)","v":0},{"$f":"IF(N152=\"zákl. přenesená\",J152,0)","v":0},{"$f":"IF(N152=\"sníž. přenesená\",J152,0)","v":0},{"$f":"IF(N152=\"nulová\",J152,0)","v":0},"1",{"$f":"ROUND(I152*H152,1)","v":0},"4","22"]
[null,null,"22","K","722174003","Potrubí vodovodní plastové PPR svar polyfuze PN 16 D 25 x 3,5 mm","m",35,null,{"$f":"ROUND(I153*H153,1)","v":0},null,null,null,"základní",null,{"$f":"O153*H153","v":0},0.0011591,{"$f":"Q153*H153","v":0.0405685},0,{"$f":"S153*H153","v":0},{"$nulls":23},"4",null,"K","2",null,null,null,"ROZPOCET",{"$nulls":5},{"$f":"IF(N153=\"základní\",J153,0)","v":0},{"$f":"IF(N153=\"snížená\",J153,0)","v":0},{"$f":"IF(N153=\"zákl. přenesená\",J153,0)","v":0},{"$f":"IF(N153=\"sníž. přenesená\",J153,0)","v":0},{"$f":"IF(N153=\"nulová\",J153,0)","v":0},"1",{"$f":"ROUND(I153*H153,1)","v":0},"4","23"]
[null,null,"23","K","722174004","Potrubí vodovodní plastové PPR svar polyfúze PN 16 D 32x4,4 mm","m",10,null,{"$f":"ROUND(I154*H154,1)","v":0},null,null,null,"základní",null,{"$f":"O154*H154","v":0},0.00144,{"$f":"Q154*H154","v":0.0144},0,{"$f":"S154*H154","v":0},{"$nulls":23},"16",null,"K","2",null,null,null,"ROZPOCET",{"$nulls":5},{"$f":"IF(N154=\"základní\",J154,0)","v":0},{"$f":"IF(N154=\"snížená\",J154,0)","v":0},{"$f":"IF(N154=\"zákl. přenesená\",J154,0)","v":0},{"$f":"IF(N154=\"sníž. přenesená\",J154,0)","v":0},{"$f":"IF(N154=\"nulová\",J154,0)","v":0},"1",{"$f":"ROUND(I154*H154,1)","v":0},"16","83356500"]
[null,null,"24","K","722181242","Ochrana vodovodního potrubí přilepenými tepelně izolačními trubicemi z PE tl do 20 mm DN do 42 mm","m",83,null,{"$f":"ROUND(I155*H155,1)","v":0},null,null,null,"základní",null,{"$f":"O155*H155","v":0},0.00016312,{"$f":"Q155*H155","v":0.01353896},0,{"$f":"S155*H155","v":0},{"$nulls":23},"4",null,"K","2",null,null,null,"ROZPOCET",{"$nulls":5},{"$f":"IF(N155=\"základní\",J155,0)","v":0},{"$f":"IF(N155=\"snížená\",J155,0)","v":0},{"$f":"IF(N155=\"zákl. přenesená\",J155,0)","v":0},{"$f":"IF(N155=\"sníž. přenesená\",J155,0)","v":0},{"$f":"IF(N155=\"nulová\",J155,0)","v":0},"1",{"$f":"ROUND(I155*H155,1)","v":0},"4","24"]
[null,null,"25","K","722190401","Vyvedení a upevnění výpustku do DN 25","kus",83,null,{"$f":"ROUND(I156*H156,1)","v":0},null,null,null,"základní",null,{"$f":"O156*H156","v":0},0,{"$f":"Q156*H156","v":0},0,{"$f":"S156*H156","v":0},{"$nulls":23},"4",null,"K","2",null,null,null,"ROZPOCET",{"$nulls":5},{"$f":"IF(N156=\"základní\",J156,0)","v":0},{"$f":"IF(N156=\"snížená\",J156,0)","v":0},{"$f":"IF(N156=\"zákl. přenesená\",J156,0)","v":0},{"$f":"IF(N156=\"sníž. přenesená\",J156,0)","v":0},{"$f":"IF(N156=\"nulová\",J156,0)","v":0},"1",{"$f":"ROUND(I156*H156,1)","v":0},"4","25"]
[null,null,"26","K","722190901","Uzavření nebo otevření vodovodního potrubí při opravách","kus",2,null,{"$f":"ROUND(I157*H157,1)","v":0},null,null,null,"základní",null,{"$f":"O157*H157","v":0},0,{"$f":"Q157*H157","v":0},0,{"$f":"S157*H157","v":0},{"$nulls":23},"4",null,"K","2",null,null,null,"ROZPOCET",{"$nulls":5},{"$f":"IF(N157=\"základní\",J157,0)","v":0},{"$f":"IF(N157=\"snížená\",J157,0)","v":0},{"$f":"IF(N157=\"zákl. přenesená\",J157,0)","v":0},{"$f":"IF(N157=\"sníž. přenesená\",J157,0)","v":0},{"$f":"IF(N157=\"nulová\",J157,0)","v":0},"1",{"$f":"ROUND(I157*H157,1)","v":0},"4","26"]
[null,null,"27","K","722240101","Ventily plastové PPR přímé DN 20","kus",2,null,{"$f":"ROUND(I158*H158,1)","v":0},null,null,null,"základní",null,{"$f":"O158*H158","v":0},0.00076,{"$f":"Q158*H158","v":0.00152},0,{"$f":"S158*H158","v":0},{"$nulls":23},"16",null,"K","2",null,null,null,"ROZPOCET",{"$nulls":5},{"$f":"IF(N158=\"základní\",J158,0)","v":0},{"$f":"IF(N158=\"snížená\",J158,0)","v":0},{"$f":"IF(N158=\"zákl. přenesená\",J158,0)","v":0},{"$f":"IF(N158=\"sníž. přenesená\",J158,0)","v":0},{"$f":"IF(N158=\"nulová\",J158,0)","v":0},"1",{"$f":"ROUND(I158*H158,1)","v":0},"16","-2125686255"]
[null,null,"28","K","722240102","Ventily plastové PPR přímé DN 25","kus",3,null,{"$f":"ROUND(I159*H159,1)","v":0},null,null,null,"základní",null,{"$f":"O159*H159","v":0},0.00095,{"$f":"Q159*H159","v":0.00285},0,{"$f":"S159*H159","v":0},{"$nulls":23},"16",null,"K","2",null,null,null,"ROZPOCET",{"$nulls":5},{"$f":"IF(N159=\"základní\",J159,0)","v":0},{"$f":"IF(N159=\"snížená\",J159,0)","v":0},{"$f":"IF(N159=\"zákl. přenesená\",J159,0)","v":0},{"$f":"IF(N159=\"sníž. přenesená\",J159,0)","v":0},{"$f":"IF(N159=\"nulová\",J159,0)","v":0},"1",{"$f":"ROUND(I159*H159,1)","v":0},"16","1785825033"]
[null,null,"29","K","722240103","Ventily plastové PPR přímé DN 32","kus",4,null,{"$f":"ROUND(I160*H160,1)","v":0},null,null,null,"základní",null,{"$f":"O160*H160","v":0},0.00136,{"$f":"Q160*H160","v":0.00544},0,{"$f":"S160*H160","v":0},{"$nulls":23},"16",null,"K","2",null,null,null,"ROZPOCET",{"$nulls":5},{"$f":"IF(N160=\"základní\",J160,0)","v":0},{"$f":"IF(N160=\"snížená\",J160,0)","v":0},{"$f":"IF(N160=\"zákl. přenesená\",J160,0)","v":0},{"$f":"IF(N160=\"sníž. přenesená\",J160,0)","v":0},{"$f":"IF(N160=\"nulová\",J160,0)","v":0},"1",{"$f":"ROUND(I160*H160,1)","v":0},"16","-920336862"]
[null,null,"30","K","722240104","Ventily plastové PPR přímé DN 40","kus",2,null,{"$f":"ROUND(I161*H161,1)","v":0},null,null,null,"základní",null,{"$f":"O161*H161","v":0},0.00188,{"$f":"Q161*H161","v":0.00376},0,{"$f":"S161*H161","v":0},{"$nulls":23},"16",null,"K","2",null,null,null,"ROZPOCET",{"$nulls":5},{"$f":"IF(N161=\"základní\",J161,0)","v":0},{"$f":"IF(N161=\"snížená\",J161,0)","v":0},{"$f":"IF(N161=\"zákl. přenesená\",J161,0)","v":0},{"$f":"IF(N161=\"sníž. přenesená\",J161,0)","v":0},{"$f":"IF(N161=\"nulová\",J161,0)","v":0},"1",{"$f":"ROUND(I161*H161,1)","v":0},"16","1751820076"]
[null,null,"31","K","722290226","Zkouška těsnosti vodovodního potrubí závitového do DN 50","m",58,null,{"$f":"ROUND(I162*H162,1)","v":0},null,null,null,"základní",null,{"$f":"O162*H162","v":0},0.0001897235,{"$f":"Q162*H162","v":0.011003963},0,{"$f":"S162*H162","v":0},{"$nulls":23},"4",null,"K","2",null,null,null,"ROZPOCET",{"$nulls":5},{"$f":"IF(N162=\"základní\",J162,0)","v":0},{"$f":"IF(N162=\"snížená\",J162,0)","v":0},{"$f":"IF(N162=\"zákl. přenesená\",J162,0)","v":0},{"$f":"IF(N162=\"sníž. přenesená\",J162,0)","v":0},{"$f":"IF(N162=\"nulová\",J162,0)","v":0},"1",{"$f":"ROUND(I162*H162,1)","v":0},"4","28"]
[null,null,"32","K","722290234","Proplach vodovodního potrubí do DN 80","m",58,null,{"$f":"ROUND(I163*H163,1)","v":0},null,null,null,"základní",null,{"$f":"O163*H163","v":0},1E-005,{"$f":"Q163*H163","v":0.00058},0,{"$f":"S163*H163","v":0},{"$nulls":23},"4",null,"K","2",null,null,null,"ROZPOCET",{"$nulls":5},{"$f":"IF(N163=\"základní\",J163,0)","v":0},{"$f":"IF(N163=\"snížená\",J163,0)","v":0},{"$f":"IF(N163=\"zákl. přenesená\",J163,0)","v":0},{"$f":"IF(N163=\"sníž. přenesená\",J163,0)","v":0},{"$f":"IF(N163=\"nulová\",J163,0)","v":0},"1",{"$f":"ROUND(I163*H163,1)","v":0},"4","29"]
[null,null,"33","K","998722201","Přesun hmot procentní pro vnitřní vodovod v objektech v do 6 m","%",null,null,{"$f":"ROUND(I164*H164,1)","v":0},null,null,null,"základní",null,{"$f":"O164*H164","v":0},0,{"$f":"Q164*H164","v":0},0,{"$f":"S164*H164","v":0},{"$nulls":23},"4",null,"K","2",null,null,null,"ROZPOCET",{"$nulls":5},{"$f":"IF(N164=\"základní\",J164,0)","v":0},{"$f":"IF(N164=\"snížená\",J164,0)","v":0},{"$f":"IF(N164=\"zákl. přenesená\",J164,0)","v":0},{"$f":"IF(N164=\"sníž. přenesená\",J164,0)","v":0},{"$f":"IF(N164=\"nulová\",J164,0)","v":0},"1",{"$f":"ROUND(I164*H164,1)","v":0},"4","30"]
[null,null,null,"D","725","Zdravotechnika - zařiz. předměty",null,null,null,{"$f":"BK165","v":0},{"$nulls":5},{"$f":"SUM(P166:P194)","v":0},null,{"$f":"SUM(R166:R194)","v":0.010476484},null,{"$f":"SUM(T166:T194)","v":0.28037},{"$nulls":23},"2",null,"D","1",null,null,null,"ROZPOCET",{"$nulls":11},{"$f":"SUM(BK166:BK194)","v":0}]
[null,null,"34","K","725110811","Demontáž klozetů splachovací s nádrží","soubor",4,null,{"$f":"ROUND(I166*H166,1)","v":0},null,null,null,"základní",null,{"$f":"O166*H166","v":0},0,{"$f":"Q166*H166","v":0},0.01933,{"$f":"S166*H166","v":0.07732},{"$nulls":23},"16",null,"K","2",null,null,null,"ROZPOCET",{"$nulls":5},{"$f":"IF(N166=\"základní\",J166,0)","v":0},{"$f":"IF(N166=\"snížená\",J166,0)","v":0},{"$f":"IF(N166=\"zákl. přenesená\",J166,0)","v":0},{"$f":"IF(N166=\"sníž. přenesená\",J166,0)","v":0},{"$f":"IF(N166=\"nulová\",J166,0)","v":0},"1",{"$f":"ROUND(I166*H166,1)","v":0},"16","957701897"]
[null,null,"35","K","725122817","Demontáž pisoárových stání bez nádrže a jedním záchodkem","soubor",11,null,{"$f":"ROUND(I167*H167,1)","v":0},null,null,null,"základní",null,{"$f":"O167*H167","v":0},0,{"$f":"Q167*H167","v":0},0.01107,{"$f":"S167*H167","v":0.12177},{"$nulls":23},"4",null,"K","2",null,null,null,"ROZPOCET",{"$nulls":5},{"$f":"IF(N167=\"základní\",J167,0)","v":0},{"$f":"IF(N167=\"snížená\",J167,0)","v":0},{"$f":"IF(N167=\"zákl. přenesená\",J167,0)","v":0},{"$f":"IF(N167=\"sníž. přenesená\",J167,0)","v":0},{"$f":"IF(N167=\"nulová\",J167,0)","v":0},"1",{"$f":"ROUND(I167*H167,1)","v":0},"4","32"]
[null,null,"36","K","725210821","Demontáž umyvadel bez výtokových armatur","soubor",4,null,{"$f":"ROUND(I168*H168,1)","v":0},null,null,null,"základní",null,{"$f":"O168*H168","v":0},0,{"$f":"Q168*H168","v":0},0.01946,{"$f":"S168*H168","v":0.07784},{"$nulls":23},"4",null,"K","2",null,null,null,"ROZPOCET",{"$nulls":5},{"$f":"IF(N168=\"základní\",J168,0)","v":0},{"$f":"IF(N168=\"snížená\",J168,0)","v":0},{"$f":"IF(N168=\"zákl. přenesená\",J168,0)","v":0},{"$f":"IF(N168=\"sníž. přenesená\",J168,0)","v":0},{"$f":"IF(N168=\"nulová\",J168,0)","v":0},"1",{"$f":"ROUND(I168*H168,1)","v":0},"4","33"]
[null,null,"37","K","725820802","Demontáž baterie stojánkové do jednoho otvoru","soubor",4,null,{"$f":"ROUND(I169*H169,1)","v":0},null,null,null,"základní",null,{"$f":"O169*H169","v":0},0,{"$f":"Q169*H169","v":0},0.00086,{"$f":"S169*H169","v":0.00344},{"$nulls":23},"4",null,"K","2",null,null,null,"ROZPOCET",{"$nulls":5},{"$f":"IF(N169=\"základní\",J169,0)","v":0},{"$f":"IF(N169=\"snížená\",J169,0)","v":0},{"$f":"IF(N169=\"zákl. přenesená\",J169,0)","v":0},{"$f":"IF(N169=\"sníž. přenesená\",J169,0)","v":0},{"$f":"IF(N169=\"nulová\",J169,0)","v":0},"1",{"$f":"ROUND(I169*H169,1)","v":0},"4","35"]
[null,null,"38","K","725119213","Montáž WC mísy závěsné","kus",4,null,{"$f":"ROUND(I170*H170,1)","v":0},null,null,null,"základní",null,{"$f":"O170*H170","v":0},0,{"$f":"Q170*H170","v":0},0,{"$f":"S170*H170","v":0},{"$nulls":23},"4",null,"K","2",null,null,null,"ROZPOCET",{"$nulls":5},{"$f":"IF(N170=\"základní\",J170,0)","v":0},{"$f":"IF(N170=\"snížená\",J170,0)","v":0},{"$f":"IF(N170=\"zákl. přenesená\",J170,0)","v":0},{"$f":"IF(N170=\"sníž. přenesená\",J170,0)","v":0},{"$f":"IF(N170=\"nulová\",J170,0)","v":0},"1",{"$f":"ROUND(I170*H170,1)","v":0},"4","36"]
[null,null,"39","K","725129102","Montáž pisoáru s automatickým splachováním","kus",11,null,{"$f":"ROUND(I171*H171,1)","v":0},null,null,null,"základní",null,{"$f":"O171*H171","v":0},7.93132E-005,{"$f":"Q171*H171","v":0.0008724452},0,{"$f":"S171*H171","v":0},{"$nulls":23},"4",null,"K","2",null,null,null,"ROZPOCET",{"$nulls":5},{"$f":"IF(N171=\"základní\",J171,0)","v":0},{"$f":"IF(N171=\"snížená\",J171,0)","v":0},{"$f":"IF(N171=\"zákl. přenesená\",J171,0)","v":0},{"$f":"IF(N171=\"sníž. přenesená\",J171,0)","v":0},{"$f":"IF(N171=\"nulová\",J171,0)","v":0},"1",{"$f":"ROUND(I171*H171,1)","v":0},"4","37"]
[null,null,"40","K","725219102","Montáž umyvadla připevněného na šrouby do zdiva","soubor",4,null,{"$f":"ROUND(I172*H172,1)","v":0},null,null,null,"základní",null,{"$f":"O172*H172","v":0},0.0017285897,{"$f":"Q172*H172","v":0.0069143588},0,{"$f":"S172*H172","v":0},{"$nulls":23},"4",null,"K","2",null,null,null,"ROZPOCET",{"$nulls":5},{"$f":"IF(N172=\"základní\",J172,0)","v":0},{"$f":"IF(N172=\"snížená\",J172,0)","v":0},{"$f":"IF(N172=\"zákl. přenesená\",J172,0)","v":0},{"$f":"IF(N172=\"sníž. přenesená\",J172,0)","v":0},{"$f":"IF(N172=\"nulová\",J172,0)","v":0},"1",{"$f":"ROUND(I172*H172,1)","v":0},"4","38"]
[null,null,"41","K","725219503R00","Montáž krytu sifonu umyvadel","ks",4,null,{"$f":"ROUND(I173*H173,1)","v":0},null,null,null,"základní",null,{"$f":"O173*H173","v":0},0,{"$f":"Q173*H173","v":0},0,{"$f":"S173*H173","v":0},{"$nulls":23},"4",null,"K","2",null,null,null,"ROZPOCET",{"$nulls":5},{"$f":"IF(N173=\"základní\",J173,0)","v":0},{"$f":"IF(N173=\"snížená\",J173,0)","v":0},{"$f":"IF(N173=\"zákl. přenesená\",J173,0)","v":0},{"$f":"IF(N173=\"sníž. přenesená\",J173,0)","v":0},{"$f":"IF(N173=\"nulová\",J173,0)","v":0},"1",{"$f":"ROUND(I173*H173,1)","v":0},"4","39"]
[null,null,"42","K","725829131","Montáž baterie umyvadlové tlačné","kus",4,null,{"$f":"ROUND(I174*H174,1)","v":0},null,null,null,"základní",null,{"$f":"O174*H174","v":0},3.914E-005,{"$f":"Q174*H174","v":0.00015656},0,{"$f":"S174*H174","v":0},{"$nulls":23},"4",null,"K","2",null,null,null,"ROZPOCET",{"$nulls":5},{"$f":"IF(N174=\"základní\",J174,0)","v":0},{"$f":"IF(N174=\"snížená\",J174,0)","v":0},{"$f":"IF(N174=\"zákl. přenesená\",J174,0)","v":0},{"$f":"IF(N174=\"sníž. přenesená\",J174,0)","v":0},{"$f":"IF(N174=\"nulová\",J174,0)","v":0},"1",{"$f":"ROUND(I174*H174,1)","v":0},"4","40"]
[null,null,"43","M","73008","UMYVADLO 1042.3 CUBITO 104","ks",4,null,{"$f":"ROUND(I175*H175,1)","v":0},null,null,null,"základní",null,{"$f":"O175*H175","v":0},0,{"$f":"Q175*H175","v":0},0,{"$f":"S175*H175","v":0},{"$nulls":23},"8",null,"M","2",null,null,null,"ROZPOCET",{"$nulls":5},{"$f":"IF(N175=\"základní\",J175,0)","v":0},{"$f":"IF(N175=\"snížená\",J175,0)","v":0},{"$f":"IF(N175=\"zákl. přenesená\",J175,0)","v":0},{"$f":"IF(N175=\"sníž. přenesená\",J175,0)","v":0},{"$f":"IF(N175=\"nulová\",J175,0)","v":0},"1",{"$f":"ROUND(I175*H175,1)","v":0},"4","486368126"]
[null,null,"44","M","73009","KRYT 1995.1 CUBITO","ks",4,null,{"$f":"ROUND(I176*H176,1)","v":0},null,null,null,"základní",null,{"$f":"O176*H176","v":0},0,{"$f":"Q176*H176","v":0},0,{"$f":"S176*H176","v":0},{"$nulls":23},"8",null,"M","2",null,null,null,"ROZPOCET",{"$nulls":5},{"$f":"IF(N176=\"základní\",J176,0)","v":0},{"$f":"IF(N176=\"snížená\",J176,0)","v":0},{"$f":"IF(N176=\"zákl. přenesená\",J176,0)","v":0},{"$f":"IF(N176=\"sníž. přenesená\",J176,0)","v":0},{"$f":"IF(N176=\"nulová\",J176,0)","v":0},"1",{"$f":"ROUND(I176*H176,1)","v":0},"4","-754598720"]
[null,null,"45","M","73011","SIFON A43 UMYVADLOVÝ S PŘEVL.MATICÍ","ks",4,null,{"$f":"ROUND(I177*H177,1)","v":0},null,null,null,"základní",null,{"$f":"O177*H177","v":0},0,{"$f":"Q177*H177","v":0},0,{"$f":"S177*H177","v":0},{"$nulls":23},"8",null,"M","2",null,null,null,"ROZPOCET",{"$nulls":5},{"$f":"IF(N177=\"základní\",J177,0)","v":0},{"$f":"IF(N177=\"snížená\",J177,0)","v":0},{"$f":"IF(N177=\"zákl. přenesená\",J177,0)","v":0},{"$f":"IF(N177=\"sníž. přenesená\",J177,0)","v":0},{"$f":"IF(N177=\"nulová\",J177,0)","v":0},"1",{"$f":"ROUND(I177*H177,1)","v":0},"4","219448035"]
[null,null,"46","M","73012","SAMOUZAVÍRACÍ BATERIE UMYVADLOVÁ STOJÁNKOVÁ SMĚŠOVACÍ PRESTO 4000 SC TLAČNÁ","ks",4,null,{"$f":"ROUND(I178*H178,1)","v":0},null,null,null,"základní",null,{"$f":"O178*H178","v":0},0,{"$f":"Q178*H178","v":0},0,{"$f":"S178*H178","v":0},{"$nulls":23},"8",null,"M","2",null,null,null,"ROZPOCET",{"$nulls":5},{"$f":"IF(N178=\"základní\",J178,0)","v":0},{"$f":"IF(N178=\"snížená\",J178,0)","v":0},{"$f":"IF(N178=\"zákl. přenesená\",J178,0)","v":0},{"$f":"IF(N178=\"sníž. přenesená\",J178,0)","v":0},{"$f":"IF(N178=\"nulová\",J178,0)","v":0},"1",{"$f":"ROUND(I178*H178,1)","v":0},"4","-724509860"]
[null,null,"47","M","73013","ŠROUB UMYVADLOVÝ-SADA","ks",4,null,{"$f":"ROUND(I179*H179,1)","v":0},null,null,null,"základní",null,{"$f":"O179*H179","v":0},0,{"$f":"Q179*H179","v":0},0,{"$f":"S179*H179","v":0},{"$nulls":23},"8",null,"M","2",null,null,null,"ROZPOCET",{"$nulls":5},{"$f":"IF(N179=\"základní\",J179,0)","v":0},{"$f":"IF(N179=\"snížená\",J179,0)","v":0},{"$f":"IF(N179=\"zákl. přenesená\",J179,0)","v":0},{"$f":"IF(N179=\"sníž. přenesená\",J179,0)","v":0},{"$f":"IF(N179=\"nulová\",J179,0)","v":0},"1",{"$f":"ROUND(I179*H179,1)","v":0},"4","402959836"]
[null,null,"48","M","73014","VENTIL ROHOVÝ SANLAND S FILTREM  970580000","ks",8,null,{"$f":"ROUND(I180*H180,1)","v":0},null,null,null,"základní",null,{"$f":"O180*H180","v":0},0,{"$f":"Q180*H180","v":0},0,{"$f":"S180*H180","v":0},{"$nulls":23},"8",null,"M","2",null,null,null,"ROZPOCET",{"$nulls":5},{"$f":"IF(N180=\"základní\",J180,0)","v":0},{"$f":"IF(N180=\"snížená\",J180,0)","v":0},{"$f":"IF(N180=\"zákl. přenesená\",J180,0)","v":0},{"$f":"IF(N180=\"sníž. přenesená\",J180,0)","v":0},{"$f":"IF(N180=\"nulová\",J180,0)","v":0},"1",{"$f":"ROUND(I180*H180,1)","v":0},"4","-2133903428"]
[null,null,"49","M","73015","WC MÍSA ZÁVĚS 2338.2 LYRA PLUS","ks",4,null,{"$f":"ROUND(I181*H181,1)","v":0},null,null,null,"základní",null,{"$f":"O181*H181","v":0},0,{"$f":"Q181*H181","v":0},0,{"$f":"S181*H181","v":0},{"$nulls":23},"8",null,"M","2",null,null,null,"ROZPOCET",{"$nulls":5},{"$f":"IF(N181=\"základní\",J181,0)","v":0},{"$f":"IF(N181=\"snížená\",J181,0)","v":0},{"$f":"IF(N181=\"zákl. přenesená\",J181,0)","v":0},{"$f":"IF(N181=\"sníž. přenesená\",J181,0)","v":0},{"$f":"IF(N181=\"nulová\",J181,0)","v":0},"1",{"$f":"ROUND(I181*H181,1)","v":0},"4","1100356217"]
[null,null,"50","M","73016","SEDÁTKO 9338.7 LYRA PLUS ZÁVĚS","ks",4,null,{"$f":"ROUND(I182*H182,1)","v":0},null,null,null,"základní",null,{"$f":"O182*H182","v":0},0,{"$f":"Q182*H182","v":0},0,{"$f":"S182*H182","v":0},{"$nulls":23},"8",null,"M","2",null,null,null,"ROZPOCET",{"$nulls":5},{"$f":"IF(N182=\"základní\",J182,0)","v":0},{"$f":"IF(N182=\"snížená\",J182,0)","v":0},{"$f":"IF(N182=\"zákl. přenesená\",J182,0)","v":0},{"$f":"IF(N182=\"sníž. přenesená\",J182,0)","v":0},{"$f":"IF(N182=\"nulová\",J182,0)","v":0},"1",{"$f":"ROUND(I182*H182,1)","v":0},"4","-1321693542"]
[null,null,"51","M","73019","URINÁL GOLEM 4306.0 ZADNÍ","ks",11,null,{"$f":"ROUND(I183*H183,1)","v":0},null,null,null,"základní",null,{"$f":"O183*H183","v":0},0,{"$f":"Q183*H183","v":0},0,{"$f":"S183*H183","v":0},{"$nulls":23},"8",null,"M","2",null,null,null,"ROZPOCET",{"$nulls":5},{"$f":"IF(N183=\"základní\",J183,0)","v":0},{"$f":"IF(N183=\"snížená\",J183,0)","v":0},{"$f":"IF(N183=\"zákl. přenesená\",J183,0)","v":0},{"$f":"IF(N183=\"sníž. přenesená\",J183,0)","v":0},{"$f":"IF(N183=\"nulová\",J183,0)","v":0},"1",{"$f":"ROUND(I183*H183,1)","v":0},"4","-632188933"]
[null,null,"52","M","73020","PRESTO 60B - TLAČNÝ SAMOUZAVÍRACÍ VENTIL PISOÁROVY DO ZDI S KRYCÍ DEKSOU","ks",11,null,{"$f":"ROUND(I184*H184,1)","v":0},null,null,null,"základní",null,{"$f":"O184*H184","v":0},0,{"$f":"Q184*H184","v":0},0,{"$f":"S184*H184","v":0},{"$nulls":23},"8",null,"M","2",null,null,null,"ROZPOCET",{"$nulls":5},{"$f":"IF(N184=\"základní\",J184,0)","v":0},{"$f":"IF(N184=\"snížená\",J184,0)","v":0},{"$f":"IF(N184=\"zákl. přenesená\",J184,0)","v":0},{"$f":"IF(N184=\"sníž. přenesená\",J184,0)","v":0},{"$f":"IF(N184=\"nulová\",J184,0)","v":0},"1",{"$f":"ROUND(I184*H184,1)","v":0},"4","-1070593213"]
[null,null,"53","M","73021","PŘÍSLUŠENSTVÍ 9034.9 890","ks",11,null,{"$f":"ROUND(I185*H185,1)","v":0},null,null,null,"základní",null,{"$f":"O185*H185","v":0},0,{"$f":"Q185*H185","v":0},0,{"$f":"S185*H185","v":0},{"$nulls":23},"8",null,"M","2",null,null,null,"ROZPOCET",{"$nulls":5},{"$f":"IF(N185=\"základní\",J185,0)","v":0},{"$f":"IF(N185=\"snížená\",J185,0)","v":0},{"$f":"IF(N185=\"zákl. přenesená\",J185,0)","v":0},{"$f":"IF(N185=\"sníž. přenesená\",J185,0)","v":0},{"$f":"IF(N185=\"nulová\",J185,0)","v":0},"1",{"$f":"ROUND(I185*H185,1)","v":0},"4","128325626"]
[null,null,"54","M","73022","SIFON 4306.0/1 BÍLÁ H8920030000001","ks",11,null,{"$f":"ROUND(I186*H186,1)","v":0},null,null,null,"základní",null,{"$f":"O186*H186","v":0},0,{"$f":"Q186*H186","v":0},0,{"$f":"S186*H186","v":0},{"$nulls":23},"8",null,"M","2",null,null,null,"ROZPOCET",{"$nulls":5},{"$f":"IF(N186=\"základní\",J186,0)","v":0},{"$f":"IF(N186=\"snížená\",J186,0)","v":0},{"$f":"IF(N186=\"zákl. přenesená\",J186,0)","v":0},{"$f":"IF(N186=\"sníž. přenesená\",J186,0)","v":0},{"$f":"IF(N186=\"nulová\",J186,0)","v":0},"1",{"$f":"ROUND(I186*H186,1)","v":0},"4","-742941018"]
[null,null,"55","M","73023","TRUBIČKA URINÁLU 9480.7","ks",11,null,{"$f":"ROUND(I187*H187,1)","v":0},null,null,null,"základní",null,{"$f":"O187*H187","v":0},0,{"$f":"Q187*H187","v":0},0,{"$f":"S187*H187","v":0},{"$nulls":23},"8",null,"M","2",null,null,null,"ROZPOCET",{"$nulls":5},{"$f":"IF(N187=\"základní\",J187,0)","v":0},{"$f":"IF(N187=\"snížená\",J187,0)","v":0},{"$f":"IF(N187=\"zákl. přenesená\",J187,0)","v":0},{"$f":"IF(N187=\"sníž. přenesená\",J187,0)","v":0},{"$f":"IF(N187=\"nulová\",J187,0)","v":0},"1",{"$f":"ROUND(I187*H187,1)","v":0},"4","1660928290"]
[null,null,"56","M","73024","TĚSNĚNÍ 9480.8 GOLEM ZADNÍ H89480.80000001 308568","ks",11,null,{"$f":"ROUND(I188*H188,1)","v":0},null,null,null,"základní",null,{"$f":"O188*H188","v":0},0,{"$f":"Q188*H188","v":0},0,{"$f":"S188*H188","v":0},{"$nulls":23},"8",null,"M","2",null,null,null,"ROZPOCET",{"$nulls":5},{"$f":"IF(N188=\"základní\",J188,0)","v":0},{"$f":"IF(N188=\"snížená\",J188,0)","v":0},{"$f":"IF(N188=\"zákl. přenesená\",J188,0)","v":0},{"$f":"IF(N188=\"sníž. přenesená\",J188,0)","v":0},{"$f":"IF(N188=\"nulová\",J188,0)","v":0},"1",{"$f":"ROUND(I188*H188,1)","v":0},"4","1107529052"]
[null,null,"57","M","73025","URINÁL STĚNA DĚL. 4760.1 SPLIT JIKA","ks",9,null,{"$f":"ROUND(I189*H189,1)","v":0},null,null,null,"základní",null,{"$f":"O189*H189","v":0},0,{"$f":"Q189*H189","v":0},0,{"$f":"S189*H189","v":0},{"$nulls":23},"8",null,"M","2",null,null,null,"ROZPOCET",{"$nulls":5},{"$f":"IF(N189=\"základní\",J189,0)","v":0},{"$f":"IF(N189=\"snížená\",J189,0)","v":0},{"$f":"IF(N189=\"zákl. přenesená\",J189,0)","v":0},{"$f":"IF(N189=\"sníž. přenesená\",J189,0)","v":0},{"$f":"IF(N189=\"nulová\",J189,0)","v":0},"1",{"$f":"ROUND(I189*H189,1)","v":0},"4","1158608964"]
[null,null,"58","K","725590811","Přemístění vnitrostaveništní demontovaných pro zařizovací předměty v objektech výšky do 6 m","t",0.6,null,{"$f":"ROUND(I190*H190,1)","v":0},null,null,null,"základní",null,{"$f":"O190*H190","v":0},0,{"$f":"Q190*H190","v":0},0,{"$f":"S190*H190","v":0},{"$nulls":23},"4",null,"K","2",null,null,null,"ROZPOCET",{"$nulls":5},{"$f":"IF(N190=\"základní\",J190,0)","v":0},{"$f":"IF(N190=\"snížená\",J190,0)","v":0},{"$f":"IF(N190=\"zákl. přenesená\",J190,0)","v":0},{"$f":"IF(N190=\"sníž. přenesená\",J190,0)","v":0},{"$f":"IF(N190=\"nulová\",J190,0)","v":0},"1",{"$f":"ROUND(I190*H190,1)","v":0},"4","43"]
[null,null,"59","K","725813111","Ventil rohový s filtrem G 1/2 - montáž","soubor",8,null,{"$f":"ROUND(I191*H191,1)","v":0},null,null,null,"základní",null,{"$f":"O191*H191","v":0},0.00023914,{"$f":"Q191*H191","v":0.00191312},0,{"$f":"S191*H191","v":0},{"$nulls":23},"4",null,"K","2",null,null,null,"ROZPOCET",{"$nulls":5},{"$f":"IF(N191=\"základní\",J191,0)","v":0},{"$f":"IF(N191=\"snížená\",J191,0)","v":0},{"$f":"IF(N191=\"zákl. přenesená\",J191,0)","v":0},{"$f":"IF(N191=\"sníž. přenesená\",J191,0)","v":0},{"$f":"IF(N191=\"nulová\",J191,0)","v":0},"1",{"$f":"ROUND(I191*H191,1)","v":0},"4","44"]
[null,null,"60","K","725849299.R","Demontáž doplňků","kpl",1,null,{"$f":"ROUND(I192*H192,1)","v":0},null,null,null,"základní",null,{"$f":"O192*H192","v":0},0,{"$f":"Q192*H192","v":0},0,{"$f":"S192*H192","v":0},{"$nulls":23},"4",null,"K","2",null,null,null,"ROZPOCET",{"$nulls":5},{"$f":"IF(N192=\"základní\",J192,0)","v":0},{"$f":"IF(N192=\"snížená\",J192,0)","v":0},{"$f":"IF(N192=\"zákl. přenesená\",J192,0)","v":0},{"$f":"IF(N192=\"sníž. přenesená\",J192,0)","v":0},{"$f":"IF(N192=\"nulová\",J192,0)","v":0},"1",{"$f":"ROUND(I192*H192,1)","v":0},"4","69"]
[null,null,"61","K","725980123","Dvířka 30/30","kus",2,null,{"$f":"ROUND(I193*H193,1)","v":0},null,null,null,"základní",null,{"$f":"O193*H193","v":0},0.00031,{"$f":"Q193*H193","v":0.00062},0,{"$f":"S193*H193","v":0},{"$nulls":23},"4",null,"K","2",null,null,null,"ROZPOCET",{"$nulls":5},{"$f":"IF(N193=\"základní\",J193,0)","v":0},{"$f":"IF(N193=\"snížená\",J193,0)","v":0},{"$f":"IF(N193=\"zákl. přenesená\",J193,0)","v":0},{"$f":"IF(N193=\"sníž. přenesená\",J193,0)","v":0},{"$f":"IF(N193=\"nulová\",J193,0)","v":0},"1",{"$f":"ROUND(I193*H193,1)","v":0},"4","70"]
[null,null,"62","K","998725201","Přesun hmot procentní pro zařizovací předměty v objektech v do 6 m","%",null,null,{"$f":"ROUND(I194*H194,1)","v":0},null,null,null,"základní",null,{"$f":"O194*H194","v":0},0,{"$f":"Q194*H194","v":0},0,{"$f":"S194*H194","v":0},{"$nulls":23},"4",null,"K","2",null,null,null,"ROZPOCET",{"$nulls":5},{"$f":"IF(N194=\"základní\",J194,0)","v":0},{"$f":"IF(N194=\"snížená\",J194,0)","v":0},{"$f":"IF(N194=\"zákl. přenesená\",J194,0)","v":0},{"$f":"IF(N194=\"sníž. přenesená\",J194,0)","v":0},{"$f":"IF(N194=\"nulová\",J194,0)","v":0},"1",{"$f":"ROUND(I194*H194,1)","v":0},"4","72"]
[null,null,null,"D","726","Zdravotechnika - předstěnové instalace",null,null,null,{"$f":"BK195","v":0},{"$nulls":5},{"$f":"SUM(P196:P201)","v":0},null,{"$f":"SUM(R196:R201)","v":0.002},null,{"$f":"SUM(T196:T201)","v":0},{"$nulls":23},"2",null,"D","1",null,null,null,"ROZPOCET",{"$nulls":11},{"$f":"SUM(BK196:BK201)","v":0}]
[null,null,"63","K","725112149","Montáž Kombifixu WC","soubor",4,null,{"$f":"ROUND(I196*H196,1)","v":0},null,null,null,"základní",null,{"$f":"O196*H196","v":0},0,{"$f":"Q196*H196","v":0},0,{"$f":"S196*H196","v":0},{"$nulls":23},"4",null,"K","2",null,null,null,"ROZPOCET",{"$nulls":5},{"$f":"IF(N196=\"základní\",J196,0)","v":0},{"$f":"IF(N196=\"snížená\",J196,0)","v":0},{"$f":"IF(N196=\"zákl. přenesená\",J196,0)","v":0},{"$f":"IF(N196=\"sníž. přenesená\",J196,0)","v":0},{"$f":"IF(N196=\"nulová\",J196,0)","v":0},"1",{"$f":"ROUND(I196*H196,1)","v":0},"4","73"]
[null,null,"64","K","725112153","Montáž ovladacího tlačítka WC","soubor",4,null,{"$f":"ROUND(I197*H197,1)","v":0},null,null,null,"základní",null,{"$f":"O197*H197","v":0},0,{"$f":"Q197*H197","v":0},0,{"$f":"S197*H197","v":0},{"$nulls":23},"4",null,"K","2",null,null,null,"ROZPOCET",{"$nulls":5},{"$f":"IF(N197=\"základní\",J197,0)","v":0},{"$f":"IF(N197=\"snížená\",J197,0)","v":0},{"$f":"IF(N197=\"zákl. přenesená\",J197,0)","v":0},{"$f":"IF(N197=\"sníž. přenesená\",J197,0)","v":0},{"$f":"IF(N197=\"nulová\",J197,0)","v":0},"1",{"$f":"ROUND(I197*H197,1)","v":0},"4","74"]
[null,null,"65","M","73017","MODUL KOMBIFIX ECO 110.302.00.5 WC, NA ZAZDĚNÍ","ks",4,null,{"$f":"ROUND(I198*H198,1)","v":0},null,null,null,"základní",null,{"$f":"O198*H198","v":0},0,{"$f":"Q198*H198","v":0},0,{"$f":"S198*H198","v":0},{"$nulls":23},"8",null,"M","2",null,null,null,"ROZPOCET",{"$nulls":5},{"$f":"IF(N198=\"základní\",J198,0)","v":0},{"$f":"IF(N198=\"snížená\",J198,0)","v":0},{"$f":"IF(N198=\"zákl. přenesená\",J198,0)","v":0},{"$f":"IF(N198=\"sníž. přenesená\",J198,0)","v":0},{"$f":"IF(N198=\"nulová\",J198,0)","v":0},"1",{"$f":"ROUND(I198*H198,1)","v":0},"4","1532233465"]
[null,null,"66","M","73018","TLAČÍTKO SIGMA01 115.770.11.5","ks",4,null,{"$f":"ROUND(I199*H199,1)","v":0},null,null,null,"základní",null,{"$f":"O199*H199","v":0},0,{"$f":"Q199*H199","v":0},0,{"$f":"S199*H199","v":0},{"$nulls":23},"8",null,"M","2",null,null,null,"ROZPOCET",{"$nulls":5},{"$f":"IF(N199=\"základní\",J199,0)","v":0},{"$f":"IF(N199=\"snížená\",J199,0)","v":0},{"$f":"IF(N199=\"zákl. přenesená\",J199,0)","v":0},{"$f":"IF(N199=\"sníž. přenesená\",J199,0)","v":0},{"$f":"IF(N199=\"nulová\",J199,0)","v":0},"1",{"$f":"ROUND(I199*H199,1)","v":0},"4","-1470462775"]
[null,null,"67","K","726191002","Souprava pro předstěnovou montáž","soubor",4,null,{"$f":"ROUND(I200*H200,1)","v":0},null,null,null,"základní",null,{"$f":"O200*H200","v":0},0.0005,{"$f":"Q200*H200","v":0.002},0,{"$f":"S200*H200","v":0},{"$nulls":23},"4",null,"K","2",null,null,null,"ROZPOCET",{"$nulls":5},{"$f":"IF(N200=\"základní\",J200,0)","v":0},{"$f":"IF(N200=\"snížená\",J200,0)","v":0},{"$f":"IF(N200=\"zákl. přenesená\",J200,0)","v":0},{"$f":"IF(N200=\"sníž. přenesená\",J200,0)","v":0},{"$f":"IF(N200=\"nulová\",J200,0)","v":0},"1",{"$f":"ROUND(I200*H200,1)","v":0},"4","79"]
[null,null,"68","K","998726211","Přesun hmot procentní pro instalační prefabrikáty v objektech v do 6 m","%",null,null,{"$f":"ROUND(I201*H201,1)","v":0},null,null,null,"základní",null,{"$f":"O201*H201","v":0},0,{"$f":"Q201*H201","v":0},0,{"$f":"S201*H201","v":0},{"$nulls":23},"4",null,"K","2",null,null,null,"ROZPOCET",{"$nulls":5},{"$f":"IF(N201=\"základní\",J201,0)","v":0},{"$f":"IF(N201=\"snížená\",J201,0)","v":0},{"$f":"IF(N201=\"zákl. přenesená\",J201,0)","v":0},{"$f":"IF(N201=\"sníž. přenesená\",J201,0)","v":0},{"$f":"IF(N201=\"nulová\",J201,0)","v":0},"1",{"$f":"ROUND(I201*H201,1)","v":0},"4","80"]
[null,null,null,"D","734","Ústřední vytápění - armatury",null,null,null,{"$f":"BK202","v":0},{"$nulls":5},{"$f":"SUM(P203:P207)","v":0},null,{"$f":"SUM(R203:R207)","v":0.000662674},null,{"$f":"SUM(T203:T207)","v":0.0044},{"$nulls":23},"2",null,"D","1",null,null,null,"ROZPOCET",{"$nulls":11},{"$f":"SUM(BK203:BK207)","v":0}]
[null,null,"69","K","734200822","Demontáž armatury závitové se dvěma závity do G 1","kus",4,null,{"$f":"ROUND(I203*H203,1)","v":0},null,null,null,"základní",null,{"$f":"O203*H203","v":0},0.0001264,{"$f":"Q203*H203","v":0.0005056},0.0011,{"$f":"S203*H203","v":0.0044},{"$nulls":23},"4",null,"K","2",null,null,null,"ROZPOCET",{"$nulls":5},{"$f":"IF(N203=\"základní\",J203,0)","v":0},{"$f":"IF(N203=\"snížená\",J203,0)","v":0},{"$f":"IF(N203=\"zákl. přenesená\",J203,0)","v":0},{"$f":"IF(N203=\"sníž. přenesená\",J203,0)","v":0},{"$f":"IF(N203=\"nulová\",J203,0)","v":0},"1",{"$f":"ROUND(I203*H203,1)","v":0},"4","81"]
[null,null,"70","K","734209113","Montáž armatury závitové s dvěma závity G 1/2","kus",2,null,{"$f":"ROUND(I204*H204,1)","v":0},null,null,null,"základní",null,{"$f":"O204*H204","v":0},7.8537E-005,{"$f":"Q204*H204","v":0.000157074},0,{"$f":"S204*H204","v":0},{"$nulls":23},"4",null,"K","2",null,null,null,"ROZPOCET",{"$nulls":5},{"$f":"IF(N204=\"základní\",J204,0)","v":0},{"$f":"IF(N204=\"snížená\",J204,0)","v":0},{"$f":"IF(N204=\"zákl. přenesená\",J204,0)","v":0},{"$f":"IF(N204=\"sníž. přenesená\",J204,0)","v":0},{"$f":"IF(N204=\"nulová\",J204,0)","v":0},"1",{"$f":"ROUND(I204*H204,1)","v":0},"4","82"]
[null,null,"71","M","734310307","ŠROUBENÍ REGUTEC 0355-02.000","KS",2,null,{"$f":"ROUND(I205*H205,1)","v":0},null,null,null,"základní",null,{"$f":"O205*H205","v":0},0,{"$f":"Q205*H205","v":0},0,{"$f":"S205*H205","v":0},{"$nulls":23},"8",null,"M","2",null,null,null,"ROZPOCET",{"$nulls":5},{"$f":"IF(N205=\"základní\",J205,0)","v":0},{"$f":"IF(N205=\"snížená\",J205,0)","v":0},{"$f":"IF(N205=\"zákl. přenesená\",J205,0)","v":0},{"$f":"IF(N205=\"sníž. přenesená\",J205,0)","v":0},{"$f":"IF(N205=\"nulová\",J205,0)","v":0},"1",{"$f":"ROUND(I205*H205,1)","v":0},"4","83"]
[null,null,"72","M","734310308","VENTIL V-EXAKT 3711-02.000 1/2\" ","KS",2,null,{"$f":"ROUND(I206*H206,1)","v":0},null,null,null,"základní",null,{"$f":"O206*H206","v":0},0,{"$f":"Q206*H206","v":0},0,{"$f":"S206*H206","v":0},{"$nulls":23},"8",null,"M","2",null,null,null,"ROZPOCET",{"$nulls":5},{"$f":"IF(N206=\"základní\",J206,0)","v":0},{"$f":"IF(N206=\"snížená\",J206,0)","v":0},{"$f":"IF(N206=\"zákl. přenesená\",J206,0)","v":0},{"$f":"IF(N206=\"sníž. přenesená\",J206,0)","v":0},{"$f":"IF(N206=\"nulová\",J206,0)","v":0},"1",{"$f":"ROUND(I206*H206,1)","v":0},"4","84"]
[null,null,"73","K","998734201","Přesun hmot procentní pro armatury v objektech v do 6 m","%",null,null,{"$f":"ROUND(I207*H207,1)","v":0},null,null,null,"základní",null,{"$f":"O207*H207","v":0},0,{"$f":"Q207*H207","v":0},0,{"$f":"S207*H207","v":0},{"$nulls":23},"4",null,"K","2",null,null,null,"ROZPOCET",{"$nulls":5},{"$f":"IF(N207=\"základní\",J207,0)","v":0},{"$f":"IF(N207=\"snížená\",J207,0)","v":0},{"$f":"IF(N207=\"zákl. přenesená\",J207,0)","v":0},{"$f":"IF(N207=\"sníž. přenesená\",J207,0)","v":0},{"$f":"IF(N207=\"nulová\",J207,0)","v":0},"1",{"$f":"ROUND(I207*H207,1)","v":0},"4","85"]
[null,null,null,"D","735","Ústřední vytápění - otopná tělesa",null,null,null,{"$f":"BK208","v":0},{"$nulls":5},{"$f":"SUM(P209:P213)","v":0},null,{"$f":"SUM(R209:R213)","v":0},null,{"$f":"SUM(T209:T213)","v":0.0476},{"$nulls":23},"2",null,"D","1",null,null,null,"ROZPOCET",{"$nulls":11},{"$f":"SUM(BK209:BK213)","v":0}]
[null,null,"74","K","735494811","Vypuštění vody z otopných těles","kpl",1,null,{"$f":"ROUND(I209*H209,1)","v":0},null,null,null,"základní",null,{"$f":"O209*H209","v":0},0,{"$f":"Q209*H209","v":0},0,{"$f":"S209*H209","v":0},{"$nulls":23},"4",null,"K","2",null,null,null,"ROZPOCET",{"$nulls":5},{"$f":"IF(N209=\"základní\",J209,0)","v":0},{"$f":"IF(N209=\"snížená\",J209,0)","v":0},{"$f":"IF(N209=\"zákl. přenesená\",J209,0)","v":0},{"$f":"IF(N209=\"sníž. přenesená\",J209,0)","v":0},{"$f":"IF(N209=\"nulová\",J209,0)","v":0},"1",{"$f":"ROUND(I209*H209,1)","v":0},"4","86"]
[null,null,"75","K","735111810","Demontáž stávajícího otopného tělesa","ks",2,null,{"$f":"ROUND(I210*H210,1)","v":0},null,null,null,"základní",null,{"$f":"O210*H210","v":0},0,{"$f":"Q210*H210","v":0},0.0238,{"$f":"S210*H210","v":0.0476},{"$nulls":23},"4",null,"K","2",null,null,null,"ROZPOCET",{"$nulls":5},{"$f":"IF(N210=\"základní\",J210,0)","v":0},{"$f":"IF(N210=\"snížená\",J210,0)","v":0},{"$f":"IF(N210=\"zákl. přenesená\",J210,0)","v":0},{"$f":"IF(N210=\"sníž. přenesená\",J210,0)","v":0},{"$f":"IF(N210=\"nulová\",J210,0)","v":0},"1",{"$f":"ROUND(I210*H210,1)","v":0},"4","87"]
[null,null,"76","K","735159340","Zpětná montáž otopného tělesa","kus",2,null,{"$f":"ROUND(I211*H211,1)","v":0},null,null,null,"základní",null,{"$f":"O211*H211","v":0},0,{"$f":"Q211*H211","v":0},0,{"$f":"S211*H211","v":0},{"$nulls":23},"4",null,"K","2",null,null,null,"ROZPOCET",{"$nulls":5},{"$f":"IF(N211=\"základní\",J211,0)","v":0},{"$f":"IF(N211=\"snížená\",J211,0)","v":0},{"$f":"IF(N211=\"zákl. přenesená\",J211,0)","v":0},{"$f":"IF(N211=\"sníž. přenesená\",J211,0)","v":0},{"$f":"IF(N211=\"nulová\",J211,0)","v":0},"1",{"$f":"ROUND(I211*H211,1)","v":0},"4","88"]
[null,null,"77","K","735191910","Napuštění vody do otopných těles","kpl",1,null,{"$f":"ROUND(I212*H212,1)","v":0},null,null,null,"základní",null,{"$f":"O212*H212","v":0},0,{"$f":"Q212*H212","v":0},0,{"$f":"S212*H212","v":0},{"$nulls":23},"4",null,"K","2",null,null,null,"ROZPOCET",{"$nulls":5},{"$f":"IF(N212=\"základní\",J212,0)","v":0},{"$f":"IF(N212=\"snížená\",J212,0)","v":0},{"$f":"IF(N212=\"zákl. přenesená\",J212,0)","v":0},{"$f":"IF(N212=\"sníž. přenesená\",J212,0)","v":0},{"$f":"IF(N212=\"nulová\",J212,0)","v":0},"1",{"$f":"ROUND(I212*H212,1)","v":0},"4","89"]
[null,null,"78","K","998735201","Přesun hmot procentní pro otopná tělesa v objektech v do 6 m","%",null,null,{"$f":"ROUND(I213*H213,1)","v":0},null,null,null,"základní",null,{"$f":"O213*H213","v":0},0,{"$f":"Q213*H213","v":0},0,{"$f":"S213*H213","v":0},{"$nulls":23},"4",null,"K","2",null,null,null,"ROZPOCET",{"$nulls":5},{"$f":"IF(N213=\"základní\",J213,0)","v":0},{"$f":"IF(N213=\"snížená\",J213,0)","v":0},{"$f":"IF(N213=\"zákl. přenesená\",J213,0)","v":0},{"$f":"IF(N213=\"sníž. přenesená\",J213,0)","v":0},{"$f":"IF(N213=\"nulová\",J213,0)","v":0},"1",{"$f":"ROUND(I213*H213,1)","v":0},"4","90"]
[null,null,null,"D","771","Podlahy z dlaždic",null,null,null,{"$f":"BK214","v":0},{"$nulls":5},{"$f":"SUM(P215:P225)","v":0},null,{"$f":"SUM(R215:R225)","v":0.8742},null,{"$f":"SUM(T215:T225)","v":1.0943},{"$nulls":23},"2",null,"D","1",null,null,null,"ROZPOCET",{"$nulls":11},{"$f":"SUM(BK215:BK225)","v":0}]
[null,null,"79","K","771573810","Demontáž podlah z dlaždic keramických lepených","m2",31,null,{"$f":"ROUND(I215*H215,1)","v":0},null,null,null,"základní",null,{"$f":"O215*H215","v":0},0,{"$f":"Q215*H215","v":0},0.0353,{"$f":"S215*H215","v":1.0943},{"$nulls":23},"4",null,"K","2",null,null,null,"ROZPOCET",{"$nulls":5},{"$f":"IF(N215=\"základní\",J215,0)","v":0},{"$f":"IF(N215=\"snížená\",J215,0)","v":0},{"$f":"IF(N215=\"zákl. přenesená\",J215,0)","v":0},{"$f":"IF(N215=\"sníž. přenesená\",J215,0)","v":0},{"$f":"IF(N215=\"nulová\",J215,0)","v":0},"1",{"$f":"ROUND(I215*H215,1)","v":0},"4","110"]
[null,null,"80","K","771151025.LSS","Samonivelační stěrka podlah ","m2",31,null,{"$f":"ROUND(I216*H216,1)","v":0},null,null,null,"základní",null,{"$f":"O216*H216","v":0},0.0204,{"$f":"Q216*H216","v":0.6324},0,{"$f":"S216*H216","v":0},{"$nulls":23},"16",null,"K","2",null,null,null,"ROZPOCET",{"$nulls":5},{"$f":"IF(N216=\"základní\",J216,0)","v":0},{"$f":"IF(N216=\"snížená\",J216,0)","v":0},{"$f":"IF(N216=\"zákl. přenesená\",J216,0)","v":0},{"$f":"IF(N216=\"sníž. přenesená\",J216,0)","v":0},{"$f":"IF(N216=\"nulová\",J216,0)","v":0},"1",{"$f":"ROUND(I216*H216,1)","v":0},"16","-800468159"]
[null,null,"81","K","781151041b","Příplatek k cenám celoplošné vyrovnání stěrkou za každý další 1 mm přes tl 3 mm","m2",31,null,{"$f":"ROUND(I217*H217,1)","v":0},null,null,null,"základní",null,{"$f":"O217*H217","v":0},0.00145,{"$f":"Q217*H217","v":0.04495},0,{"$f":"S217*H217","v":0},{"$nulls":23},"16",null,"K","2",null,null,null,"ROZPOCET",{"$nulls":5},{"$f":"IF(N217=\"základní\",J217,0)","v":0},{"$f":"IF(N217=\"snížená\",J217,0)","v":0},{"$f":"IF(N217=\"zákl. přenesená\",J217,0)","v":0},{"$f":"IF(N217=\"sníž. přenesená\",J217,0)","v":0},{"$f":"IF(N217=\"nulová\",J217,0)","v":0},"1",{"$f":"ROUND(I217*H217,1)","v":0},"16","816123922"]
[null,null,"82","K","771591111","Podlahy penetrace podkladu","m2",31,null,{"$f":"ROUND(I218*H218,1)","v":0},null,null,null,"základní",null,{"$f":"O218*H218","v":0},0,{"$f":"Q218*H218","v":0},0,{"$f":"S218*H218","v":0},{"$nulls":23},"4",null,"K","2",null,null,null,"ROZPOCET",{"$nulls":5},{"$f":"IF(N218=\"základní\",J218,0)","v":0},{"$f":"IF(N218=\"snížená\",J218,0)","v":0},{"$f":"IF(N218=\"zákl. přenesená\",J218,0)","v":0},{"$f":"IF(N218=\"sníž. přenesená\",J218,0)","v":0},{"$f":"IF(N218=\"nulová\",J218,0)","v":0},"1",{"$f":"ROUND(I218*H218,1)","v":0},"4","112"]
[null,null,"83","K","711111121","Provedení izolace proti zemní vlhkosti vodorovné za studena n","m2",31,null,{"$f":"ROUND(I219*H219,1)","v":0},null,null,null,"základní",null,{"$f":"O219*H219","v":0},0,{"$f":"Q219*H219","v":0},0,{"$f":"S219*H219","v":0},{"$nulls":23},"4",null,"K","2",null,null,null,"ROZPOCET",{"$nulls":5},{"$f":"IF(N219=\"základní\",J219,0)","v":0},{"$f":"IF(N219=\"snížená\",J219,0)","v":0},{"$f":"IF(N219=\"zákl. přenesená\",J219,0)","v":0},{"$f":"IF(N219=\"sníž. přenesená\",J219,0)","v":0},{"$f":"IF(N219=\"nulová\",J219,0)","v":0},"1",{"$f":"ROUND(I219*H219,1)","v":0},"4","113"]
[null,null,"84","M","781232262121","IZOLACE JEDNOSLOŽ. CL 51 5KG","KS",4,null,{"$f":"ROUND(I220*H220,1)","v":0},null,null,null,"základní",null,{"$f":"O220*H220","v":0},0,{"$f":"Q220*H220","v":0},0,{"$f":"S220*H220","v":0},{"$nulls":23},"8",null,"M","2",null,null,null,"ROZPOCET",{"$nulls":5},{"$f":"IF(N220=\"základní\",J220,0)","v":0},{"$f":"IF(N220=\"snížená\",J220,0)","v":0},{"$f":"IF(N220=\"zákl. přenesená\",J220,0)","v":0},{"$f":"IF(N220=\"sníž. přenesená\",J220,0)","v":0},{"$f":"IF(N220=\"nulová\",J220,0)","v":0},"1",{"$f":"ROUND(I220*H220,1)","v":0},"4","114"]
[null,null,"85","M","7812322623","K PÁS IZOLAČNÍ CL 152 1M/50BAL","m",38,null,{"$f":"ROUND(I221*H221,1)","v":0},null,null,null,"základní",null,{"$f":"O221*H221","v":0},0,{"$f":"Q221*H221","v":0},0,{"$f":"S221*H221","v":0},{"$nulls":23},"8",null,"M","2",null,null,null,"ROZPOCET",{"$nulls":5},{"$f":"IF(N221=\"základní\",J221,0)","v":0},{"$f":"IF(N221=\"snížená\",J221,0)","v":0},{"$f":"IF(N221=\"zákl. přenesená\",J221,0)","v":0},{"$f":"IF(N221=\"sníž. přenesená\",J221,0)","v":0},{"$f":"IF(N221=\"nulová\",J221,0)","v":0},"1",{"$f":"ROUND(I221*H221,1)","v":0},"4","115"]
[null,null,"86","K","771574113","Montáž podlah keramických rovných lepených lepidlem","m2",31,null,{"$f":"ROUND(I222*H222,1)","v":0},null,null,null,"základní",null,{"$f":"O222*H222","v":0},0.00635,{"$f":"Q222*H222","v":0.19685},0,{"$f":"S222*H222","v":0},{"$nulls":23},"4",null,"K","2",null,null,null,"ROZPOCET",{"$nulls":5},{"$f":"IF(N222=\"základní\",J222,0)","v":0},{"$f":"IF(N222=\"snížená\",J222,0)","v":0},{"$f":"IF(N222=\"zákl. přenesená\",J222,0)","v":0},{"$f":"IF(N222=\"sníž. přenesená\",J222,0)","v":0},{"$f":"IF(N222=\"nulová\",J222,0)","v":0},"1",{"$f":"ROUND(I222*H222,1)","v":0},"4","117"]
[null,null,"87","M","73003","DLAŽBA RAKO BLOCK SV.ŠEDÁ 60X60 DAK63780","m2",34.56,null,{"$f":"ROUND(I223*H223,1)","v":0},null,null,null,"základní",null,{"$f":"O223*H223","v":0},0,{"$f":"Q223*H223","v":0},0,{"$f":"S223*H223","v":0},{"$nulls":23},"8",null,"M","2",null,null,null,"ROZPOCET",{"$nulls":5},{"$f":"IF(N223=\"základní\",J223,0)","v":0},{"$f":"IF(N223=\"snížená\",J223,0)","v":0},{"$f":"IF(N223=\"zákl. přenesená\",J223,0)","v":0},{"$f":"IF(N223=\"sníž. přenesená\",J223,0)","v":0},{"$f":"IF(N223=\"nulová\",J223,0)","v":0},"1",{"$f":"ROUND(I223*H223,1)","v":0},"4","-1381761681"]
[null,null,"88","M","73006","CERESIT HMOTA SPÁROVACÍ CE 40 5kg 13 ANTRACITE","ks",3,null,{"$f":"ROUND(I224*H224,1)","v":0},null,null,null,"základní",null,{"$f":"O224*H224","v":0},0,{"$f":"Q224*H224","v":0},0,{"$f":"S224*H224","v":0},{"$nulls":23},"8",null,"M","2",null,null,null,"ROZPOCET",{"$nulls":5},{"$f":"IF(N224=\"základní\",J224,0)","v":0},{"$f":"IF(N224=\"snížená\",J224,0)","v":0},{"$f":"IF(N224=\"zákl. přenesená\",J224,0)","v":0},{"$f":"IF(N224=\"sníž. přenesená\",J224,0)","v":0},{"$f":"IF(N224=\"nulová\",J224,0)","v":0},"1",{"$f":"ROUND(I224*H224,1)","v":0},"4","452657719"]
[null,null,"89","K","998771101","Přesun hmot pro podlahy z dlaždic v objektech v do 6 m","%",null,null,{"$f":"ROUND(I225*H225,1)","v":0},null,null,null,"základní",null,{"$f":"O225*H225","v":0},0,{"$f":"Q225*H225","v":0},0,{"$f":"S225*H225","v":0},{"$nulls":23},"4",null,"K","2",null,null,null,"ROZPOCET",{"$nulls":5},{"$f":"IF(N225=\"základní\",J225,0)","v":0},{"$f":"IF(N225=\"snížená\",J225,0)","v":0},{"$f":"IF(N225=\"zákl. přenesená\",J225,0)","v":0},{"$f":"IF(N225=\"sníž. přenesená\",J225,0)","v":0},{"$f":"IF(N225=\"nulová\",J225,0)","v":0},"1",{"$f":"ROUND(I225*H225,1)","v":0},"4","122"]
[null,null,null,"D","781","Dokončovací práce - obklady",null,null,null,{"$f":"BK226","v":0},{"$nulls":5},{"$f":"SUM(P227:P238)","v":0},null,{"$f":"SUM(R227:R238)","v":0.676805},null,{"$f":"SUM(T227:T238)","v":4.94705},{"$nulls":23},"2",null,"D","1",null,null,null,"ROZPOCET",{"$nulls":11},{"$f":"SUM(BK227:BK238)","v":0}]
[null,null,"90","K","781471810","Demontáž obkladů z obkladaček keramických","m2",60.7,null,{"$f":"ROUND(I227*H227,1)","v":0},null,null,null,"základní",null,{"$f":"O227*H227","v":0},0,{"$f":"Q227*H227","v":0},0.0815,{"$f":"S227*H227","v":4.94705},{"$nulls":23},"4",null,"K","2",null,null,null,"ROZPOCET",{"$nulls":5},{"$f":"IF(N227=\"základní\",J227,0)","v":0},{"$f":"IF(N227=\"snížená\",J227,0)","v":0},{"$f":"IF(N227=\"zákl. přenesená\",J227,0)","v":0},{"$f":"IF(N227=\"sníž. přenesená\",J227,0)","v":0},{"$f":"IF(N227=\"nulová\",J227,0)","v":0},"1",{"$f":"ROUND(I227*H227,1)","v":0},"4","123"]
[null,null,"91","K","781151031","Celoplošné vyrovnání podkladu stěrkou tl 3 mm","m2",60.7,null,{"$f":"ROUND(I228*H228,1)","v":0},null,null,null,"základní",null,{"$f":"O228*H228","v":0},0.0045,{"$f":"Q228*H228","v":0.27315},0,{"$f":"S228*H228","v":0},{"$nulls":23},"4",null,"K","2",null,null,null,"ROZPOCET",{"$nulls":5},{"$f":"IF(N228=\"základní\",J228,0)","v":0},{"$f":"IF(N228=\"snížená\",J228,0)","v":0},{"$f":"IF(N228=\"zákl. přenesená\",J228,0)","v":0},{"$f":"IF(N228=\"sníž. přenesená\",J228,0)","v":0},{"$f":"IF(N228=\"nulová\",J228,0)","v":0},"1",{"$f":"ROUND(I228*H228,1)","v":0},"4","124"]
[null,null,"92","K","781151041","Příplatek k cenám celoplošné vyrovnání stěrkou za každý další 1 mm přes tl 3 mm","m2",60.7,null,{"$f":"ROUND(I229*H229,1)","v":0},null,null,null,"základní",null,{"$f":"O229*H229","v":0},0.00145,{"$f":"Q229*H229","v":0.088015},0,{"$f":"S229*H229","v":0},{"$nulls":23},"16",null,"K","2",null,null,null,"ROZPOCET",{"$nulls":5},{"$f":"IF(N229=\"základní\",J229,0)","v":0},{"$f":"IF(N229=\"snížená\",J229,0)","v":0},{"$f":"IF(N229=\"zákl. přenesená\",J229,0)","v":0},{"$f":"IF(N229=\"sníž. přenesená\",J229,0)","v":0},{"$f":"IF(N229=\"nulová\",J229,0)","v":0},"1",{"$f":"ROUND(I229*H229,1)","v":0},"16","-1138471823"]
[null,null,"93","K","781495111","Penetrace podkladu vnitřních obkladů","m2",60.7,null,{"$f":"ROUND(I230*H230,1)","v":0},null,null,null,"základní",null,{"$f":"O230*H230","v":0},0,{"$f":"Q230*H230","v":0},0,{"$f":"S230*H230","v":0},{"$nulls":23},"4",null,"K","2",null,null,null,"ROZPOCET",{"$nulls":5},{"$f":"IF(N230=\"základní\",J230,0)","v":0},{"$f":"IF(N230=\"snížená\",J230,0)","v":0},{"$f":"IF(N230=\"zákl. přenesená\",J230,0)","v":0},{"$f":"IF(N230=\"sníž. přenesená\",J230,0)","v":0},{"$f":"IF(N230=\"nulová\",J230,0)","v":0},"1",{"$f":"ROUND(I230*H230,1)","v":0},"4","125"]
[null,null,"94","M","781232262121","IZOLACE JEDNOSLOŽ. CL 51 5KG","KS",4,null,{"$f":"ROUND(I231*H231,1)","v":0},null,null,null,"základní",null,{"$f":"O231*H231","v":0},0,{"$f":"Q231*H231","v":0},0,{"$f":"S231*H231","v":0},{"$nulls":23},"8",null,"M","2",null,null,null,"ROZPOCET",{"$nulls":5},{"$f":"IF(N231=\"základní\",J231,0)","v":0},{"$f":"IF(N231=\"snížená\",J231,0)","v":0},{"$f":"IF(N231=\"zákl. přenesená\",J231,0)","v":0},{"$f":"IF(N231=\"sníž. přenesená\",J231,0)","v":0},{"$f":"IF(N231=\"nulová\",J231,0)","v":0},"1",{"$f":"ROUND(I231*H231,1)","v":0},"4","126"]
[null,null,"95","K","781474115","Montáž obkladů vnitřních keramických hladkých lepených flexibilním lepidlem","m2",60.7,null,{"$f":"ROUND(I232*H232,1)","v":0},null,null,null,"základní",null,{"$f":"O232*H232","v":0},0.0052,{"$f":"Q232*H232","v":0.31564},0,{"$f":"S232*H232","v":0},{"$nulls":23},"4",null,"K","2",null,null,null,"ROZPOCET",{"$nulls":5},{"$f":"IF(N232=\"základní\",J232,0)","v":0},{"$f":"IF(N232=\"snížená\",J232,0)","v":0},{"$f":"IF(N232=\"zákl. přenesená\",J232,0)","v":0},{"$f":"IF(N232=\"sníž. přenesená\",J232,0)","v":0},{"$f":"IF(N232=\"nulová\",J232,0)","v":0},"1",{"$f":"ROUND(I232*H232,1)","v":0},"4","127"]
[null,null,"96","M","73001","OBKLAD SYSTEM WAAV4000 BÍLÁ LESK 30X60","m2",49.68,null,{"$f":"ROUND(I233*H233,1)","v":0},null,null,null,"základní",null,{"$f":"O233*H233","v":0},0,{"$f":"Q233*H233","v":0},0,{"$f":"S233*H233","v":0},{"$nulls":23},"8",null,"M","2",null,null,null,"ROZPOCET",{"$nulls":5},{"$f":"IF(N233=\"základní\",J233,0)","v":0},{"$f":"IF(N233=\"snížená\",J233,0)","v":0},{"$f":"IF(N233=\"zákl. přenesená\",J233,0)","v":0},{"$f":"IF(N233=\"sníž. přenesená\",J233,0)","v":0},{"$f":"IF(N233=\"nulová\",J233,0)","v":0},"1",{"$f":"ROUND(I233*H233,1)","v":0},"4","1502796821"]
[null,null,"97","M","73002","COLOR ONE ČERVENÁ LESK 15X15 WAA19363","m2",19,null,{"$f":"ROUND(I234*H234,1)","v":0},null,null,null,"základní",null,{"$f":"O234*H234","v":0},0,{"$f":"Q234*H234","v":0},0,{"$f":"S234*H234","v":0},{"$nulls":23},"8",null,"M","2",null,null,null,"ROZPOCET",{"$nulls":5},{"$f":"IF(N234=\"základní\",J234,0)","v":0},{"$f":"IF(N234=\"snížená\",J234,0)","v":0},{"$f":"IF(N234=\"zákl. přenesená\",J234,0)","v":0},{"$f":"IF(N234=\"sníž. přenesená\",J234,0)","v":0},{"$f":"IF(N234=\"nulová\",J234,0)","v":0},"1",{"$f":"ROUND(I234*H234,1)","v":0},"4","-329543982"]
[null,null,"98","M","73004","CERESIT HMOTA SPÁROVACÍ CE 40 5kg 04 SILVER Aquastatic","ks",7,null,{"$f":"ROUND(I235*H235,1)","v":0},null,null,null,"základní",null,{"$f":"O235*H235","v":0},0,{"$f":"Q235*H235","v":0},0,{"$f":"S235*H235","v":0},{"$nulls":23},"8",null,"M","2",null,null,null,"ROZPOCET",{"$nulls":5},{"$f":"IF(N235=\"základní\",J235,0)","v":0},{"$f":"IF(N235=\"snížená\",J235,0)","v":0},{"$f":"IF(N235=\"zákl. přenesená\",J235,0)","v":0},{"$f":"IF(N235=\"sníž. přenesená\",J235,0)","v":0},{"$f":"IF(N235=\"nulová\",J235,0)","v":0},"1",{"$f":"ROUND(I235*H235,1)","v":0},"4","-341992887"]
[null,null,"99","M","73005","CERESIT SILIKON SILVER 4 280ml","ks",10,null,{"$f":"ROUND(I236*H236,1)","v":0},null,null,null,"základní",null,{"$f":"O236*H236","v":0},0,{"$f":"Q236*H236","v":0},0,{"$f":"S236*H236","v":0},{"$nulls":23},"8",null,"M","2",null,null,null,"ROZPOCET",{"$nulls":5},{"$f":"IF(N236=\"základní\",J236,0)","v":0},{"$f":"IF(N236=\"snížená\",J236,0)","v":0},{"$f":"IF(N236=\"zákl. přenesená\",J236,0)","v":0},{"$f":"IF(N236=\"sníž. přenesená\",J236,0)","v":0},{"$f":"IF(N236=\"nulová\",J236,0)","v":0},"1",{"$f":"ROUND(I236*H236,1)","v":0},"4","-1633611265"]
[null,null,"100","M","73007","LIŠTA AL SCHOD. \"L\" 11MM/2,5M ELOX PŘÍRODNÍ","ks",15,null,{"$f":"ROUND(I237*H237,1)","v":0},null,null,null,"základní",null,{"$f":"O237*H237","v":0},0,{"$f":"Q237*H237","v":0},0,{"$f":"S237*H237","v":0},{"$nulls":23},"8",null,"M","2",null,null,null,"ROZPOCET",{"$nulls":5},{"$f":"IF(N237=\"základní\",J237,0)","v":0},{"$f":"IF(N237=\"snížená\",J237,0)","v":0},{"$f":"IF(N237=\"zákl. přenesená\",J237,0)","v":0},{"$f":"IF(N237=\"sníž. přenesená\",J237,0)","v":0},{"$f":"IF(N237=\"nulová\",J237,0)","v":0},"1",{"$f":"ROUND(I237*H237,1)","v":0},"4","596709727"]
[null,null,"101","K","998781101","Přesun hmot pro obklady keramické v objektech v do 6 m","%",null,null,{"$f":"ROUND(I238*H238,1)","v":0},null,null,null,"základní",null,{"$f":"O238*H238","v":0},0,{"$f":"Q238*H238","v":0},0,{"$f":"S238*H238","v":0},{"$nulls":23},"4",null,"K","2",null,null,null,"ROZPOCET",{"$nulls":5},{"$f":"IF(N238=\"základní\",J238,0)","v":0},{"$f":"IF(N238=\"snížená\",J238,0)","v":0},{"$f":"IF(N238=\"zákl. přenesená\",J238,0)","v":0},{"$f":"IF(N238=\"sníž. přenesená\",J238,0)","v":0},{"$f":"IF(N238=\"nulová\",J238,0)","v":0},"1",{"$f":"ROUND(I238*H238,1)","v":0},"4","135"]
[null,null,null,"D","783","Dokončovací práce - nátěry",null,null,null,{"$f":"BK239","v":0},{"$nulls":5},{"$f":"SUM(P240:P241)","v":0},null,{"$f":"SUM(R240:R241)","v":0.00238},null,{"$f":"SUM(T240:T241)","v":0},{"$nulls":23},"2",null,"D","1",null,null,null,"ROZPOCET",{"$nulls":11},{"$f":"SUM(BK240:BK241)","v":0}]
[null,null,"102","K","783425424","Nátěry syntetické potrubí do DN 50 ","m",15,null,{"$f":"ROUND(I240*H240,1)","v":0},null,null,null,"základní",null,{"$f":"O240*H240","v":0},0.00014,{"$f":"Q240*H240","v":0.0021},0,{"$f":"S240*H240","v":0},{"$nulls":23},"16",null,"K","2",null,null,null,"ROZPOCET",{"$nulls":5},{"$f":"IF(N240=\"základní\",J240,0)","v":0},{"$f":"IF(N240=\"snížená\",J240,0)","v":0},{"$f":"IF(N240=\"zákl. přenesená\",J240,0)","v":0},{"$f":"IF(N240=\"sníž. přenesená\",J240,0)","v":0},{"$f":"IF(N240=\"nulová\",J240,0)","v":0},"1",{"$f":"ROUND(I240*H240,1)","v":0},"16","136"]
[null,null,"103","K","78342542b","Nátěry zárubní","ks",2,null,{"$f":"ROUND(I241*H241,1)","v":0},null,null,null,"základní",null,{"$f":"O241*H241","v":0},0.00014,{"$f":"Q241*H241","v":0.00028},0,{"$f":"S241*H241","v":0},{"$nulls":23},"16",null,"K","2",null,null,null,"ROZPOCET",{"$nulls":5},{"$f":"IF(N241=\"základní\",J241,0)","v":0},{"$f":"IF(N241=\"snížená\",J241,0)","v":0},{"$f":"IF(N241=\"zákl. přenesená\",J241,0)","v":0},{"$f":"IF(N241=\"sníž. přenesená\",J241,0)","v":0},{"$f":"IF(N241=\"nulová\",J241,0)","v":0},"1",{"$f":"ROUND(I241*H241,1)","v":0},"16","434529427"]
[null,null,null,"D","784","Dokončovací práce - malby a tapety",null,null,null,{"$f":"BK242","v":0},{"$nulls":5},{"$f":"P243","v":0},null,{"$f":"R243","v":0},null,{"$f":"T243","v":0},{"$nulls":23},"2",null,"D","1",null,null,null,"ROZPOCET",{"$nulls":11},{"$f":"BK243","v":0}]
[null,null,"104","K","784211101","Dvojnásobné bílé malby  v místnostech","m2",49.962,null,{"$f":"ROUND(I243*H243,1)","v":0},null,null,null,"základní",null,{"$f":"O243*H243","v":0},0,{"$f":"Q243*H243","v":0},0,{"$f":"S243*H243","v":0},{"$nulls":23},"4",null,"K","2",null,null,null,"ROZPOCET",{"$nulls":5},{"$f":"IF(N243=\"základní\",J243,0)","v":0},{"$f":"IF(N243=\"snížená\",J243,0)","v":0},{"$f":"IF(N243=\"zákl. přenesená\",J243,0)","v":0},{"$f":"IF(N243=\"sníž. přenesená\",J243,0)","v":0},{"$f":"IF(N243=\"nulová\",J243,0)","v":0},"1",{"$f":"ROUND(I243*H243,1)","v":0},"4","137"]
[null,null,null,"D","795","Ostatní náklady",null,null,null,{"$f":"BK244","v":0},{"$nulls":5},{"$f":"SUM(P245:P259)","v":0},null,{"$f":"SUM(R245:R259)","v":0},null,{"$f":"SUM(T245:T259)","v":0},{"$nulls":23},"2",null,"D","1",null,null,null,"ROZPOCET",{"$nulls":11},{"$f":"SUM(BK245:BK259)","v":0}]
[null,null,"105","K","72561a","Větrací mřížka ","ks",4,null,{"$f":"ROUND(I245*H245,1)","v":0},null,null,null,"základní",null,{"$f":"O245*H245","v":0},0,{"$f":"Q245*H245","v":0},0,{"$f":"S245*H245","v":0},{"$nulls":23},"4",null,"K","2",null,null,null,"ROZPOCET",{"$nulls":5},{"$f":"IF(N245=\"základní\",J245,0)","v":0},{"$f":"IF(N245=\"snížená\",J245,0)","v":0},{"$f":"IF(N245=\"zákl. přenesená\",J245,0)","v":0},{"$f":"IF(N245=\"sníž. přenesená\",J245,0)","v":0},{"$f":"IF(N245=\"nulová\",J245,0)","v":0},"1",{"$f":"ROUND(I245*H245,1)","v":0},"4","578120463"]
[null,null,"106","K","795990001","Bourací práce","hod",36,null,{"$f":"ROUND(I246*H246,1)","v":0},null,null,null,"základní",null,{"$f":"O246*H246","v":0},0,{"$f":"Q246*H246","v":0},0,{"$f":"S246*H246","v":0},{"$nulls":23},"4",null,"K","2",null,null,null,"ROZPOCET",{"$nulls":5},{"$f":"IF(N246=\"základní\",J246,0)","v":0},{"$f":"IF(N246=\"snížená\",J246,0)","v":0},{"$f":"IF(N246=\"zákl. přenesená\",J246,0)","v":0},{"$f":"IF(N246=\"sníž. přenesená\",J246,0)","v":0},{"$f":"IF(N246=\"nulová\",J246,0)","v":0},"1",{"$f":"ROUND(I246*H246,1)","v":0},"4","138"]
[null,null,"107","K","795990002","Zednické práce","hod",48,null,{"$f":"ROUND(I247*H247,1)","v":0},null,null,null,"základní",null,{"$f":"O247*H247","v":0},0,{"$f":"Q247*H247","v":0},0,{"$f":"S247*H247","v":0},{"$nulls":23},"4",null,"K","2",null,null,null,"ROZPOCET",{"$nulls":5},{"$f":"IF(N247=\"základní\",J247,0)","v":0},{"$f":"IF(N247=\"snížená\",J247,0)","v":0},{"$f":"IF(N247=\"zákl. přenesená\",J247,0)","v":0},{"$f":"IF(N247=\"sníž. přenesená\",J247,0)","v":0},{"$f":"IF(N247=\"nulová\",J247,0)","v":0},"1",{"$f":"ROUND(I247*H247,1)","v":0},"4","139"]
[null,null,"108","M","795990003","Materiál pro zednické práce","kpl",1,null,{"$f":"ROUND(I248*H248,1)","v":0},null,null,null,"základní",null,{"$f":"O248*H248","v":0},0,{"$f":"Q248*H248","v":0},0,{"$f":"S248*H248","v":0},{"$nulls":23},"8",null,"M","2",null,null,null,"ROZPOCET",{"$nulls":5},{"$f":"IF(N248=\"základní\",J248,0)","v":0},{"$f":"IF(N248=\"snížená\",J248,0)","v":0},{"$f":"IF(N248=\"zákl. přenesená\",J248,0)","v":0},{"$f":"IF(N248=\"sníž. přenesená\",J248,0)","v":0},{"$f":"IF(N248=\"nulová\",J248,0)","v":0},"1",{"$f":"ROUND(I248*H248,1)","v":0},"4","140"]
[null,null,"109","K","795990002.1","Zednické práce-podhledy","kpl",1,null,{"$f":"ROUND(I249*H249,1)","v":0},null,null,null,"základní",null,{"$f":"O249*H249","v":0},0,{"$f":"Q249*H249","v":0},0,{"$f":"S249*H249","v":0},{"$nulls":23},"4",null,"K","2",null,null,null,"ROZPOCET",{"$nulls":5},{"$f":"IF(N249=\"základní\",J249,0)","v":0},{"$f":"IF(N249=\"snížená\",J249,0)","v":0},{"$f":"IF(N249=\"zákl. přenesená\",J249,0)","v":0},{"$f":"IF(N249=\"sníž. přenesená\",J249,0)","v":0},{"$f":"IF(N249=\"nulová\",J249,0)","v":0},"1",{"$f":"ROUND(I249*H249,1)","v":0},"4","-1085798922"]
[null,null,"110","K","795990002.R2","KÓJE WC","KPL",1,null,{"$f":"ROUND(I250*H250,1)","v":0},null,null,null,"základní",null,{"$f":"O250*H250","v":0},0,{"$f":"Q250*H250","v":0},0,{"$f":"S250*H250","v":0},{"$nulls":23},"4",null,"K","2",null,null,null,"ROZPOCET",{"$nulls":5},{"$f":"IF(N250=\"základní\",J250,0)","v":0},{"$f":"IF(N250=\"snížená\",J250,0)","v":0},{"$f":"IF(N250=\"zákl. přenesená\",J250,0)","v":0},{"$f":"IF(N250=\"sníž. přenesená\",J250,0)","v":0},{"$f":"IF(N250=\"nulová\",J250,0)","v":0},"1",{"$f":"ROUND(I250*H250,1)","v":0},"4","142"]
[null,null,"111","K","795990006","Práce elektro","hod",24,null,{"$f":"ROUND(I251*H251,1)","v":0},null,null,null,"základní",null,{"$f":"O251*H251","v":0},0,{"$f":"Q251*H251","v":0},0,{"$f":"S251*H251","v":0},{"$nulls":23},"4",null,"K","2",null,null,null,"ROZPOCET",{"$nulls":5},{"$f":"IF(N251=\"základní\",J251,0)","v":0},{"$f":"IF(N251=\"snížená\",J251,0)","v":0},{"$f":"IF(N251=\"zákl. přenesená\",J251,0)","v":0},{"$f":"IF(N251=\"sníž. přenesená\",J251,0)","v":0},{"$f":"IF(N251=\"nulová\",J251,0)","v":0},"1",{"$f":"ROUND(I251*H251,1)","v":0},"4","143"]
[null,null,"112","M","795990005","Materiál elektro","kpl",1,null,{"$f":"ROUND(I252*H252,1)","v":0},null,null,null,"základní",null,{"$f":"O252*H252","v":0},0,{"$f":"Q252*H252","v":0},0,{"$f":"S252*H252","v":0},{"$nulls":23},"8",null,"M","2",null,null,null,"ROZPOCET",{"$nulls":5},{"$f":"IF(N252=\"základní\",J252,0)","v":0},{"$f":"IF(N252=\"snížená\",J252,0)","v":0},{"$f":"IF(N252=\"zákl. přenesená\",J252,0)","v":0},{"$f":"IF(N252=\"sníž. přenesená\",J252,0)","v":0},{"$f":"IF(N252=\"nulová\",J252,0)","v":0},"1",{"$f":"ROUND(I252*H252,1)","v":0},"4","144"]
[null,null,"113","K","725849299.11","Montáž doplňků","ks",8,null,{"$f":"ROUND(I253*H253,1)","v":0},null,null,null,"základní",null,{"$f":"O253*H253","v":0},0,{"$f":"Q253*H253","v":0},0,{"$f":"S253*H253","v":0},{"$nulls":23},"4",null,"K","2",null,null,null,"ROZPOCET",{"$nulls":5},{"$f":"IF(N253=\"základní\",J253,0)","v":0},{"$f":"IF(N253=\"snížená\",J253,0)","v":0},{"$f":"IF(N253=\"zákl. přenesená\",J253,0)","v":0},{"$f":"IF(N253=\"sníž. přenesená\",J253,0)","v":0},{"$f":"IF(N253=\"nulová\",J253,0)","v":0},"1",{"$f":"ROUND(I253*H253,1)","v":0},"4","146"]
[null,null,"114","M","73010","ZRCADLO 60X70 OBDELNÍK BEZ ÚCHYTU 22469","ks",3,null,{"$f":"ROUND(I254*H254,1)","v":0},null,null,null,"základní",null,{"$f":"O254*H254","v":0},0,{"$f":"Q254*H254","v":0},0,{"$f":"S254*H254","v":0},{"$nulls":23},"8",null,"M","2",null,null,null,"ROZPOCET",{"$nulls":5},{"$f":"IF(N254=\"základní\",J254,0)","v":0},{"$f":"IF(N254=\"snížená\",J254,0)","v":0},{"$f":"IF(N254=\"zákl. přenesená\",J254,0)","v":0},{"$f":"IF(N254=\"sníž. přenesená\",J254,0)","v":0},{"$f":"IF(N254=\"nulová\",J254,0)","v":0},"1",{"$f":"ROUND(I254*H254,1)","v":0},"4","-373197963"]
[null,null,"115","M","73026","ZÁSOBNÍK NA TOALETNÍ PAPÍR DO PR.29CM ABS BÍLÁ 608","ks",1,null,{"$f":"ROUND(I255*H255,1)","v":0},null,null,null,"základní",null,{"$f":"O255*H255","v":0},0,{"$f":"Q255*H255","v":0},0,{"$f":"S255*H255","v":0},{"$nulls":23},"8",null,"M","2",null,null,null,"ROZPOCET",{"$nulls":5},{"$f":"IF(N255=\"základní\",J255,0)","v":0},{"$f":"IF(N255=\"snížená\",J255,0)","v":0},{"$f":"IF(N255=\"zákl. přenesená\",J255,0)","v":0},{"$f":"IF(N255=\"sníž. přenesená\",J255,0)","v":0},{"$f":"IF(N255=\"nulová\",J255,0)","v":0},"1",{"$f":"ROUND(I255*H255,1)","v":0},"4","-323468838"]
[null,null,"116","M","73027","ZÁSOBNÍK PAPÍROVÝCH RUČNÍKŮ 260X205MM BÍLÝ 1319-81","ks",1,null,{"$f":"ROUND(I256*H256,1)","v":0},null,null,null,"základní",null,{"$f":"O256*H256","v":0},0,{"$f":"Q256*H256","v":0},0,{"$f":"S256*H256","v":0},{"$nulls":23},"8",null,"M","2",null,null,null,"ROZPOCET",{"$nulls":5},{"$f":"IF(N256=\"základní\",J256,0)","v":0},{"$f":"IF(N256=\"snížená\",J256,0)","v":0},{"$f":"IF(N256=\"zákl. přenesená\",J256,0)","v":0},{"$f":"IF(N256=\"sníž. přenesená\",J256,0)","v":0},{"$f":"IF(N256=\"nulová\",J256,0)","v":0},"1",{"$f":"ROUND(I256*H256,1)","v":0},"4","688414921"]
[null,null,"117","M","73028","DÁVKOVAČ TEKUTÉHO MÝDLA NÁSTĚNNÝ 1000ML BÍLÝ 1319-73","ks",2,null,{"$f":"ROUND(I257*H257,1)","v":0},null,null,null,"základní",null,{"$f":"O257*H257","v":0},0,{"$f":"Q257*H257","v":0},0,{"$f":"S257*H257","v":0},{"$nulls":23},"8",null,"M","2",null,null,null,"ROZPOCET",{"$nulls":5},{"$f":"IF(N257=\"základní\",J257,0)","v":0},{"$f":"IF(N257=\"snížená\",J257,0)","v":0},{"$f":"IF(N257=\"zákl. přenesená\",J257,0)","v":0},{"$f":"IF(N257=\"sníž. přenesená\",J257,0)","v":0},{"$f":"IF(N257=\"nulová\",J257,0)","v":0},"1",{"$f":"ROUND(I257*H257,1)","v":0},"4","-398320187"]
[null,null,"118","M","73029","SIMPLE LINE odpadkový koš kulatý 20l, nerez lesk","ks",1,null,{"$f":"ROUND(I258*H258,1)","v":0},null,null,null,"základní",null,{"$f":"O258*H258","v":0},0,{"$f":"Q258*H258","v":0},0,{"$f":"S258*H258","v":0},{"$nulls":23},"8",null,"M","2",null,null,null,"ROZPOCET",{"$nulls":5},{"$f":"IF(N258=\"základní\",J258,0)","v":0},{"$f":"IF(N258=\"snížená\",J258,0)","v":0},{"$f":"IF(N258=\"zákl. přenesená\",J258,0)","v":0},{"$f":"IF(N258=\"sníž. přenesená\",J258,0)","v":0},{"$f":"IF(N258=\"nulová\",J258,0)","v":0},"1",{"$f":"ROUND(I258*H258,1)","v":0},"4","-1441397911"]
[null,null,"119","M","795990024","Odvoz suti ","kpl",1,null,{"$f":"ROUND(I259*H259,1)","v":0},null,null,null,"základní",null,{"$f":"O259*H259","v":0},0,{"$f":"Q259*H259","v":0},0,{"$f":"S259*H259","v":0},{"$nulls":23},"8",null,"M","2",null,null,null,"ROZPOCET",{"$nulls":5},{"$f":"IF(N259=\"základní\",J259,0)","v":0},{"$f":"IF(N259=\"snížená\",J259,0)","v":0},{"$f":"IF(N259=\"zákl. přenesená\",J259,0)","v":0},{"$f":"IF(N259=\"sníž. přenesená\",J259,0)","v":0},{"$f":"IF(N259=\"nulová\",J259,0)","v":0},"1",{"$f":"ROUND(I259*H259,1)","v":0},"4","147"]